{"text_format":"2","workbook":"xlsx","n_sheets":22,"sheets":["Estimativa Geral","Planilha resumo - RN","Orç. RN - Parc. Rev - Sintético","Orç. RN - Parc. Rev - Analítico","Crono. RN - Parc.Rev","Orç. RN - Tot. Rev - Sintético","Orç. RN - Tot. Rev - Analítico","Crono. RN - Total.Rev","Planilha resumo - PB","Orç. PB - Parc. Rev - Sintético","Orç. PB - Parc. Rev - Analítico","Crono. PB - Parci.Rev","Orç. PB - Tot. Rev - Sintético","Orç. PB - Tot. Rev - Analítico","Crono. PB - Tot.Rev","Planilha resumo - CE","Orç. CE - Parc. Rev - Sintético","Orç. CE - Parc. Rev - Analítico","Crono. CE - Parc. Rev.","Orç. CE - Tot. Rev - Sintético","Orç. CE - Tot. Rev - Analítico","Crono. CE - Tot. Rev"],"not_rendered":{"charts":0,"images":2,"macros":0,"external_links":1,"defined_names":18310,"comments":0,"pivot_tables":0},"unopened":[],"bounds":{"document_bytes":16777216,"sheet_cells":100000,"run_cost":"one","rows_first":2000,"rows_last":500,"rows_between":2000,"halvings":0,"cell_chars":16384,"cell_head_chars":4096},"cells_cut":0,"cells_raw":0,"read":"whole","date_system":"1900"}

{"sheet":"Estimativa Geral","index":0,"n_rows":20,"n_cols":7,"rows_kept":20,"cut":false,"hidden":false,"merged":[[1,1,1,6],[2,1,2,6],[14,1,14,6],[15,1,15,6],[19,1,19,2],[3,1,3,6],[7,1,7,2],[8,1,8,6],[9,1,9,6],[13,1,13,2]]}
[]
[null,"OBJETO: Execução de serviços de perfuração e instalação de poços tubulares em municípios localizados nos Estados do Rio Grande do Norte, Paraíba e Ceará, na área de atuação da Codevasf"]
[null,"PLANILHA ORÇAMENTÁRIA ESTIMATIVA GERAL"]
[null,"PLANILHA RESUMIDA DO GRUPO 01 - RN"]
[null,"ITEM","DISCRIMINAÇÃO","UND","QUANT","UNITÁRIO","TOTAL"]
[null,1,"Perfuração e instalação de poço tubular parcialmente revestido, instalado com sistema fotovoltaico, bomba submersa, reservatório e bebedouro para animais.","un",154,{"$f":"'Orç. RN - Parc. Rev - Sintético'!I3","v":103953.83},{"$f":"ROUND(E6*F6,2)","v":16008889.82}]
[null,2,"Perfuração e instalação de poços poço tubular totalmente revestido, instalado com sistema fotovoltaico, bomba submersa, reservatório e bebedouro para animais.","un",26,{"$f":"'Orç. RN - Tot. Rev - Sintético'!I3","v":157526.54},{"$f":"ROUND(E7*F7,2)","v":4095690.04}]
[null,"TOTAL GERAL ESTIMADO - GRUPO 01",null,"un",{"$f":"SUM(E6:E7)","v":180},null,{"$f":"SUM(G6:G7)","v":20104579.859999999}]
[null,"PLANILHA RESUMIDA DO GRUPO 02 - PB"]
[]
[null,"ITEM","DISCRIMINAÇÃO","UND","QUANT","UNITÁRIO","TOTAL"]
[null,3,"Perfuração e instalação de poço tubular parcialmente revestido, instalado com sistema fotovoltaico, bomba submersa, reservatório e bebedouro para animais.","un",159,{"$f":"'Orç. PB - Parc. Rev - Sintético'!I3","v":101919.98},{"$f":"ROUND(E12*F12,2)","v":16205276.82}]
[null,4,"Perfuração e instalação de poços poço tubular totalmente revestido, instalado com sistema fotovoltaico, bomba submersa, reservatório e bebedouro para animais.","un",21,{"$f":"'Orç. PB - Tot. Rev - Sintético'!I3","v":156834.78},{"$f":"ROUND(E13*F13,2)","v":3293530.38}]
[null,"TOTAL GERAL ESTIMADO - GRUPO 02",null,"un",{"$f":"SUM(E12:E13)","v":180},null,{"$f":"SUM(G12:G13)","v":19498807.199999999}]
[null,"PLANILHA RESUMIDA DO GRUPO 03 - CE"]
[]
[null,"ITEM","DISCRIMINAÇÃO","UND","QUANT","UNITÁRIO","TOTAL"]
[null,5,"Perfuração e instalação de poço tubular parcialmente revestido, instalado com sistema fotovoltaico, bomba submersa, reservatório e bebedouro para animais.","un",157,{"$f":"'Orç. CE - Parc. Rev - Sintético'!I3","v":106962.92},{"$f":"ROUND(E18*F18,2)","v":16793178.440000001}]
[null,6,"Perfuração e instalação de poços poço tubular totalmente revestido, instalado com sistema fotovoltaico, bomba submersa, reservatório e bebedouro para animais.","un",23,{"$f":"'Orç. CE - Tot. Rev - Sintético'!I3","v":159245.38},{"$f":"ROUND(E19*F19,2)","v":3662643.74}]
[null,"TOTAL GERAL ESTIMADO - GRUPO 03",null,"un",{"$f":"SUM(E18:E19)","v":180},null,{"$f":"SUM(G18:G19)","v":20455822.18}]

{"sheet":"Planilha resumo - RN","index":1,"n_rows":9,"n_cols":7,"rows_kept":9,"cut":false,"hidden":false,"merged":[[1,1,1,6],[8,1,8,2],[2,1,4,6]]}
[]
[null,"OBJETO: EXECUÇÃO DE SERVIÇOS DE PERFURAÇÃO E INSTALAÇÃO DE POÇOS TUBULARES EM MUNICÍPIOS LOCALIZADOS NOS ESTADOS DO RIO GRANDE DO NORTE, PARAÍBA E CEARÁ, NA ÁREA DE ATUAÇÃO DA CODEVASF\n"]
[null,"PLANILHA ORÇAMENTÁRIA ESTIMATIVA GERAL     \nDATABASE DO ORÇAMENTO: SETEMBRO/2023 - NÃO DESONERADO.     \nPLANILHA RESUMIDA DO GRUPO 01 - RN \n"]
[]
[]
[null,"ITEM","DISCRIMINAÇÃO","UND","QUANT","UNITÁRIO","TOTAL"]
[null,1,"Perfuração e instalação de poço tubular parcialmente revestido, instalado com sistema fotovoltaico, bomba submersa, reservatório e bebedouro para animais.","un",154,{"$f":"'Orç. RN - Parc. Rev - Sintético'!I3","v":103953.83},{"$f":"ROUND(E7*F7,2)","v":16008889.82}]
[null,2,"Perfuração e instalação de poços poço tubular totalmente revestido, instalado com sistema fotovoltaico, bomba submersa, reservatório e bebedouro para animais.","un",26,{"$f":"'Orç. RN - Tot. Rev - Sintético'!I3","v":157526.54},{"$f":"ROUND(E8*F8,2)","v":4095690.04}]
[null,"TOTAL GERAL ESTIMADO - GRUPO 01",null,"un",{"$f":"SUM(E7:E8)","v":180},null,{"$f":"SUM(G7:G8)","v":20104579.859999999}]

{"sheet":"Orç. RN - Parc. Rev - Sintético","index":2,"n_rows":98,"n_cols":11,"rows_kept":98,"cut":false,"hidden":false,"merged":[[3,0,3,10],[0,5,0,6],[0,9,0,10],[1,9,1,10],[0,0,0,4],[1,0,1,6]]}
[{"$nulls":7},"B.D.I. SERVIÇOS","B.D.I. MATERIAIS","Encargos Sociais"]
["OBRA: PERFURAÇÃO E INSTALAÇÃO DE POÇO TUBULAR PARCIALMENTE REVESTIDO NO ESTADO DO RIO GRANDE DO NORTE",{"$nulls":6},"25,47%",0.15279999999999999,"Não Desonerado: embutido nos preços unitário dos insumos de mão de obra, de acordo com as bases."]
[{"$nulls":7},"VALOR UNITÁRIO POR POÇO",{"$f":"ROUND(J98/K3,2)","v":103953.83},"QUANTIDADE DE POÇOS",154]
["Orçamento Sintético"]
["Item","Código","Serviço / Material","Banco","Descrição","Und","Quant.","Valor Unit","Valor Unit com BDI","Total","Peso (%)"]
[" 1 ",null,null,null,"SERVIÇOS PRELIMINARES",{"$nulls":4},{"$f":"SUM(J7:J10)","v":593394.79},{"$f":"J6/$J$98","v":3.7066579673667839E-2}]
[" 1.1 "," COMPOSIÇÃO - 001 ","Serviço","Próprio","Administração Local da Obra - Poço Parcialmente Revestido","un",1,117233.50000000001,{"$f":"ROUND(H7+H7*$H$2,2)","v":147092.87},{"$f":"ROUND(G7*I7,2)","v":147092.87},{"$f":"J7/$J$98","v":9.1881992851394357E-3}]
[" 1.2 "," COMPOSIÇÃO - 003 ","Serviço","Próprio","Serviço de locação Geológica de campo com relatório hidro geológico e perfil construtivo e geológico esperado. Relatório de Viabilidade de implantação das estruturas e vistorias preliminares","un",154,499.9,{"$f":"ROUND(H8+H8*$H$2,2)","v":627.22},{"$f":"ROUND(G8*I8,2)","v":96591.88},{"$f":"J8/$J$98","v":6.0336401265831188E-3}]
[" 1.3 "," COMPOSIÇÃO - 030 ","Serviço","Próprio","Procedimentos para emissão de Outorga de uso insignificante e Dispensa de Licenciamento Ambiental (incluso taxas) - Rio Grande do Norte","un",154,1561.53,1959.25,301724.5,1.8847309425732556E-2]
[" 1.5 "," 51 ","Serviço","ORSE","Placa de obra em chapa aço galvanizado, instalada","m²",110.88,344.91999999999996,432.77,47985.54,2.9974308362127264E-3]
[" 2 ",null,null,null,"MOBILIZAÇÂO E DESMOBILIZAÇÂO EQUIPES DE PERFURAÇÂO E INSTALAÇÃO",{"$nulls":4},{"$f":"SUM(J12:J13)","v":329868},{"$f":"J11/$J$98","v":2.0605301411213035E-2}]
[" 2.1 "," COMPOSIÇÃO - 006 ","Serviço","Próprio","Transporte de Comboio Perfuração","km",36960,4.38,{"$f":"ROUND(H12+H12*$H$2,2)","v":5.5},{"$f":"ROUND(G12*I12,2)","v":203280},1.2697944847246128E-2]
[" 2.2 "," COMPOSIÇÃO - 007 ","Serviço","Próprio","Transporte de Comboio Instalação","km",18480,5.46,6.85,126588,7.907356563966907E-3]
[" 3 ",null,null,null,"PERFURAÇÃO E COMPLETAÇÃO DE POÇO TUBULAR",{"$nulls":4},{"$f":"SUM(J15:J20)","v":5708325.5800000001},0.35657223231485768]
[" 3.1 "," COMPOSIÇÃO - 009 ","Serviço","Próprio","Limpeza manual , remoção de cerca, capina e instalação dos equipamentos (área do poço, painéis solares, bebedouro e reservatório)","m²",10780,1.57,{"$f":"ROUND(H15+H15*$H$2,2)","v":1.97},{"$f":"ROUND(G15*I15,2)","v":21236.6},1.3265504503297281E-3]
[" 3.2 "," COMPOSIÇÃO - 013 ","Serviço","Próprio","Perfuração em material inconsolidado Ø 8 1/2\"","m",7700,215.09,269.87,2077999,0.12980281726993609]
[" 3.3 "," COMPOSIÇÃO - 010 ","Serviço","Próprio","Perfuração roto pneumática utilizando martelo de fundo (DTH) em rocha Ø 6 1/8\" em rocha","m",10780,172.91,216.95,2338721,0.14608889350204798]
[" 3.4 ",9854,"Material","SINAPI","Tubo pvc de revestimento geomecanico nervurado standard, dn=154mm, comprimento=2m","m",7700,115.12,{"$f":"ROUND(H18+H18*$I$2,2)","v":132.71},{"$f":"ROUND(G18*I18,2)","v":1021867},6.3831221995380064E-2]
[" 3.5 "," COMPOSIÇÃO - 011 ","Serviço","Próprio","Serviço de lançamento cimentação anelar poço tubular, incluso material.","m³",141.68,739.43,{"$f":"ROUND(H19+H19*$H$2,2)","v":927.76},{"$f":"ROUND(G19*I19,2)","v":131445.04},8.2107529927393803E-3]
[" 3.6 "," COMPOSIÇÃO - 014 ","Serviço","Próprio","Serviço de instalação de laje sanitária com dimensões (1,5x1,5x0,3) , incluso material.","un",154,605.80999999999995,760.11,117056.94,7.3119961044244355E-3]
[" 4 ",null,null,null,"PÓS PERFURAÇÃO",{"$nulls":4},{"$f":"SUM(J22:J25)","v":1533248.6400000001},9.5774826189665166E-2]
[" 4.1 "," 6305 ","Serviço","ORSE","Serviço de desenvolvimento com compressor 250psi / 750cfm","h",616,411.16,{"$f":"ROUND(H22+H22*$H$2,2)","v":515.88},{"$f":"ROUND(G22*I22,2)","v":317782.08},1.9850350872113131E-2]
[" 4.2 "," 6312 ","Serviço","ORSE","Serviço de análise físico-química da Água incluso coleta, transporte e analise","un",154,565.21,709.17,109212.18,6.8219708691829818E-3]
[" 4.3 "," COMPOSIÇÃO - 015 ","Serviço","Próprio","Inspeção ótica em poço tubular câmera com rotação de 360º, visada lateral, com fonte própria de luz, entregue vídeo em cores e marcação de profundidades.","m",5544,38.049999999999997,47.74,264670.56,1.653272419111446E-2]
[" 4.4 "," 6314 ","Serviço","ORSE","Ensaio de Bombeamento com bomba submersível","h",1078,622.21,780.69,841583.82,5.2569780257254589E-2]
[" 5 ",null,null,null,"RESERVAÇÃO",{"$nulls":4},{"$f":"SUM(J27:J31)","v":1039220.71},6.4915226582526381E-2]
[" 5.1 "," COMPOSIÇÃO - 016 ","Serviço","Próprio","Execução e instalação de base de sustentação em concreto armado para reservatório de diâmetro 2,06m e altura 1,10m, conforme projeto, incluindo fixação de grampos da tampa.","un",154,2844.22,{"$f":"ROUND(H27+H27*$H$2,2)","v":3568.64},{"$f":"ROUND(G27*I27,2)","v":549570.56000000006},{"$f":"J27/$J$98","v":3.4329086287633655E-2}]
[" 5.2 "," 00037105 ","Material","SINAPI","Fornecimento de caixa d'agua / reservatorio em poliester reforcado com fibra de vidro, 5000 litros, com tampa","un",154,2657.22,{"$f":"ROUND(H28+H28*$I$2,2)","v":3063.24},{"$f":"ROUND(G28*I28,2)","v":471738.96},{"$f":"J28/$J$98","v":2.9467312555968357E-2}]
[" 5.3 "," 13960 ","Material","ORSE","Fornecimento de cabo de aço 1/8\" sem revestimento  ( rolo c/ 100 mt) rolo","rolo",12.32,260.95999999999998,300.83,3706.23,2.3151074444711245E-4]
[" 5.4 "," 094248 ","Material","SBC","Fornecimento de esticador olhal com gancho de 1/4\" 6,35 mm vonder","un",616,13.05,15.04,9264.64,5.7871845606842953E-4]
[" 5.5 "," 002048 ","Material","SBC","Fornecimento de grampo (clip) para cabo de aco pesado 1/8\"","un",616,6.96,8.02,4940.32,3.0859853840883015E-4]
[" 6 ",null,null,null,"BEBEDOURO",{"$nulls":4},{"$f":"SUM(J33)","v":310961.42},1.9424296343867272E-2]
[" 6.1 "," COMPOSIÇÃO - 017 ","Serviço","Próprio","Serviço de execução do bebedouro em concreto armado, incluso materiais.","un",154,1609.3299999999997,{"$f":"ROUND(H33+H33*$H$2,2)","v":2019.23},{"$f":"ROUND(G33*I33,2)","v":310961.42},{"$f":"J33/$J$98","v":1.9424296343867272E-2}]
[" 7 ",null,null,null,"INSTALAÇÕES HIDRÁULICAS",{"$nulls":4},{"$f":"SUM(J35,J51)","v":514393.88000000012},3.2131764649748845E-2]
[" 7.1 ",null,null,null,"INSTALAÇÕES DE CAVALETE",{"$nulls":4},{"$f":"SUM(J36:J50)","v":198421.30000000005},1.2394444726086574E-2]
[" 7.1.1 "," COMPOSIÇÃO - 018 ","Serviço","Próprio","Montagem e Instalação de Tubulação e Conexões Cavalete","un",154,241.87000000000003,{"$f":"ROUND(H36+H36*$H$2,2)","v":303.47000000000003},{"$f":"ROUND(G36*I36,2)","v":46734.38},{"$f":"J36/$J$98","v":2.9192767596922593E-3}]
[" 7.1.2 "," 00001796 ","Material","SINAPI","Fornecimento de curva 90 graus de ferro galvanizado, com rosca bsp macho, de 1 1/4\"","un",154,77.17,{"$f":"ROUND(H37+H37*$I$2,2)","v":88.96},{"$f":"ROUND(G37*I37,2)","v":13699.84},{"$f":"J37/$J$98","v":8.5576452546289061E-4}]
[" 7.1.3 "," 00009888 ","Material","SINAPI","Fornecimento de uniao de ferro galvanizado, com rosca bsp, com assento plano, de 1 1/4\"","un",154,62.13,71.62,11029.48,6.8895970451497549E-4]
[" 7.1.4 "," 00004180 ","Material","SINAPI","Fornecimento de niple de ferro galvanizado, com rosca bsp, de 1 1/4\"","un",308,18.989999999999998,21.89,6742.12,4.2114850410032993E-4]
[" 7.1.5 "," 00006017 ","Material","SINAPI","Fornecimento de registro gaveta bruto em latao forjado, bitola 1 1/4 \" (ref 1509)","un",154,59.08,68.11,10488.94,6.5519471480752567E-4]
[" 7.1.6 "," 00000789 ","Material","SINAPI","Fornecimento de bucha de reducao de ferro galvanizado, com rosca bsp, de 1 1/4\" x 1\"","un",154,17.760000000000002,20.47,3152.38,1.9691434168418807E-4]
[" 7.1.7 "," 12438 ","Material","ORSE","Fornecimento de hidrômetro multijato d= 3/4\", vazão = 5,0m3/h ","un",154,297.27999999999997,342.7,52775.8,3.2966558326903398E-3]
[" 7.1.8 "," 00009861 ","Material","SINAPI","Fornecimento de tubo pvc, roscavel, 1 1/4\", agua fria predial","m",231,24.29,28,6468,4.0402551786692227E-4]
[" 7.1.9 "," 002116 ","Material","SBC","Fornecimento de te de reducao ferro galvanizado 1.1/4\" x 1/2\"","un",154,17.239999999999998,19.87,3059.98,1.9114254857180345E-4]
[" 7.1.10 "," 00011831 ","Material","SINAPI","Fornecimento de torneira plastica para tanque 1/2 \" ou 3/4 \" com bico para mangueira","un",154,14.73,16.98,2614.92,1.633417450804843E-4]
[" 7.1.11 "," 1158 ","Material","ORSE","Fornecimento de joelho 45° ferro galvanizado d=1 1/ 4\" un","un",308,32.700000000000003,37.700000000000003,11611.6,7.2532200112299854E-4]
[" 7.1.12 "," 00004205 ","Material","SINAPI","Fornecimento de niple de reducao de ferro galvanizado, com rosca bsp, de 1 1/2\" x 1 1/4\"","un",154,33.32,38.409999999999997,5915.14,3.6949095574448772E-4]
[" 7.1.13 "," 00003939 ","Material","SINAPI","Fornecimento de luva de ferro galvanizado, com rosca bsp, de 1 1/2\"","un",154,25.6,29.51,4544.54,2.8387602457744941E-4]
[" 7.1.14 "," 9569 ","Material","ORSE","Fornecimento de adaptador pvc bsxrm d= 35mm x 1 1/2\", linha irriga-lf, tigre ou similar ","un",154,3.04,3.5,539,3.3668793155576858E-5]
[" 7.1.15 "," 5128 ","Material","ORSE","Fornecimento de tampa de poço galvanizada em 6\" ","un",154,107.28,123.67,19045.18,1.1896627570143399E-3]
[" 7.2 ",null,null,null,"INSTALAÇÕES DE ADUTORA, RESERVATÓRIO E BEBEDOURO",{"$nulls":4},{"$f":"SUM(J52:J63)","v":315972.58000000007},1.9737319923662268E-2]
[" 7.2.1 "," COMPOSIÇÃO - 020 ","Serviço","Próprio","Montagem e instalação da rede adutora poço-reservatório-bebedouro","un",154,934.47000000000014,{"$f":"ROUND(H52+H52*$H$2,2)","v":1172.48},{"$f":"ROUND(G52*I52,2)","v":180561.92000000001},{"$f":"J52/$J$98","v":1.12788533140145E-2}]
[" 7.2.2 "," 9501 ","Material","ORSE","Fornecimento de tubo PVC p/irrigação LF PN 60 JE Ø 35mm, linha Irriga-LF, Tigre ou similar m","m",6160,13.06,{"$f":"ROUND(H53+H53*$I$2,2)","v":15.06},{"$f":"ROUND(G53*I53,2)","v":92769.600000000006},{"$f":"J53/$J$98","v":5.7948802848341429E-3}]
[" 7.2.3 "," 9516 ","Material","ORSE","Fornecimento de curva 90º pvc PTA/BSA soldavel d= 35mm, linha Irriga-LF, Tigre ou similar un","un",616,10.76,12.4,7638.4,4.7713489729046056E-4]
[" 7.2.4 "," 00000098 ","Material","SINAPI","Fornecimento de adaptador pvc soldavel, com flange e anel de vedacao, 40 mm x 1 1/4\", para caixa d'água","un",308,27.39,31.58,9726.64,6.0757742163035258E-4]
[" 7.2.5 "," 8013 ","Material","ORSE","Fornecimento de registro esfera vs soldável para irrigação ø 35mm pç","pç",154,37.26,42.95,6614.3,4.1316419029486455E-4]
[" 7.2.6 "," 00000096 ","Material","SINAPI","Fornecimento de adaptador pvc soldavel, com flange e anel de vedacao, 25 mm x 3/4\", para caixa d'água","un",462,12.16,14.02,6477.24,4.0460269717816069E-4]
[" 7.2.7 "," 14071 ","Material","ORSE","Fornecimento de tubo pvc para irrigação lf pn 60 ø 25mm, linha irriga-lf, tigre ou similar m","m",308,4.01,4.62,1422.96,8.8885613930722896E-5]
[" 7.2.8 "," 14082 ","Material","ORSE","Fornecimento de registro esfera lf 25mm ","pç",308,11.06,12.75,3927,2.4530120727634568E-4]
[" 7.2.9 "," 00003529 ","Material","SINAPI","Fornecimento de joelho pvc, soldavel, 90 graus, 25 mm, cor marrom, para agua fria predial","un",308,0.72,0.83,255.64,1.5968627610930735E-5]
[" 7.2.10 "," 00003535 ","Material","SINAPI","Fornecimento de joelho pvc, soldavel, 90 graus, 40 mm, cor marrom, para agua fria predial","un",154,5.83,6.72,1034.8800000000001,6.4644082858707566E-5]
[" 7.2.11 "," 00000109 ","Material","SINAPI","Fornecimento de adaptador pvc soldavel curto com bolsa e rosca, 40 mm x 1 1/4\", para agua fria","un",154,3.66,4.22,649.88,4.0594944890438378E-5]
[" 7.2.12 "," 00011830 ","Material","SINAPI","Fornecimento de torneira de boia convencional para caixa d'agua, agua fria, 3/4\", com haste e torneira metalicos e balao plastico","un",154,27.57,31.78,4894.12,3.0571264185263786E-4]
[" 8 ",null,null,null,"FORNECIMENTO E INSTALAÇÃO DE SISTEMA FOTOVOLTAÍCO",{"$nulls":4},{"$f":"SUM(J65,J71,J82,J84)","v":4640649.12},0.28987950895897913]
[" 8.1 ",null,null,null,"INSTALAÇÕES HIDRÁULICAS",{"$nulls":4},{"$f":"SUM(J66:J70)","v":399332.41000000003},2.4944416164393343E-2]
[" 8.1.1 "," COMPOSIÇÃO - 019 ","Serviço","Próprio","Montagem e instalação hidráulica do kit de bombeamento","un",154,126.99000000000001,{"$f":"ROUND(H66+H66*$H$2,2)","v":159.33000000000001},{"$f":"ROUND(G66*I66,2)","v":24536.82},{"$f":"J66/$J$98","v":1.5326996609937315E-3}]
[" 8.1.2 "," 00038200 ","Material","SINAPI","Fornecimento de corda de poliamida 12 mm tipo bombeiro, para trabalho em altura","100M",97.02,642.37,{"$f":"ROUND(H67+H67*$I$2,2)","v":740.52},{"$f":"ROUND(G67*I67,2)","v":71845.25},{"$f":"J67/$J$98","v":4.4878346223760817E-3}]
[" 8.1.3 "," 00009861 ","Material","SINAPI","Fornecimento de  tubo pvc, roscavel, 1 1/4\", agua fria predial","m",9240,24.29,28,258720,1.6161020714676889E-2]
[" 8.1.4 "," 00004180 ","Material","SINAPI","Fornecimento de  niple de ferro galvanizado, com rosca bsp, de 1 1/4\"","un",154,18.989999999999998,21.89,3371.06,2.1057425205016497E-4]
[" 8.1.5 "," 00003911 ","Material","SINAPI","Fornecimento de  luva de ferro galvanizado, com rosca bsp, de 1 1/4\"","un",1694,20.92,24.12,40859.279999999999,2.5522869142964718E-3]
[" 8.2 ",null,null,null,"INSTALAÇÕES ELÉTRICAS",{"$nulls":4},{"$f":"SUM(J72:J81)","v":459863.64999999997},{"$f":"J71/$J$98","v":2.8725517832316493E-2}]
[" 8.2.1 "," COMPOSIÇÃO - 021 ","Serviço","Próprio","Montagem e instalação elétrica do kit de bombeamento e sistema fotovoltaico inclusive sistema de aterramento.","un",154,579.2600000000001,{"$f":"ROUND(H72+H72*$H$2,2)","v":726.8},{"$f":"ROUND(G72*I72,2)","v":111927.2},{"$f":"J72/$J$98","v":6.9915653901352166E-3}]
[" 8.2.2 "," 00002674 ","Material","SINAPI","Fornecimento de  eletroduto de pvc rigido roscavel de 3/4 \", sem luva","m",2310,3.48,{"$f":"ROUND(H73+H73*$I$2,2)","v":4.01},{"$f":"ROUND(G73*I73,2)","v":9263.1},{"$f":"J73/$J$98","v":5.7862225951655656E-4}]
[" 8.2.3 "," 00034622 ","Material","SINAPI","Fornecimento de  cabo flexivel pvc 750 v, 3 condutores de 6,0 mm2","m",11550,19.55,22.54,260337,1.6262027094143622E-2]
[" 8.2.4 "," 00012034 ","Material","SINAPI","Fornecimento de  curva 180 graus, de pvc rigido roscavel, de 3/4\", para eletroduto","un",154,3.47,4,616,3.847862074923069E-5]
[" 8.2.5 "," 00039272 ","Material","SINAPI","Fornecimento de  curva 90 graus, curta, de pvc rigido roscavel, de 3/4\", para eletroduto","un",308,1.9,2.19,674.52,4.2134089720407604E-5]
[" 8.2.6 "," 00003379 ","Material","SINAPI","Fornecimento de haste de aterramento em aco com 3,00 m de comprimento e dn = 5/8\", revestida com baixa camada de cobre, sem conector","un",103.18,80.92,93.28,9624.6299999999992,6.0120533704816255E-4]
[" 8.2.7 "," 00001891 ","Material","SINAPI","Fornecimento de  luva em pvc rigido roscavel, de 3/4\", para eletroduto","un",1386,0.88,1.01,1399.86,8.7442665652626736E-5]
[" 8.2.8 "," 00000425 ","Material","SINAPI","Fornecimento de grampo metalico tipo olhal para haste de aterramento de 5/8'', condutor de *10* a 50 mm2","un",308,7.68,8.85,2725.8,1.7026789681534582E-4]
[" 8.2.9 "," 00034643 ","Material","SINAPI","Fornecimento de  caixa de inspecao para aterramento e para raios, em polipropileno,  diametro = 300 mm x altura = 400 mm","un",308,41.48,47.82,14728.56,9.2002382211410581E-4]
[" 8.2.10 "," 00000867 ","Material","SINAPI","Fornecimento de cabo de cobre nu 50 mm2 meio-duro","m",847,49.74,57.34,48566.98,3.0337506564212212E-3]
[" 8.3 ",null,null,null,"ESTRUTURA DE FIXAÇÃO PARA MÓDULOS FOTOVOLTAICOS",{"$nulls":4},{"$f":"SUM(J83)","v":333477.76000000001},2.0830786128803527E-2]
[" 8.3.1 "," COMPOSIÇÃO - 022 ","Serviço","Próprio","Serviço de fixação de estruturas para os módulos fotovoltaicos e suportes de concreto, incluso materiais.","m²",1232,215.73,{"$f":"ROUND(H83+H83*$H$2,2)","v":270.68},{"$f":"ROUND(G83*I83,2)","v":333477.76000000001},{"$f":"J83/$J$98","v":2.0830786128803527E-2}]
[" 8.4 ",null,null,null,"FORNECIMENTO DE KIT DE BOMBEAMENTO FOTOVOLTAICO",{"$nulls":4},{"$f":"SUM(J85)","v":3447975.3},0.21537878883346576]
[" 8.4.1 "," COTAÇÃO-002 ","Material","Próprio","Fornecimento de kit de bombeamento fotovoltaico, incluindo uma bomba CC de 1500W com imã permanente e sem escovas, controladora de carga, disjuntor CC adequado, caixa de proteção metálica, módulos compatíveis com a geração de 2200Wp (potência mínima de 550 W por módulo) e componentes elétricos necessários como cabos, conectores MC4 e presilhas de fixação.","un",154,19421.8,{"$f":"ROUND(H85+H85*$I$2,2)","v":22389.45},{"$f":"ROUND(G85*I85,2)","v":3447975.3},0.21537878883346576]
[" 9 ",null,null,null,"URBANIZAÇÃO",{"$nulls":4},{"$f":"SUM(J87,J89)","v":610552.25},3.8138325446979683E-2]
[" 9.1 ",null,null,null,"CERCA",{"$nulls":4},{"$f":"SUM(J88)","v":411321.68},2.569332943288381E-2]
[" 9.1.1 "," COMPOSIÇÃO - 023 ","Serviço","Próprio","Cerca com mourões de concreto de 15x15cm, espaçados de 3m e cravados a 0,5m, escoras de 10x10cm nos cantos, e 9 fios de arame de aço ovalado 15x17.","m",4312,76.03,{"$f":"ROUND(H88+H88*$H$2,2)","v":95.39},{"$f":"ROUND(G88*I88,2)","v":411321.68},{"$f":"J88/$J$98","v":2.569332943288381E-2}]
[" 9.2 ",null,null,null,"PORTÃO",{"$nulls":4},{"$f":"SUM(J90)","v":199230.57},1.2444996014095874E-2]
[" 9.2.1 "," COMPOSIÇÃO - 024 ","Serviço","Próprio","Serviço de instalação de portão de ferro com suporte e batedor conforme projeto, incluso material","m²",231,687.3900000000001,{"$f":"ROUND(H90+H90*$H$2,2)","v":862.47},{"$f":"ROUND(G90*I90,2)","v":199230.57},{"$f":"J90/$J$98","v":1.2444996014095874E-2}]
[" 10 ",null,null,null,"OUTROS SERVIÇOS",{"$nulls":4},{"$f":"SUM(J92:J97)","v":728275.43},4.5491938428494978E-2]
[" 10.1 "," COMPOSIÇÃO - 025 ","Serviço","Próprio","Serviço de lançamento de concreto para acabamento do tamponamento, incluso material.","m³",5.0450399999999993,712.26,{"$f":"ROUND(H92+H92*$H$2,2)","v":893.67},{"$f":"ROUND(G92*I92,2)","v":4508.6000000000004},{"$f":"J92/$J$98","v":2.8163102193178816E-4}]
[" 10.2 "," COMPOSIÇÃO - 026 ","Serviço","Próprio","Serviço de execução do tamponamento, incluso pedra britada desinfectada.","m³",5.0450399999999993,183.75,{"$f":"ROUND(H93+H93*$H$2,2)","v":230.55},{"$f":"ROUND(G93*I93,2)","v":1163.1300000000001},7.2655256740345294E-5]
[" 10.5 "," M3929 ","Material","SICRO3","Fornecimento de tubo em aço-carbono - E = 3,00 mm e D = 150 mm (6”)","m",2310,152.0367,{"$f":"ROUND(H94+H94*$I$2,2)","v":175.27},{"$f":"ROUND(G94*I94,2)","v":404873.7},2.5290554470191236E-2]
[" 10.6 "," COTAÇÃO-007 ","Material","Próprio","Fornecimento de tubo de revestimento geomecânico classe standart Ø 4\" com junta roscável.","m",2310,82.5,95.11,219704.1,1.3723881072972491E-2]
[" 10.7 "," COTAÇÃO-005 ","Material","Próprio","Fornecimento tubo filtro geomecânico classe standart Ø 4\" com junta roscável.","m",462,86.02,99.16,45811.92,2.8616550251202863E-3]
[" 10.8 "," 5073 ","Material","ORSE","Fornecimento de Pré-filtro comum ","m³",27.969480000000001,1619.38,1866.82,52213.98,3.2615615815388254E-3]
[{"$nulls":8},"Total",{"$f":"SUM(J91,J86,J64,J34,J32,J26,J21,J14,J11,J6)","v":16008889.82}]

{"sheet":"Orç. RN - Parc. Rev - Analítico","index":3,"n_rows":207,"n_cols":11,"rows_kept":207,"cut":false,"hidden":false,"merged":[[75,6,75,7],[76,5,76,6],[48,5,48,6],[49,5,49,6],[50,5,50,6],[37,5,37,6],[38,5,38,6],[40,5,40,6],[41,5,41,6],[42,5,42,6],[43,5,43,6],[44,5,44,6],[72,5,72,6],[73,5,73,6],[67,5,67,6],[68,5,68,6],[69,5,69,6],[70,5,70,6],[71,5,71,6],[61,5,61,6],[62,5,62,6],[63,5,63,6],[65,6,65,7],[52,5,52,6],[27,5,27,6],[21,5,21,6],[22,5,22,6],[0,3,0,4],[0,5,0,6],[0,7,0,8],[0,9,0,10],[1,7,1,8],[1,9,1,10],[3,6,3,7],[1,1,1,6],[14,5,14,6],[4,5,4,6],[5,5,5,6],[6,5,6,6],[7,5,7,6],[8,5,8,6],[2,1,2,10],[12,5,12,6],[9,5,9,6],[10,5,10,6],[11,5,11,6],[53,5,53,6],[54,5,54,6],[55,5,55,6],[56,5,56,6],[58,5,58,6],[59,5,59,6],[60,5,60,6],[15,5,15,6],[16,5,16,6],[17,5,17,6],[18,5,18,6],[20,5,20,6],[46,5,46,6],[47,5,47,6],[28,5,28,6],[30,5,30,6],[31,5,31,6],[32,5,32,6],[33,5,33,6],[35,6,35,7],[36,5,36,6],[24,6,24,7],[25,5,25,6],[26,5,26,6],[95,5,95,6],[96,5,96,6],[86,5,86,6],[87,5,87,6],[88,5,88,6],[89,5,89,6],[90,5,90,6],[91,5,91,6],[92,5,92,6],[93,5,93,6],[94,5,94,6],[85,5,85,6],[77,5,77,6],[78,5,78,6],[79,5,79,6],[80,5,80,6],[81,5,81,6],[82,5,82,6],[83,5,83,6],[84,5,84,6],[102,5,102,6],[103,5,103,6],[104,5,104,6],[105,5,105,6],[106,5,106,6],[107,5,107,6],[108,5,108,6],[98,6,98,7],[99,5,99,6],[100,5,100,6],[101,5,101,6],[109,5,109,6],[128,5,128,6],[121,6,121,7],[122,6,122,7],[123,5,123,6],[124,5,124,6],[125,5,125,6],[126,5,126,6],[127,5,127,6],[119,5,119,6],[110,5,110,6],[111,5,111,6],[112,5,112,6],[113,5,113,6],[114,5,114,6],[115,5,115,6],[116,5,116,6],[117,5,117,6],[118,5,118,6],[134,5,134,6],[135,5,135,6],[136,5,136,6],[137,5,137,6],[138,5,138,6],[131,5,131,6],[132,5,132,6],[133,5,133,6],[130,6,130,7],[147,6,147,7],[148,5,148,6],[140,6,140,7],[141,6,141,7],[142,5,142,6],[149,5,149,6],[143,5,143,6],[144,5,144,6],[145,5,145,6],[156,6,156,7],[157,5,157,6],[158,5,158,6],[159,5,159,6],[160,5,160,6],[168,6,168,7],[154,5,154,6],[150,5,150,6],[151,5,151,6],[152,5,152,6],[153,5,153,6],[169,6,169,7],[170,5,170,6],[171,5,171,6],[172,5,172,6],[173,5,173,6],[174,5,174,6],[175,5,175,6],[161,5,161,6],[162,5,162,6],[164,6,164,7],[165,5,165,6],[166,5,166,6],[176,5,176,6],[177,5,177,6],[178,5,178,6],[180,6,180,7],[187,5,187,6],[189,6,189,7],[190,5,190,6],[191,5,191,6],[192,5,192,6],[198,5,198,6],[202,5,202,6],[203,5,203,6],[185,5,185,6],[186,5,186,6],[205,5,205,6],[206,5,206,6],[199,5,199,6],[181,5,181,6],[182,5,182,6],[183,5,183,6],[184,5,184,6],[195,5,195,6],[196,5,196,6],[197,5,197,6],[193,5,193,6]]}
[{"$nulls":9},"Encargos Sociais"]
[null,"OBRA: PERFURAÇÃO E INSTALAÇÃO DE POÇO TUBULAR PARCIALMENTE REVESTIDO NO ESTADO DO RIO GRANDE DO NORTE",{"$nulls":7},"Não Desonerado: embutido nos preços unitário dos insumos de mão de obra, de acordo com as bases."]
[null,"Planilha Orçamentária Analítica"]
[null," 1 ",null,null,"SERVIÇOS PRELIMINARES"]
[null," 1.1 ","Código","Banco","Descrição","Tipo",null,"Und","Quant.","Valor Unit","Total"]
[null,"Composição"," COMPOSIÇÃO - 001 ","Próprio","Administração Local da Obra - Poço Parcialmente Revestido","SERP - SERVIÇOS PRELIMINARES",null,"un",1,{"$f":"K6","v":117233.50000000001},{"$f":"SUM(K7:K13)","v":117233.50000000001}]
[null,"Composição Auxiliar"," 92138 ","SINAPI","CAMINHONETE COM MOTOR A DIESEL, POTÊNCIA 180 CV, CABINE DUPLA, 4X4 - CHP DIURNO. AF_11/2015","CHOR - CUSTOS HORÁRIOS DE MÁQUINAS E EQUIPAMENTOS",null,"CHP",135,87.85,{"$f":"ROUND(I7*J7,2)","v":11859.75}]
[null,"Composição Auxiliar"," 92139 ","SINAPI","CAMINHONETE COM MOTOR A DIESEL, POTÊNCIA 180 CV, CABINE DUPLA, 4X4 - CHI DIURNO. AF_11/2015","CHOR - CUSTOS HORÁRIOS DE MÁQUINAS E EQUIPAMENTOS",null,"CHI",165,41,{"$f":"ROUND(I8*J8,2)","v":6765}]
[null,"Composição Auxiliar"," 93572 ","SINAPI","ENCARREGADO GERAL DE OBRAS COM ENCARGOS COMPLEMENTARES","SEDI - SERVIÇOS DIVERSOS",null,"MES",3,4156.8100000000004,12470.43]
[null,"Composição Auxiliar"," 93565 ","SINAPI","ENGENHEIRO CIVIL DE OBRA JUNIOR COM ENCARGOS COMPLEMENTARES","SEDI - SERVIÇOS DIVERSOS",null,"MES",4,19764.13,79056.52]
[null,"Insumo"," 00014250 ","SINAPI","ENERGIA ELETRICA COMERCIAL, BAIXA TENSAO, RELATIVA AO CONSUMO DE ATE 100 KWH, INCLUINDO ICMS, PIS/PASEP E COFINS","Material",null,"KWH",1400,0.9,1260]
[null,"Insumo"," 00044480 ","SINAPI","TARIFA \"A\" ENTRE  0 E 20M3 FORNECIMENTO  D'AGUA","Taxas",null,"m³",60,17.03,1021.8]
[null,"Insumo"," 4298 ","ORSE","Aluguel de container - Escritório com banheiro - 6,20 x 2,40m, equipado com Ar condicionado mês","Serviços",null,"mês",3,1600,4800]
[]
[null," 1.2 ","Código","Banco","Descrição","Tipo",null,"Und","Quant.","Valor Unit","Total"]
[null,"Composição"," COMPOSIÇÃO - 003 ","Próprio","Serviço de locação Geológica de campo com relatório hidro geológico e perfil construtivo e geológico esperado. Relatório de Viabilidade de implantação das estruturas e vistorias preliminares","SERT - SERVIÇOS TÉCNICOS",null,"un",1,{"$f":"K16","v":499.9},{"$f":"SUM(K17:K19)","v":499.9}]
[null,"Composição Auxiliar"," 30.01.45 ","EMBASA","GEOLOGO SENIOR",3001,null,"hora",5,79.73,{"$f":"ROUND(I17*J17,2)","v":398.65}]
[null,"Insumo"," 5896 ","ORSE","Veículo tipo sedan ou pick-up capacidade 0,6 ton h","Equipamento",null,"h",5,8.33,41.65]
[null,"Insumo"," 00004222 ","SINAPI","GASOLINA COMUM","Material",null,"L",10,5.96,59.6]
[]
[null," 1.3 ","Código","Banco","Descrição","Tipo",null,"Und","Quant.","Valor Unit","Total"]
[null,"Composição"," COMPOSIÇÃO - 030 ","Próprio","Procedimentos para emissão de Outorga de uso insignificante e Dispensa de Licenciamento Ambiental (incluso taxas) - Rio Grande do Norte","SERT - SERVIÇOS TÉCNICOS",null,"un",1,{"$f":"K22","v":1561.53},{"$f":"SUM(K23:K23)","v":1561.53}]
[null,"Insumo"," COTAÇÃO-010 ","Próprio","Procedimentos para Emissão de Outorga de uso insignificante e Dispensa de Licenciamento Ambiental - Rio Grande do Norte","Serviços",null,"un",1,1561.53,{"$f":"ROUND(I23*J23,2)","v":1561.53}]
[]
[null," 2 ",null,null,"MOBILIZAÇÂO E DESMOBILIZAÇÂO EQUIPES DE PERFURAÇÂO E INSTALAÇÃO"]
[null," 2.1 ","Código","Banco","Descrição","Tipo",null,"Und","Quant.","Valor Unit","Total"]
[null,"Composição"," COMPOSIÇÃO - 006 ","Próprio","Transporte de Comboio Perfuração","TRAN - TRANSPORTES, CARGAS E DESCARGAS",null,"km",1,{"$f":"K27","v":4.38},{"$f":"SUM(K28:K29)","v":4.38}]
[null,"Composição Auxiliar"," 5824 ","SINAPI","CAMINHÃO TOCO, PBT 16.000 KG, CARGA ÚTIL MÁX. 10.685 KG, DIST. ENTRE EIXOS 4,8 M, POTÊNCIA 189 CV, INCLUSIVE CARROCERIA FIXA ABERTA DE MADEIRA P/ TRANSPORTE GERAL DE CARGA SECA, DIMEN. APROX. 2,5 X 7,00 X 0,50 M - CHP DIURNO. AF_06/2014","CHOR - CUSTOS HORÁRIOS DE MÁQUINAS E EQUIPAMENTOS",null,"CHP",1.6660000000000001E-2,201.45,{"$f":"ROUND(I28*J28,2)","v":3.36}]
[null,"Composição Auxiliar"," 5826 ","SINAPI","CAMINHÃO TOCO, PBT 16.000 KG, CARGA ÚTIL MÁX. 10.685 KG, DIST. ENTRE EIXOS 4,8 M, POTÊNCIA 189 CV, INCLUSIVE CARROCERIA FIXA ABERTA DE MADEIRA P/ TRANSPORTE GERAL DE CARGA SECA, DIMEN. APROX. 2,5 X 7,00 X 0,50 M - CHI DIURNO. AF_06/2014","CHOR - CUSTOS HORÁRIOS DE MÁQUINAS E EQUIPAMENTOS",null,"CHI",1.6660000000000001E-2,61.31,1.02]
[]
[null," 2.2 ","Código","Banco","Descrição","Tipo",null,"Und","Quant.","Valor Unit","Total"]
[null,"Composição"," COMPOSIÇÃO - 007 ","Próprio","Transporte de Comboio Instalação","TRAN - TRANSPORTES, CARGAS E DESCARGAS",null,"km",1,{"$f":"K32","v":5.46},{"$f":"SUM(K33:K34)","v":5.46}]
[null,"Composição Auxiliar"," 5928 ","SINAPI","GUINDAUTO HIDRÁULICO, CAPACIDADE MÁXIMA DE CARGA 6200 KG, MOMENTO MÁXIMO DE CARGA 11,7 TM, ALCANCE MÁXIMO HORIZONTAL 9,70 M, INCLUSIVE CAMINHÃO TOCO PBT 16.000 KG, POTÊNCIA DE 189 CV - CHP DIURNO. AF_06/2014","CHOR - CUSTOS HORÁRIOS DE MÁQUINAS E EQUIPAMENTOS",null,"CHP",1.6660000000000001E-2,255.61,{"$f":"ROUND(I33*J33,2)","v":4.26}]
[null,"Composição Auxiliar"," 5930 ","SINAPI","GUINDAUTO HIDRÁULICO, CAPACIDADE MÁXIMA DE CARGA 6200 KG, MOMENTO MÁXIMO DE CARGA 11,7 TM, ALCANCE MÁXIMO HORIZONTAL 9,70 M, INCLUSIVE CAMINHÃO TOCO PBT 16.000 KG, POTÊNCIA DE 189 CV - CHI DIURNO. AF_06/2014","CHOR - CUSTOS HORÁRIOS DE MÁQUINAS E EQUIPAMENTOS",null,"CHI",1.6660000000000001E-2,72.28,1.2]
[]
[null," 3 ",null,null,"PERFURAÇÃO E COMPLETAÇÃO DE POÇO TUBULAR"]
[null," 3.1 ","Código","Banco","Descrição","Tipo",null,"Und","Quant.","Valor Unit","Total"]
[null,"Composição"," COMPOSIÇÃO - 009 ","Próprio","Limpeza manual , remoção de cerca, capina e instalação dos equipamentos (área do poço, painéis solares, bebedouro e reservatório)","SEDI - SERVIÇOS DIVERSOS",null,"m²",1,{"$f":"K38","v":1.57},{"$f":"SUM(K39:K39)","v":1.57}]
[null,"Composição Auxiliar"," 88316 ","SINAPI","SERVENTE COM ENCARGOS COMPLEMENTARES","SEDI - SERVIÇOS DIVERSOS",null,"H",0.08,19.66,{"$f":"ROUND(I39*J39,2)","v":1.57}]
[]
[null," 3.2 ","Código","Banco","Descrição","Tipo",null,"Und","Quant.","Valor Unit","Total"]
[null,"Composição"," COMPOSIÇÃO - 013 ","Próprio","Perfuração em material inconsolidado Ø 8 1/2\"","SERT - SERVIÇOS TÉCNICOS",null,"m",1,{"$f":"K42","v":215.09},{"$f":"SUM(K43:K45)","v":215.09}]
[null,"Composição Auxiliar"," 88263 ","SINAPI","CAVOUQUEIRO OU OPERADOR PERFURATRIZ/ROMPEDOR COM ENCARGOS COMPLEMENTARES","SEDI - SERVIÇOS DIVERSOS",null,"H",0.2,24,{"$f":"ROUND(I43*J43,2)","v":4.8}]
[null,"Composição Auxiliar"," 88316 ","SINAPI","SERVENTE COM ENCARGOS COMPLEMENTARES","SEDI - SERVIÇOS DIVERSOS",null,"H",0.6,19.66,11.8]
[null,"Insumo"," 5071 ","ORSE","Perfuração rocha sedimentar sedimento / camadas inconsolidadas dn 8.1/2 a 9.1/2\" - até 150m m","Serviços",null,"m",1,198.49,198.49]
[]
[null," 3.3 ","Código","Banco","Descrição","Tipo",null,"Und","Quant.","Valor Unit","Total"]
[null,"Composição"," COMPOSIÇÃO - 010 ","Próprio","Perfuração roto pneumática utilizando martelo de fundo (DTH) em rocha Ø 6 1/8\" em rocha","SERT - SERVIÇOS TÉCNICOS",null,"m",1,{"$f":"K48","v":172.91},{"$f":"SUM(K49:K51)","v":172.91}]
[null,"Composição Auxiliar"," 88263 ","SINAPI","CAVOUQUEIRO OU OPERADOR PERFURATRIZ/ROMPEDOR COM ENCARGOS COMPLEMENTARES","SEDI - SERVIÇOS DIVERSOS",null,"H",0.2,24,{"$f":"ROUND(I49*J49,2)","v":4.8}]
[null,"Composição Auxiliar"," 88316 ","SINAPI","SERVENTE COM ENCARGOS COMPLEMENTARES","SEDI - SERVIÇOS DIVERSOS",null,"H",0.6,19.66,11.8]
[null,"Insumo"," 5051 ","ORSE","Perfuraçao em rocha metassedimentar - metassedimento alterado / compacto dn 6\"  (poço 120m) m","Serviços",null,"m",1,156.31,156.31]
[]
[null," 3.5 ","Código","Banco","Descrição","Tipo",null,"Und","Quant.","Valor Unit","Total"]
[null,"Composição"," COMPOSIÇÃO - 011 ","Próprio","Serviço de lançamento cimentação anelar poço tubular, incluso material.","SEDI - SERVIÇOS DIVERSOS",null,"m³",1,{"$f":"K54","v":739.43},{"$f":"SUM(K55:K57)","v":739.43}]
[null,"Composição Auxiliar"," 1903 ","ORSE","Argamassa cimento e areia traço t-1 (1:3) - 1 saco cimento 50kg / 3 padiolas areia dim. 0.35 x 0.45 x 0.23 m - Confecção mecânica e transporte","Argamassas",null,"m³",1,501.7,{"$f":"ROUND(I55*J55,2)","v":501.7}]
[null,"Composição Auxiliar"," 88316 ","SINAPI","SERVENTE COM ENCARGOS COMPLEMENTARES","SEDI - SERVIÇOS DIVERSOS",null,"H",7.4,19.66,145.47999999999999]
[null,"Insumo"," 00000124 ","SINAPI","ADITIVO ACELERADOR DE PEGA E ENDURECIMENTO PARA ARGAMASSAS E CONCRETOS, LIQUIDO E ISENTO DE CLORETOS","Material",null,"L",5,18.45,92.25]
[]
[null," 3.6 ","Código","Banco","Descrição","Tipo",null,"Und","Quant.","Valor Unit","Total"]
[null,"Composição"," COMPOSIÇÃO - 014 ","Próprio","Serviço de instalação de laje sanitária com dimensões (1,5x1,5x0,3) , incluso material.","SEDI - SERVIÇOS DIVERSOS",null,"un",1,{"$f":"K60","v":605.80999999999995},{"$f":"SUM(K61:K64)","v":605.80999999999995}]
[null,"Composição Auxiliar"," 92522 ","SINAPI","MONTAGEM E DESMONTAGEM DE FÔRMA DE LAJE MACIÇA, PÉ-DIREITO SIMPLES, EM CHAPA DE MADEIRA COMPENSADA RESINADA, 8 UTILIZAÇÕES. AF_09/2020","FUES - FUNDAÇÕES E ESTRUTURAS",null,"m²",1.8,46.14,{"$f":"ROUND(I61*J61,2)","v":83.05}]
[null,"Composição Auxiliar"," 93358 ","SINAPI","ESCAVAÇÃO MANUAL DE VALA COM PROFUNDIDADE MENOR OU IGUAL A 1,30 M. AF_02/2021","MOVT - MOVIMENTO DE TERRA",null,"m³",0.22500000000000001,77.77,17.5]
[null,"Composição Auxiliar"," 94975 ","SINAPI","CONCRETO FCK = 15MPA, TRAÇO 1:3,4:3,5 (EM MASSA SECA DE CIMENTO/ AREIA MÉDIA/ BRITA 1) - PREPARO MANUAL. AF_05/2021","FUES - FUNDAÇÕES E ESTRUTURAS",null,"m³",0.67500000000000004,486.02,328.06]
[null,"Composição Auxiliar"," 103670 ","SINAPI","LANÇAMENTO COM USO DE BALDES, ADENSAMENTO E ACABAMENTO DE CONCRETO EM ESTRUTURAS. AF_02/2022","FUES - FUNDAÇÕES E ESTRUTURAS",null,"m³",0.67500000000000004,262.52,177.2]
[]
[null," 4 ",null,null,"PÓS PERFURAÇÃO"]
[]
[null," 4.3 ","Código","Banco","Descrição","Tipo",null,"Und","Quant.","Valor Unit","Total"]
[null,"Composição"," COMPOSIÇÃO - 015 ","Próprio","Inspeção ótica em poço tubular câmera com rotação de 360º, visada lateral, com fonte própria de luz, entregue vídeo em cores e marcação de profundidades.","SEES - SERVIÇOS ESPECIAIS",null,"m",1,{"$f":"K69","v":38.049999999999997},{"$f":"SUM(K70:K74)","v":38.049999999999997}]
[null,"Insumo"," H020050004 ","EMBASA","APARELHO DE PERFILAGEM OPTICA","Material",null,"M",1,4.4000000000000004,{"$f":"ROUND(I70*J70,2)","v":4.4000000000000004}]
[null,"Insumo"," B590000022 ","EMBASA","TECNICO MEDIO","Mão de Obra",null,"H",8.3500000000000005E-2,48.54,4.05]
[null,"Insumo"," B590000028 ","EMBASA","AUXILIAR TECNICO","Mão de Obra",null,"H",8.3500000000000005E-2,22.47,1.88]
[null,"Insumo"," F020000340 ","EMBASA","DIÁRIA PARA PROFISSIONAL (INTERIOR)","Material",null,"DIA",2.1000000000000001E-2,227,4.7699999999999996]
[null,"Insumo"," F030000250 ","EMBASA","LOCAÇÃO DE VEÍCULO PICK UP TIPO SAVEIRO OU SIMILAR","Material",null,"DIA",0.25,91.8,22.95]
[]
[null," 5 ",null,null,"RESERVAÇÃO"]
[null," 5.1 ","Código","Banco","Descrição","Tipo",null,"Und","Quant.","Valor Unit","Total"]
[null,"Composição"," COMPOSIÇÃO - 016 ","Próprio","Execução e instalação de base de sustentação em concreto armado para reservatório de diâmetro 2,06m e altura 1,10m, conforme projeto, incluindo fixação de grampos da tampa.","SEDI - SERVIÇOS DIVERSOS",null,"un",1,{"$f":"K78","v":2844.22},{"$f":"SUM(K79:K97)","v":2844.22}]
[null,"Composição Auxiliar"," 5928 ","SINAPI","GUINDAUTO HIDRÁULICO, CAPACIDADE MÁXIMA DE CARGA 6200 KG, MOMENTO MÁXIMO DE CARGA 11,7 TM, ALCANCE MÁXIMO HORIZONTAL 9,70 M, INCLUSIVE CAMINHÃO TOCO PBT 16.000 KG, POTÊNCIA DE 189 CV - CHP DIURNO. AF_06/2014","CHOR - CUSTOS HORÁRIOS DE MÁQUINAS E EQUIPAMENTOS",null,"CHP",2.5,255.61,{"$f":"ROUND(I79*J79,2)","v":639.03}]
[null,"Composição Auxiliar"," 88310 ","SINAPI","PINTOR COM ENCARGOS COMPLEMENTARES","SEDI - SERVIÇOS DIVERSOS",null,"H",0.3,27.42,8.23]
[null,"Composição Auxiliar"," 100301 ","SINAPI","AJUDANTE DE PINTOR COM ENCARGOS COMPLEMENTARES","SEDI - SERVIÇOS DIVERSOS",null,"H",0.1,22.76,2.2799999999999998]
[null,"Composição Auxiliar"," 88309 ","SINAPI","PEDREIRO COM ENCARGOS COMPLEMENTARES","SEDI - SERVIÇOS DIVERSOS",null,"H",5.55,24.11,133.81]
[null,"Composição Auxiliar"," 88316 ","SINAPI","SERVENTE COM ENCARGOS COMPLEMENTARES","SEDI - SERVIÇOS DIVERSOS",null,"H",10,19.66,196.6]
[null,"Composição Auxiliar"," 88245 ","SINAPI","ARMADOR COM ENCARGOS COMPLEMENTARES","SEDI - SERVIÇOS DIVERSOS",null,"H",3,25.68,77.040000000000006]
[null,"Composição Auxiliar"," 88262 ","SINAPI","CARPINTEIRO DE FORMAS COM ENCARGOS COMPLEMENTARES","SEDI - SERVIÇOS DIVERSOS",null,"H",2,22.84,45.68]
[null,"Composição Auxiliar"," 87445 ","SINAPI","BETONEIRA CAPACIDADE NOMINAL 400 L, CAPACIDADE DE MISTURA 310 L, MOTOR A DIESEL POTÊNCIA 5,0 HP, SEM CARREGADOR - CHP DIURNO. AF_05/2023","CHOR - CUSTOS HORÁRIOS DE MÁQUINAS E EQUIPAMENTOS",null,"CHP",2.8548,4.6900000000000004,13.39]
[null,"Composição Auxiliar"," 88377 ","SINAPI","OPERADOR DE BETONEIRA ESTACIONÁRIA/MISTURADOR COM ENCARGOS COMPLEMENTARES","SEDI - SERVIÇOS DIVERSOS",null,"H",2.8548,26.3,75.08]
[null,"Insumo"," 00007155 ","SINAPI","TELA DE ACO SOLDADA NERVURADA, CA-60, Q-138, (2,20 KG/M2), DIAMETRO DO FIO = 4,2 MM, LARGURA = 2,45 M, ESPACAMENTO DA MALHA = 10  X 10 CM","Material",null,"m²",6,16.59,99.54]
[null,"Insumo"," 00000370 ","SINAPI","AREIA MEDIA - POSTO JAZIDA/FORNECEDOR (RETIRADO NA JAZIDA, SEM TRANSPORTE)","Material",null,"m³",1.36,100,136]
[null,"Insumo"," 00001379 ","SINAPI","CIMENTO PORTLAND COMPOSTO CP II-32","Material",null,"KG",565.75,0.72,407.34]
[null,"Insumo"," 00004718 ","SINAPI","PEDRA BRITADA N. 2 (19 A 38 MM) POSTO PEDREIRA/FORNECEDOR, SEM FRETE","Material",null,"m³",0.33,140,46.2]
[null,"Insumo"," 00004721 ","SINAPI","PEDRA BRITADA N. 1 (9,5 a 19 MM) POSTO PEDREIRA/FORNECEDOR, SEM FRETE","Material",null,"m³",0.98,139.26,136.47]
[null,"Insumo"," 00003767 ","SINAPI","LIXA EM FOLHA PARA PAREDE OU MADEIRA, NUMERO 120, COR VERMELHA","Material",null,"UN",0.12,0.63,0.08]
[null,"Insumo"," 00007356 ","SINAPI","TINTA LATEX ACRILICA PREMIUM, COR BRANCO FOSCO","Material",null,"L",0.18,16.96,3.05]
[null,"Insumo"," 00000032 ","SINAPI","ACO CA-50, 6,3 MM, VERGALHAO","Material",null,"KG",9.3000000000000007,10.68,99.32]
[null,"Insumo"," 00043059 ","SINAPI","ACO CA-60, 4,2 MM, OU 5,0 MM, OU 6,0 MM, OU 7,0 MM, VERGALHAO","Material",null,"KG",3.04,9.58,29.12]
[null,"Insumo"," 00043681 ","SINAPI","CHAPA/PAINEL DE MADEIRA COMPENSADA RESINADA (MADEIRITE RESINADO ROSA) PARA FORMA DE CONCRETO, DE 2200 x 1100 MM, E = 8 A 12 MM","Material",null,"m²",17.46,39.86,695.96]
[]
[null," 6 ",null,null,"BEBEDOURO"]
[null," 6.1 ","Código","Banco","Descrição","Tipo",null,"Und","Quant.","Valor Unit","Total"]
[null,"Composição"," COMPOSIÇÃO - 017 ","Próprio","Serviço de execução do bebedouro em concreto armado, incluso materiais.","SEDI - SERVIÇOS DIVERSOS",null,"un",1,{"$f":"K101","v":1609.3299999999997},{"$f":"SUM(K102:K120)","v":1609.3299999999997}]
[null,"Composição Auxiliar"," 5928 ","SINAPI","GUINDAUTO HIDRÁULICO, CAPACIDADE MÁXIMA DE CARGA 6200 KG, MOMENTO MÁXIMO DE CARGA 11,7 TM, ALCANCE MÁXIMO HORIZONTAL 9,70 M, INCLUSIVE CAMINHÃO TOCO PBT 16.000 KG, POTÊNCIA DE 189 CV - CHP DIURNO. AF_06/2014","CHOR - CUSTOS HORÁRIOS DE MÁQUINAS E EQUIPAMENTOS",null,"CHP",2,255.61,{"$f":"ROUND(I102*J102,2)","v":511.22}]
[null,"Composição Auxiliar"," 87445 ","SINAPI","BETONEIRA CAPACIDADE NOMINAL 400 L, CAPACIDADE DE MISTURA 310 L, MOTOR A DIESEL POTÊNCIA 5,0 HP, SEM CARREGADOR - CHP DIURNO. AF_05/2023","CHOR - CUSTOS HORÁRIOS DE MÁQUINAS E EQUIPAMENTOS",null,"CHP",0.5,4.6900000000000004,2.35]
[null,"Composição Auxiliar"," 88377 ","SINAPI","OPERADOR DE BETONEIRA ESTACIONÁRIA/MISTURADOR COM ENCARGOS COMPLEMENTARES","SEDI - SERVIÇOS DIVERSOS",null,"H",0.5,26.3,13.15]
[null,"Composição Auxiliar"," 88310 ","SINAPI","PINTOR COM ENCARGOS COMPLEMENTARES","SEDI - SERVIÇOS DIVERSOS",null,"H",0.3,27.42,8.23]
[null,"Composição Auxiliar"," 100301 ","SINAPI","AJUDANTE DE PINTOR COM ENCARGOS COMPLEMENTARES","SEDI - SERVIÇOS DIVERSOS",null,"H",0.1,22.76,2.2799999999999998]
[null,"Composição Auxiliar"," 88245 ","SINAPI","ARMADOR COM ENCARGOS COMPLEMENTARES","SEDI - SERVIÇOS DIVERSOS",null,"H",3,25.68,77.040000000000006]
[null,"Composição Auxiliar"," 88262 ","SINAPI","CARPINTEIRO DE FORMAS COM ENCARGOS COMPLEMENTARES","SEDI - SERVIÇOS DIVERSOS",null,"H",2,22.84,45.68]
[null,"Composição Auxiliar"," 88316 ","SINAPI","SERVENTE COM ENCARGOS COMPLEMENTARES","SEDI - SERVIÇOS DIVERSOS",null,"H",5,19.66,98.3]
[null,"Composição Auxiliar"," 88309 ","SINAPI","PEDREIRO COM ENCARGOS COMPLEMENTARES","SEDI - SERVIÇOS DIVERSOS",null,"H",4,24.11,96.44]
[null,"Insumo"," 00043055 ","SINAPI","ACO CA-50, 12,5 MM OU 16,0 MM, VERGALHAO","Material",null,"KG",12,8.77,105.24]
[null,"Insumo"," 00043059 ","SINAPI","ACO CA-60, 4,2 MM, OU 5,0 MM, OU 6,0 MM, OU 7,0 MM, VERGALHAO","Material",null,"KG",13,9.58,124.54]
[null,"Insumo"," 00000032 ","SINAPI","ACO CA-50, 6,3 MM, VERGALHAO","Material",null,"KG",6,10.68,64.08]
[null,"Insumo"," 00000370 ","SINAPI","AREIA MEDIA - POSTO JAZIDA/FORNECEDOR (RETIRADO NA JAZIDA, SEM TRANSPORTE)","Material",null,"m³",0.32,100,32]
[null,"Insumo"," 00001379 ","SINAPI","CIMENTO PORTLAND COMPOSTO CP II-32","Material",null,"KG",127,0.72,91.44]
[null,"Insumo"," 00004718 ","SINAPI","PEDRA BRITADA N. 2 (19 A 38 MM) POSTO PEDREIRA/FORNECEDOR, SEM FRETE","Material",null,"m³",0.08,140,11.2]
[null,"Insumo"," 00004721 ","SINAPI","PEDRA BRITADA N. 1 (9,5 a 19 MM) POSTO PEDREIRA/FORNECEDOR, SEM FRETE","Material",null,"m³",0.23,139.26,32.03]
[null,"Insumo"," 00003767 ","SINAPI","LIXA EM FOLHA PARA PAREDE OU MADEIRA, NUMERO 120, COR VERMELHA","Material",null,"UN",0.12,0.63,0.08]
[null,"Insumo"," 00007356 ","SINAPI","TINTA LATEX ACRILICA PREMIUM, COR BRANCO FOSCO","Material",null,"L",0.18,16.96,3.05]
[null,"Insumo"," 00043681 ","SINAPI","CHAPA/PAINEL DE MADEIRA COMPENSADA RESINADA (MADEIRITE RESINADO ROSA) PARA FORMA DE CONCRETO, DE 2200 x 1100 MM, E = 8 A 12 MM","Material",null,"m²",7.3,39.86,290.98]
[]
[null," 7 ",null,null,"INSTALAÇÕES HIDRÁULICAS"]
[null," 7.1 ",null,null,"INSTALAÇÕES DE CAVALETE"]
[null," 7.1.1 ","Código","Banco","Descrição","Tipo",null,"Und","Quant.","Valor Unit","Total"]
[null,"Composição"," COMPOSIÇÃO - 018 ","Próprio","Montagem e Instalação de Tubulação e Conexões Cavalete","INHI - INSTALAÇÕES HIDROS SANITÁRIAS",null,"un",1,{"$f":"K125","v":241.87000000000003},{"$f":"SUM(K126:K129)","v":241.87000000000003}]
[null,"Composição Auxiliar"," 88248 ","SINAPI","AUXILIAR DE ENCANADOR OU BOMBEIRO HIDRÁULICO COM ENCARGOS COMPLEMENTARES","SEDI - SERVIÇOS DIVERSOS",null,"H",3,19.09,{"$f":"ROUND(I126*J126,2)","v":57.27}]
[null,"Composição Auxiliar"," 88267 ","SINAPI","ENCANADOR OU BOMBEIRO HIDRÁULICO COM ENCARGOS COMPLEMENTARES","SEDI - SERVIÇOS DIVERSOS",null,"H",3,23.24,69.72]
[null,"Insumo"," 00000122 ","SINAPI","ADESIVO PLASTICO PARA PVC, FRASCO COM *850* GR","Material",null,"UN",1,53.86,53.86]
[null,"Insumo"," 00020083 ","SINAPI","SOLUCAO PREPARADORA / LIMPADORA PARA PVC, FRASCO COM 1000 CM3","Material",null,"UN",1,61.02,61.02]
[]
[null," 7.2 ",null,null,"INSTALAÇÕES DE ADUTORA, RESERVATÓRIO E BEBEDOURO"]
[null," 7.2.1 ","Código","Banco","Descrição","Tipo",null,"Und","Quant.","Valor Unit","Total"]
[null,"Composição"," COMPOSIÇÃO - 020 ","Próprio","Montagem e instalação da rede adutora poço-reservatório-bebedouro","SEDI - SERVIÇOS DIVERSOS",null,"un",1,{"$f":"K133","v":934.47000000000014},{"$f":"SUM(K134:K139)","v":934.47000000000014}]
[null,"Composição Auxiliar"," 88316 ","SINAPI","SERVENTE COM ENCARGOS COMPLEMENTARES","SEDI - SERVIÇOS DIVERSOS",null,"H",6,19.66,{"$f":"ROUND(I134*J134,2)","v":117.96}]
[null,"Composição Auxiliar"," 96995 ","SINAPI","REATERRO MANUAL APILOADO COM SOQUETE. AF_10/2017","MOVT - MOVIMENTO DE TERRA",null,"m³",4.5,47.16,212.22]
[null,"Composição Auxiliar"," 93358 ","SINAPI","ESCAVAÇÃO MANUAL DE VALA COM PROFUNDIDADE MENOR OU IGUAL A 1,30 M. AF_02/2021","MOVT - MOVIMENTO DE TERRA",null,"m³",4.5,77.77,349.97]
[null,"Composição Auxiliar"," 88267 ","SINAPI","ENCANADOR OU BOMBEIRO HIDRÁULICO COM ENCARGOS COMPLEMENTARES","SEDI - SERVIÇOS DIVERSOS",null,"H",6,23.24,139.44]
[null,"Insumo"," 00000122 ","SINAPI","ADESIVO PLASTICO PARA PVC, FRASCO COM *850* GR","Material",null,"UN",1,53.86,53.86]
[null,"Insumo"," 00020083 ","SINAPI","SOLUCAO PREPARADORA / LIMPADORA PARA PVC, FRASCO COM 1000 CM3","Material",null,"UN",1,61.02,61.02]
[]
[null," 8 ",null,null,"FORNECIMENTO E INSTALAÇÃO DE SISTEMA FOTOVOLTAÍCO"]
[null," 8.1 ",null,null,"INSTALAÇÕES HIDRÁULICAS"]
[null," 8.1.1 ","Código","Banco","Descrição","Tipo",null,"Und","Quant.","Valor Unit","Total"]
[null,"Composição"," COMPOSIÇÃO - 019 ","Próprio","Montagem e instalação hidráulica do kit de bombeamento","INHI - INSTALAÇÕES HIDROS SANITÁRIAS",null,"un",1,{"$f":"K144","v":126.99000000000001},{"$f":"SUM(K145:K146)","v":126.99000000000001}]
[null,"Composição Auxiliar"," 88267 ","SINAPI","ENCANADOR OU BOMBEIRO HIDRÁULICO COM ENCARGOS COMPLEMENTARES","SEDI - SERVIÇOS DIVERSOS",null,"H",3,23.24,{"$f":"ROUND(I145*J145,2)","v":69.72}]
[null,"Composição Auxiliar"," 88248 ","SINAPI","AUXILIAR DE ENCANADOR OU BOMBEIRO HIDRÁULICO COM ENCARGOS COMPLEMENTARES","SEDI - SERVIÇOS DIVERSOS",null,"H",3,19.09,57.27]
[]
[null," 8.2 ",null,null,"INSTALAÇÕES ELÉTRICAS"]
[null," 8.2.1 ","Código","Banco","Descrição","Tipo",null,"Und","Quant.","Valor Unit","Total"]
[null,"Composição"," COMPOSIÇÃO - 021 ","Próprio","Montagem e instalação elétrica do kit de bombeamento e sistema fotovoltaico inclusive sistema de aterramento.","INEL - INSTALAÇÃO ELÉTRICA/ELETRIFICAÇÃO E ILUMINAÇÃO EXTERNA",null,"un",1,{"$f":"K150","v":579.2600000000001},{"$f":"SUM(K151:K155)","v":579.2600000000001}]
[null,"Composição Auxiliar"," 88264 ","SINAPI","ELETRICISTA COM ENCARGOS COMPLEMENTARES","SEDI - SERVIÇOS DIVERSOS",null,"H",8,27.73,{"$f":"ROUND(I151*J151,2)","v":221.84}]
[null,"Composição Auxiliar"," 88247 ","SINAPI","AUXILIAR DE ELETRICISTA COM ENCARGOS COMPLEMENTARES","SEDI - SERVIÇOS DIVERSOS",null,"H",8,22.67,181.36]
[null,"Composição Auxiliar"," 91677 ","SINAPI","ENGENHEIRO ELETRICISTA COM ENCARGOS COMPLEMENTARES","SEDI - SERVIÇOS DIVERSOS",null,"H",1,166.97,166.97]
[null,"Insumo"," 00020111 ","SINAPI","FITA ISOLANTE ADESIVA ANTICHAMA, USO ATE 750 V, EM ROLO DE 19 MM X 20 M","Material",null,"UN",1,8,8]
[null,"Insumo"," 00000404 ","SINAPI","FITA ISOLANTE DE BORRACHA AUTOFUSAO, USO ATE 69 KV (ALTA TENSAO)","Material",null,"M",1,1.0900000000000001,1.0900000000000001]
[]
[null," 8.3 ",null,null,"ESTRUTURA DE FIXAÇÃO PARA MÓDULOS FOTOVOLTAICOS"]
[null," 8.3.1 ","Código","Banco","Descrição","Tipo",null,"Und","Quant.","Valor Unit","Total"]
[null,"Composição"," COMPOSIÇÃO - 022 ","Próprio","Serviço de fixação de estruturas para os módulos fotovoltaicos e suportes de concreto, incluso materiais.","SEDI - SERVIÇOS DIVERSOS",null,"m²",1,{"$f":"K159","v":215.73},{"$f":"SUM(K160:K163)","v":215.73}]
[null,"Composição Auxiliar"," 94975 ","SINAPI","CONCRETO FCK = 15MPA, TRAÇO 1:3,4:3,5 (EM MASSA SECA DE CIMENTO/ AREIA MÉDIA/ BRITA 1) - PREPARO MANUAL. AF_05/2021","FUES - FUNDAÇÕES E ESTRUTURAS",null,"m³",9.4500000000000001E-2,486.02,{"$f":"ROUND(I160*J160,2)","v":45.93}]
[null,"Composição Auxiliar"," 93358 ","SINAPI","ESCAVAÇÃO MANUAL DE VALA COM PROFUNDIDADE MENOR OU IGUAL A 1,30 M. AF_02/2021","MOVT - MOVIMENTO DE TERRA",null,"m³",6.25E-2,77.77,4.8600000000000003]
[null,"Composição Auxiliar"," 96534 ","SINAPI","FABRICAÇÃO, MONTAGEM E DESMONTAGEM DE FÔRMA PARA BLOCO DE COROAMENTO, EM MADEIRA SERRADA, E=25 MM, 4 UTILIZAÇÕES. AF_06/2017","FUES - FUNDAÇÕES E ESTRUTURAS",null,"m²",3.2000000000000001E-2,91.74,2.94]
[null,"Insumo"," COTAÇÃO-003 ","Próprio","Fornecimento suporte fabricado em material metálico resistente a corrosão e ataque químico do solo fabricado em alumínio ou aço galvanizado ou aço zincado ou similares, a ser fixado nos blocos de concreto","Material",null,"m²",1,162,162]
[]
[null," 8.4 ",null,null,"FORNECIMENTO DE KIT DE BOMBEAMENTO FOTOVOLTAICO"]
[null,null,"Código","Banco","Descrição","Tipo",null,"Und","Quant.","Valor Unit","Total"]
[null,"Insumo"," COTAÇÃO-002 ","Próprio","Fornecimento de kit de bombeamento fotovoltaico, incluindo uma bomba CC de 1500W com imã permanente e sem escovas, controladora de carga, disjuntor CC adequado, caixa de proteção metálica, módulos compatíveis com a geração de 2200Wp (potência mínima de 550 W por módulo) e componentes elétricos necessários como cabos, conectores MC4 e presilhas de fixação.","Equipamento para Aquisição Permanente",null,"un",1,19421.8,{"$f":"ROUND(I167*J167,2)","v":19421.8}]
[]
[null," 9 ",null,null,"URBANIZAÇÃO"]
[null," 9.1 ",null,null,"CERCA"]
[null," 9.1.1 ","Código","Banco","Descrição","Tipo",null,"Und","Quant.","Valor Unit","Total"]
[null,"Composição"," COMPOSIÇÃO - 023 ","Próprio","Cerca com mourões de concreto de 15x15cm, espaçados de 3m e cravados a 0,5m, escoras de 10x10cm nos cantos, e 9 fios de arame de aço ovalado 15x17.","SEDI - SERVIÇOS DIVERSOS",null,"m",1,{"$f":"K172","v":76.03},{"$f":"SUM(K173:K179)","v":76.03}]
[null,"Composição Auxiliar"," 88309 ","SINAPI","PEDREIRO COM ENCARGOS COMPLEMENTARES","SEDI - SERVIÇOS DIVERSOS",null,"H",0.33500000000000002,24.11,{"$f":"ROUND(I173*J173,2)","v":8.08}]
[null,"Composição Auxiliar"," 88316 ","SINAPI","SERVENTE COM ENCARGOS COMPLEMENTARES","SEDI - SERVIÇOS DIVERSOS",null,"H",0.67100000000000004,19.66,13.19]
[null,"Composição Auxiliar"," 94975 ","SINAPI","CONCRETO FCK = 15MPA, TRAÇO 1:3,4:3,5 (EM MASSA SECA DE CIMENTO/ AREIA MÉDIA/ BRITA 1) - PREPARO MANUAL. AF_05/2021","FUES - FUNDAÇÕES E ESTRUTURAS",null,"m³",2.8799999999999999E-2,486.02,14]
[null,"Insumo"," 00043130 ","SINAPI","ARAME GALVANIZADO 12 BWG, D = 2,76 MM (0,048 KG/M) OU 14 BWG, D = 2,11 MM (0,026 KG/M)","Material",null,"KG",9.8000000000000004E-2,25,2.4500000000000002]
[null,"Insumo"," 00000346 ","SINAPI","ARAME DE ACO OVALADO 15 X 17 ( 45,7 KG, 700 KGF), ROLO 1000 M","Material",null,"KG",0.40500000000000003,29.61,11.99]
[null,"Insumo"," 00004111 ","SINAPI","ESCORA PRE-MOLDADA EM CONCRETO, *10 X 10* CM, H = 2,30M","Material",null,"UN",0.16,67.36,10.78]
[null,"Insumo"," I1533 ","SEINFRA","MOURÃO CONCRETO BASE 15X15CM H=2.3 C/ 12 FUROS","Material",null,"UN",0.42,37.01,15.54]
[]
[null," 9.2 ",null,null,"PORTÃO"]
[null," 9.2.1 ","Código","Banco","Descrição","Tipo",null,"Und","Quant.","Valor Unit","Total"]
[null,"Composição"," COMPOSIÇÃO - 024 ","Próprio","Serviço de instalação de portão de ferro com suporte e batedor conforme projeto, incluso material","SEDI - SERVIÇOS DIVERSOS",null,"m²",1,{"$f":"K183","v":687.3900000000001},{"$f":"SUM(K184:K188)","v":687.3900000000001}]
[null,"Composição Auxiliar"," 88309 ","SINAPI","PEDREIRO COM ENCARGOS COMPLEMENTARES","SEDI - SERVIÇOS DIVERSOS",null,"H",1.5,24.11,{"$f":"ROUND(I184*J184,2)","v":36.17}]
[null,"Composição Auxiliar"," 88316 ","SINAPI","SERVENTE COM ENCARGOS COMPLEMENTARES","SEDI - SERVIÇOS DIVERSOS",null,"H",1.5,19.66,29.49]
[null,"Insumo"," 00000367 ","SINAPI","AREIA GROSSA - POSTO JAZIDA/FORNECEDOR (RETIRADO NA JAZIDA, SEM TRANSPORTE)","Material",null,"m³",6.0999999999999999E-2,101.3,6.18]
[null,"Insumo"," 00001379 ","SINAPI","CIMENTO PORTLAND COMPOSTO CP II-32","Material",null,"KG",4.83,0.72,3.48]
[null,"Insumo"," 00004948 ","SINAPI","PORTAO DE ABRIR / GIRO, EM GRADIL DE METALON REDONDO DE 3/4\"  VERTICAL, COM REQUADRO, ACABAMENTO NATURAL - COMPLETO","Material",null,"m²",1,612.07000000000005,612.07000000000005]
[]
[null," 10 ",null,null,"OUTROS SERVIÇOS"]
[null," 10.1 ","Código","Banco","Descrição","Tipo",null,"Und","Quant.","Valor Unit","Total"]
[null,"Composição"," COMPOSIÇÃO - 025 ","Próprio","Serviço de lançamento de concreto para acabamento do tamponamento, incluso material.","SEDI - SERVIÇOS DIVERSOS",null,"m³",1,{"$f":"K192","v":712.26},{"$f":"SUM(K193:K194)","v":712.26}]
[null,"Composição Auxiliar"," 103670 ","SINAPI","LANÇAMENTO COM USO DE BALDES, ADENSAMENTO E ACABAMENTO DE CONCRETO EM ESTRUTURAS. AF_02/2022","FUES - FUNDAÇÕES E ESTRUTURAS",null,"m³",1,262.52,{"$f":"ROUND(I193*J193,2)","v":262.52}]
[null,"Composição Auxiliar"," 94974 ","SINAPI","CONCRETO MAGRO PARA LASTRO, TRAÇO 1:4,5:4,5 (EM MASSA SECA DE CIMENTO/ AREIA MÉDIA/ BRITA 1) - PREPARO MANUAL. AF_05/2021","FUES - FUNDAÇÕES E ESTRUTURAS",null,"m³",1,449.74,449.74]
[]
[null," 10.2 ","Código","Banco","Descrição","Tipo",null,"Und","Quant.","Valor Unit","Total"]
[null,"Composição"," COMPOSIÇÃO - 026 ","Próprio","Serviço de execução do tamponamento, incluso pedra britada desinfectada.","SEDI - SERVIÇOS DIVERSOS",null,"m³",1,{"$f":"K197","v":183.75},{"$f":"SUM(K198:K200)","v":183.75}]
[null,"Composição Auxiliar"," 88316 ","SINAPI","SERVENTE COM ENCARGOS COMPLEMENTARES","SEDI - SERVIÇOS DIVERSOS",null,"H",0.1,19.66,{"$f":"ROUND(I198*J198,2)","v":1.97}]
[null,"Insumo"," 00004720 ","SINAPI","PEDRA BRITADA N. 0, OU PEDRISCO (4,8 A 9,5 MM) POSTO PEDREIRA/FORNECEDOR, SEM FRETE","Material",null,"m³",1,160.78,160.78]
[null,"Insumo"," D240000003 ","EMBASA","HIPOCLORITO DE SÓDIO","Material",null,"L",5,4.2,21]
[]
[]
[null,null,"Código","Banco","Descrição","Tipo",null,"Und","Quant.","Valor Unit","Total"]
[null,"Insumo"," COTAÇÃO-007 ","Próprio","Fornecimento tubo de revestimento geomecânico classe standart Ø 4\" com junta roscável.","Material",null,"m",1,82.5,{"$f":"ROUND(I204*J204,2)","v":82.5}]
[]
[null,null,"Código","Banco","Descrição","Tipo",null,"Und","Quant.","Valor Unit","Total"]
[null,"Insumo"," COTAÇÃO-005 ","Próprio","Fornecimento tubo filtro geomecânico classe standart Ø 4\" com junta roscável.","Material",null,"m",1,86.02,{"$f":"ROUND(I207*J207,2)","v":86.02}]

{"sheet":"Crono. RN - Parc.Rev","index":4,"n_rows":24,"n_cols":15,"rows_kept":24,"cut":false,"hidden":false,"merged":[[7,0,8,14],[5,0,6,0],[5,1,6,14],[0,2,4,6],[20,0,20,1],[20,2,23,2],[21,0,21,1],[22,0,22,1],[23,0,23,1]]}
[null,null,"MINISTÉRIO DO DESENVOLVIMENTO REGIONAL - MDR\nCOMPANHIA DE DESENVOLVIMENTO DOS VALES DO SÃO FRANCISCO E DO PARNAÍBA\nÁREA DE REVITALIZAÇÃO E SUSTENTABILIDADE SOCIOAMBIENTAL\n"]
[]
[]
[]
[]
["OBJETO:"," PERFURAÇÃO E INSTALAÇÃO DE POÇO TUBULAR PARCIALMENTE REVESTIDO NO ESTADO DO RIO GRANDE DO NORTE"]
[]
["CRONOGRAMA FÍSICO-FINANCEIRO"]
[]
["ITEM","ESPECIFICAÇÃO DOS SERVIÇOS","VALOR TOTAL (R$)","Mês 01","Mês 02","Mês 03","Mês 04","Mês 05","Mês 06","Mês 07","Mês 08","Mês 09","Mês 10","Mês 11","Mês 12"]
["1","SERVIÇOS PRELIMINARES",{"$f":"'Orç. RN - Parc. Rev - Sintético'!J6","v":593394.79},{"$f":"$C$11/12","v":49449.565833333334},{"$f":"$C$11/12","v":49449.565833333334},49449.565833333334,49449.565833333334,49449.565833333334,49449.565833333334,49449.565833333334,49449.565833333334,49449.565833333334,49449.565833333334,49449.565833333334,49449.565833333334]
["2","MOBILIZAÇÂO E DESMOBILIZAÇÂO EQUIPES PERFURAÇÂO E INSTALAÇÃO",{"$f":"'Orç. RN - Parc. Rev - Sintético'!J11","v":329868},{"$f":"$C$12/12","v":27489},{"$f":"$C$12/12","v":27489},27489,27489,27489,27489,27489,27489,27489,27489,27489,27489]
["3","PERFURAÇÃO E COMPLETAÇÃO DE POÇO TUBULAR",{"$f":"'Orç. RN - Parc. Rev - Sintético'!J14","v":5708325.5800000001},{"$f":"$C$13/12","v":475693.79833333334},{"$f":"$C$13/12","v":475693.79833333334},475693.79833333334,475693.79833333334,475693.79833333334,475693.79833333334,475693.79833333334,475693.79833333334,475693.79833333334,475693.79833333334,475693.79833333334,475693.79833333334]
["4","PÓS PERFURAÇÃO",{"$f":"'Orç. RN - Parc. Rev - Sintético'!J21","v":1533248.6400000001},{"$f":"$C$14/12","v":127770.72000000002},{"$f":"$C$14/12","v":127770.72000000002},127770.72000000002,127770.72000000002,127770.72000000002,127770.72000000002,127770.72000000002,127770.72000000002,127770.72000000002,127770.72000000002,127770.72000000002,127770.72000000002]
["5","RESERVAÇÃO",{"$f":"'Orç. RN - Parc. Rev - Sintético'!J26","v":1039220.71},{"$f":"$C$15/12","v":86601.72583333333},{"$f":"$C$15/12","v":86601.72583333333},86601.72583333333,86601.72583333333,86601.72583333333,86601.72583333333,86601.72583333333,86601.72583333333,86601.72583333333,86601.72583333333,86601.72583333333,86601.72583333333]
["6","BEBEDOURO",{"$f":"'Orç. RN - Parc. Rev - Sintético'!J32","v":310961.42},{"$f":"$C$16/12","v":25913.451666666664},{"$f":"$C$16/12","v":25913.451666666664},25913.451666666664,25913.451666666664,25913.451666666664,25913.451666666664,25913.451666666664,25913.451666666664,25913.451666666664,25913.451666666664,25913.451666666664,25913.451666666664]
["7","INSTALAÇÕES HIDRÁULICAS",{"$f":"'Orç. RN - Parc. Rev - Sintético'!J34","v":514393.88000000012},{"$f":"$C$17/12","v":42866.156666666677},{"$f":"$C$17/12","v":42866.156666666677},42866.156666666677,42866.156666666677,42866.156666666677,42866.156666666677,42866.156666666677,42866.156666666677,42866.156666666677,42866.156666666677,42866.156666666677,42866.156666666677]
["8",{"$f":"'Orç. PB - Tot. Rev - Sintético'!E70","v":"FORNECIMENTO E INSTALAÇÃO DE SISTEMA FOTOVOLTAÍCO"},{"$f":"'Orç. RN - Parc. Rev - Sintético'!J64","v":4640649.12},{"$f":"$C$18/12","v":386720.76},{"$f":"$C$18/12","v":386720.76},386720.76,386720.76,386720.76,386720.76,386720.76,386720.76,386720.76,386720.76,386720.76,386720.76]
["9","URBANIZAÇÃO",{"$f":"'Orç. RN - Parc. Rev - Sintético'!J86","v":610552.25},{"$f":"$C$19/12","v":50879.354166666664},{"$f":"$C$19/12","v":50879.354166666664},50879.354166666664,50879.354166666664,50879.354166666664,50879.354166666664,50879.354166666664,50879.354166666664,50879.354166666664,50879.354166666664,50879.354166666664,50879.354166666664]
["10","OUTROS SERVIÇOS",{"$f":"'Orç. RN - Parc. Rev - Sintético'!J91","v":728275.43},{"$f":"$C$20/12","v":60689.619166666671},{"$f":"$C$20/12","v":60689.619166666671},60689.619166666671,60689.619166666671,60689.619166666671,60689.619166666671,60689.619166666671,60689.619166666671,60689.619166666671,60689.619166666671,60689.619166666671,60689.619166666671]
["TOTAL",null,{"$f":"SUM(C11:C20)","v":16008889.82},{"$f":"SUM(D11:D20)","v":1334074.1516666666},{"$f":"SUM(E11:E20)","v":1334074.1516666666},1334074.1516666666,1334074.1516666666,1334074.1516666666,1334074.1516666666,1334074.1516666666,1334074.1516666666,1334074.1516666666,1334074.1516666666,1334074.1516666666,1334074.1516666666]
["PERCENTUAL",null,null,{"$f":"D21/$C$21","v":8.3333333333333329E-2},8.3333333333333329E-2,8.3333333333333329E-2,8.3333333333333329E-2,8.3333333333333329E-2,8.3333333333333329E-2,8.3333333333333329E-2,8.3333333333333329E-2,8.3333333333333329E-2,8.3333333333333329E-2,8.3333333333333329E-2,8.3333333333333329E-2]
["CUSTO ACUMULADO",null,null,{"$f":"D21","v":1334074.1516666666},{"$f":"E21+D23","v":2668148.3033333332},{"$f":"F21+E23","v":4002222.4550000001},5336296.6066666665,6670370.7583333328,8004444.9099999992,9338519.0616666656,10672593.213333333,12006667.365,13340741.516666668,14674815.668333335,16008889.820000002]
["PERCENTUAL ACUMULADO",null,null,{"$f":"D22","v":8.3333333333333329E-2},{"$f":"E22+D24","v":0.16666666666666666},0.25,0.33333333333333331,0.41666666666666663,0.49999999999999994,0.58333333333333326,0.66666666666666663,0.75,0.83333333333333337,0.91666666666666674,1]

{"sheet":"Orç. RN - Tot. Rev - Sintético","index":5,"n_rows":102,"n_cols":11,"rows_kept":102,"cut":false,"hidden":false,"merged":[[0,5,0,6],[0,9,0,10],[1,9,1,10],[3,0,3,10],[0,0,0,4],[1,0,1,6]]}
[{"$nulls":7},"B.D.I. SERVIÇO","B.D.I. MATERIAL","Encargos Sociais"]
["OBRA:PERFURAÇÃO E INSTALAÇÃO DE POÇO TUBULAR TOTALMENTE REVESTIDO NO ESTADO DO  RIO GRANDE DO NORTE",{"$nulls":6},"25,47%",0.15279999999999999,"Não Desonerado: embutido nos preços unitário dos insumos de mão de obra, de acordo com as bases."]
[{"$nulls":7},"VALOR UNITÁRIO POR POÇO",{"$f":"ROUND(J102/K3,2)","v":157526.54},"QUANTIDADE DE POÇOS",26]
["Orçamento Sintético"]
["Item","Código","Serviço / Material","Banco","Descrição","Und","Quant.","Valor Unit","Valor Unit com BDI","Total","Peso (%)"]
[1,null,null,null,"SERVIÇOS PRELIMINARES",{"$nulls":4},{"$f":"SUM(J7:J10)","v":262906.53999999998},{"$f":"J6/$J$102","v":6.4191024572748182E-2}]
[" 1.1 "," COMPOSIÇÃO - 002 ","Serviço","Próprio","Administração Local da Obra - Poço Totalmente Revestido","un",1,149483.29,{"$f":"ROUND(H7+H7*$H$2,2)","v":187556.68},{"$f":"ROUND(G7*I7,2)","v":187556.68},{"$f":"J7/$J$102","v":4.5793670460472634E-2}]
[" 1.2 "," COMPOSIÇÃO - 003 ","Serviço","Próprio","Serviço de locação Geológica de campo com relatório hidro geológico e perfil construtivo e geológico esperado. Relatório de Viabilidade de implantação das estruturas e vistorias preliminares","un",26,499.9,{"$f":"ROUND(H8+H8*$H$2,2)","v":627.22},{"$f":"ROUND(G8*I8,2)","v":16307.72},3.9816782619614445E-3]
[" 1.3 "," COMPOSIÇÃO - 030 ","Serviço","Próprio","Procedimentos para emissão de Outorga de uso insignificante e Dispensa de Licenciamento Ambiental (incluso taxas) - Rio Grande do Norte","un",26,1561.53,1959.25,50940.5,1.2437586707611302E-2]
[" 1.4 ",51,"Serviço","ORSE","Placa de obra em chapa aço galvanizado, instalada","m²",18.72,344.92999999999995,432.78,8101.64,1.9780891427028007E-3]
[2,null,null,null,"MOBILIZAÇÂO E DESMOBILIZAÇÂO EQUIPES PERFURAÇÂO E INSTALAÇÃO",{"$nulls":4},{"$f":"SUM(J12:J14)","v":60504.6},1.477274876982634E-2]
[" 2.1 "," COMPOSIÇÃO - 006 ","Serviço","Próprio","Transporte de Comboio Perfuração","km",6240,4.38,{"$f":"ROUND(H12+H12*$H$2,2)","v":5.5},{"$f":"ROUND(G12*I12,2)","v":34320},8.3795403618971125E-3]
[" 2.2 "," COMPOSIÇÃO - 007 ","Serviço","Próprio","Transporte de Comboio Instalação","km",3120,5.46,6.85,21372,5.2181683162722927E-3]
[" 2.3 "," COMPOSIÇÃO - 008 ","Serviço","Próprio","Transporte de água em caminhão pipa para preparo do fluído de perfuração rotativa","km",780,4.92,6.17,4812.6000000000004,1.1750400916569362E-3]
[3,null,null,null,"PERFURAÇÃO E COMPLETAÇÃO DE POÇO TUBULAR",{"$nulls":4},{"$f":"SUM(J16:J26)","v":2076822.47},0.50707510815442469]
[" 3.1 "," COMPOSIÇÃO - 009 ","Serviço","Próprio","Limpeza manual , remoção de cerca, capina e instalação dos equipamentos (área do poço, painéis solares, bebedouro e reservatório)","m²",1820,1.57,{"$f":"ROUND(H16+H16*$H$2,2)","v":1.97},{"$f":"ROUND(G16*I16,2)","v":3585.4},8.7540804235273627E-4]
[" 3.2 "," COMPOSIÇÃO - 012 ","Serviço","Próprio","Perfuração rotativa com circulação direta Ø 9.1/2\"","m",3900,264.87,332.33,1296087,0.31645143732605313]
[" 3.3 "," COTAÇÃO-007 ","Material","Próprio","Fornecimento tubo de revestimento geomecânico classe standart Ø 4\" com junta roscável.","m",3484,82.5,{"$f":"ROUND(H18+H18*$I$2,2)","v":95.11},{"$f":"ROUND(G18*I18,2)","v":331363.24},8.0905350933245912E-2]
[" 3.4 "," COTAÇÃO-005 ","Material","Próprio","Fornecimento tubo filtro geomecânico classe standart Ø 4\" com junta roscável.","m",416,86.02,{"$f":"ROUND(H19+H19*$I$2,2)","v":99.16},{"$f":"ROUND(G19*I19,2)","v":41250.559999999998},1.0071699664069305E-2]
[" 3.5 "," A.09.000.020926 ","Material","CPOS/CDHU","Fornecimento de centralizador de coluna para poço profundo, diâmetro de 4´","un",260,298.01,343.55,89323,2.1809023419164797E-2]
[" 3.6 "," 00009875 ","Material","SINAPI","Fornecimento de tubo pvc, soldavel, de 50 mm, agua fria (nbr-5648) - tubo de recarga prè filtro","m",182,15.24,17.57,3197.74,7.8075732508312565E-4]
[" 3.7 "," I5785 ","Material","SEINFRA","Fornecimento de cap pvc femea standard dn 100","un",26,78.87,90.92,2363.92,5.7717258310885269E-4]
[" 3.8 "," 5073 ","Material","ORSE","Fornecimento de pré-filtro comum ","m³",141.70000000000002,1619.38,1866.82,264528.39,6.4587014011441166E-2]
[" 3.9 "," 00043366 ","Material","SINAPI","Fornecimento de bentonita, argila constituida por  montmorilonita","kg",11700,1.54,1.78,20826,5.0848574468784751E-3]
[" 3.10 "," COMPOSIÇÃO - 011 ","Serviço","Próprio","Serviço de lançamento cimentação anelar poço tubular, incluso material.","m³",4.8879999999999999,739.47,{"$f":"ROUND(H25+H25*$H$2,2)","v":927.81},{"$f":"ROUND(G25*I25,2)","v":4535.1400000000003},1.1072957073675429E-3]
[" 3.11 "," COMPOSIÇÃO - 014 ","Serviço","Próprio","Serviço de instalação de laje sanitária com dimensões (1,5x1,5x0,3) , incluso material.","un",26,605.79,760.08,19762.080000000002,4.8250916956596654E-3]
[4,null,null,null,"PÓS PERFURAÇÃO",{"$nulls":4},{"$f":"SUM(J28:J31)","v":270031.32},6.5930604455604752E-2]
[" 4.1 "," 6305 ","Serviço","ORSE","Serviço de desenvolvimento com compressor 250psi / 750cfm","h",104,411.16,{"$f":"ROUND(H28+H28*$H$2,2)","v":515.88},{"$f":"ROUND(G28*I28,2)","v":53651.519999999997},1.3099506914834795E-2]
[" 4.2 "," 6312 ","Serviço","ORSE","Serviço de análise físico-química da Água incluso coleta, transporte e analise","un",26,565.21,709.17,18438.419999999998,4.5019080594292235E-3]
[" 4.3 "," COMPOSIÇÃO - 015 ","Serviço","Próprio","Inspeção ótica em poço tubular câmera com rotação de 360º, visada lateral, com fonte própria de luz, entregue vídeo em cores e marcação de profundidades.","m",1170,38.049999999999997,47.74,55855.8,1.3637701938987551E-2]
[" 4.4 "," 6314 ","Serviço","ORSE","Ensaio de Bombeamento com bomba submersível","h",182,622.21,780.69,142085.57999999999,3.4691487542353176E-2]
[5,null,null,null,"RESERVAÇÃO",{"$nulls":4},{"$f":"SUM(J33:J37)","v":175453.63},4.2838600647621274E-2]
[" 5.1 "," COMPOSIÇÃO - 016 ","Serviço","Próprio","Execução e instalação de base de sustentação em concreto armado para reservatório de diâmetro 2,06m e altura 1,10m, conforme projeto, incluindo fixação de grampos da tampa.","un",26,2844.24,{"$f":"ROUND(H33+H33*$H$2,2)","v":3568.67},{"$f":"ROUND(G33*I33,2)","v":92785.42},2.2654404775220734E-2]
[" 5.2 "," 00037105 ","Material","SINAPI","Fornecimento de caixa d'agua / reservatorio em poliester reforcado com fibra de vidro, 5000 litros, com tampa","un",26,2657.22,{"$f":"ROUND(H34+H34*$I$2,2)","v":3063.24},{"$f":"ROUND(G34*I34,2)","v":79644.240000000005},1.9445866074377056E-2]
[" 5.3 "," 13960 ","Material","ORSE","Fornecimento de cabo de aço 1/8\" sem revestimento  ( rolo c/ 100 mt) rolo","rolo",2.08,260.95999999999998,300.83,625.73,1.5277767455273544E-4]
[" 5.4 "," 094248 ","Material","SBC","Fornecimento de esticador olhal com gancho de 1/4\" 6,35 mm vonder","un",104,13.05,15.04,1564.16,3.8190390013009872E-4]
[" 5.5 "," 002048 ","Material","SBC","Fornecimento de grampo (clip) para cabo de aco pesado 1/8\"","un",104,6.96,8.02,834.08,2.0364822334065105E-4]
[" 6 ",null,null,null,"BEBEDOURO",{"$nulls":4},{"$f":"SUM(J39)","v":52500.5},1.2818474905879352E-2]
[" 6.1 "," COMPOSIÇÃO - 017 ","Serviço","Próprio","Serviço de execução do bebedouro em concreto armado, incluso materiais.","un",26,1609.3499999999997,{"$f":"ROUND(H39+H39*$H$2,2)","v":2019.25},{"$f":"ROUND(G39*I39,2)","v":52500.5},1.2818474905879352E-2]
[" 7 ",null,null,null,"INSTALAÇÕES HIDRÁULICAS",{"$nulls":4},{"$f":"SUM(J41,J57)","v":86845.72},2.1204172960315133E-2]
[" 7.1 ",null,null,null,"INSTALAÇÕES DE CAVALETE",{"$nulls":4},{"$f":"SUM(J42:J56)","v":33499.699999999997},8.1792566509744959E-3]
[" 7.1.1 "," COMPOSIÇÃO - 018 ","Serviço","Próprio","Montagem e Instalação de Tubulação e Conexões Cavalete","un",26,241.87000000000003,{"$f":"ROUND(H42+H42*$H$2,2)","v":303.47000000000003},{"$f":"ROUND(G42*I42,2)","v":7890.22},1.9264690254734219E-3]
[" 7.1.2 "," 00001796 ","Material","SINAPI","Fornecimento de curva 90 graus de ferro galvanizado, com rosca bsp macho, de 1 1/4\"","un",26,77.17,{"$f":"ROUND(H43+H43*$I$2,2)","v":88.96},{"$f":"ROUND(G43*I43,2)","v":2312.96},5.6473023529876295E-4]
[" 7.1.3 "," 00009888 ","Material","SINAPI","Fornecimento de uniao de ferro galvanizado, com rosca bsp, com assento plano, de 1 1/4\"","un",26,62.13,71.62,1862.12,4.5465354599929635E-4]
[" 7.1.4 "," 00004180 ","Material","SINAPI","Fornecimento de niple de ferro galvanizado, com rosca bsp, de 1 1/4\"","un",52,18.989999999999998,21.89,1138.28,2.7792142200292087E-4]
[" 7.1.5 "," 00006017 ","Material","SINAPI","Fornecimento de registro gaveta bruto em latao forjado, bitola 1 1/4 \" (ref 1509)","un",26,59.08,68.11,1770.86,4.3237158640061537E-4]
[" 7.1.6 "," 00000789 ","Material","SINAPI","Fornecimento de bucha de reducao de ferro galvanizado, com rosca bsp, de 1 1/4\" x 1\"","un",26,17.760000000000002,20.47,532.22,1.2994635697578325E-4]
[" 7.1.7 "," 12438 ","Material","ORSE","Fornecimento de hidrômetro multijato d= 3/4\", vazão = 5,0m3/h ","un",26,297.27999999999997,342.7,8910.2000000000007,2.1755064257743492E-3]
[" 7.1.8 "," 00009861 ","Material","SINAPI","Fornecimento de tubo pvc, roscavel, 1 1/4\", agua fria predial","m",39,24.29,28,1092,2.6662173878763538E-4]
[" 7.1.9 "," 002116 ","Material","SBC","Fornecimento de te de reducao ferro galvanizado 1.1/4\" x 1/2\"","un",26,17.239999999999998,19.87,516.62,1.2613747499310275E-4]
[" 7.1.10 "," 00011831 ","Material","SINAPI","Fornecimento de torneira plastica para tanque 1/2 \" ou 3/4 \" com bico para mangueira","un",26,14.73,16.98,441.48,1.0779136010985831E-4]
[" 7.1.11 "," 1158 ","Material","ORSE","Fornecimento de joelho 45° ferro galvanizado d=1 1/ 4\" ","un",52,32.700000000000003,37.700000000000003,1960.4,4.7864950249018357E-4]
[" 7.1.12 "," 00004205 ","Material","SINAPI","Fornecimento de niple de reducao de ferro galvanizado, com rosca bsp, de 1 1/2\" x 1 1/4\"","un",26,33.32,38.409999999999997,998.66,2.4383192825793036E-4]
[" 7.1.13 "," 00003939 ","Material","SINAPI","Fornecimento de luva de ferro galvanizado, com rosca bsp, de 1 1/2\"","un",26,25.6,29.51,767.26,1.8733351218150286E-4]
[" 7.1.14 "," 9569 ","Material","ORSE","Fornecimento de adaptador pvc bsxrm d= 35mm x 1 1/2\", linha irriga-lf, tigre ou similar ","un",26,3.04,3.5,91,2.221847823230295E-5]
[" 7.1.15 "," 5128 ","Material","ORSE","Fornecimento de tampa de poço galvanizada em 6\" ","un",26,107.28,123.67,3215.42,7.8507405799683029E-4]
[" 7.2 ",null,null,null,"INSTALAÇÕES DE ADUTORA, RESERVATÓRIO E BEBEDOURO",{"$nulls":4},{"$f":"SUM(J58:J69)","v":53346.02},1.3024916309340634E-2]
[" 7.2.1 "," COMPOSIÇÃO - 020 ","Serviço","Próprio","Montagem e instalação da rede adutora poço-reservatório-bebedouro","un",26,934.47000000000014,{"$f":"ROUND(H58+H58*$H$2,2)","v":1172.48},{"$f":"ROUND(G58*I58,2)","v":30484.48},7.4430632450887321E-3]
[" 7.2.2 "," 9501 ","Material","ORSE","Fornecimento de tubo PVC p/irrigação LF PN 60 JE Ø 35mm, linha Irriga-LF, Tigre ou similar ","m",1040,13.06,{"$f":"ROUND(H59+H59*$I$2,2)","v":15.06},{"$f":"ROUND(G59*I59,2)","v":15662.4},3.8241175106112275E-3]
[" 7.2.3 "," 9516 ","Material","ORSE","Fornecimento de curva 90º pvc PTA/BSA soldavel d= 35mm, linha Irriga-LF, Tigre ou similar ","un",104,10.76,12.4,1289.5999999999999,3.1486757723492179E-4]
[" 7.2.4 "," 00000098 ","Material","SINAPI","Fornecimento de adaptador pvc soldavel, com flange e anel de vedacao, 40 mm x 1 1/4\", para caixa d'água","un",52,27.39,31.58,1642.16,4.0094831004350127E-4]
[" 7.2.5 "," 8013 ","Material","ORSE","Fornecimento de registro esfera VS soldável para irrigação Ø 35mm ","pç",26,37.26,42.95,1116.7,2.726524685935462E-4]
[" 7.2.6 "," 00000096 ","Material","SINAPI","Fornecimento de adaptador pvc soldavel, com flange e anel de vedacao, 25 mm x 3/4\", para caixa d'água","un",78,12.16,14.02,1093.56,2.6700262698590342E-4]
[" 7.2.7 "," 14071 ","Material","ORSE","Fornecimento de tubo PVC para irrigação LF PN 60 Ø 25mm, linha Irriga-LF, Tigre ou similar","m",52,4.01,4.62,240.24,5.8656782533279788E-5]
[" 7.2.8 "," 14082 ","Material","ORSE","Fornecimento de registro esfera LF 25mm ","pç",52,11.06,12.75,663,1.6187748426392149E-4]
[" 7.2.9 "," 00003529 ","Material","SINAPI","Fornecimento de joelho pvc, soldavel, 90 graus, 25 mm, para agua fria","un",52,0.72,0.83,43.16,1.0537906818749398E-5]
[" 7.2.10 "," 00003535 ","Material","SINAPI","Fornecimento de joelho pvc, soldavel, 90 graus, 40 mm,  para agua fria","un",26,5.83,6.72,174.72,4.2659478206021662E-5]
[" 7.2.11 "," 00000109 ","Material","SINAPI","Fornecimento de adaptador pvc soldavel curto com bolsa e rosca, 40 mm x 1 1/4\", para agua fria","un",26,3.66,4.22,109.72,2.6789136611519555E-5]
[" 7.2.12 "," 00011830 ","Material","SINAPI","Fornecimento de torneira de boia convencional para caixa d'agua, agua fria, 3/4\", com haste e torneira metalicos e balao plastico","un",26,27.57,31.78,826.28,2.0174378234931079E-4]
[" 8 ",null,null,null,"FORNECIMENTO E INSTALAÇÃO DE SISTEMA FOTOVOLTAÍCO",{"$nulls":4},{"$f":"SUM(J71,J77,J88,J90)","v":938121.29},0.22905085122115346]
[" 8.1 ",null,null,null,"INSTALAÇÕES HIDRÁULICAS",{"$nulls":4},{"$f":"SUM(J72:J76)","v":98171.41},{"$f":"J71/$J$102","v":2.3969443254060311E-2}]
[" 8.1.1 "," COMPOSIÇÃO - 019 ","Serviço","Próprio","Montagem e instalação hidráulica do kit de bombeamento","un",26,126.99000000000001,{"$f":"ROUND(H72+H72*$H$2,2)","v":159.33000000000001},{"$f":"ROUND(G72*I72,2)","v":4142.58},1.0114486105008082E-3]
[" 8.1.2 "," 00038200 ","Material","SINAPI","Fornecimento de corda de poliamida 12 mm tipo bombeiro, para trabalho em altura","100m",24.18,642.37,{"$f":"ROUND(H73+H73*$I$2,2)","v":740.52},{"$f":"ROUND(G73*I73,2)","v":17905.77},4.3718567140398155E-3]
[" 8.1.3 "," 00009861 ","Material","SINAPI","Fornecimento de  tubo pvc, roscavel, 1 1/4\", agua fria predial","m",2340,24.29,28,65520,1.5997304327258124E-2]
[" 8.1.4 "," 00004180 ","Material","SINAPI","Fornecimento de  niple de ferro galvanizado, com rosca bsp, de 1 1/4\"","un",26,18.989999999999998,21.89,569.14,1.3896071100146044E-4]
[" 8.1.5 "," 00003911 ","Material","SINAPI","Fornecimento de  luva de ferro galvanizado, com rosca bsp, de 1 1/4\"","un",416,20.92,24.12,10033.92,2.4498728912601014E-3]
[" 8.2 ",null,null,null,"INSTALAÇÕES ELÉTRICAS",{"$nulls":4},{"$f":"SUM(J78:J87)","v":98177.939999999988},2.3971037612992799E-2]
[" 8.2.1 "," COMPOSIÇÃO - 021 ","Serviço","Próprio","Montagem e instalação elétrica do kit de bombeamento e sistema fotovoltaico inclusive sistema de aterramento.","un",26,579.2600000000001,{"$f":"ROUND(H78+H78*$H$2,2)","v":726.8},{"$f":"ROUND(G78*I78,2)","v":18896.8},4.6138257083536529E-3]
[" 8.2.2 "," 00002674 ","Material","SINAPI","Fornecimento de  eletroduto de pvc rigido roscavel de 3/4 \", sem luva","m",390,3.48,{"$f":"ROUND(H79+H79*$I$2,2)","v":4.01},{"$f":"ROUND(G79*I79,2)","v":1563.9},3.8184041876372074E-4]
[" 8.2.3 "," 00034622 ","Material","SINAPI","Fornecimento de  cabo flexivel pvc 750 v, 3 condutores de 6,0 mm2","m",2730,19.55,22.54,61534.2,1.5024134980683255E-2]
[" 8.2.4 "," 00012034 ","Material","SINAPI","Fornecimento de  curva 180 graus, de pvc rigido roscavel, de 3/4\", para eletroduto","un",26,3.47,4,104,2.539254655120337E-5]
[" 8.2.5 "," 00039272 ","Material","SINAPI","Fornecimento de  curva 90 graus, curta, de pvc rigido roscavel, de 3/4\", para eletroduto","un",52,1.9,2.19,113.88,2.780483847356769E-5]
[" 8.2.6 "," 00003379 ","Material","SINAPI","Fornecimento de haste de aterramento em aco com 3,00 m de comprimento e dn = 5/8\", revestida com baixa camada de cobre, sem conector","un",17.16,80.92,93.28,1600.68,3.9082059051519436E-4]
[" 8.2.7 "," 00001891 ","Material","SINAPI","Fornecimento de  luva em pvc rigido roscavel, de 3/4\", para eletroduto","un",234,0.88,1.01,236.34,5.7704562037609665E-5]
[" 8.2.8 "," 00000425 ","Material","SINAPI","Fornecimento de grampo metalico tipo olhal para haste de aterramento de 5/8'', condutor de *10* a 50 mm2","un",52,7.68,8.85,460.2,1.1236201848907491E-4]
[" 8.2.9 "," 00034643 ","Material","SINAPI","Fornecimento de  caixa de inspecao para aterramento e para raios, em polipropileno,  diametro = 300 mm x altura = 400 mm","un",52,41.48,47.82,2486.64,6.0713578803927258E-4]
[" 8.2.10 "," 00000867 ","Material","SINAPI","Fornecimento de cabo de cobre nu 50 mm2 meio-duro","m",195,49.74,57.34,11181.3,2.7300161610862524E-3]
[" 8.3 ",null,null,null,"ESTRUTURA DE FIXAÇÃO PARA MÓDULOS FOTOVOLTÁICOS",{"$nulls":4},{"$f":"SUM(J89)","v":84452.160000000003},2.0619763501439188E-2]
[" 8.3.1 "," COMPOSIÇÃO - 022 ","Serviço","Próprio","Serviço de fixação de estruturas para os módulos fotovoltaicos e suportes de concreto, incluso materiais.","m²",312,215.73,{"$f":"ROUND(H89+H89*$H$2,2)","v":270.68},{"$f":"ROUND(G89*I89,2)","v":84452.160000000003},2.0619763501439188E-2]
[" 8.4 ",null,null,null,"FORNECIMENTO DE KIT DE BOMBEAMENTO FOTOVOLTAICO",{"$nulls":4},{"$f":"SUM(J91)","v":657319.78},0.16049060685266114]
[" 8.4.1 "," COTAÇÃO-001 ","Material","Próprio","Fornecimento de kit de bombeamento fotovoltaico, incluindo uma bomba CC de 2200W com imã permanente sem escovas, controladora de carga externa, disjuntor CC, caixa de proteção metálica, módulos compatíveis com a geração de 3300Wp (potência mínima de 550 W por módulo) e componentes elétricos necessários como cabos, conectores MC4 e presilhas de fixação.","un",26,21930.54,{"$f":"ROUND(H91+H91*$I$2,2)","v":25281.53},{"$f":"ROUND(G91*I91,2)","v":657319.78},0.16049060685266114]
[" 9 ",null,null,null,"URBANIZAÇÃO",{"$nulls":4},{"$f":"SUM(J93,J95)","v":103080.25},2.5167981217641168E-2]
[" 9.1 ",null,null,null,"CERCA",{"$nulls":4},{"$f":"SUM(J94)","v":69443.92},1.6955365108635028E-2]
[" 9.1.1 "," COMPOSIÇÃO - 023 ","Serviço","Próprio","Cerca com mourões de concreto de 15x15cm, espaçados de 3m e cravados a 0,5m, escoras de 10x10cm nos cantos, e 9 fios de arame de aço ovalado 15x17.","m",728,76.03,{"$f":"ROUND(H94+H94*$H$2,2)","v":95.39},{"$f":"ROUND(G94*I94,2)","v":69443.92},1.6955365108635028E-2]
[" 9.2 ",null,null,null,"PORTÃO",{"$nulls":4},{"$f":"SUM(J96)","v":33636.33},8.2126161090061399E-3]
[" 9.2.1 "," COMPOSIÇÃO - 024 ","Serviço","Próprio","Serviço de instalação de portão de ferro com suporte e batedor conforme projeto, incluso material","m²",39,687.3900000000001,{"$f":"ROUND(H96+H96*$H$2,2)","v":862.47},{"$f":"ROUND(G96*I96,2)","v":33636.33},8.2126161090061399E-3]
[" 10 ",null,null,null,"OUTROS SERVIÇOS",{"$nulls":4},{"$f":"SUM(J98:J101)","v":69423.72},1.6950433094785659E-2]
[" 10.1 "," COMPOSIÇÃO - 025 ","Serviço","Próprio","Serviço de lançamento de concreto para acabamento do tamponamento, incluso material.","m³",0.60840000000000005,712.26,{"$f":"ROUND(H98+H98*$H$2,2)","v":893.67},{"$f":"ROUND(G98*I98,2)","v":543.71},1.3275174505148832E-4]
[" 10.2 "," COMPOSIÇÃO - 026 ","Serviço","Próprio","Serviço de execução do tamponamento, incluso pedra britada desinfectada.","m³",0.60840000000000005,183.75,230.55,140.27000000000001,3.4248197160935549E-5]
[" 10.3 "," COTAÇÃO-006 ","Material","Próprio","Fornecimento tubo revestimento geomecânico classe reforçado Ø 4 1/2\" com junta roscável.","m",540.02,92.4,{"$f":"ROUND(H100+H100*$I$2,2)","v":106.52},57522.93,1.4044746901794355E-2]
[" 10.4 "," COTAÇÃO-004 ","Material","Próprio","Fornecimento tubo filtro geomecânico classe reforçado diâmetro Ø 4 1/2\" com junta roscável.","m",120.12,81,93.38,11216.81,2.7386862507788796E-3]
[{"$nulls":8},"Total",{"$f":"SUM(J97,J92,J70,J40,J38,J32,J15,J11,J6,J27)","v":4095690.04}]

{"sheet":"Orç. RN - Tot. Rev - Analítico","index":6,"n_rows":241,"n_cols":10,"rows_kept":241,"cut":false,"hidden":false,"merged":[[0,4,0,5],[0,6,0,7],[0,8,0,9],[1,6,1,7],[1,8,1,9],[0,0,0,3],[1,0,1,5],[9,4,9,5],[10,4,10,5],[11,4,11,5],[12,4,12,5],[8,4,8,5],[2,0,2,9],[3,5,3,6],[4,4,4,5],[5,4,5,5],[6,4,6,5],[7,4,7,5],[22,4,22,5],[23,4,23,5],[24,4,24,5],[31,4,31,5],[34,4,34,5],[15,4,15,5],[16,4,16,5],[17,4,17,5],[18,4,18,5],[19,4,19,5],[40,4,40,5],[41,4,41,5],[42,4,42,5],[43,4,43,5],[35,4,35,5],[36,4,36,5],[37,4,37,5],[27,5,27,6],[28,4,28,5],[29,4,29,5],[30,4,30,5],[53,4,53,5],[54,4,54,5],[55,4,55,5],[56,4,56,5],[59,4,59,5],[46,5,46,6],[47,4,47,5],[48,4,48,5],[49,4,49,5],[52,4,52,5],[79,4,79,5],[80,4,80,5],[83,5,83,6],[75,4,75,5],[76,4,76,5],[77,4,77,5],[78,4,78,5],[72,4,72,5],[60,4,60,5],[63,4,63,5],[64,4,64,5],[68,4,68,5],[69,4,69,5],[70,4,70,5],[71,4,71,5],[96,5,96,6],[97,4,97,5],[98,4,98,5],[99,4,99,5],[100,4,100,5],[101,4,101,5],[91,4,91,5],[85,4,85,5],[86,4,86,5],[87,4,87,5],[88,4,88,5],[89,4,89,5],[90,4,90,5],[108,4,108,5],[109,4,109,5],[110,4,110,5],[111,4,111,5],[112,4,112,5],[113,4,113,5],[102,4,102,5],[103,4,103,5],[104,4,104,5],[105,4,105,5],[106,4,106,5],[107,4,107,5],[128,4,128,5],[114,4,114,5],[115,4,115,5],[116,4,116,5],[117,4,117,5],[122,4,122,5],[123,4,123,5],[124,4,124,5],[125,4,125,5],[126,4,126,5],[127,4,127,5],[121,5,121,6],[134,4,134,5],[135,4,135,5],[136,4,136,5],[137,4,137,5],[138,4,138,5],[139,4,139,5],[147,4,147,5],[129,4,129,5],[130,4,130,5],[131,4,131,5],[132,4,132,5],[133,4,133,5],[148,4,148,5],[149,4,149,5],[150,4,150,5],[151,4,151,5],[152,4,152,5],[140,4,140,5],[141,4,141,5],[142,4,142,5],[145,5,145,6],[146,5,146,6],[160,4,160,5],[161,4,161,5],[162,4,162,5],[163,4,163,5],[164,4,164,5],[156,5,156,6],[157,4,157,5],[158,4,158,5],[159,4,159,5],[175,5,175,6],[176,4,176,5],[177,4,177,5],[166,5,166,6],[167,5,167,6],[168,4,168,5],[169,4,169,5],[170,4,170,5],[171,4,171,5],[185,4,185,5],[186,4,186,5],[194,4,194,5],[195,4,195,5],[198,5,198,6],[184,5,184,6],[178,4,178,5],[179,4,179,5],[180,4,180,5],[181,4,181,5],[182,4,182,5],[199,5,199,6],[200,4,200,5],[187,4,187,5],[188,4,188,5],[189,4,189,5],[190,4,190,5],[193,5,193,6],[207,4,207,5],[208,4,208,5],[211,5,211,6],[212,4,212,5],[213,4,213,5],[201,4,201,5],[202,4,202,5],[203,4,203,5],[204,4,204,5],[205,4,205,5],[206,4,206,5],[221,5,221,6],[222,4,222,5],[223,4,223,5],[224,4,224,5],[225,4,225,5],[214,4,214,5],[215,4,215,5],[216,4,216,5],[217,4,217,5],[218,4,218,5],[235,4,235,5],[236,4,236,5],[239,4,239,5],[240,4,240,5],[228,4,228,5],[229,4,229,5],[230,4,230,5],[231,4,231,5],[232,4,232,5]]}
[{"$nulls":8},"Encargos Sociais"]
["OBRA: PERFURAÇÃO E INSTALAÇÃO DE POÇO TUBULAR TOTALMENTE REVESTIDO NO ESTADO DO  RIO GRANDE DO NORTE",{"$nulls":7},"Não Desonerado: embutido nos preços unitário dos insumos de mão de obra, de acordo com as bases."]
["Planilha Orçamentária Analítica"]
[" 1 ",null,null,"SERVIÇOS PRELIMINARES"]
[" 1.1 ","Código","Banco","Descrição","Tipo",null,"Und","Quant.","Valor Unit","Total"]
["Composição"," COMPOSIÇÃO - 002 ","Próprio","Administração Local da Obra - Poço Totalmente Revestido","SERP - SERVIÇOS PRELIMINARES",null,"un",1,{"$f":"J6","v":149483.29},{"$f":"SUM(J7:J13)","v":149483.29}]
["Composição Auxiliar"," 92138 ","SINAPI","CAMINHONETE COM MOTOR A DIESEL, POTÊNCIA 180 CV, CABINE DUPLA, 4X4 - CHP DIURNO. AF_11/2015","CHOR - CUSTOS HORÁRIOS DE MÁQUINAS E EQUIPAMENTOS",null,"CHP",180,87.85,{"$f":"ROUND(H7*I7,2)","v":15813}]
["Composição Auxiliar"," 92139 ","SINAPI","CAMINHONETE COM MOTOR A DIESEL, POTÊNCIA 180 CV, CABINE DUPLA, 4X4 - CHI DIURNO. AF_11/2015","CHOR - CUSTOS HORÁRIOS DE MÁQUINAS E EQUIPAMENTOS",null,"CHI",220,41,{"$f":"ROUND(H8*I8,2)","v":9020}]
["Composição Auxiliar"," 93572 ","SINAPI","ENCARREGADO GERAL DE OBRAS COM ENCARGOS COMPLEMENTARES","SEDI - SERVIÇOS DIVERSOS",null,"MES",4,4156.8100000000004,16627.240000000002]
["Composição Auxiliar"," 93565 ","SINAPI","ENGENHEIRO CIVIL DE OBRA JUNIOR COM ENCARGOS COMPLEMENTARES","SEDI - SERVIÇOS DIVERSOS",null,"MES",5,19764.13,98820.65]
["Insumo"," 00014250 ","SINAPI","ENERGIA ELETRICA COMERCIAL, BAIXA TENSAO, RELATIVA AO CONSUMO DE ATE 100 KWH, INCLUINDO ICMS, PIS/PASEP E COFINS","Material",null,"KWH",1600,0.9,1440]
["Insumo"," 00044480 ","SINAPI","TARIFA \"A\" ENTRE  0 E 20M3 FORNECIMENTO  D'AGUA","Taxas",null,"m³",80,17.03,1362.4]
["Insumo"," 4298 ","ORSE","Aluguel de container - Escritório com banheiro - 6,20 x 2,40m, equipado com Ar condicionado mês","Serviços",null,"mês",4,1600,6400]
[]
[]
[" 1.2 ","Código","Banco","Descrição","Tipo",null,"Und","Quant.","Valor Unit","Total"]
["Composição"," COMPOSIÇÃO - 003 ","Próprio","Serviço de locação Geológica de campo com relatório hidro geológico e perfil construtivo e geológico esperado. Relatório de Viabilidade de implantação das estruturas e vistorias preliminares","SERT - SERVIÇOS TÉCNICOS",null,"un",1,{"$f":"J17","v":499.9},{"$f":"SUM(J18:J20)","v":499.9}]
["Composição Auxiliar"," 30.01.45 ","EMBASA","GEOLOGO SENIOR",3001,null,"hora",5,79.73,{"$f":"ROUND(H18*I18,2)","v":398.65}]
["Insumo"," 5896 ","ORSE","Veículo tipo sedan ou pick-up capacidade 0,6 ton h","Equipamento",null,"h",5,8.33,41.65]
["Insumo"," 00004222 ","SINAPI","GASOLINA COMUM","Material",null,"L",10,5.96,59.6]
[]
[]
[" 1.3 ","Código","Banco","Descrição","Tipo",null,"Und","Quant.","Valor Unit","Total"]
["Composição"," COMPOSIÇÃO - 030 ","Próprio","Procedimentos para emissão de Outorga de uso insignificante e Dispensa de Licenciamento Ambiental (incluso taxas) - Rio Grande do Norte","SERT - SERVIÇOS TÉCNICOS",null,"un",1,{"$f":"J24","v":1561.53},{"$f":"SUM(J25)","v":1561.53}]
["Insumo"," COTAÇÃO-010 ","Próprio","Procedimentos para Emissão de Outorga de uso insignificante e Dispensa de Licenciamento Ambiental - Rio Grande do Norte","Serviços",null,"un",1,1561.53,{"$f":"ROUND(H25*I25,2)","v":1561.53}]
[]
[]
[" 2 ",null,null,"MOBILIZAÇÂO E DESMOBILIZAÇÂO EQUIPES PERFURAÇÂO E INSTALAÇÃO"]
[" 2.1 ","Código","Banco","Descrição","Tipo",null,"Und","Quant.","Valor Unit","Total"]
["Composição"," COMPOSIÇÃO - 006 ","Próprio","Transporte de Comboio Perfuração","TRAN - TRANSPORTES, CARGAS E DESCARGAS",null,"km",1,{"$f":"J30","v":4.38},{"$f":"SUM(J31:J32)","v":4.38}]
["Composição Auxiliar"," 5824 ","SINAPI","CAMINHÃO TOCO, PBT 16.000 KG, CARGA ÚTIL MÁX. 10.685 KG, DIST. ENTRE EIXOS 4,8 M, POTÊNCIA 189 CV, INCLUSIVE CARROCERIA FIXA ABERTA DE MADEIRA P/ TRANSPORTE GERAL DE CARGA SECA, DIMEN. APROX. 2,5 X 7,00 X 0,50 M - CHP DIURNO. AF_06/2014","CHOR - CUSTOS HORÁRIOS DE MÁQUINAS E EQUIPAMENTOS",null,"CHP",1.6660000000000001E-2,201.45,{"$f":"ROUND(H31*I31,2)","v":3.36}]
["Composição Auxiliar"," 5826 ","SINAPI","CAMINHÃO TOCO, PBT 16.000 KG, CARGA ÚTIL MÁX. 10.685 KG, DIST. ENTRE EIXOS 4,8 M, POTÊNCIA 189 CV, INCLUSIVE CARROCERIA FIXA ABERTA DE MADEIRA P/ TRANSPORTE GERAL DE CARGA SECA, DIMEN. APROX. 2,5 X 7,00 X 0,50 M - CHI DIURNO. AF_06/2014","CHOR - CUSTOS HORÁRIOS DE MÁQUINAS E EQUIPAMENTOS",null,"CHI",1.6660000000000001E-2,61.31,1.02]
[]
[]
[" 2.2 ","Código","Banco","Descrição","Tipo",null,"Und","Quant.","Valor Unit","Total"]
["Composição"," COMPOSIÇÃO - 007 ","Próprio","Transporte de Comboio Instalação","TRAN - TRANSPORTES, CARGAS E DESCARGAS",null,"km",1,{"$f":"J36","v":5.46},{"$f":"SUM(J37:J38)","v":5.46}]
["Composição Auxiliar"," 5928 ","SINAPI","GUINDAUTO HIDRÁULICO, CAPACIDADE MÁXIMA DE CARGA 6200 KG, MOMENTO MÁXIMO DE CARGA 11,7 TM, ALCANCE MÁXIMO HORIZONTAL 9,70 M, INCLUSIVE CAMINHÃO TOCO PBT 16.000 KG, POTÊNCIA DE 189 CV - CHP DIURNO. AF_06/2014","CHOR - CUSTOS HORÁRIOS DE MÁQUINAS E EQUIPAMENTOS",null,"CHP",1.6660000000000001E-2,255.62,{"$f":"ROUND(H37*I37,2)","v":4.26}]
["Composição Auxiliar"," 5930 ","SINAPI","GUINDAUTO HIDRÁULICO, CAPACIDADE MÁXIMA DE CARGA 6200 KG, MOMENTO MÁXIMO DE CARGA 11,7 TM, ALCANCE MÁXIMO HORIZONTAL 9,70 M, INCLUSIVE CAMINHÃO TOCO PBT 16.000 KG, POTÊNCIA DE 189 CV - CHI DIURNO. AF_06/2014","CHOR - CUSTOS HORÁRIOS DE MÁQUINAS E EQUIPAMENTOS",null,"CHI",1.6660000000000001E-2,72.290000000000006,1.2]
[]
[]
[" 2.3 ","Código","Banco","Descrição","Tipo",null,"Und","Quant.","Valor Unit","Total"]
["Composição"," COMPOSIÇÃO - 008 ","Próprio","Transporte de água em caminhão pipa para preparo do fluído de perfuração rotativa","TRAN - TRANSPORTES, CARGAS E DESCARGAS",null,"km",1,{"$f":"J42","v":4.92},{"$f":"SUM(J43:J44)","v":4.92}]
["Composição Auxiliar"," 6259 ","SINAPI","CAMINHÃO PIPA 6.000 L, PESO BRUTO TOTAL 13.000 KG, DISTÂNCIA ENTRE EIXOS 4,80 M, POTÊNCIA 189 CV INCLUSIVE TANQUE DE AÇO PARA TRANSPORTE DE ÁGUA, CAPACIDADE 6 M3 - CHP DIURNO. AF_06/2014","CHOR - CUSTOS HORÁRIOS DE MÁQUINAS E EQUIPAMENTOS",null,"CHP",1.6660000000000001E-2,234.8,{"$f":"ROUND(H43*I43,2)","v":3.91}]
["Composição Auxiliar"," 6260 ","SINAPI","CAMINHÃO PIPA 6.000 L, PESO BRUTO TOTAL 13.000 KG, DISTÂNCIA ENTRE EIXOS 4,80 M, POTÊNCIA 189 CV INCLUSIVE TANQUE DE AÇO PARA TRANSPORTE DE ÁGUA, CAPACIDADE 6 M3 - CHI DIURNO. AF_06/2014","CHOR - CUSTOS HORÁRIOS DE MÁQUINAS E EQUIPAMENTOS",null,"CHI",1.6660000000000001E-2,60.55,1.01]
[]
[]
[" 3 ",null,null,"PERFURAÇÃO E COMPLETAÇÃO DE POÇO TUBULAR"]
[" 3.1 ","Código","Banco","Descrição","Tipo",null,"Und","Quant.","Valor Unit","Total"]
["Composição"," COMPOSIÇÃO - 009 ","Próprio","Limpeza manual , remoção de cerca, capina e instalação dos equipamentos (área do poço, painéis solares, bebedouro e reservatório)","SEDI - SERVIÇOS DIVERSOS",null,"m²",1,{"$f":"J49","v":1.57},{"$f":"SUM(J50)","v":1.57}]
["Composição Auxiliar"," 88316 ","SINAPI","SERVENTE COM ENCARGOS COMPLEMENTARES","SEDI - SERVIÇOS DIVERSOS",null,"H",0.08,19.66,{"$f":"ROUND(H50*I50,2)","v":1.57}]
[]
[]
[" 3.2 ","Código","Banco","Descrição","Tipo",null,"Und","Quant.","Valor Unit","Total"]
["Composição"," COMPOSIÇÃO - 012 ","Próprio","Perfuração rotativa com circulação direta Ø 9.1/2\"","SERT - SERVIÇOS TÉCNICOS",null,"m",1,{"$f":"J54","v":264.87},{"$f":"SUM(J55:J57)","v":264.87}]
["Composição Auxiliar"," 88263 ","SINAPI","CAVOUQUEIRO OU OPERADOR PERFURATRIZ/ROMPEDOR COM ENCARGOS COMPLEMENTARES","SEDI - SERVIÇOS DIVERSOS",null,"H",0.8,24,{"$f":"ROUND(H55*I55,2)","v":19.2}]
["Composição Auxiliar"," 88316 ","SINAPI","SERVENTE COM ENCARGOS COMPLEMENTARES","SEDI - SERVIÇOS DIVERSOS",null,"H",2.4,19.66,47.18]
["Insumo"," 5071 ","ORSE","Perfuração rocha sedimentar sedimento / camadas inconsolidadas dn 8.1/2 a 9.1/2\" - até 150m m","Serviços",null,"m",1,198.49,198.49]
[]
[]
[null,"Código","Banco","Descrição","Tipo",null,"Und","Quant.","Valor Unit","Total"]
["Insumo"," COTAÇÃO-007 ","Próprio","Fornecimento tubo de revestimento geomecânico classe standart Ø 4\" com junta roscável.","Material",null,"m",1,82.5,{"$f":"ROUND(H61*I61,2)","v":82.5}]
[]
[]
[null,"Código","Banco","Descrição","Tipo",null,"Und","Quant.","Valor Unit","Total"]
["Insumo"," COTAÇÃO-005 ","Próprio","Fornecimento tubo filtro geomecânico classe standart Ø 4\" com junta roscável.","Material",null,"m",1,86.02,{"$f":"ROUND(H65*I65,2)","v":86.02}]
[]
[]
[]
[" 3.10 ","Código","Banco","Descrição","Tipo",null,"Und","Quant.","Valor Unit","Total"]
["Composição"," COMPOSIÇÃO - 011 ","Próprio","Serviço de lançamento cimentação anelar poço tubular, incluso material.","SEDI - SERVIÇOS DIVERSOS",null,"m³",1,{"$f":"J70","v":739.47},{"$f":"SUM(J71:J73)","v":739.47}]
["Composição Auxiliar"," 1903 ","ORSE","Argamassa cimento e areia traço t-1 (1:3) - 1 saco cimento 50kg / 3 padiolas areia dim. 0.35 x 0.45 x 0.23 m - Confecção mecânica e transporte","Argamassas",null,"m³",1,501.74,{"$f":"ROUND(H71*I71,2)","v":501.74}]
["Composição Auxiliar"," 88316 ","SINAPI","SERVENTE COM ENCARGOS COMPLEMENTARES","SEDI - SERVIÇOS DIVERSOS",null,"H",7.4,19.66,145.47999999999999]
["Insumo"," 00000124 ","SINAPI","ADITIVO ACELERADOR DE PEGA E ENDURECIMENTO PARA ARGAMASSAS E CONCRETOS, LIQUIDO E ISENTO DE CLORETOS","Material",null,"L",5,18.45,92.25]
[]
[]
[" 3.11 ","Código","Banco","Descrição","Tipo",null,"Und","Quant.","Valor Unit","Total"]
["Composição"," COMPOSIÇÃO - 014 ","Próprio","Serviço de instalação de laje sanitária com dimensões (1,5x1,5x0,3) , incluso material.","SEDI - SERVIÇOS DIVERSOS",null,"un",1,{"$f":"J77","v":605.79},{"$f":"SUM(J78:J81)","v":605.79}]
["Composição Auxiliar"," 92522 ","SINAPI","MONTAGEM E DESMONTAGEM DE FÔRMA DE LAJE MACIÇA, PÉ-DIREITO SIMPLES, EM CHAPA DE MADEIRA COMPENSADA RESINADA, 8 UTILIZAÇÕES. AF_09/2020","FUES - FUNDAÇÕES E ESTRUTURAS",null,"m²",1.8,46.13,{"$f":"ROUND(H78*I78,2)","v":83.03}]
["Composição Auxiliar"," 93358 ","SINAPI","ESCAVAÇÃO MANUAL DE VALA COM PROFUNDIDADE MENOR OU IGUAL A 1,30 M. AF_02/2021","MOVT - MOVIMENTO DE TERRA",null,"m³",0.22500000000000001,77.77,17.5]
["Composição Auxiliar"," 94975 ","SINAPI","CONCRETO FCK = 15MPA, TRAÇO 1:3,4:3,5 (EM MASSA SECA DE CIMENTO/ AREIA MÉDIA/ BRITA 1) - PREPARO MANUAL. AF_05/2021","FUES - FUNDAÇÕES E ESTRUTURAS",null,"m³",0.67500000000000004,486.02,328.06]
["Composição Auxiliar"," 103670 ","SINAPI","LANÇAMENTO COM USO DE BALDES, ADENSAMENTO E ACABAMENTO DE CONCRETO EM ESTRUTURAS. AF_02/2022","FUES - FUNDAÇÕES E ESTRUTURAS",null,"m³",0.67500000000000004,262.52,177.2]
[]
[]
[" 4 ",null,null,"PÓS PERFURAÇÃO"]
[]
[" 4.3 ","Código","Banco","Descrição","Tipo",null,"Und","Quant.","Valor Unit","Total"]
["Composição"," COMPOSIÇÃO - 015 ","Próprio","Inspeção ótica em poço tubular câmera com rotação de 360º, visada lateral, com fonte própria de luz, entregue vídeo em cores e marcação de profundidades.","SEES - SERVIÇOS ESPECIAIS",null,"m",1,{"$f":"J87","v":38.049999999999997},{"$f":"SUM(J88:J92)","v":38.049999999999997}]
["Insumo"," H020050004 ","EMBASA","APARELHO DE PERFILAGEM OPTICA","Material",null,"M",1,4.4000000000000004,{"$f":"ROUND(H88*I88,2)","v":4.4000000000000004}]
["Insumo"," B590000022 ","EMBASA","TECNICO MEDIO","Mão de Obra",null,"H",8.3500000000000005E-2,48.54,4.05]
["Insumo"," B590000028 ","EMBASA","AUXILIAR TECNICO","Mão de Obra",null,"H",8.3500000000000005E-2,22.47,1.88]
["Insumo"," F020000340 ","EMBASA","DIÁRIA PARA PROFISSIONAL (INTERIOR)","Material",null,"DIA",2.1000000000000001E-2,227,4.7699999999999996]
["Insumo"," F030000250 ","EMBASA","LOCAÇÃO DE VEÍCULO PICK UP TIPO SAVEIRO OU SIMILAR","Material",null,"DIA",0.25,91.8,22.95]
[]
[]
[]
[]
[" 5 ",null,null,"RESERVAÇÃO"]
[" 5.1 ","Código","Banco","Descrição","Tipo",null,"Und","Quant.","Valor Unit","Total"]
["Composição"," COMPOSIÇÃO - 016 ","Próprio","Execução e instalação de base de sustentação em concreto armado para reservatório de diâmetro 2,06m e altura 1,10m, conforme projeto, incluindo fixação de grampos da tampa.","SEDI - SERVIÇOS DIVERSOS",null,"un",1,{"$f":"J99","v":2844.24},{"$f":"SUM(J100:J118)","v":2844.24}]
["Composição Auxiliar"," 5928 ","SINAPI","GUINDAUTO HIDRÁULICO, CAPACIDADE MÁXIMA DE CARGA 6200 KG, MOMENTO MÁXIMO DE CARGA 11,7 TM, ALCANCE MÁXIMO HORIZONTAL 9,70 M, INCLUSIVE CAMINHÃO TOCO PBT 16.000 KG, POTÊNCIA DE 189 CV - CHP DIURNO. AF_06/2014","CHOR - CUSTOS HORÁRIOS DE MÁQUINAS E EQUIPAMENTOS",null,"CHP",2.5,255.62,{"$f":"ROUND(H100*I100,2)","v":639.04999999999995}]
["Composição Auxiliar"," 88310 ","SINAPI","PINTOR COM ENCARGOS COMPLEMENTARES","SEDI - SERVIÇOS DIVERSOS",null,"H",0.3,27.42,8.23]
["Composição Auxiliar"," 100301 ","SINAPI","AJUDANTE DE PINTOR COM ENCARGOS COMPLEMENTARES","SEDI - SERVIÇOS DIVERSOS",null,"H",0.1,22.76,2.2799999999999998]
["Composição Auxiliar"," 88309 ","SINAPI","PEDREIRO COM ENCARGOS COMPLEMENTARES","SEDI - SERVIÇOS DIVERSOS",null,"H",5.55,24.11,133.81]
["Composição Auxiliar"," 88316 ","SINAPI","SERVENTE COM ENCARGOS COMPLEMENTARES","SEDI - SERVIÇOS DIVERSOS",null,"H",10,19.66,196.6]
["Composição Auxiliar"," 88245 ","SINAPI","ARMADOR COM ENCARGOS COMPLEMENTARES","SEDI - SERVIÇOS DIVERSOS",null,"H",3,25.68,77.040000000000006]
["Composição Auxiliar"," 88262 ","SINAPI","CARPINTEIRO DE FORMAS COM ENCARGOS COMPLEMENTARES","SEDI - SERVIÇOS DIVERSOS",null,"H",2,22.84,45.68]
["Composição Auxiliar"," 87445 ","SINAPI","BETONEIRA CAPACIDADE NOMINAL 400 L, CAPACIDADE DE MISTURA 310 L, MOTOR A DIESEL POTÊNCIA 5,0 HP, SEM CARREGADOR - CHP DIURNO. AF_05/2023","CHOR - CUSTOS HORÁRIOS DE MÁQUINAS E EQUIPAMENTOS",null,"CHP",2.8548,4.6900000000000004,13.39]
["Composição Auxiliar"," 88377 ","SINAPI","OPERADOR DE BETONEIRA ESTACIONÁRIA/MISTURADOR COM ENCARGOS COMPLEMENTARES","SEDI - SERVIÇOS DIVERSOS",null,"H",2.8548,26.3,75.08]
["Insumo"," 00007155 ","SINAPI","TELA DE ACO SOLDADA NERVURADA, CA-60, Q-138, (2,20 KG/M2), DIAMETRO DO FIO = 4,2 MM, LARGURA = 2,45 M, ESPACAMENTO DA MALHA = 10  X 10 CM","Material",null,"m²",6,16.59,99.54]
["Insumo"," 00000370 ","SINAPI","AREIA MEDIA - POSTO JAZIDA/FORNECEDOR (RETIRADO NA JAZIDA, SEM TRANSPORTE)","Material",null,"m³",1.36,100,136]
["Insumo"," 00001379 ","SINAPI","CIMENTO PORTLAND COMPOSTO CP II-32","Material",null,"KG",565.75,0.72,407.34]
["Insumo"," 00004718 ","SINAPI","PEDRA BRITADA N. 2 (19 A 38 MM) POSTO PEDREIRA/FORNECEDOR, SEM FRETE","Material",null,"m³",0.33,140,46.2]
["Insumo"," 00004721 ","SINAPI","PEDRA BRITADA N. 1 (9,5 a 19 MM) POSTO PEDREIRA/FORNECEDOR, SEM FRETE","Material",null,"m³",0.98,139.26,136.47]
["Insumo"," 00003767 ","SINAPI","LIXA EM FOLHA PARA PAREDE OU MADEIRA, NUMERO 120, COR VERMELHA","Material",null,"UN",0.12,0.63,0.08]
["Insumo"," 00007356 ","SINAPI","TINTA LATEX ACRILICA PREMIUM, COR BRANCO FOSCO","Material",null,"L",0.18,16.96,3.05]
["Insumo"," 00000032 ","SINAPI","ACO CA-50, 6,3 MM, VERGALHAO","Material",null,"KG",9.3000000000000007,10.68,99.32]
["Insumo"," 00043059 ","SINAPI","ACO CA-60, 4,2 MM, OU 5,0 MM, OU 6,0 MM, OU 7,0 MM, VERGALHAO","Material",null,"KG",3.04,9.58,29.12]
["Insumo"," 00043681 ","SINAPI","CHAPA/PAINEL DE MADEIRA COMPENSADA RESINADA (MADEIRITE RESINADO ROSA) PARA FORMA DE CONCRETO, DE 2200 x 1100 MM, E = 8 A 12 MM","Material",null,"m²",17.46,39.86,695.96]
[]
[]
[]
[" 6 ",null,null,"BEBEDOURO"]
[" 6.1 ","Código","Banco","Descrição","Tipo",null,"Und","Quant.","Valor Unit","Total"]
["Composição"," COMPOSIÇÃO - 017 ","Próprio","Serviço de execução do bebedouro em concreto armado, incluso materiais.","SEDI - SERVIÇOS DIVERSOS",null,"un",1,{"$f":"J124","v":1609.3499999999997},{"$f":"SUM(J125:J143)","v":1609.3499999999997}]
["Composição Auxiliar"," 5928 ","SINAPI","GUINDAUTO HIDRÁULICO, CAPACIDADE MÁXIMA DE CARGA 6200 KG, MOMENTO MÁXIMO DE CARGA 11,7 TM, ALCANCE MÁXIMO HORIZONTAL 9,70 M, INCLUSIVE CAMINHÃO TOCO PBT 16.000 KG, POTÊNCIA DE 189 CV - CHP DIURNO. AF_06/2014","CHOR - CUSTOS HORÁRIOS DE MÁQUINAS E EQUIPAMENTOS",null,"CHP",2,255.62,{"$f":"ROUND(H125*I125,2)","v":511.24}]
["Composição Auxiliar"," 87445 ","SINAPI","BETONEIRA CAPACIDADE NOMINAL 400 L, CAPACIDADE DE MISTURA 310 L, MOTOR A DIESEL POTÊNCIA 5,0 HP, SEM CARREGADOR - CHP DIURNO. AF_05/2023","CHOR - CUSTOS HORÁRIOS DE MÁQUINAS E EQUIPAMENTOS",null,"CHP",0.5,4.6900000000000004,2.35]
["Composição Auxiliar"," 88377 ","SINAPI","OPERADOR DE BETONEIRA ESTACIONÁRIA/MISTURADOR COM ENCARGOS COMPLEMENTARES","SEDI - SERVIÇOS DIVERSOS",null,"H",0.5,26.3,13.15]
["Composição Auxiliar"," 88310 ","SINAPI","PINTOR COM ENCARGOS COMPLEMENTARES","SEDI - SERVIÇOS DIVERSOS",null,"H",0.3,27.42,8.23]
["Composição Auxiliar"," 100301 ","SINAPI","AJUDANTE DE PINTOR COM ENCARGOS COMPLEMENTARES","SEDI - SERVIÇOS DIVERSOS",null,"H",0.1,22.76,2.2799999999999998]
["Composição Auxiliar"," 88245 ","SINAPI","ARMADOR COM ENCARGOS COMPLEMENTARES","SEDI - SERVIÇOS DIVERSOS",null,"H",3,25.68,77.040000000000006]
["Composição Auxiliar"," 88262 ","SINAPI","CARPINTEIRO DE FORMAS COM ENCARGOS COMPLEMENTARES","SEDI - SERVIÇOS DIVERSOS",null,"H",2,22.84,45.68]
["Composição Auxiliar"," 88316 ","SINAPI","SERVENTE COM ENCARGOS COMPLEMENTARES","SEDI - SERVIÇOS DIVERSOS",null,"H",5,19.66,98.3]
["Composição Auxiliar"," 88309 ","SINAPI","PEDREIRO COM ENCARGOS COMPLEMENTARES","SEDI - SERVIÇOS DIVERSOS",null,"H",4,24.11,96.44]
["Insumo"," 00043055 ","SINAPI","ACO CA-50, 12,5 MM OU 16,0 MM, VERGALHAO","Material",null,"KG",12,8.77,105.24]
["Insumo"," 00043059 ","SINAPI","ACO CA-60, 4,2 MM, OU 5,0 MM, OU 6,0 MM, OU 7,0 MM, VERGALHAO","Material",null,"KG",13,9.58,124.54]
["Insumo"," 00000032 ","SINAPI","ACO CA-50, 6,3 MM, VERGALHAO","Material",null,"KG",6,10.68,64.08]
["Insumo"," 00000370 ","SINAPI","AREIA MEDIA - POSTO JAZIDA/FORNECEDOR (RETIRADO NA JAZIDA, SEM TRANSPORTE)","Material",null,"m³",0.32,100,32]
["Insumo"," 00001379 ","SINAPI","CIMENTO PORTLAND COMPOSTO CP II-32","Material",null,"KG",127,0.72,91.44]
["Insumo"," 00004718 ","SINAPI","PEDRA BRITADA N. 2 (19 A 38 MM) POSTO PEDREIRA/FORNECEDOR, SEM FRETE","Material",null,"m³",0.08,140,11.2]
["Insumo"," 00004721 ","SINAPI","PEDRA BRITADA N. 1 (9,5 a 19 MM) POSTO PEDREIRA/FORNECEDOR, SEM FRETE","Material",null,"m³",0.23,139.26,32.03]
["Insumo"," 00003767 ","SINAPI","LIXA EM FOLHA PARA PAREDE OU MADEIRA, NUMERO 120, COR VERMELHA","Material",null,"UN",0.12,0.63,0.08]
["Insumo"," 00007356 ","SINAPI","TINTA LATEX ACRILICA PREMIUM, COR BRANCO FOSCO","Material",null,"L",0.18,16.96,3.05]
["Insumo"," 00043681 ","SINAPI","CHAPA/PAINEL DE MADEIRA COMPENSADA RESINADA (MADEIRITE RESINADO ROSA) PARA FORMA DE CONCRETO, DE 2200 x 1100 MM, E = 8 A 12 MM","Material",null,"m²",7.3,39.86,290.98]
[]
[]
[" 7 ",null,null,"INSTALAÇÕES HIDRÁULICAS"]
[" 7.1 ",null,null,"INSTALAÇÕES DE CAVALETE"]
[" 7.1.1 ","Código","Banco","Descrição","Tipo",null,"Und","Quant.","Valor Unit","Total"]
["Composição"," COMPOSIÇÃO - 018 ","Próprio","Montagem e Instalação de Tubulação e Conexões Cavalete","INHI - INSTALAÇÕES HIDROS SANITÁRIAS",null,"un",1,{"$f":"J149","v":241.87000000000003},{"$f":"SUM(J150:J153)","v":241.87000000000003}]
["Composição Auxiliar"," 88248 ","SINAPI","AUXILIAR DE ENCANADOR OU BOMBEIRO HIDRÁULICO COM ENCARGOS COMPLEMENTARES","SEDI - SERVIÇOS DIVERSOS",null,"H",3,19.09,{"$f":"ROUND(H150*I150,2)","v":57.27}]
["Composição Auxiliar"," 88267 ","SINAPI","ENCANADOR OU BOMBEIRO HIDRÁULICO COM ENCARGOS COMPLEMENTARES","SEDI - SERVIÇOS DIVERSOS",null,"H",3,23.24,69.72]
["Insumo"," 00000122 ","SINAPI","ADESIVO PLASTICO PARA PVC, FRASCO COM *850* GR","Material",null,"UN",1,53.86,53.86]
["Insumo"," 00020083 ","SINAPI","SOLUCAO PREPARADORA / LIMPADORA PARA PVC, FRASCO COM 1000 CM3","Material",null,"UN",1,61.02,61.02]
[]
[]
[]
[" 7.2 ",null,null,"INSTALAÇÕES DE ADUTORA, RESERVATÓRIO E BEBEDOURO"]
[" 7.2.1 ","Código","Banco","Descrição","Tipo",null,"Und","Quant.","Valor Unit","Total"]
["Composição"," COMPOSIÇÃO - 020 ","Próprio","Montagem e instalação da rede adutora poço-reservatório-bebedouro","SEDI - SERVIÇOS DIVERSOS",null,"un",1,{"$f":"J159","v":934.47000000000014},{"$f":"SUM(J160:J165)","v":934.47000000000014}]
["Composição Auxiliar"," 88316 ","SINAPI","SERVENTE COM ENCARGOS COMPLEMENTARES","SEDI - SERVIÇOS DIVERSOS",null,"H",6,19.66,{"$f":"ROUND(H160*I160,2)","v":117.96}]
["Composição Auxiliar"," 96995 ","SINAPI","REATERRO MANUAL APILOADO COM SOQUETE. AF_10/2017","MOVT - MOVIMENTO DE TERRA",null,"m³",4.5,47.16,212.22]
["Composição Auxiliar"," 93358 ","SINAPI","ESCAVAÇÃO MANUAL DE VALA COM PROFUNDIDADE MENOR OU IGUAL A 1,30 M. AF_02/2021","MOVT - MOVIMENTO DE TERRA",null,"m³",4.5,77.77,349.97]
["Composição Auxiliar"," 88267 ","SINAPI","ENCANADOR OU BOMBEIRO HIDRÁULICO COM ENCARGOS COMPLEMENTARES","SEDI - SERVIÇOS DIVERSOS",null,"H",6,23.24,139.44]
["Insumo"," 00000122 ","SINAPI","ADESIVO PLASTICO PARA PVC, FRASCO COM *850* GR","Material",null,"UN",1,53.86,53.86]
["Insumo"," 00020083 ","SINAPI","SOLUCAO PREPARADORA / LIMPADORA PARA PVC, FRASCO COM 1000 CM3","Material",null,"UN",1,61.02,61.02]
[]
[" 8 ",null,null,"FORNECIMENTO E INSTALAÇÃO DE SISTEMA FOTOVOLTAÍCO"]
[" 8.1 ",null,null,"INSTALAÇÕES HIDRÁULICAS"]
[" 8.1.1 ","Código","Banco","Descrição","Tipo",null,"Und","Quant.","Valor Unit","Total"]
["Composição"," COMPOSIÇÃO - 019 ","Próprio","Montagem e instalação hidráulica do kit de bombeamento","INHI - INSTALAÇÕES HIDROS SANITÁRIAS",null,"un",1,{"$f":"J170","v":126.99000000000001},{"$f":"SUM(J171:J172)","v":126.99000000000001}]
["Composição Auxiliar"," 88267 ","SINAPI","ENCANADOR OU BOMBEIRO HIDRÁULICO COM ENCARGOS COMPLEMENTARES","SEDI - SERVIÇOS DIVERSOS",null,"H",3,23.24,{"$f":"ROUND(H171*I171,2)","v":69.72}]
["Composição Auxiliar"," 88248 ","SINAPI","AUXILIAR DE ENCANADOR OU BOMBEIRO HIDRÁULICO COM ENCARGOS COMPLEMENTARES","SEDI - SERVIÇOS DIVERSOS",null,"H",3,19.09,57.27]
[]
[]
[]
[" 8.2 ",null,null,"INSTALAÇÕES ELÉTRICAS"]
[" 8.2.1 ","Código","Banco","Descrição","Tipo",null,"Und","Quant.","Valor Unit","Total"]
["Composição"," COMPOSIÇÃO - 021 ","Próprio","Montagem e instalação elétrica do kit de bombeamento e sistema fotovoltaico inclusive sistema de aterramento.","INEL - INSTALAÇÃO ELÉTRICA/ELETRIFICAÇÃO E ILUMINAÇÃO EXTERNA",null,"un",1,{"$f":"J178","v":579.2600000000001},{"$f":"SUM(J179:J183)","v":579.2600000000001}]
["Composição Auxiliar"," 88264 ","SINAPI","ELETRICISTA COM ENCARGOS COMPLEMENTARES","SEDI - SERVIÇOS DIVERSOS",null,"H",8,27.73,{"$f":"ROUND(H179*I179,2)","v":221.84}]
["Composição Auxiliar"," 88247 ","SINAPI","AUXILIAR DE ELETRICISTA COM ENCARGOS COMPLEMENTARES","SEDI - SERVIÇOS DIVERSOS",null,"H",8,22.67,181.36]
["Composição Auxiliar"," 91677 ","SINAPI","ENGENHEIRO ELETRICISTA COM ENCARGOS COMPLEMENTARES","SEDI - SERVIÇOS DIVERSOS",null,"H",1,166.97,166.97]
["Insumo"," 00020111 ","SINAPI","FITA ISOLANTE ADESIVA ANTICHAMA, USO ATE 750 V, EM ROLO DE 19 MM X 20 M","Material",null,"UN",1,8,8]
["Insumo"," 00000404 ","SINAPI","FITA ISOLANTE DE BORRACHA AUTOFUSAO, USO ATE 69 KV (ALTA TENSAO)","Material",null,"M",1,1.0900000000000001,1.0900000000000001]
[]
[" 8.3 ",null,null,"ESTRUTURA DE FIXAÇÃO PARA MÓDULOS FOTOVOLTÁICOS"]
[" 8.3.1 ","Código","Banco","Descrição","Tipo",null,"Und","Quant.","Valor Unit","Total"]
["Composição"," COMPOSIÇÃO - 022 ","Próprio","Serviço de fixação de estruturas para os módulos fotovoltaicos e suportes de concreto, incluso materiais.","SEDI - SERVIÇOS DIVERSOS",null,"m²",1,{"$f":"J187","v":215.73},{"$f":"SUM(J188:J191)","v":215.73}]
["Composição Auxiliar"," 94975 ","SINAPI","CONCRETO FCK = 15MPA, TRAÇO 1:3,4:3,5 (EM MASSA SECA DE CIMENTO/ AREIA MÉDIA/ BRITA 1) - PREPARO MANUAL. AF_05/2021","FUES - FUNDAÇÕES E ESTRUTURAS",null,"m³",9.4500000000000001E-2,486.02,{"$f":"ROUND(H188*I188,2)","v":45.93}]
["Composição Auxiliar"," 93358 ","SINAPI","ESCAVAÇÃO MANUAL DE VALA COM PROFUNDIDADE MENOR OU IGUAL A 1,30 M. AF_02/2021","MOVT - MOVIMENTO DE TERRA",null,"m³",6.25E-2,77.77,4.8600000000000003]
["Composição Auxiliar"," 96534 ","SINAPI","FABRICAÇÃO, MONTAGEM E DESMONTAGEM DE FÔRMA PARA BLOCO DE COROAMENTO, EM MADEIRA SERRADA, E=25 MM, 4 UTILIZAÇÕES. AF_06/2017","FUES - FUNDAÇÕES E ESTRUTURAS",null,"m²",3.2000000000000001E-2,91.75,2.94]
["Insumo"," COTAÇÃO-003 ","Próprio","Fornecimento suporte fabricado em material metálico resistente a corrosão e ataque químico do solo fabricado em alumínio ou aço galvanizado ou aço zincado ou similares, a ser fixado nos blocos de concreto","Material",null,"m²",1,162,162]
[]
[]
[" 8.4 ",null,null,"FORNECIMENTO DE KIT DE BOMBEAMENTO FOTOVOLTAICO"]
[null,"Código","Banco","Descrição","Tipo",null,"Und","Quant.","Valor Unit","Total"]
["Insumo"," COTAÇÃO-001 ","Próprio","Fornecimento de kit de bombeamento fotovoltaico, incluindo uma bomba CC de 2200W com imã permanente sem escovas, controladora de carga externa, disjuntor CC, caixa de proteção metálica, módulos compatíveis com a geração de 3300Wp (potência mínima de 550 W por módulo) e componentes elétricos necessários como cabos, conectores MC4 e presilhas de fixação.","Equipamento para Aquisição Permanente",null,"un",1,21930.54,{"$f":"ROUND(H196*I196,2)","v":21930.54}]
[]
[]
[" 9 ",null,null,"URBANIZAÇÃO"]
[" 9.1 ",null,null,"CERCA"]
[" 9.1.1 ","Código","Banco","Descrição","Tipo",null,"Und","Quant.","Valor Unit","Total"]
["Composição"," COMPOSIÇÃO - 023 ","Próprio","Cerca com mourões de concreto de 15x15cm, espaçados de 3m e cravados a 0,5m, escoras de 10x10cm nos cantos, e 9 fios de arame de aço ovalado 15x17.","SEDI - SERVIÇOS DIVERSOS",null,"m",1,{"$f":"J202","v":76.03},{"$f":"SUM(J203:J209)","v":76.03}]
["Composição Auxiliar"," 88309 ","SINAPI","PEDREIRO COM ENCARGOS COMPLEMENTARES","SEDI - SERVIÇOS DIVERSOS",null,"H",0.33500000000000002,24.11,{"$f":"ROUND(H203*I203,2)","v":8.08}]
["Composição Auxiliar"," 88316 ","SINAPI","SERVENTE COM ENCARGOS COMPLEMENTARES","SEDI - SERVIÇOS DIVERSOS",null,"H",0.67100000000000004,19.66,13.19]
["Composição Auxiliar"," 94975 ","SINAPI","CONCRETO FCK = 15MPA, TRAÇO 1:3,4:3,5 (EM MASSA SECA DE CIMENTO/ AREIA MÉDIA/ BRITA 1) - PREPARO MANUAL. AF_05/2021","FUES - FUNDAÇÕES E ESTRUTURAS",null,"m³",2.8799999999999999E-2,486.02,14]
["Insumo"," 00043130 ","SINAPI","ARAME GALVANIZADO 12 BWG, D = 2,76 MM (0,048 KG/M) OU 14 BWG, D = 2,11 MM (0,026 KG/M)","Material",null,"KG",9.8000000000000004E-2,25,2.4500000000000002]
["Insumo"," 00000346 ","SINAPI","ARAME DE ACO OVALADO 15 X 17 ( 45,7 KG, 700 KGF), ROLO 1000 M","Material",null,"KG",0.40500000000000003,29.61,11.99]
["Insumo"," 00004111 ","SINAPI","ESCORA PRE-MOLDADA EM CONCRETO, *10 X 10* CM, H = 2,30M","Material",null,"UN",0.16,67.36,10.78]
["Insumo"," I1533 ","SEINFRA","MOURÃO CONCRETO BASE 15X15CM H=2.3 C/ 12 FUROS","Material",null,"UN",0.42,37.01,15.54]
[]
[]
[" 9.2 ",null,null,"PORTÃO"]
[" 9.2.1 ","Código","Banco","Descrição","Tipo",null,"Und","Quant.","Valor Unit","Total"]
["Composição"," COMPOSIÇÃO - 024 ","Próprio","Serviço de instalação de portão de ferro com suporte e batedor conforme projeto, incluso material","SEDI - SERVIÇOS DIVERSOS",null,"m²",1,{"$f":"J214","v":687.3900000000001},{"$f":"SUM(J215:J219)","v":687.3900000000001}]
["Composição Auxiliar"," 88309 ","SINAPI","PEDREIRO COM ENCARGOS COMPLEMENTARES","SEDI - SERVIÇOS DIVERSOS",null,"H",1.5,24.11,{"$f":"ROUND(H215*I215,2)","v":36.17}]
["Composição Auxiliar"," 88316 ","SINAPI","SERVENTE COM ENCARGOS COMPLEMENTARES","SEDI - SERVIÇOS DIVERSOS",null,"H",1.5,19.66,29.49]
["Insumo"," 00000367 ","SINAPI","AREIA GROSSA - POSTO JAZIDA/FORNECEDOR (RETIRADO NA JAZIDA, SEM TRANSPORTE)","Material",null,"m³",6.0999999999999999E-2,101.3,6.18]
["Insumo"," 00001379 ","SINAPI","CIMENTO PORTLAND COMPOSTO CP II-32","Material",null,"KG",4.83,0.72,3.48]
["Insumo"," 00004948 ","SINAPI","PORTAO DE ABRIR / GIRO, EM GRADIL DE METALON REDONDO DE 3/4\"  VERTICAL, COM REQUADRO, ACABAMENTO NATURAL - COMPLETO","Material",null,"m²",1,612.07000000000005,612.07000000000005]
[]
[]
[" 10 ",null,null,"OUTROS SERVIÇOS"]
[" 10.1 ","Código","Banco","Descrição","Tipo",null,"Und","Quant.","Valor Unit","Total"]
["Composição"," COMPOSIÇÃO - 025 ","Próprio","Serviço de lançamento de concreto para acabamento do tamponamento, incluso material.","SEDI - SERVIÇOS DIVERSOS",null,"m³",1,{"$f":"J224","v":712.26},{"$f":"SUM(J225:J226)","v":712.26}]
["Composição Auxiliar"," 103670 ","SINAPI","LANÇAMENTO COM USO DE BALDES, ADENSAMENTO E ACABAMENTO DE CONCRETO EM ESTRUTURAS. AF_02/2022","FUES - FUNDAÇÕES E ESTRUTURAS",null,"m³",1,262.52,{"$f":"ROUND(H225*I225,2)","v":262.52}]
["Composição Auxiliar"," 94974 ","SINAPI","CONCRETO MAGRO PARA LASTRO, TRAÇO 1:4,5:4,5 (EM MASSA SECA DE CIMENTO/ AREIA MÉDIA/ BRITA 1) - PREPARO MANUAL. AF_05/2021","FUES - FUNDAÇÕES E ESTRUTURAS",null,"m³",1,449.74,449.74]
[]
[]
[" 10.2 ","Código","Banco","Descrição","Tipo",null,"Und","Quant.","Valor Unit","Total"]
["Composição"," COMPOSIÇÃO - 026 ","Próprio","Serviço de execução do tamponamento, incluso pedra britada desinfectada.","SEDI - SERVIÇOS DIVERSOS",null,"m³",1,{"$f":"J230","v":183.75},{"$f":"SUM(J231:J233)","v":183.75}]
["Composição Auxiliar"," 88316 ","SINAPI","SERVENTE COM ENCARGOS COMPLEMENTARES","SEDI - SERVIÇOS DIVERSOS",null,"H",0.1,19.66,{"$f":"ROUND(H231*I231,2)","v":1.97}]
["Insumo"," 00004720 ","SINAPI","PEDRA BRITADA N. 0, OU PEDRISCO (4,8 A 9,5 MM) POSTO PEDREIRA/FORNECEDOR, SEM FRETE","Material",null,"m³",1,160.78,160.78]
["Insumo"," D240000003 ","EMBASA","HIPOCLORITO DE SÓDIO","Material",null,"L",5,4.2,21]
[]
[]
[null,"Código","Banco","Descrição","Tipo",null,"Und","Quant.","Valor Unit","Total"]
["Insumo"," COTAÇÃO-006 ","Próprio","Fornecimento tubo revestimento geomecânico classe reforçado Ø 4 1/2\" com junta roscável.","Material",null,"m",1,92.4,{"$f":"ROUND(H237*I237,2)","v":92.4}]
[]
[]
[null,"Código","Banco","Descrição","Tipo",null,"Und","Quant.","Valor Unit","Total"]
["Insumo"," COTAÇÃO-004 ","Próprio","Fornecimento tubo filtro geomecânico classe reforçado diâmetro Ø 4 1/2\" com junta roscável.","Material",null,"m",1,81,{"$f":"ROUND(H241*I241,2)","v":81}]

{"sheet":"Crono. RN - Total.Rev","index":7,"n_rows":24,"n_cols":15,"rows_kept":24,"cut":false,"hidden":false,"merged":[[7,0,8,14],[5,0,6,0],[5,1,6,14],[0,2,3,6],[20,0,20,1],[20,2,23,2],[21,0,21,1],[22,0,22,1],[23,0,23,1]]}
[null,null,"MINISTÉRIO DO DESENVOLVIMENTO REGIONAL - MDR\nCOMPANHIA DE DESENVOLVIMENTO DOS VALES DO SÃO FRANCISCO E DO PARNAÍBA\nÁREA DE REVITALIZAÇÃO E SUSTENTABILIDADE SOCIOAMBIENTAL"]
[]
[]
[]
[]
["OBJETO:"," PERFURAÇÃO E INSTALAÇÃO DE POÇO TUBULAR TOTALMENTE REVESTIDO NO ESTADO DO RIO GRANDE DO NORTE"]
[]
["CRONOGRAMA FÍSICO-FINANCEIRO"]
[]
["ITEM","ESPECIFICAÇÃO DOS SERVIÇOS","VALOR TOTAL (R$)","Mês 01","Mês 02","Mês 03","Mês 04","Mês 05","Mês 06","Mês 07","Mês 08","Mês 09","Mês 10","Mês 11","Mês 12"]
["1","SERVIÇOS PRELIMINARES",{"$f":"'Orç. RN - Tot. Rev - Sintético'!J6","v":262906.53999999998},{"$f":"$C$11/12","v":21908.87833333333},{"$f":"$C$11/12","v":21908.87833333333},21908.87833333333,21908.87833333333,21908.87833333333,21908.87833333333,21908.87833333333,21908.87833333333,21908.87833333333,21908.87833333333,21908.87833333333,21908.87833333333]
["2","MOBILIZAÇÂO E DESMOBILIZAÇÂO EQUIPES PERFURAÇÂO E INSTALAÇÃO",{"$f":"'Orç. RN - Tot. Rev - Sintético'!J11","v":60504.6},{"$f":"$C$12/12","v":5042.05},{"$f":"$C$12/12","v":5042.05},5042.05,5042.05,5042.05,5042.05,5042.05,5042.05,5042.05,5042.05,5042.05,5042.05]
["3","PERFURAÇÃO E COMPLETAÇÃO DE POÇO TUBULAR",{"$f":"'Orç. RN - Tot. Rev - Sintético'!J15","v":2076822.47},{"$f":"$C$13/12","v":173068.53916666665},{"$f":"$C$13/12","v":173068.53916666665},173068.53916666665,173068.53916666665,173068.53916666665,173068.53916666665,173068.53916666665,173068.53916666665,173068.53916666665,173068.53916666665,173068.53916666665,173068.53916666665]
["4","PÓS PERFURAÇÃO",{"$f":"'Orç. RN - Tot. Rev - Sintético'!J27","v":270031.32},{"$f":"$C$14/12","v":22502.61},{"$f":"$C$14/12","v":22502.61},22502.61,22502.61,22502.61,22502.61,22502.61,22502.61,22502.61,22502.61,22502.61,22502.61]
["5","RESERVAÇÃO",{"$f":"'Orç. RN - Tot. Rev - Sintético'!J32","v":175453.63},{"$f":"$C$15/12","v":14621.135833333334},{"$f":"$C$15/12","v":14621.135833333334},14621.135833333334,14621.135833333334,14621.135833333334,14621.135833333334,14621.135833333334,14621.135833333334,14621.135833333334,14621.135833333334,14621.135833333334,14621.135833333334]
["6","BEBEDOURO",{"$f":"'Orç. RN - Tot. Rev - Sintético'!J38","v":52500.5},{"$f":"$C$16/12","v":4375.041666666667},{"$f":"$C$16/12","v":4375.041666666667},4375.041666666667,4375.041666666667,4375.041666666667,4375.041666666667,4375.041666666667,4375.041666666667,4375.041666666667,4375.041666666667,4375.041666666667,4375.041666666667]
["7","INSTALAÇÕES HIDRÁULICAS",{"$f":"'Orç. RN - Tot. Rev - Sintético'!J40","v":86845.72},{"$f":"$C$17/12","v":7237.1433333333334},{"$f":"$C$17/12","v":7237.1433333333334},7237.1433333333334,7237.1433333333334,7237.1433333333334,7237.1433333333334,7237.1433333333334,7237.1433333333334,7237.1433333333334,7237.1433333333334,7237.1433333333334,7237.1433333333334]
["8",{"$f":"'Orç. PB - Tot. Rev - Sintético'!E70","v":"FORNECIMENTO E INSTALAÇÃO DE SISTEMA FOTOVOLTAÍCO"},{"$f":"'Orç. RN - Tot. Rev - Sintético'!J70","v":938121.29},{"$f":"$C$18/12","v":78176.77416666667},{"$f":"$C$18/12","v":78176.77416666667},78176.77416666667,78176.77416666667,78176.77416666667,78176.77416666667,78176.77416666667,78176.77416666667,78176.77416666667,78176.77416666667,78176.77416666667,78176.77416666667]
["9","URBANIZAÇÃO",{"$f":"'Orç. RN - Tot. Rev - Sintético'!J92","v":103080.25},{"$f":"$C$19/12","v":8590.0208333333339},{"$f":"$C$19/12","v":8590.0208333333339},8590.0208333333339,8590.0208333333339,8590.0208333333339,8590.0208333333339,8590.0208333333339,8590.0208333333339,8590.0208333333339,8590.0208333333339,8590.0208333333339,8590.0208333333339]
["10","OUTROS SERVIÇOS",{"$f":"'Orç. RN - Tot. Rev - Sintético'!J97","v":69423.72},{"$f":"$C$20/12","v":5785.31},{"$f":"$C$20/12","v":5785.31},5785.31,5785.31,5785.31,5785.31,5785.31,5785.31,5785.31,5785.31,5785.31,5785.31]
["TOTAL",null,{"$f":"SUM(C11:C20)","v":4095690.04},{"$f":"SUM(D11:D20)","v":341307.5033333333},{"$f":"SUM(E11:E20)","v":341307.5033333333},341307.5033333333,341307.5033333333,341307.5033333333,341307.5033333333,341307.5033333333,341307.5033333333,341307.5033333333,341307.5033333333,341307.5033333333,341307.5033333333]
["PERCENTUAL",null,null,{"$f":"D21/$C$21","v":8.3333333333333329E-2},8.3333333333333329E-2,8.3333333333333329E-2,8.3333333333333329E-2,8.3333333333333329E-2,8.3333333333333329E-2,8.3333333333333329E-2,8.3333333333333329E-2,8.3333333333333329E-2,8.3333333333333329E-2,8.3333333333333329E-2,8.3333333333333329E-2]
["CUSTO ACUMULADO",null,null,{"$f":"D21","v":341307.5033333333},{"$f":"E21+D23","v":682615.0066666666},{"$f":"F21+E23","v":1023922.5099999999},1365230.0133333332,1706537.5166666666,2047845.02,2389152.5233333334,2730460.0266666668,3071767.5300000003,3413075.0333333337,3754382.5366666671,4095690.0400000005]
["PERCENTUAL ACUMULADO",null,null,{"$f":"D22","v":8.3333333333333329E-2},{"$f":"E22+D24","v":0.16666666666666666},0.25,0.33333333333333331,0.41666666666666663,0.49999999999999994,0.58333333333333326,0.66666666666666663,0.75,0.83333333333333337,0.91666666666666674,1]

{"sheet":"Planilha resumo - PB","index":8,"n_rows":8,"n_cols":7,"rows_kept":8,"cut":false,"hidden":false,"merged":[[7,1,7,2],[1,1,1,6],[2,1,3,6]]}
[]
[null,"OBJETO: EXECUÇÃO DE SERVIÇOS DE PERFURAÇÃO E INSTALAÇÃO DE POÇOS TUBULARES EM MUNICÍPIOS LOCALIZADOS NOS ESTADOS DO RIO GRANDE DO NORTE, PARAÍBA E CEARÁ, NA ÁREA DE ATUAÇÃO DA CODEVASF  "]
[null,"PLANILHA ORÇAMENTÁRIA ESTIMATIVA GERAL     \nDATABASE DO ORÇAMENTO: SETEMBRO/2023 - NÃO DESONERADO.     \nPLANILHA RESUMIDA DO GRUPO 02 - PB  "]
[]
[null,"ITEM","DISCRIMINAÇÃO","UND","QUANT","UNITÁRIO","TOTAL"]
[null,3,"Perfuração e instalação de poço tubular parcialmente revestido, instalado com sistema fotovoltaico, bomba submersa, reservatório e bebedouro para animais.","un",159,{"$f":"'Orç. PB - Parc. Rev - Sintético'!I3","v":101919.98},{"$f":"ROUND(E6*F6,2)","v":16205276.82}]
[null,4,"Perfuração e instalação de poços poço tubular totalmente revestido, instalado com sistema fotovoltaico, bomba submersa, reservatório e bebedouro para animais.","un",21,{"$f":"'Orç. PB - Tot. Rev - Sintético'!I3","v":156834.78},{"$f":"ROUND(E7*F7,2)","v":3293530.38}]
[null,"TOTAL GERAL ESTIMADO - GRUPO 02",null,"un",{"$f":"SUM(E6:E7)","v":180},null,{"$f":"SUM(G6:G7)","v":19498807.199999999}]

{"sheet":"Orç. PB - Parc. Rev - Sintético","index":9,"n_rows":98,"n_cols":11,"rows_kept":98,"cut":false,"hidden":false,"merged":[[0,5,0,6],[0,9,0,10],[1,5,1,6],[1,9,1,10],[3,0,3,10],[1,0,1,4],[0,0,0,4]]}
[{"$nulls":7},"B.D.I. SERVIÇO","B.D.I. MATERIAL","Encargos Sociais"]
["OBRA:PERFURAÇÃO E INSTALAÇÃO DE POÇO TUBULAR PARCIALMENTE REVESTIDO NO ESTADO DA PARAÌBA",{"$nulls":6},"25,47%",0.15279999999999999,"Não Desonerado: embutido nos preços unitário dos insumos de mão de obra, de acordo com as bases."]
[{"$nulls":7},"VALOR UNITÁRIO POR POÇO",{"$f":"ROUND(J98/K3,2)","v":101919.98},"QUANTIDADE DE POÇOS",159]
["Orçamento Sintético"]
["Item","Código","Serviço/Material","Banco","Descrição","und","Quant.","Valor unit","Valor unit com BDI","Total","Peso (%)"]
[" 1 ",null,null,null,"SERVIÇOS PRELIMINARES",{"$nulls":4},{"$f":"SUM(J7:J10)","v":375016.27},{"$f":"J6/$J$98","v":2.3141614830921899E-2}]
[" 1.1 "," COMPOSIÇÃO - 001 ","Serviço","Próprio","Administração Local da Obra - Poço Parcialmente Revestido","un",1,119296.26000000001,{"$f":"ROUND(H7+H7*$H$2,2)","v":149681.01999999999},{"$f":"ROUND(G7*I7,2)","v":149681.01999999999},{"$f":"J7/$J$98","v":9.2365606226618296E-3}]
[" 1.2 "," COMPOSIÇÃO - 003 ","Serviço","Próprio","Serviço de locação Geológica de campo com relatório hidro geológico e perfil construtivo e geológico esperado. Relatório de Viabilidade de implantação das estruturas e vistorias preliminares","un",159,496.4,{"$f":"ROUND(H8+H8*$H$2,2)","v":622.83000000000004},{"$f":"ROUND(G8*I8,2)","v":99029.97},{"$f":"J8/$J$98","v":6.110970658573695E-3}]
[" 1.3 "," COMPOSIÇÃO - 028 ","Serviço","Próprio","Procedimentos para emissão de Outorga de uso insignificante e Dispensa de Licenciamento Ambiental (incluso taxas) - Paraíba","un",159,382.5,479.92,76307.28,4.7087921880170957E-3]
[" 1.5 "," 51 ","Serviço","ORSE","Placa de obra em chapa aço galvanizado, instalada ","m²",114.47999999999999,348.08,436.74,49998,3.0852913616692765E-3]
[" 2 ",null,null,null,"MOBILIZAÇÂO E DESMOBILIZAÇÂO EQUIPES DE PERFURAÇÂO E INSTALAÇÃO",{"$nulls":4},{"$f":"SUM(J12:J13)","v":338288.4},2.0875200573481356E-2]
[" 2.1 "," COMPOSIÇÃO - 006 ","Serviço","Próprio","Transporte de Comboio Perfuração","km",38160,4.34,{"$f":"ROUND(H12+H12*$H$2,2)","v":5.45},{"$f":"ROUND(G12*I12,2)","v":207972},{"$f":"J12/$J$98","v":1.2833597645287466E-2}]
[" 2.2 "," COMPOSIÇÃO - 007 ","Serviço","Próprio","Transporte de Comboio Instalação","km",19080,5.4399999999999995,6.83,130316.4,8.0416029281938899E-3]
[" 3 ",null,null,null,"PERFURAÇÃO E COMPLETAÇÃO DE POÇO TUBULAR",{"$nulls":4},{"$f":"SUM(J15:J20)","v":5833309.9600000009},0.35996361513515251]
[" 3.1 "," COMPOSIÇÃO - 009 ","Serviço","Próprio","Limpeza manual , remoção de cerca, capina e instalação dos equipamentos (área do poço, painéis solares, bebedouro e reservatório)","m²",11130,1.46,{"$f":"ROUND(H15+H15*$H$2,2)","v":1.83},{"$f":"ROUND(G15*I15,2)","v":20367.900000000001},{"$f":"J15/$J$98","v":1.2568683932426029E-3}]
[" 3.2 "," COMPOSIÇÃO - 013 ","Serviço","Próprio","Perfuração em material inconsolidado Ø 8 1/2\"","m",7950,212.70000000000002,266.87,2121616.5,0.13092133805802242]
[" 3.3 "," COMPOSIÇÃO - 010 ","Serviço","Próprio","Perfuração roto pneumática utilizando martelo de fundo (DTH) em rocha Ø 6 1/8\" em rocha","m",11130,170.52,213.95,2381263.5,0.14694371187664201]
[" 3.4 ",9854,"Material","SINAPI","Tubo pvc de revestimento geomecanico nervurado standard, dn=154mm, comprimento=2m","m",7950,115.12,{"$f":"ROUND(H18+H18*$I$2,2)","v":132.71},{"$f":"ROUND(G18*I18,2)","v":1055044.5},6.5104997840447237E-2]
[" 3.5 "," COMPOSIÇÃO - 011 ","Serviço","Próprio","Serviço de lançamento cimentação anelar poço tubular, incluso material.","m³",146.28,768.2700000000001,{"$f":"ROUND(H19+H19*$H$2,2)","v":963.95},{"$f":"ROUND(G19*I19,2)","v":141006.60999999999},{"$f":"J19/$J$98","v":8.7012775665280331E-3}]
[" 3.6 "," COMPOSIÇÃO - 014 ","Serviço","Próprio","Serviço de instalação de laje sanitária com dimensões (1,5x1,5x0,3) , incluso material.","un",159,571.49,717.05,114010.95,7.0354214002701669E-3]
[" 4 ",null,null,null,"PÓS PERFURAÇÃO",{"$nulls":4},{"$f":"SUM(J22:J25)","v":1583029.44},9.7686048571945919E-2]
[" 4.1 "," 6305 ","Serviço","ORSE","Serviço de desenvolvimento com compressor 250psi / 750cfm","h",636,411.16,{"$f":"ROUND(H22+H22*$H$2,2)","v":515.88},{"$f":"ROUND(G22*I22,2)","v":328099.68},{"$f":"J22/$J$98","v":2.0246472028290208E-2}]
[" 4.2 "," 6312 ","Serviço","ORSE","Serviço de análise físico-química da Água incluso coleta, transporte e analise","un",159,565.21,709.17,112758.03,6.9581058425906058E-3]
[" 4.3 "," COMPOSIÇÃO - 015 ","Serviço","Próprio","Inspeção ótica em poço tubular câmera com rotação de 360º, visada lateral, com fonte própria de luz, entregue vídeo em cores e marcação de profundidades.","m",5724,38.049999999999997,47.74,273263.76,1.6862640869340102E-2]
[" 4.4 "," 6314 ","Serviço","ORSE","Ensaio de Bombeamento com bomba submersível","h",1113,622.21,780.69,868907.97,5.3618829831725001E-2]
[" 5 ",null,null,null,"RESERVAÇÃO",{"$nulls":4},{"$f":"SUM(J27:J31)","v":1036423.44},6.3955923966229761E-2]
[" 5.1 "," COMPOSIÇÃO - 016 ","Serviço","Próprio","Execução e instalação de base de sustentação em concreto armado para reservatório de diâmetro 2,06m e altura 1,10m, conforme projeto, incluindo fixação de grampos da tampa.","un",159,2358.1600000000003,{"$f":"ROUND(H27+H27*$H$2,2)","v":2958.78},{"$f":"ROUND(G27*I27,2)","v":470446.02},{"$f":"J27/$J$98","v":2.903042204963582E-2}]
[" 5.2 "," 00037105 ","Material","SINAPI","Fornecimento de caixa d'agua / reservatorio em poliester reforcado com fibra de vidro, 5000 litros, com tampa","un",159,2986.9,{"$f":"ROUND(H28+H28*$I$2,2)","v":3443.3},{"$f":"ROUND(G28*I28,2)","v":547484.69999999995},{"$f":"J28/$J$98","v":3.3784347685029303E-2}]
[" 5.3 "," 13960 ","Material","ORSE","Fornecimento de cabo de aço 1/8\" sem revestimento  ( rolo c/ 100 mt) rolo","rolo",12.72,260.95999999999998,300.83,3826.56,2.3613049547800284E-4]
[" 5.4 "," 094248 ","Material","SBC","Fornecimento de esticador olhal com gancho de 1/4\" 6,35 mm vonder","un",636,13.05,15.04,9565.44,5.9026699873126456E-4]
[" 5.5 "," 002048 ","Material","SBC","Fornecimento de grampo (clip) para cabo de aco pesado 1/8\"","un",636,6.96,8.02,5100.72,3.1475673735536846E-4]
[" 6 ",null,null,null,"BEBEDOURO",{"$nulls":4},{"$f":"SUM(J33)","v":274022.19},1.6909442291945621E-2]
[" 6.1 "," COMPOSIÇÃO - 017 ","Serviço","Próprio","Serviço de execução do bebedouro em concreto armado, incluso materiais.","un",159,1373.5600000000002,{"$f":"ROUND(H33+H33*$H$2,2)","v":1723.41},{"$f":"ROUND(G33*I33,2)","v":274022.19},{"$f":"J33/$J$98","v":1.6909442291945621E-2}]
[" 7 ",null,null,null,"INSTALAÇÕES HIDRÁULICAS",{"$nulls":4},{"$f":"SUM(J35,J51)","v":526242.29999999993},3.2473515387314925E-2]
[" 7.1 ",null,null,null,"INSTALAÇÕES DE CAVALETE",{"$nulls":4},{"$f":"SUM(J36:J50)","v":207971.99999999997},1.2833597645287464E-2]
[" 7.1.1 "," COMPOSIÇÃO - 018 ","Serviço","Próprio","Montagem e Instalação de Tubulação e Conexões Cavalete","un",159,231.58,{"$f":"ROUND(H36+H36*$H$2,2)","v":290.56},{"$f":"ROUND(G36*I36,2)","v":46199.040000000001},{"$f":"J36/$J$98","v":2.8508640151488733E-3}]
[" 7.1.2 "," 00001796 ","Material","SINAPI","Fornecimento de curva 90 graus de ferro galvanizado, com rosca bsp macho, de 1 1/4\"","un",159,77.17,{"$f":"ROUND(H37+H37*$I$2,2)","v":88.96},{"$f":"ROUND(G37*I37,2)","v":14144.64},{"$f":"J37/$J$98","v":8.7284162578346559E-4}]
[" 7.1.3 "," 00009888 ","Material","SINAPI","Fornecimento de uniao de ferro galvanizado, com rosca bsp, com assento plano, de 1 1/4\"","un",159,62.13,71.62,11387.58,7.0270815241245291E-4]
[" 7.1.4 "," 00004180 ","Material","SINAPI","Fornecimento de niple de ferro galvanizado, com rosca bsp, de 1 1/4\"","un",318,18.989999999999998,21.89,6961.02,4.2955267959532515E-4]
[" 7.1.5 "," 00006017 ","Material","SINAPI","Fornecimento de registro gaveta bruto em latao forjado, bitola 1 1/4 \" (ref 1509)","un",159,78.48,90.47,14384.73,8.8765717046571644E-4]
[" 7.1.6 "," 00000789 ","Material","SINAPI","Fornecimento de bucha de reducao de ferro galvanizado, com rosca bsp, de 1 1/4\" x 1\"","un",159,17.760000000000002,20.47,3254.73,2.0084384082494987E-4]
[" 7.1.7 "," 12438 ","Material","ORSE","Fornecimento de hidrômetro multijato d= 3/4\", vazão = 5,0m3/h ","un",159,297.27999999999997,342.7,54489.3,3.3624418295412958E-3]
[" 7.1.8 "," 00009861 ","Material","SINAPI","Fornecimento de tubo pvc, roscavel, 1 1/4\", agua fria predial","m",238.5,27.67,31.9,7608.15,4.6948596890443824E-4]
[" 7.1.9 "," 002116 ","Material","SBC","Fornecimento de te de reducao ferro galvanizado 1.1/4\" x 1/2\"","un",159,17.239999999999998,19.87,3159.33,1.9495686942802901E-4]
[" 7.1.10 "," 00011831 ","Material","SINAPI","Fornecimento de torneira plastica para tanque 1/2 \" ou 3/4 \" com bico para mangueira","un",159,18.420000000000002,21.23,3375.57,2.0830067126104964E-4]
[" 7.1.11 "," 1158 ","Material","ORSE","Fornecimento de joelho 45° ferro galvanizado d=1 1/ 4\" ","un",318,32.700000000000003,37.700000000000003,11988.6,7.3979607221305425E-4]
[" 7.1.12 "," 00004205 ","Material","SINAPI","Fornecimento de niple de reducao de ferro galvanizado, com rosca bsp, de 1 1/2\" x 1 1/4\"","un",159,33.32,38.409999999999997,6107.19,3.7686428559288346E-4]
[" 7.1.13 "," 00003939 ","Material","SINAPI","Fornecimento de luva de ferro galvanizado, com rosca bsp, de 1 1/2\"","un",159,25.6,29.51,4692.09,2.8954087653855747E-4]
[" 7.1.14 "," 9569 ","Material","ORSE","Fornecimento de adaptador pvc bsxrm d= 35mm x 1 1/2\", linha irriga-lf, tigre ou similar ","un",159,3.04,3.5,556.5,3.4340666482038327E-5]
[" 7.1.15 "," 5128 ","Material","ORSE","Fornecimento de tampa de poço galvanizada em 6\" ","un",159,107.28,123.67,19663.53,1.2134029210953371E-3]
[" 7.2 ",null,null,null,"INSTALAÇÕES DE ADUTORA, RESERVATÓRIO E BEBEDOURO",{"$nulls":4},{"$f":"SUM(J52:J63)","v":318270.29999999993},1.963991774202746E-2]
[" 7.2.1 "," COMPOSIÇÃO - 020 ","Serviço","Próprio","Montagem e instalação da rede adutora poço-reservatório-bebedouro","un",159,877.93,{"$f":"ROUND(H52+H52*$H$2,2)","v":1101.54},{"$f":"ROUND(G52*I52,2)","v":175144.86},{"$f":"J52/$J$98","v":1.0807890787606999E-2}]
[" 7.2.2 "," 9501 ","Material","ORSE","Fornecimento de tubo PVC p/irrigação LF PN 60 JE Ø 35mm, linha Irriga-LF, Tigre ou similar","m",6360,13.06,{"$f":"ROUND(H53+H53*$I$2,2)","v":15.06},{"$f":"ROUND(G53*I53,2)","v":95781.6},{"$f":"J53/$J$98","v":5.9105192825085404E-3}]
[" 7.2.3 "," 9516 ","Material","ORSE","Fornecimento de curva 90º pvc PTA/BSA soldavel d= 35mm, linha Irriga-LF, Tigre ou similar ","un",636,10.76,12.4,7886.4,4.8665630214545744E-4]
[" 7.2.4 "," 00000098 ","Material","SINAPI","Fornecimento de adaptador pvc soldavel, com flange e anel de vedacao, 40 mm x 1 1/4\", para caixa d´água","un",318,31.2,35.97,11438.46,7.0584787049081063E-4]
[" 7.2.5 "," 8013 ","Material","ORSE","Fornecimento de registro esfera VS soldável para irrigação Ø 35mm ","pç",159,37.26,42.95,6829.05,4.2140903582958466E-4]
[" 7.2.6 "," 00000096 ","Material","SINAPI","Fornecimento de adaptador pvc soldavel, com flange e anel de vedacao, 25 mm x 3/4\", para caixa d'água","un",477,13.85,15.97,7617.69,4.7007466604413034E-4]
[" 7.2.7 "," 14071 ","Material","ORSE","Fornecimento de tubo PVC para irrigação LF PN 60 Ø 25mm, linha Irriga-LF, Tigre ou similar","m",318,4.01,4.62,1469.16,9.0659359512581191E-5]
[" 7.2.8 "," 14082 ","Material","ORSE","Fornecimento de registro esfera LF 25mm ","pç",318,11.06,12.75,4054.5,2.5019628436913637E-4]
[" 7.2.9 "," 00003529 ","Material","SINAPI","Fornecimento de joelho pvc, soldavel, 90 graus, 25 mm, cor marrom, para agua fria predial","un",318,0.82,0.95,302.10000000000002,1.8642076090249378E-5]
[" 7.2.10 "," 00003535 ","Material","SINAPI","Fornecimento de joelho pvc, soldavel, 90 graus, 40 mm, cor marrom, para agua fria predial","un",159,6.64,7.65,1216.3499999999999,7.5058885310740907E-5]
[" 7.2.11 "," 00000109 ","Material","SINAPI","Fornecimento de adaptador pvc soldavel curto com bolsa e rosca, 40 mm x 1 1/4\", para agua fria","un",159,4.17,4.8099999999999996,764.79,4.7193887365315532E-5]
[" 7.2.12 "," 00011830 ","Material","SINAPI","Fornecimento de torneira de boia convencional para caixa d'agua, agua fria, 3/4\", com haste e torneira metalicos e balao plastico","un",159,31.45,36.26,5765.34,3.5576930475391706E-4]
[" 8 ",null,null,null,"FORNECIMENTO E INSTALAÇÃO DE SISTEMA FOTOVOLTAÍCO",{"$nulls":4},{"$f":"SUM(J65,J71,J82,J84)","v":4872964.9399999995},0.30070236079641671]
[" 8.1 ",null,null,null,"INSTALAÇÕES HIDRÁULICAS",{"$nulls":4},{"$f":"SUM(J66:J70)","v":486223.91000000003},3.0004048749151163E-2]
[" 8.1.1 "," COMPOSIÇÃO - 019 ","Serviço","Próprio","Montagem e instalação hidráulica do kit de bombeamento","un",159,120.81,{"$f":"ROUND(H66+H66*$H$2,2)","v":151.58000000000001},{"$f":"ROUND(G66*I66,2)","v":24101.22},{"$f":"J66/$J$98","v":1.4872452072421057E-3}]
[" 8.1.2 "," 00038200 ","Material","SINAPI","Fornecimento de corda de poliamida 12 mm tipo bombeiro, para trabalho em altura","100M",100.17,971.03,{"$f":"ROUND(H67+H67*$I$2,2)","v":1119.4000000000001},{"$f":"ROUND(G67*I67,2)","v":112130.3},{"$f":"J67/$J$98","v":6.9193696942154584E-3}]
[" 8.1.3 "," 00009861 ","Material","SINAPI","Fornecimento de  tubo pvc, roscavel, 1 1/4\", agua fria predial","m",9540,27.67,31.9,304326,1.8779438756177533E-2]
[" 8.1.4 "," 00004180 ","Material","SINAPI","Fornecimento de  niple de ferro galvanizado, com rosca bsp, de 1 1/4\"","un",159,18.989999999999998,21.89,3480.51,2.1477633979766257E-4]
[" 8.1.5 "," 00003911 ","Material","SINAPI","Fornecimento de  luva de ferro galvanizado, com rosca bsp, de 1 1/4\"","un",1749,20.92,24.12,42185.88,2.6032187517184024E-3]
[" 8.2 ",null,null,null,"INSTALAÇÕES ELÉTRICAS",{"$nulls":4},{"$f":"SUM(J72:J81)","v":486316.8000000001},{"$f":"J71/$J$98","v":3.0009780832726218E-2}]
[" 8.2.1 "," COMPOSIÇÃO - 021 ","Serviço","Próprio","Montagem e instalação elétrica do kit de bombeamento e sistema fotovoltaico inclusive sistema de aterramento.","un",159,517.94000000000005,{"$f":"ROUND(H72+H72*$H$2,2)","v":649.86},{"$f":"ROUND(G72*I72,2)","v":103327.74},6.3761787200049798E-3]
[" 8.2.2 "," 00002674 ","Material","SINAPI","Fornecimento de  eletroduto de pvc rigido roscavel de 3/4 \", sem luva","m",2385,4.88,{"$f":"ROUND(H73+H73*$I$2,2)","v":5.63},{"$f":"ROUND(G73*I73,2)","v":13427.55},8.2859122411661052E-4]
[" 8.2.3 "," 00034622 ","Material","SINAPI","Fornecimento de  cabo flexivel pvc 750 v, 3 condutores de 6,0 mm2","m",11925,21,24.21,288704.25,1.7815447189931742E-2]
[" 8.2.4 "," 00012034 ","Material","SINAPI","Fornecimento de  curva 180 graus, de pvc rigido roscavel, de 3/4\", para eletroduto","un",159,2.29,2.64,419.76,2.5902674146451767E-5]
[" 8.2.5 "," 00039272 ","Material","SINAPI","Fornecimento de  curva 90 graus, curta, de pvc rigido roscavel, de 3/4\", para eletroduto","un",318,1.25,1.44,457.92,2.8257462705220111E-5]
[" 8.2.6 "," 00003379 ","Material","SINAPI","Fornecimento de haste de aterramento em aco com 3,00 m de comprimento e dn = 5/8\", revestida com baixa camada de cobre, sem conector","un",106.53,71.44,82.36,8773.81,5.4141686071297872E-4]
[" 8.2.7 "," 00001891 ","Material","SINAPI","Fornecimento de  luva em pvc rigido roscavel, de 3/4\", para eletroduto","un",1431,0.57999999999999996,0.67,958.77,5.9164062539054601E-5]
[" 8.2.8 "," 00000425 ","Material","SINAPI","Fornecimento de grampo metalico tipo olhal para haste de aterramento de 5/8'', condutor de *10* a 50 mm2","un",318,6.78,7.82,2486.7600000000002,1.53453721079737E-4]
[" 8.2.9 "," 00034643 ","Material","SINAPI","Fornecimento de  caixa de inspecao para aterramento e para raios, em polipropileno,  diametro = 300 mm x altura = 400 mm","un",318,37.92,43.71,13899.78,8.5773173253136882E-4]
[" 8.2.10 "," 00000867 ","Material","SINAPI","Fornecimento de cabo de cobre nu 50 mm2 meio-duro","m",874.5,53.43,61.59,53860.46,3.3236371849580701E-3]
[" 8.3 ",null,null,null,"ESTRUTURA DE FIXAÇÃO PARA MÓDULOS FOTOVOLTAICOS",{"$nulls":4},{"$f":"SUM(J83)","v":340501.68},2.1011778309889921E-2]
[" 8.3.1 "," COMPOSIÇÃO - 022 ","Serviço","Próprio","Serviço de fixação de estruturas para os módulos fotovoltaicos e suportes de concreto, incluso materiais.","m²",1272,213.35,{"$f":"ROUND(H83+H83*$H$2,2)","v":267.69},{"$f":"ROUND(G83*I83,2)","v":340501.68},2.1011778309889921E-2]
[" 8.4 ",null,null,null,"FORNECIMENTO DE KIT DE BOMBEAMENTO FOTOVOLTAICO",{"$nulls":4},{"$f":"SUM(J85)","v":3559922.55},0.21967675290464944]
[" 8.4.1 "," COTAÇÃO-002 ","Material","Próprio","Fornecimento de kit de bombeamento fotovoltaico, incluindo uma bomba CC de 1500W com imã permanente e sem escovas, controladora de carga, disjuntor CC adequado, caixa de proteção metálica, módulos compatíveis com a geração de 2200Wp (potência mínima de 550 W por módulo) e componentes elétricos necessários como cabos, conectores MC4 e presilhas de fixação.","un",159,19421.8,{"$f":"ROUND(H85+H85*$I$2,2)","v":22389.45},{"$f":"ROUND(G85*I85,2)","v":3559922.55},0.21967675290464944]
[" 9 ",null,null,null,"URBANIZAÇÃO",{"$nulls":4},{"$f":"SUM(J87,J89)","v":614454.71},3.7916952856114253E-2]
[" 9.1 ",null,null,null,"CERCA",{"$nulls":4},{"$f":"SUM(J88)","v":409494.96},2.5269236024143084E-2]
[" 9.1.1 "," COMPOSIÇÃO - 023 ","Serviço","Próprio","Cerca com mourões de concreto de 15x15cm, espaçados de 3m e cravados a 0,5m, escoras de 10x10cm nos cantos, e 9 fios de arame de aço ovalado 15x17.","m",4452,73.31,{"$f":"ROUND(H88+H88*$H$2,2)","v":91.98},{"$f":"ROUND(G88*I88,2)","v":409494.96},2.5269236024143084E-2]
[" 9.2 ",null,null,null,"PORTÃO",{"$nulls":4},{"$f":"SUM(J90)","v":204959.75},1.2647716831971169E-2]
[" 9.2.1 "," COMPOSIÇÃO - 024 ","Serviço","Próprio","Serviço de instalação de portão de ferro com suporte e batedor conforme projeto, incluso material","m²",238.5,684.92000000000007,{"$f":"ROUND(H90+H90*$H$2,2)","v":859.37},{"$f":"ROUND(G90*I90,2)","v":204959.75},1.2647716831971169E-2]
[" 10 ",null,null,null,"OUTROS SERVIÇOS",{"$nulls":4},{"$f":"SUM(J92:J97)","v":751524.98},4.6375325590477134E-2]
[" 10.1 "," COMPOSIÇÃO - 025 ","Serviço","Próprio","Serviço de lançamento de concreto para acabamento do tamponamento, incluso material.","m³",5.2088399999999995,683.42000000000007,{"$f":"ROUND(H92+H92*$H$2,2)","v":857.49},{"$f":"ROUND(G92*I92,2)","v":4466.53},2.7562195339086911E-4]
[" 10.2 "," COMPOSIÇÃO - 026 ","Serviço","Próprio","Serviço de execução do tamponamento, incluso pedra britada desinfectada.","m³",5.2088399999999995,152.03,190.75,993.59,6.1312745390635159E-5]
[" 10.5 "," M3929 ","Material","SICRO3","Fornecimento de tubo em aço-carbono - E = 3,00 mm e D = 150 mm (6”)","m",2385,152.0367,{"$f":"ROUND(H94+H94*$I$2,2)","v":175.27},418018.95,2.5795236918457962E-2]
[" 10.6 "," COTAÇÃO-007 ","Material","Próprio","Fornecimento tubo de revestimento geomecânico classe standart Ø 4\" com junta roscável.","m",2385,82.5,95.11,226837.35,1.3997746239028566E-2]
[" 10.7 "," COTAÇÃO-005 ","Material","Próprio","Fornecimento tubo filtro geomecânico classe standart Ø 4\" com junta roscável.","m",477,86.02,99.16,47299.32,2.9187604185933603E-3]
[" 10.8 "," 5073 ","Material","ORSE","Fornecimento de Pré-filtro comum","m³",28.877580000000002,1619.38,1866.82,53909.24,3.3266473156157409E-3]
[{"$nulls":8},"Total",{"$f":"SUM(J91,J86,J64,J34,J32,J26,J21,J14,J11,J6)","v":16205276.629999999}]

{"sheet":"Orç. PB - Parc. Rev - Analítico","index":10,"n_rows":241,"n_cols":10,"rows_kept":241,"cut":false,"hidden":false,"merged":[[1,0,1,3],[0,0,0,3],[9,4,9,5],[10,4,10,5],[11,4,11,5],[12,4,12,5],[2,0,2,9],[3,5,3,6],[4,4,4,5],[5,4,5,5],[6,4,6,5],[7,4,7,5],[29,5,29,6],[30,4,30,5],[31,4,31,5],[1,6,1,9],[0,6,0,9],[39,4,39,5],[42,5,42,6],[43,4,43,5],[44,4,44,5],[0,4,0,5],[1,4,1,5],[8,4,8,5],[22,4,22,5],[23,4,23,5],[24,4,24,5],[15,4,15,5],[16,4,16,5],[17,4,17,5],[18,4,18,5],[19,4,19,5],[45,4,45,5],[32,4,32,5],[33,4,33,5],[36,4,36,5],[37,4,37,5],[38,4,38,5],[63,4,63,5],[64,4,64,5],[55,4,55,5],[56,4,56,5],[57,4,57,5],[58,4,58,5],[59,4,59,5],[48,4,48,5],[49,4,49,5],[50,4,50,5],[51,4,51,5],[52,4,52,5],[72,4,72,5],[73,4,73,5],[74,4,74,5],[75,4,75,5],[78,5,78,6],[65,4,65,5],[66,4,66,5],[67,4,67,5],[70,4,70,5],[71,4,71,5],[91,5,91,6],[92,4,92,5],[93,4,93,5],[94,4,94,5],[85,4,85,5],[86,4,86,5],[87,4,87,5],[81,4,81,5],[82,4,82,5],[83,4,83,5],[84,4,84,5],[101,4,101,5],[102,4,102,5],[103,4,103,5],[104,4,104,5],[105,4,105,5],[106,4,106,5],[95,4,95,5],[96,4,96,5],[97,4,97,5],[98,4,98,5],[99,4,99,5],[100,4,100,5],[116,5,116,6],[117,4,117,5],[118,4,118,5],[119,4,119,5],[120,4,120,5],[121,4,121,5],[107,4,107,5],[108,4,108,5],[109,4,109,5],[110,4,110,5],[111,4,111,5],[112,4,112,5],[127,4,127,5],[128,4,128,5],[129,4,129,5],[130,4,130,5],[131,4,131,5],[132,4,132,5],[122,4,122,5],[123,4,123,5],[124,4,124,5],[125,4,125,5],[126,4,126,5],[146,4,146,5],[147,4,147,5],[140,5,140,6],[141,5,141,6],[142,4,142,5],[143,4,143,5],[144,4,144,5],[145,4,145,5],[133,4,133,5],[134,4,134,5],[135,4,135,5],[136,4,136,5],[137,4,137,5],[163,5,163,6],[157,4,157,5],[158,4,158,5],[159,4,159,5],[151,5,151,6],[152,4,152,5],[153,4,153,5],[154,4,154,5],[155,4,155,5],[156,4,156,5],[179,4,179,5],[173,4,173,5],[174,4,174,5],[175,4,175,5],[176,4,176,5],[177,4,177,5],[178,4,178,5],[172,5,172,6],[164,5,164,6],[165,4,165,5],[166,4,166,5],[167,4,167,5],[168,4,168,5],[186,4,186,5],[187,4,187,5],[188,4,188,5],[189,4,189,5],[183,5,183,6],[184,4,184,5],[185,4,185,5],[217,4,217,5],[220,5,220,6],[210,5,210,6],[198,5,198,6],[199,4,199,5],[200,4,200,5],[201,4,201,5],[202,4,202,5],[203,4,203,5],[192,5,192,6],[193,4,193,5],[194,4,194,5],[197,5,197,6],[204,4,204,5],[205,4,205,5],[206,4,206,5],[207,4,207,5],[221,4,221,5],[222,4,222,5],[223,4,223,5],[211,4,211,5],[212,4,212,5],[213,4,213,5],[214,4,214,5],[215,4,215,5],[216,4,216,5],[236,4,236,5],[239,4,239,5],[240,4,240,5],[231,4,231,5],[235,4,235,5],[224,4,224,5],[227,4,227,5],[228,4,228,5],[229,4,229,5],[230,4,230,5]]}
[{"$nulls":6},"Encargos Sociais"]
["OBRA:PERFURAÇÃO E INSTALAÇÃO DE POÇO TUBULAR PARCIALMENTE REVESTIDO NO ESTADO DA PARAÌBA",{"$nulls":5},"Não Desonerado: embutido nos preços unitário dos insumos de mão de obra, de acordo com as bases."]
["Planilha Orçamentária Analítica"]
[" 1 ",null,null,"SERVIÇOS PRELIMINARES"]
[" 1.1 ","Código","Banco","Descrição","Tipo",null,"Und","Quant.","Valor Unit","Total"]
["Composição"," COMPOSIÇÃO - 001 ","Próprio","Administração Local da Obra - Poço Parcialmente Revestido","SERP - SERVIÇOS PRELIMINARES",null,"un",1,{"$f":"J6","v":119296.26000000001},{"$f":"SUM(J7:J13)","v":119296.26000000001}]
["Composição Auxiliar"," 92138 ","SINAPI","CAMINHONETE COM MOTOR A DIESEL, POTÊNCIA 180 CV, CABINE DUPLA, 4X4 - CHP DIURNO. AF_11/2015","CHOR - CUSTOS HORÁRIOS DE MÁQUINAS E EQUIPAMENTOS",null,"CHP",135,87.64,{"$f":"ROUND(H7*I7,2)","v":11831.4}]
["Composição Auxiliar"," 92139 ","SINAPI","CAMINHONETE COM MOTOR A DIESEL, POTÊNCIA 180 CV, CABINE DUPLA, 4X4 - CHI DIURNO. AF_11/2015","CHOR - CUSTOS HORÁRIOS DE MÁQUINAS E EQUIPAMENTOS",null,"CHI",165,39.61,{"$f":"ROUND(H8*I8,2)","v":6535.65}]
["Composição Auxiliar"," 93572 ","SINAPI","ENCARREGADO GERAL DE OBRAS COM ENCARGOS COMPLEMENTARES","SEDI - SERVIÇOS DIVERSOS",null,"MES",3,3982.23,11946.69]
["Composição Auxiliar"," 93565 ","SINAPI","ENGENHEIRO CIVIL DE OBRA JUNIOR COM ENCARGOS COMPLEMENTARES","SEDI - SERVIÇOS DIVERSOS",null,"MES",4,20582.98,82331.92]
["Insumo"," 00014250 ","SINAPI","ENERGIA ELETRICA COMERCIAL, BAIXA TENSAO, RELATIVA AO CONSUMO DE ATE 100 KWH, INCLUINDO ICMS, PIS/PASEP E COFINS","Material",null,"KWH",1400,0.73,{"$f":"ROUND(H11*I11,2)","v":1022}]
["Insumo"," 00044480 ","SINAPI","TARIFA \"A\" ENTRE  0 E 20M3 FORNECIMENTO  D'AGUA","Taxas",null,"m³",60,13.81,{"$f":"ROUND(H12*I12,2)","v":828.6}]
["Insumo"," 4298 ","ORSE","Aluguel de container - Escritório com banheiro - 6,20 x 2,40m, equipado com Ar condicionado mês","Serviços",null,"mês",3,1600,4800]
[]
[]
[" 1.2 ","Código","Banco","Descrição","Tipo",null,"Und","Quant.","Valor Unit","Total"]
["Composição"," COMPOSIÇÃO - 003 ","Próprio","Serviço de locação Geológica de campo com relatório hidro geológico e perfil construtivo e geológico esperado. Relatório de Viabilidade de implantação das estruturas e vistorias preliminares","SERT - SERVIÇOS TÉCNICOS",null,"um",1,{"$f":"J17","v":496.4},{"$f":"SUM(J18:J20)","v":496.4}]
["Composição Auxiliar"," 30.01.45 ","EMBASA","GEOLOGO SENIOR",3001,null,"hora",5,79.73,{"$f":"ROUND(H18*I18,2)","v":398.65}]
["Insumo"," 5896 ","ORSE","Veículo tipo sedan ou pick-up capacidade 0,6 ton h","Equipamento",null,"h",5,8.33,{"$f":"ROUND(H19*I19,2)","v":41.65}]
["Insumo"," 00004222 ","SINAPI","GASOLINA COMUM","Material",null,"L",10,5.61,56.1]
[]
[]
[" 1.3 ","Código","Banco","Descrição","Tipo",null,"Und","Quant.","Valor Unit","Total"]
["Composição"," COMPOSIÇÃO - 028 ","Próprio","Procedimentos para emissão de Outorga de uso insignificante e Dispensa de Licenciamento Ambiental (incluso taxas) - Paraíba","SERT - SERVIÇOS TÉCNICOS",null,"un",1,{"$f":"J24","v":382.5},{"$f":"SUM(J25)","v":382.5}]
["Insumo"," COTAÇÃO-008 ","Próprio","Procedimentos para Emissão de Outorga de uso insignificante e Dispensa de Licenciamento Ambiental - Paraíba","Serviços",null,"un",1,{"$f":"312.5+70","v":382.5},{"$f":"ROUND(H25*I25,2)","v":382.5}]
[]
[]
[]
[]
[" 2 ",null,null,"MOBILIZAÇÂO E DESMOBILIZAÇÂO EQUIPES DE PERFURAÇÂO E INSTALAÇÃO"]
[" 2.1 ","Código","Banco","Descrição","Tipo",null,"Und","Quant.","Valor Unit","Total"]
["Composição"," COMPOSIÇÃO - 006 ","Próprio","Transporte de Comboio Perfuração","TRAN - TRANSPORTES, CARGAS E DESCARGAS",null,"km",1,{"$f":"J32","v":4.34},{"$f":"SUM(J33:J34)","v":4.34}]
["Composição Auxiliar"," 5824 ","SINAPI","CAMINHÃO TOCO, PBT 16.000 KG, CARGA ÚTIL MÁX. 10.685 KG, DIST. ENTRE EIXOS 4,8 M, POTÊNCIA 189 CV, INCLUSIVE CARROCERIA FIXA ABERTA DE MADEIRA P/ TRANSPORTE GERAL DE CARGA SECA, DIMEN. APROX. 2,5 X 7,00 X 0,50 M - CHP DIURNO. AF_06/2014","CHOR - CUSTOS HORÁRIOS DE MÁQUINAS E EQUIPAMENTOS",null,"CHP",1.6660000000000001E-2,202.29,{"$f":"ROUND(H33*I33,2)","v":3.37}]
["Composição Auxiliar"," 5826 ","SINAPI","CAMINHÃO TOCO, PBT 16.000 KG, CARGA ÚTIL MÁX. 10.685 KG, DIST. ENTRE EIXOS 4,8 M, POTÊNCIA 189 CV, INCLUSIVE CARROCERIA FIXA ABERTA DE MADEIRA P/ TRANSPORTE GERAL DE CARGA SECA, DIMEN. APROX. 2,5 X 7,00 X 0,50 M - CHI DIURNO. AF_06/2014","CHOR - CUSTOS HORÁRIOS DE MÁQUINAS E EQUIPAMENTOS",null,"CHI",1.6660000000000001E-2,58.26,0.97]
[]
[]
[" 2.2 ","Código","Banco","Descrição","Tipo",null,"Und","Quant.","Valor Unit","Total"]
["Composição"," COMPOSIÇÃO - 007 ","Próprio","Transporte de Comboio Instalação","TRAN - TRANSPORTES, CARGAS E DESCARGAS",null,"km",1,{"$f":"J38","v":5.4399999999999995},{"$f":"SUM(J39:J40)","v":5.4399999999999995}]
["Composição Auxiliar"," 5928 ","SINAPI","GUINDAUTO HIDRÁULICO, CAPACIDADE MÁXIMA DE CARGA 6200 KG, MOMENTO MÁXIMO DE CARGA 11,7 TM, ALCANCE MÁXIMO HORIZONTAL 9,70 M, INCLUSIVE CAMINHÃO TOCO PBT 16.000 KG, POTÊNCIA DE 189 CV - CHP DIURNO. AF_06/2014","CHOR - CUSTOS HORÁRIOS DE MÁQUINAS E EQUIPAMENTOS",null,"CHP",1.6660000000000001E-2,257.72000000000003,{"$f":"ROUND(H39*I39,2)","v":4.29}]
["Composição Auxiliar"," 5930 ","SINAPI","GUINDAUTO HIDRÁULICO, CAPACIDADE MÁXIMA DE CARGA 6200 KG, MOMENTO MÁXIMO DE CARGA 11,7 TM, ALCANCE MÁXIMO HORIZONTAL 9,70 M, INCLUSIVE CAMINHÃO TOCO PBT 16.000 KG, POTÊNCIA DE 189 CV - CHI DIURNO. AF_06/2014","CHOR - CUSTOS HORÁRIOS DE MÁQUINAS E EQUIPAMENTOS",null,"CHI",1.6660000000000001E-2,69.099999999999994,1.1499999999999999]
[]
[]
[" 3 ",null,null,"PERFURAÇÃO E COMPLETAÇÃO DE POÇO TUBULAR"]
[" 3.1 ","Código","Banco","Descrição","Tipo",null,"Und","Quant.","Valor Unit","Total"]
["Composição"," COMPOSIÇÃO - 009 ","Próprio","Limpeza manual , remoção de cerca, capina e instalação dos equipamentos (área do poço, painéis solares, bebedouro e reservatório)","SEDI - SERVIÇOS DIVERSOS",null,"m²",1,{"$f":"J45","v":1.46},{"$f":"SUM(J46)","v":1.46}]
["Composição Auxiliar"," 88316 ","SINAPI","SERVENTE COM ENCARGOS COMPLEMENTARES","SEDI - SERVIÇOS DIVERSOS",null,"H",0.08,18.260000000000002,{"$f":"ROUND(H46*I46,2)","v":1.46}]
[]
[]
[" 3.2 ","Código","Banco","Descrição","Tipo",null,"Und","Quant.","Valor Unit","Total"]
["Composição"," COMPOSIÇÃO - 013 ","Próprio","Perfuração em material inconsolidado Ø 8 1/2\"","SERT - SERVIÇOS TÉCNICOS",null,"m",1,{"$f":"J50","v":212.70000000000002},{"$f":"SUM(J51:J53)","v":212.70000000000002}]
["Composição Auxiliar"," 88263 ","SINAPI","CAVOUQUEIRO OU OPERADOR PERFURATRIZ/ROMPEDOR COM ENCARGOS COMPLEMENTARES","SEDI - SERVIÇOS DIVERSOS",null,"H",0.2,16.23,{"$f":"ROUND(H51*I51,2)","v":3.25}]
["Composição Auxiliar"," 88316 ","SINAPI","SERVENTE COM ENCARGOS COMPLEMENTARES","SEDI - SERVIÇOS DIVERSOS",null,"H",0.6,18.260000000000002,10.96]
["Insumo"," 5071 ","ORSE","Perfuração rocha sedimentar sedimento / camadas inconsolidadas dn 8.1/2 a 9.1/2\" - até 150m m","Serviços",null,"m",1,198.49,{"$f":"ROUND(H53*I53,2)","v":198.49}]
[]
[]
[" 3.3 ","Código","Banco","Descrição","Tipo",null,"Und","Quant.","Valor Unit","Total"]
["Composição"," COMPOSIÇÃO - 010 ","Próprio","Perfuração roto pneumática utilizando martelo de fundo (DTH) em rocha Ø 6 1/8\" em rocha","SERT - SERVIÇOS TÉCNICOS",null,"m",1,{"$f":"J57","v":170.52},{"$f":"SUM(J58:J60)","v":170.52}]
["Composição Auxiliar"," 88263 ","SINAPI","CAVOUQUEIRO OU OPERADOR PERFURATRIZ/ROMPEDOR COM ENCARGOS COMPLEMENTARES","SEDI - SERVIÇOS DIVERSOS",null,"H",0.2,16.23,{"$f":"ROUND(H58*I58,2)","v":3.25}]
["Composição Auxiliar"," 88316 ","SINAPI","SERVENTE COM ENCARGOS COMPLEMENTARES","SEDI - SERVIÇOS DIVERSOS",null,"H",0.6,18.260000000000002,10.96]
["Insumo"," 5051 ","ORSE","Perfuraçao em rocha metassedimentar - metassedimento alterado / compacto dn 6\"  (poço 120m) m","Serviços",null,"m",1,156.31,{"$f":"ROUND(H60*I60,2)","v":156.31}]
[]
[]
[]
[" 3.5 ","Código","Banco","Descrição","Tipo",null,"Und","Quant.","Valor Unit","Total"]
["Composição"," COMPOSIÇÃO - 011 ","Próprio","Serviço de lançamento cimentação anelar poço tubular, incluso material.","SEDI - SERVIÇOS DIVERSOS",null,"m³",1,{"$f":"J65","v":768.2700000000001},{"$f":"SUM(J66:J68)","v":768.2700000000001}]
["Composição Auxiliar"," 1903 ","ORSE","Argamassa cimento e areia traço t-1 (1:3) - 1 saco cimento 50kg / 3 padiolas areia dim. 0.35 x 0.45 x 0.23 m - Confecção mecânica e transporte","Argamassas",null,"m³",1,511.3,{"$f":"ROUND(H66*I66,2)","v":511.3}]
["Composição Auxiliar"," 88316 ","SINAPI","SERVENTE COM ENCARGOS COMPLEMENTARES","SEDI - SERVIÇOS DIVERSOS",null,"H",7.4,18.260000000000002,135.12]
["Insumo"," 00000124 ","SINAPI","ADITIVO ACELERADOR DE PEGA E ENDURECIMENTO PARA ARGAMASSAS E CONCRETOS, LIQUIDO E ISENTO DE CLORETOS","Material",null,"L",5,24.37,{"$f":"ROUND(H68*I68,2)","v":121.85}]
[]
[]
[" 3.6 ","Código","Banco","Descrição","Tipo",null,"Und","Quant.","Valor Unit","Total"]
["Composição"," COMPOSIÇÃO - 014 ","Próprio","Serviço de instalação de laje sanitária com dimensões (1,5x1,5x0,3) , incluso material.","SEDI - SERVIÇOS DIVERSOS",null,"un",1,{"$f":"J72","v":571.49},{"$f":"SUM(J73:J76)","v":571.49}]
["Composição Auxiliar"," 92522 ","SINAPI","MONTAGEM E DESMONTAGEM DE FÔRMA DE LAJE MACIÇA, PÉ-DIREITO SIMPLES, EM CHAPA DE MADEIRA COMPENSADA RESINADA, 8 UTILIZAÇÕES. AF_09/2020","FUES - FUNDAÇÕES E ESTRUTURAS",null,"m²",1.8,39.1,{"$f":"ROUND(H73*I73,2)","v":70.38}]
["Composição Auxiliar"," 93358 ","SINAPI","ESCAVAÇÃO MANUAL DE VALA COM PROFUNDIDADE MENOR OU IGUAL A 1,30 M. AF_02/2021","MOVT - MOVIMENTO DE TERRA",null,"m³",0.22500000000000001,72.239999999999995,16.25]
["Composição Auxiliar"," 94975 ","SINAPI","CONCRETO FCK = 15MPA, TRAÇO 1:3,4:3,5 (EM MASSA SECA DE CIMENTO/ AREIA MÉDIA/ BRITA 1) - PREPARO MANUAL. AF_05/2021","FUES - FUNDAÇÕES E ESTRUTURAS",null,"m³",0.67500000000000004,467.93,315.85000000000002]
["Composição Auxiliar"," 103670 ","SINAPI","LANÇAMENTO COM USO DE BALDES, ADENSAMENTO E ACABAMENTO DE CONCRETO EM ESTRUTURAS. AF_02/2022","FUES - FUNDAÇÕES E ESTRUTURAS",null,"m³",0.67500000000000004,250.38,169.01]
[]
[]
[" 4 ",null,null,"PÓS PERFURAÇÃO"]
[]
[]
[" 4.3 ","Código","Banco","Descrição","Tipo",null,"Und","Quant.","Valor Unit","Total"]
["Composição"," COMPOSIÇÃO - 015 ","Próprio","Inspeção ótica em poço tubular câmera com rotação de 360º, visada lateral, com fonte própria de luz, entregue vídeo em cores e marcação de profundidades.","SEES - SERVIÇOS ESPECIAIS",null,"m",1,{"$f":"J83","v":38.049999999999997},{"$f":"SUM(J84:J88)","v":38.049999999999997}]
["Insumo"," H020050004 ","EMBASA","APARELHO DE PERFILAGEM OPTICA","Material",null,"M",1,4.4000000000000004,{"$f":"ROUND(H84*I84,2)","v":4.4000000000000004}]
["Insumo"," B590000022 ","EMBASA","TECNICO MEDIO","Mão de Obra",null,"H",8.3500000000000005E-2,48.54,4.05]
["Insumo"," B590000028 ","EMBASA","AUXILIAR TECNICO","Mão de Obra",null,"H",8.3500000000000005E-2,22.47,1.88]
["Insumo"," F020000340 ","EMBASA","DIÁRIA PARA PROFISSIONAL (INTERIOR)","Material",null,"DIA",2.1000000000000001E-2,227,4.7699999999999996]
["Insumo"," F030000250 ","EMBASA","LOCAÇÃO DE VEÍCULO PICK UP TIPO SAVEIRO OU SIMILAR","Material",null,"DIA",0.25,91.8,22.95]
[]
[]
[]
[" 5 ",null,null,"RESERVAÇÃO"]
[" 5.1 ","Código","Banco","Descrição","Tipo",null,"Und","Quant.","Valor Unit","Total"]
["Composição"," COMPOSIÇÃO - 016 ","Próprio","Execução e instalação de base de sustentação em concreto armado para reservatório de diâmetro 2,06m e altura 1,10m, conforme projeto, incluindo fixação de grampos da tampa.","SEDI - SERVIÇOS DIVERSOS",null,"un",1,{"$f":"J94","v":2358.1600000000003},{"$f":"SUM(J95:J113)","v":2358.1600000000003}]
["Composição Auxiliar"," 5928 ","SINAPI","GUINDAUTO HIDRÁULICO, CAPACIDADE MÁXIMA DE CARGA 6200 KG, MOMENTO MÁXIMO DE CARGA 11,7 TM, ALCANCE MÁXIMO HORIZONTAL 9,70 M, INCLUSIVE CAMINHÃO TOCO PBT 16.000 KG, POTÊNCIA DE 189 CV - CHP DIURNO. AF_06/2014","CHOR - CUSTOS HORÁRIOS DE MÁQUINAS E EQUIPAMENTOS",null,"CHP",2.5,257.72000000000003,{"$f":"ROUND(H95*I95,2)","v":644.29999999999995}]
["Composição Auxiliar"," 88310 ","SINAPI","PINTOR COM ENCARGOS COMPLEMENTARES","SEDI - SERVIÇOS DIVERSOS",null,"H",0.3,24.23,7.27]
["Composição Auxiliar"," 100301 ","SINAPI","AJUDANTE DE PINTOR COM ENCARGOS COMPLEMENTARES","SEDI - SERVIÇOS DIVERSOS",null,"H",0.1,19.45,1.95]
["Composição Auxiliar"," 88309 ","SINAPI","PEDREIRO COM ENCARGOS COMPLEMENTARES","SEDI - SERVIÇOS DIVERSOS",null,"H",5.55,23.31,129.37]
["Composição Auxiliar"," 88316 ","SINAPI","SERVENTE COM ENCARGOS COMPLEMENTARES","SEDI - SERVIÇOS DIVERSOS",null,"H",10,18.260000000000002,182.6]
["Composição Auxiliar"," 88245 ","SINAPI","ARMADOR COM ENCARGOS COMPLEMENTARES","SEDI - SERVIÇOS DIVERSOS",null,"H",3,23.12,69.36]
["Composição Auxiliar"," 88262 ","SINAPI","CARPINTEIRO DE FORMAS COM ENCARGOS COMPLEMENTARES","SEDI - SERVIÇOS DIVERSOS",null,"H",2,22.94,45.88]
["Composição Auxiliar"," 87445 ","SINAPI","BETONEIRA CAPACIDADE NOMINAL 400 L, CAPACIDADE DE MISTURA 310 L, MOTOR A DIESEL POTÊNCIA 5,0 HP, SEM CARREGADOR - CHP DIURNO. AF_05/2023","CHOR - CUSTOS HORÁRIOS DE MÁQUINAS E EQUIPAMENTOS",null,"CHP",2.8548,4.87,13.9]
["Composição Auxiliar"," 88377 ","SINAPI","OPERADOR DE BETONEIRA ESTACIONÁRIA/MISTURADOR COM ENCARGOS COMPLEMENTARES","SEDI - SERVIÇOS DIVERSOS",null,"H",2.8548,17.59,50.22]
["Insumo"," 00007155 ","SINAPI","TELA DE ACO SOLDADA NERVURADA, CA-60, Q-138, (2,20 KG/M2), DIAMETRO DO FIO = 4,2 MM, LARGURA = 2,45 M, ESPACAMENTO DA MALHA = 10  X 10 CM","Material",null,"m²",6,16.59,99.54]
["Insumo"," 00000370 ","SINAPI","AREIA MEDIA - POSTO JAZIDA/FORNECEDOR (RETIRADO NA JAZIDA, SEM TRANSPORTE)","Material",null,"m³",1.36,115,156.4]
["Insumo"," 00001379 ","SINAPI","CIMENTO PORTLAND COMPOSTO CP II-32","Material",null,"KG",565.75,0.7,396.03]
["Insumo"," 00004718 ","SINAPI","PEDRA BRITADA N. 2 (19 A 38 MM) POSTO PEDREIRA/FORNECEDOR, SEM FRETE","Material",null,"m³",0.33,112.5,37.130000000000003]
["Insumo"," 00004721 ","SINAPI","PEDRA BRITADA N. 1 (9,5 a 19 MM) POSTO PEDREIRA/FORNECEDOR, SEM FRETE","Material",null,"m³",0.98,111.91,109.67]
["Insumo"," 00003767 ","SINAPI","LIXA EM FOLHA PARA PAREDE OU MADEIRA, NUMERO 120, COR VERMELHA","Material",null,"UN",0.12,1.01,0.12]
["Insumo"," 00007356 ","SINAPI","TINTA LATEX ACRILICA PREMIUM, COR BRANCO FOSCO","Material",null,"L",0.18,18.760000000000002,3.38]
["Insumo"," 00000032 ","SINAPI","ACO CA-50, 6,3 MM, VERGALHAO","Material",null,"KG",9.3000000000000007,8.99,83.61]
["Insumo"," 00043059 ","SINAPI","ACO CA-60, 4,2 MM, OU 5,0 MM, OU 6,0 MM, OU 7,0 MM, VERGALHAO","Material",null,"KG",3.04,8.06,24.5]
["Insumo"," 00043681 ","SINAPI","CHAPA/PAINEL DE MADEIRA COMPENSADA RESINADA (MADEIRITE RESINADO ROSA) PARA FORMA DE CONCRETO, DE 2200 x 1100 MM, E = 8 A 12 MM","Material",null,"m²",17.46,17.350000000000001,302.93]
[]
[]
[]
[" 6 ",null,null,"BEBEDOURO"]
[" 6.1 ","Código","Banco","Descrição","Tipo",null,"Und","Quant.","Valor Unit","Total"]
["Composição"," COMPOSIÇÃO - 017 ","Próprio","Serviço de execução do bebedouro em concreto armado, incluso materiais.","SEDI - SERVIÇOS DIVERSOS",null,"un",1,{"$f":"J119","v":1373.5600000000002},{"$f":"SUM(J120:J138)","v":1373.5600000000002}]
["Composição Auxiliar"," 5928 ","SINAPI","GUINDAUTO HIDRÁULICO, CAPACIDADE MÁXIMA DE CARGA 6200 KG, MOMENTO MÁXIMO DE CARGA 11,7 TM, ALCANCE MÁXIMO HORIZONTAL 9,70 M, INCLUSIVE CAMINHÃO TOCO PBT 16.000 KG, POTÊNCIA DE 189 CV - CHP DIURNO. AF_06/2014","CHOR - CUSTOS HORÁRIOS DE MÁQUINAS E EQUIPAMENTOS",null,"CHP",2,257.72000000000003,{"$f":"ROUND(H120*I120,2)","v":515.44000000000005}]
["Composição Auxiliar"," 87445 ","SINAPI","BETONEIRA CAPACIDADE NOMINAL 400 L, CAPACIDADE DE MISTURA 310 L, MOTOR A DIESEL POTÊNCIA 5,0 HP, SEM CARREGADOR - CHP DIURNO. AF_05/2023","CHOR - CUSTOS HORÁRIOS DE MÁQUINAS E EQUIPAMENTOS",null,"CHP",0.5,4.87,2.44]
["Composição Auxiliar"," 88377 ","SINAPI","OPERADOR DE BETONEIRA ESTACIONÁRIA/MISTURADOR COM ENCARGOS COMPLEMENTARES","SEDI - SERVIÇOS DIVERSOS",null,"H",0.5,17.59,8.8000000000000007]
["Composição Auxiliar"," 88310 ","SINAPI","PINTOR COM ENCARGOS COMPLEMENTARES","SEDI - SERVIÇOS DIVERSOS",null,"H",0.3,24.23,7.27]
["Composição Auxiliar"," 100301 ","SINAPI","AJUDANTE DE PINTOR COM ENCARGOS COMPLEMENTARES","SEDI - SERVIÇOS DIVERSOS",null,"H",0.1,19.45,1.95]
["Composição Auxiliar"," 88245 ","SINAPI","ARMADOR COM ENCARGOS COMPLEMENTARES","SEDI - SERVIÇOS DIVERSOS",null,"H",3,23.12,69.36]
["Composição Auxiliar"," 88262 ","SINAPI","CARPINTEIRO DE FORMAS COM ENCARGOS COMPLEMENTARES","SEDI - SERVIÇOS DIVERSOS",null,"H",2,22.94,45.88]
["Composição Auxiliar"," 88316 ","SINAPI","SERVENTE COM ENCARGOS COMPLEMENTARES","SEDI - SERVIÇOS DIVERSOS",null,"H",5,18.260000000000002,91.3]
["Composição Auxiliar"," 88309 ","SINAPI","PEDREIRO COM ENCARGOS COMPLEMENTARES","SEDI - SERVIÇOS DIVERSOS",null,"H",4,23.31,93.24]
["Insumo"," 00043055 ","SINAPI","ACO CA-50, 12,5 MM OU 16,0 MM, VERGALHAO","Material",null,"KG",12,7.38,88.56]
["Insumo"," 00043059 ","SINAPI","ACO CA-60, 4,2 MM, OU 5,0 MM, OU 6,0 MM, OU 7,0 MM, VERGALHAO","Material",null,"KG",13,8.06,104.78]
["Insumo"," 00000032 ","SINAPI","ACO CA-50, 6,3 MM, VERGALHAO","Material",null,"KG",6,8.99,53.94]
["Insumo"," 00000370 ","SINAPI","AREIA MEDIA - POSTO JAZIDA/FORNECEDOR (RETIRADO NA JAZIDA, SEM TRANSPORTE)","Material",null,"m³",0.32,115,36.799999999999997]
["Insumo"," 00001379 ","SINAPI","CIMENTO PORTLAND COMPOSTO CP II-32","Material",null,"KG",127,0.7,88.9]
["Insumo"," 00004718 ","SINAPI","PEDRA BRITADA N. 2 (19 A 38 MM) POSTO PEDREIRA/FORNECEDOR, SEM FRETE","Material",null,"m³",0.08,112.5,9]
["Insumo"," 00004721 ","SINAPI","PEDRA BRITADA N. 1 (9,5 a 19 MM) POSTO PEDREIRA/FORNECEDOR, SEM FRETE","Material",null,"m³",0.23,111.91,25.74]
["Insumo"," 00003767 ","SINAPI","LIXA EM FOLHA PARA PAREDE OU MADEIRA, NUMERO 120, COR VERMELHA","Material",null,"UN",0.12,1.01,0.12]
["Insumo"," 00007356 ","SINAPI","TINTA LATEX ACRILICA PREMIUM, COR BRANCO FOSCO","Material",null,"L",0.18,18.760000000000002,3.38]
["Insumo"," 00043681 ","SINAPI","CHAPA/PAINEL DE MADEIRA COMPENSADA RESINADA (MADEIRITE RESINADO ROSA) PARA FORMA DE CONCRETO, DE 2200 x 1100 MM, E = 8 A 12 MM","Material",null,"m²",7.3,17.350000000000001,126.66]
[]
[]
[" 7 ",null,null,"INSTALAÇÕES HIDRÁULICAS"]
[" 7.1 ",null,null,"INSTALAÇÕES DE CAVALETE"]
[" 7.1.1 ","Código","Banco","Descrição","Tipo",null,"Und","Quant.","Valor Unit","Total"]
["Composição"," COMPOSIÇÃO - 018 ","Próprio","Montagem e Instalação de Tubulação e Conexões Cavalete","INHI - INSTALAÇÕES HIDROS SANITÁRIAS",null,"un",1,{"$f":"J144","v":231.58},{"$f":"SUM(J145:J148)","v":231.58}]
["Composição Auxiliar"," 88248 ","SINAPI","AUXILIAR DE ENCANADOR OU BOMBEIRO HIDRÁULICO COM ENCARGOS COMPLEMENTARES","SEDI - SERVIÇOS DIVERSOS",null,"H",3,17.7,{"$f":"ROUND(H145*I145,2)","v":53.1}]
["Composição Auxiliar"," 88267 ","SINAPI","ENCANADOR OU BOMBEIRO HIDRÁULICO COM ENCARGOS COMPLEMENTARES","SEDI - SERVIÇOS DIVERSOS",null,"H",3,22.57,67.709999999999994]
["Insumo"," 00000122 ","SINAPI","ADESIVO PLASTICO PARA PVC, FRASCO COM *850* GR","Material",null,"UN",1,51.93,51.93]
["Insumo"," 00020083 ","SINAPI","SOLUCAO PREPARADORA / LIMPADORA PARA PVC, FRASCO COM 1000 CM3","Material",null,"UN",1,58.84,58.84]
[]
[]
[]
[" 7.2 ",null,null,"INSTALAÇÕES DE ADUTORA, RESERVATÓRIO E BEBEDOURO"]
[" 7.2.1 ","Código","Banco","Descrição","Tipo",null,"Und","Quant.","Valor Unit","Total"]
["Composição"," COMPOSIÇÃO - 020 ","Próprio","Montagem e instalação da rede adutora poço-reservatório-bebedouro","SEDI - SERVIÇOS DIVERSOS",null,"un",1,{"$f":"J154","v":877.93},{"$f":"SUM(J155:J160)","v":877.93}]
["Composição Auxiliar"," 88316 ","SINAPI","SERVENTE COM ENCARGOS COMPLEMENTARES","SEDI - SERVIÇOS DIVERSOS",null,"H",6,18.260000000000002,{"$f":"ROUND(H155*I155,2)","v":109.56}]
["Composição Auxiliar"," 96995 ","SINAPI","REATERRO MANUAL APILOADO COM SOQUETE. AF_10/2017","MOVT - MOVIMENTO DE TERRA",null,"m³",4.5,43.8,197.1]
["Composição Auxiliar"," 93358 ","SINAPI","ESCAVAÇÃO MANUAL DE VALA COM PROFUNDIDADE MENOR OU IGUAL A 1,30 M. AF_02/2021","MOVT - MOVIMENTO DE TERRA",null,"m³",4.5,72.239999999999995,325.08]
["Composição Auxiliar"," 88267 ","SINAPI","ENCANADOR OU BOMBEIRO HIDRÁULICO COM ENCARGOS COMPLEMENTARES","SEDI - SERVIÇOS DIVERSOS",null,"H",6,22.57,135.41999999999999]
["Insumo"," 00000122 ","SINAPI","ADESIVO PLASTICO PARA PVC, FRASCO COM *850* GR","Material",null,"UN",1,51.93,51.93]
["Insumo"," 00020083 ","SINAPI","SOLUCAO PREPARADORA / LIMPADORA PARA PVC, FRASCO COM 1000 CM3","Material",null,"UN",1,58.84,58.84]
[]
[]
[]
[" 8 ",null,null,"FORNECIMENTO E INSTALAÇÃO DE SISTEMA FOTOVOLTAÍCO"]
[" 8.1 ",null,null,"INSTALAÇÕES HIDRÁULICAS"]
[" 8.1.1 ","Código","Banco","Descrição","Tipo",null,"Und","Quant.","Valor Unit","Total"]
["Composição"," COMPOSIÇÃO - 019 ","Próprio","Montagem e instalação hidráulica do kit de bombeamento","INHI - INSTALAÇÕES HIDROS SANITÁRIAS",null,"un",1,{"$f":"J167","v":120.81},{"$f":"SUM(J168:J169)","v":120.81}]
["Composição Auxiliar"," 88267 ","SINAPI","ENCANADOR OU BOMBEIRO HIDRÁULICO COM ENCARGOS COMPLEMENTARES","SEDI - SERVIÇOS DIVERSOS",null,"H",3,22.57,{"$f":"ROUND(H168*I168,2)","v":67.709999999999994}]
["Composição Auxiliar"," 88248 ","SINAPI","AUXILIAR DE ENCANADOR OU BOMBEIRO HIDRÁULICO COM ENCARGOS COMPLEMENTARES","SEDI - SERVIÇOS DIVERSOS",null,"H",3,17.7,53.1]
[]
[]
[]
[" 8.2 ",null,null,"INSTALAÇÕES ELÉTRICAS"]
[" 8.2.1 ","Código","Banco","Descrição","Tipo",null,"Und","Quant.","Valor Unit","Total"]
["Composição"," COMPOSIÇÃO - 021 ","Próprio","Montagem e instalação elétrica do kit de bombeamento e sistema fotovoltaico inclusive sistema de aterramento.","INEL - INSTALAÇÃO ELÉTRICA/ELETRIFICAÇÃO E ILUMINAÇÃO EXTERNA",null,"un",1,{"$f":"J175","v":517.94000000000005},{"$f":"SUM(J176:J180)","v":517.94000000000005}]
["Composição Auxiliar"," 88264 ","SINAPI","ELETRICISTA COM ENCARGOS COMPLEMENTARES","SEDI - SERVIÇOS DIVERSOS",null,"H",8,23.62,{"$f":"ROUND(H176*I176,2)","v":188.96}]
["Composição Auxiliar"," 88247 ","SINAPI","AUXILIAR DE ELETRICISTA COM ENCARGOS COMPLEMENTARES","SEDI - SERVIÇOS DIVERSOS",null,"H",8,18.649999999999999,149.19999999999999]
["Composição Auxiliar"," 91677 ","SINAPI","ENGENHEIRO ELETRICISTA COM ENCARGOS COMPLEMENTARES","SEDI - SERVIÇOS DIVERSOS",null,"H",1,169.56,169.56]
["Insumo"," 00020111 ","SINAPI","FITA ISOLANTE ADESIVA ANTICHAMA, USO ATE 750 V, EM ROLO DE 19 MM X 20 M","Material",null,"UN",1,9,9]
["Insumo"," 00000404 ","SINAPI","FITA ISOLANTE DE BORRACHA AUTOFUSAO, USO ATE 69 KV (ALTA TENSAO)","Material",null,"M",1,1.22,1.22]
[]
[]
[]
[" 8.3 ",null,null,"ESTRUTURA DE FIXAÇÃO PARA MÓDULOS FOTOVOLTAICOS"]
[" 8.3.1 ","Código","Banco","Descrição","Tipo",null,"Und","Quant.","Valor Unit","Total"]
["Composição"," COMPOSIÇÃO - 022 ","Próprio","Serviço de fixação de estruturas para os módulos fotovoltaicos e suportes de concreto, incluso materiais.","SEDI - SERVIÇOS DIVERSOS",null,"m²",1,{"$f":"J186","v":213.35},{"$f":"SUM(J187:J190)","v":213.35}]
["Composição Auxiliar"," 94975 ","SINAPI","CONCRETO FCK = 15MPA, TRAÇO 1:3,4:3,5 (EM MASSA SECA DE CIMENTO/ AREIA MÉDIA/ BRITA 1) - PREPARO MANUAL. AF_05/2021","FUES - FUNDAÇÕES E ESTRUTURAS",null,"m³",9.4500000000000001E-2,467.93,{"$f":"ROUND(H187*I187,2)","v":44.22}]
["Composição Auxiliar"," 93358 ","SINAPI","ESCAVAÇÃO MANUAL DE VALA COM PROFUNDIDADE MENOR OU IGUAL A 1,30 M. AF_02/2021","MOVT - MOVIMENTO DE TERRA",null,"m³",6.25E-2,72.239999999999995,4.5199999999999996]
["Composição Auxiliar"," 96534 ","SINAPI","FABRICAÇÃO, MONTAGEM E DESMONTAGEM DE FÔRMA PARA BLOCO DE COROAMENTO, EM MADEIRA SERRADA, E=25 MM, 4 UTILIZAÇÕES. AF_06/2017","FUES - FUNDAÇÕES E ESTRUTURAS",null,"m²",3.2000000000000001E-2,81.64,2.61]
["Insumo"," COTAÇÃO-003 ","Próprio","Fornecimento suporte fabricado em material metálico resistente a corrosão e ataque químico do solo fabricado em alumínio ou aço galvanizado ou aço zincado ou similares, a ser fixado nos blocos de concreto","Material",null,"m²",1,162,{"$f":"ROUND(H190*I190,2)","v":162}]
[]
[]
[" 8.4 ",null,null,"FORNECIMENTO DE KIT DE BOMBEAMENTO FOTOVOLTAICO"]
[null,"Código","Banco","Descrição","Tipo",null,"Und","Quant.","Valor Unit","Total"]
["Insumo"," COTAÇÃO-002 ","Próprio","Fornecimento de kit de bombeamento fotovoltaico, incluindo uma bomba CC de 1500W com imã permanente e sem escovas, controladora de carga, disjuntor CC adequado, caixa de proteção metálica, módulos compatíveis com a geração de 2200Wp (potência mínima de 550 W por módulo) e componentes elétricos necessários como cabos, conectores MC4 e presilhas de fixação.","Equipamento para Aquisição Permanente",null,"un",1,19421.8,{"$f":"ROUND(H195*I195,2)","v":19421.8}]
[]
[]
[" 9 ",null,null,"URBANIZAÇÃO"]
[" 9.1 ",null,null,"CERCA"]
[" 9.1.1 ","Código","Banco","Descrição","Tipo",null,"Und","Quant.","Valor Unit","Total"]
["Composição"," COMPOSIÇÃO - 023 ","Próprio","Cerca com mourões de concreto de 15x15cm, espaçados de 3m e cravados a 0,5m, escoras de 10x10cm nos cantos, e 9 fios de arame de aço ovalado 15x17.","SEDI - SERVIÇOS DIVERSOS",null,"m",1,{"$f":"J201","v":73.31},{"$f":"SUM(J202:J208)","v":73.31}]
["Composição Auxiliar"," 88309 ","SINAPI","PEDREIRO COM ENCARGOS COMPLEMENTARES","SEDI - SERVIÇOS DIVERSOS",null,"H",0.33500000000000002,23.31,{"$f":"ROUND(H202*I202,2)","v":7.81}]
["Composição Auxiliar"," 88316 ","SINAPI","SERVENTE COM ENCARGOS COMPLEMENTARES","SEDI - SERVIÇOS DIVERSOS",null,"H",0.67100000000000004,18.260000000000002,12.25]
["Composição Auxiliar"," 94975 ","SINAPI","CONCRETO FCK = 15MPA, TRAÇO 1:3,4:3,5 (EM MASSA SECA DE CIMENTO/ AREIA MÉDIA/ BRITA 1) - PREPARO MANUAL. AF_05/2021","FUES - FUNDAÇÕES E ESTRUTURAS",null,"m³",2.8799999999999999E-2,467.93,13.48]
["Insumo"," 00043130 ","SINAPI","ARAME GALVANIZADO 12 BWG, D = 2,76 MM (0,048 KG/M) OU 14 BWG, D = 2,11 MM (0,026 KG/M)","Material",null,"KG",9.8000000000000004E-2,29.1,2.85]
["Insumo"," 00000346 ","SINAPI","ARAME DE ACO OVALADO 15 X 17 ( 45,7 KG, 700 KGF), ROLO 1000 M","Material",null,"KG",0.40500000000000003,34.47,13.96]
["Insumo"," 00004111 ","SINAPI","ESCORA PRE-MOLDADA EM CONCRETO, *10 X 10* CM, H = 2,30M","Material",null,"UN",0.16,46.4,7.42]
["Insumo"," I1533 ","SEINFRA","MOURÃO CONCRETO BASE 15X15CM H=2.3 C/ 12 FUROS","Material",null,"UN",0.42,37.01,15.54]
[]
[]
[" 9.2 ",null,null,"PORTÃO",{"$nulls":5},1289.06]
[" 9.2.1 ","Código","Banco","Descrição","Tipo",null,"Und","Quant.","Valor Unit","Total"]
["Composição"," COMPOSIÇÃO - 024 ","Próprio","Serviço de instalação de portão de ferro com suporte e batedor conforme projeto, incluso material","SEDI - SERVIÇOS DIVERSOS",null,"m²",1,{"$f":"J213","v":684.92000000000007},{"$f":"SUM(J214:J218)","v":684.92000000000007}]
["Composição Auxiliar"," 88309 ","SINAPI","PEDREIRO COM ENCARGOS COMPLEMENTARES","SEDI - SERVIÇOS DIVERSOS",null,"H",1.5,23.31,{"$f":"ROUND(H214*I214,2)","v":34.97}]
["Composição Auxiliar"," 88316 ","SINAPI","SERVENTE COM ENCARGOS COMPLEMENTARES","SEDI - SERVIÇOS DIVERSOS",null,"H",1.5,18.260000000000002,27.39]
["Insumo"," 00000367 ","SINAPI","AREIA GROSSA - POSTO JAZIDA/FORNECEDOR (RETIRADO NA JAZIDA, SEM TRANSPORTE)","Material",null,"m³",6.0999999999999999E-2,116.5,7.11]
["Insumo"," 00001379 ","SINAPI","CIMENTO PORTLAND COMPOSTO CP II-32","Material",null,"KG",4.83,0.7,3.38]
["Insumo"," 00004948 ","SINAPI","PORTAO DE ABRIR / GIRO, EM GRADIL DE METALON REDONDO DE 3/4\"  VERTICAL, COM REQUADRO, ACABAMENTO NATURAL - COMPLETO","Material",null,"m²",1,612.07000000000005,612.07000000000005]
[]
[]
[" 10 ",null,null,"OUTROS SERVIÇOS"]
[" 10.1 ","Código","Banco","Descrição","Tipo",null,"Und","Quant.","Valor Unit","Total"]
["Composição"," COMPOSIÇÃO - 025 ","Próprio","Serviço de lançamento de concreto para acabamento do tamponamento, incluso material.","SEDI - SERVIÇOS DIVERSOS",null,"m³",1,{"$f":"J223","v":683.42000000000007},{"$f":"SUM(J224:J225)","v":683.42000000000007}]
["Composição Auxiliar"," 103670 ","SINAPI","LANÇAMENTO COM USO DE BALDES, ADENSAMENTO E ACABAMENTO DE CONCRETO EM ESTRUTURAS. AF_02/2022","FUES - FUNDAÇÕES E ESTRUTURAS",null,"m³",1,250.38,{"$f":"ROUND(H224*I224,2)","v":250.38}]
["Composição Auxiliar"," 94974 ","SINAPI","CONCRETO MAGRO PARA LASTRO, TRAÇO 1:4,5:4,5 (EM MASSA SECA DE CIMENTO/ AREIA MÉDIA/ BRITA 1) - PREPARO MANUAL. AF_05/2021","FUES - FUNDAÇÕES E ESTRUTURAS",null,"m³",1,433.04,433.04]
[]
[]
[" 10.2 ","Código","Banco","Descrição","Tipo",null,"Und","Quant.","Valor Unit","Total"]
["Composição"," COMPOSIÇÃO - 026 ","Próprio","Serviço de execução do tamponamento, incluso pedra britada desinfectada.","SEDI - SERVIÇOS DIVERSOS",null,"m³",1,{"$f":"J229","v":152.03},{"$f":"SUM(J230:J232)","v":152.03}]
["Composição Auxiliar"," 88316 ","SINAPI","SERVENTE COM ENCARGOS COMPLEMENTARES","SEDI - SERVIÇOS DIVERSOS",null,"H",0.1,18.260000000000002,{"$f":"ROUND(H230*I230,2)","v":1.83}]
["Insumo"," 00004720 ","SINAPI","PEDRA BRITADA N. 0, OU PEDRISCO (4,8 A 9,5 MM) POSTO PEDREIRA/FORNECEDOR, SEM FRETE","Material",null,"m³",1,129.19999999999999,{"$f":"ROUND(H231*I231,2)","v":129.19999999999999}]
["Insumo"," D240000003 ","EMBASA","HIPOCLORITO DE SÓDIO","Material",null,"L",5,4.2,21]
[]
[]
[]
[null,"Código","Banco","Descrição","Tipo",null,"Und","Quant.","Valor Unit","Total"]
["Insumo"," COTAÇÃO-007 ","Próprio","Fornecimento tubo de revestimento geomecânico classe standart Ø 4\" com junta roscável.","Material",null,"m",1,82.5,{"$f":"ROUND(H237*I237,2)","v":82.5}]
[]
[]
[null,"Código","Banco","Descrição","Tipo",null,"Und","Quant.","Valor Unit","Total"]
["Insumo"," COTAÇÃO-005 ","Próprio","Fornecimento tubo filtro geomecânico classe standart Ø 4\" com junta roscável.","Material",null,"m",1,86.02,{"$f":"ROUND(H241*I241,2)","v":86.02}]

{"sheet":"Crono. PB - Parci.Rev","index":11,"n_rows":24,"n_cols":15,"rows_kept":24,"cut":false,"hidden":false,"merged":[[7,0,8,14],[5,0,6,0],[5,1,6,14],[0,2,3,6],[20,0,20,1],[20,2,23,2],[21,0,21,1],[22,0,22,1],[23,0,23,1]]}
[null,null,"MINISTÉRIO DO DESENVOLVIMENTO REGIONAL - MDR\nCOMPANHIA DE DESENVOLVIMENTO DOS VALES DO SÃO FRANCISCO E DO PARNAÍBA\nÁREA DE REVITALIZAÇÃO E SUSTENTABILIDADE SOCIOAMBIENTAL"]
[]
[]
[]
[]
["OBJETO:","PERFURAÇÃO E INSTALAÇÃO DE POÇO TUBULAR PARCIALMENTE REVESTIDO NO ESTADO DA PARAÌBA"]
[]
["CRONOGRAMA FÍSICO-FINANCEIRO"]
[]
["ITEM","ESPECIFICAÇÃO DOS SERVIÇOS","VALOR TOTAL (R$)","Mês 01","Mês 02","Mês 03","Mês 04","Mês 05","Mês 06","Mês 07","Mês 08","Mês 09","Mês 10","Mês 11","Mês 12"]
["1","SERVIÇOS PRELIMINARES",{"$f":"'Orç. PB - Parc. Rev - Sintético'!J6","v":375016.27},{"$f":"$C$11/12","v":31251.355833333335},{"$f":"$C$11/12","v":31251.355833333335},31251.355833333335,31251.355833333335,31251.355833333335,31251.355833333335,31251.355833333335,31251.355833333335,31251.355833333335,31251.355833333335,31251.355833333335,31251.355833333335]
["2","MOBILIZAÇÂO E DESMOBILIZAÇÂO EQUIPES PERFURAÇÂO E INSTALAÇÃO",{"$f":"'Orç. PB - Parc. Rev - Sintético'!J11","v":338288.4},{"$f":"$C$12/12","v":28190.7},{"$f":"$C$12/12","v":28190.7},28190.7,28190.7,28190.7,28190.7,28190.7,28190.7,28190.7,28190.7,28190.7,28190.7]
["3","PERFURAÇÃO E COMPLETAÇÃO DE POÇO TUBULAR",{"$f":"'Orç. PB - Parc. Rev - Sintético'!J14","v":5833309.9600000009},{"$f":"$C$13/12","v":486109.16333333339},{"$f":"$C$13/12","v":486109.16333333339},486109.16333333339,486109.16333333339,486109.16333333339,486109.16333333339,486109.16333333339,486109.16333333339,486109.16333333339,486109.16333333339,486109.16333333339,486109.16333333339]
["4","PÓS PERFURAÇÃO",{"$f":"'Orç. PB - Parc. Rev - Sintético'!J21","v":1583029.44},{"$f":"$C$14/12","v":131919.12},{"$f":"$C$14/12","v":131919.12},131919.12,131919.12,131919.12,131919.12,131919.12,131919.12,131919.12,131919.12,131919.12,131919.12]
["5","RESERVAÇÃO",{"$f":"'Orç. PB - Parc. Rev - Sintético'!J26","v":1036423.44},{"$f":"$C$15/12","v":86368.62},{"$f":"$C$15/12","v":86368.62},86368.62,86368.62,86368.62,86368.62,86368.62,86368.62,86368.62,86368.62,86368.62,86368.62]
["6","BEBEDOURO",{"$f":"'Orç. PB - Parc. Rev - Sintético'!J32","v":274022.19},{"$f":"$C$16/12","v":22835.182499999999},{"$f":"$C$16/12","v":22835.182499999999},22835.182499999999,22835.182499999999,22835.182499999999,22835.182499999999,22835.182499999999,22835.182499999999,22835.182499999999,22835.182499999999,22835.182499999999,22835.182499999999]
["7","INSTALAÇÕES HIDRÁULICAS",{"$f":"'Orç. PB - Parc. Rev - Sintético'!J34","v":526242.29999999993},{"$f":"$C$17/12","v":43853.524999999994},{"$f":"$C$17/12","v":43853.524999999994},43853.524999999994,43853.524999999994,43853.524999999994,43853.524999999994,43853.524999999994,43853.524999999994,43853.524999999994,43853.524999999994,43853.524999999994,43853.524999999994]
["8",{"$f":"'Orç. PB - Tot. Rev - Sintético'!E70","v":"FORNECIMENTO E INSTALAÇÃO DE SISTEMA FOTOVOLTAÍCO"},{"$f":"'Orç. PB - Parc. Rev - Sintético'!J64","v":4872964.9399999995},{"$f":"$C$18/12","v":406080.41166666662},{"$f":"$C$18/12","v":406080.41166666662},406080.41166666662,406080.41166666662,406080.41166666662,406080.41166666662,406080.41166666662,406080.41166666662,406080.41166666662,406080.41166666662,406080.41166666662,406080.41166666662]
["9","URBANIZAÇÃO",{"$f":"'Orç. PB - Parc. Rev - Sintético'!J86","v":614454.71},{"$f":"$C$19/12","v":51204.559166666666},{"$f":"$C$19/12","v":51204.559166666666},51204.559166666666,51204.559166666666,51204.559166666666,51204.559166666666,51204.559166666666,51204.559166666666,51204.559166666666,51204.559166666666,51204.559166666666,51204.559166666666]
["10","OUTROS SERVIÇOS",{"$f":"'Orç. PB - Parc. Rev - Sintético'!J91","v":751524.98},{"$f":"$C$20/12","v":62627.081666666665},{"$f":"$C$20/12","v":62627.081666666665},62627.081666666665,62627.081666666665,62627.081666666665,62627.081666666665,62627.081666666665,62627.081666666665,62627.081666666665,62627.081666666665,62627.081666666665,62627.081666666665]
["TOTAL",null,{"$f":"SUM(C11:C20)","v":16205276.629999999},{"$f":"SUM(D11:D20)","v":1350439.7191666667},{"$f":"SUM(E11:E20)","v":1350439.7191666667},1350439.7191666667,1350439.7191666667,1350439.7191666667,1350439.7191666667,1350439.7191666667,1350439.7191666667,1350439.7191666667,1350439.7191666667,1350439.7191666667,1350439.7191666667]
["PERCENTUAL",null,null,{"$f":"D21/$C$21","v":8.3333333333333343E-2},8.3333333333333343E-2,8.3333333333333343E-2,8.3333333333333343E-2,8.3333333333333343E-2,8.3333333333333343E-2,8.3333333333333343E-2,8.3333333333333343E-2,8.3333333333333343E-2,8.3333333333333343E-2,8.3333333333333343E-2,8.3333333333333343E-2]
["CUSTO ACUMULADO",null,null,{"$f":"D21","v":1350439.7191666667},{"$f":"E21+D23","v":2700879.4383333335},{"$f":"F21+E23","v":4051319.1575000002},5401758.8766666669,6752198.5958333332,8102638.3149999995,9453078.0341666657,10803517.753333332,12153957.472499998,13504397.191666665,14854836.910833331,16205276.629999997]
["PERCENTUAL ACUMULADO",null,null,{"$f":"D22","v":8.3333333333333343E-2},{"$f":"E22+D24","v":0.16666666666666669},0.25,0.33333333333333337,0.41666666666666674,0.50000000000000011,0.58333333333333348,0.66666666666666685,0.75000000000000022,0.83333333333333359,0.91666666666666696,1.0000000000000002]

{"sheet":"Orç. PB - Tot. Rev - Sintético","index":12,"n_rows":102,"n_cols":11,"rows_kept":102,"cut":false,"hidden":false,"merged":[[0,5,0,6],[0,9,0,10],[1,5,1,6],[1,9,1,10],[3,0,3,10],[1,0,2,4],[0,0,0,4]]}
[{"$nulls":7},"B.D.I. SERVIÇO","B.D.I. MATERIAL","Encargos Sociais"]
["OBRA:PERFURAÇÃO E INSTALAÇÃO DE POÇO TUBULAR TOTALMENTE REVESTIDO NO ESTADO DA PARAIBA",{"$nulls":6},0.25469999999999998,0.15279999999999999,"Não Desonerado: embutido nos preços unitário dos insumos de mão de obra, de acordo com as bases."]
[{"$nulls":7},"VALOR UNITÁRIO POR POÇO",{"$f":"ROUND(J102/K3,2)","v":156834.78},"QUANTIDADE DE POÇOS",21]
["Orçamento Sintético"]
["Item","Código","Serviço/Material","Banco","Descrição","Und","Quant.","Valor Unit","Valor Unit com BDI","Total","Peso (%)"]
[" 1 ",null,null,null,"SERVIÇOS PRELIMINARES",{"$nulls":4},{"$f":"SUM(J7:J10)","v":220483.21000000002},{"$f":"J6/$J$102","v":6.6944336078798572E-2}]
[" 1.1 "," COMPOSIÇÃO - 002 ","Serviço","Próprio","Administração Local da Obra - Poço Totalmente Revestido","un",1,152006.01999999999,{"$f":"ROUND(H7+H7*$H$2,2)","v":190721.95},{"$f":"ROUND(G7*I7,2)","v":190721.95},{"$f":"J7/$J$102","v":5.7908057118743042E-2}]
[" 1.2 "," COMPOSIÇÃO - 003 ","Serviço","Próprio","Serviço de locação Geológica de campo com relatório hidro geológico e perfil construtivo e geológico esperado. Relatório de Viabilidade de implantação das estruturas e vistorias preliminares","un",21,496.4,{"$f":"ROUND(H8+H8*$H$2,2)","v":622.83000000000004},{"$f":"ROUND(G8*I8,2)","v":13079.43},{"$f":"J8/$J$102","v":3.9712491379235645E-3}]
[" 1.3 "," COMPOSIÇÃO - 028 ","Serviço","Próprio","Procedimentos para emissão de Outorga de uso insignificante e Dispensa de Licenciamento Ambiental (incluso taxas) - Paraíba","un",21,382.5,479.92,10078.32,3.0600354611567799E-3]
[" 1.4 ",51,"Serviço","ORSE","Placa de obra em chapa aço galvanizado, instalada - Rev 02_01/2022","m²",15.12,348.08,436.74,6603.51,2.0049943609751833E-3]
[" 2 ",null,null,null,"MOBILIZAÇÂO E DESMOBILIZAÇÂO EQUIPES PERFURAÇÂO E INSTALAÇÃO",{"$nulls":4},{"$f":"SUM(J12:J14)","v":48560.4},1.4744178197155648E-2]
[" 2.1 "," COMPOSIÇÃO - 006 ","Serviço","Próprio","Transporte de Comboio Perfuração","km",5040,4.34,{"$f":"ROUND(H12+H12*$H$2,2)","v":5.45},{"$f":"ROUND(G12*I12,2)","v":27468},{"$f":"J12/$J$102","v":8.3399866294237967E-3}]
[" 2.2 "," COMPOSIÇÃO - 007 ","Serviço","Próprio","Transporte de Comboio Instalação","km",2520,5.4399999999999995,6.83,17211.599999999999,5.2258815301802312E-3]
[" 2.3 "," COMPOSIÇÃO - 008 ","Serviço","Próprio","Transporte de água em caminhão pipa para preparo do fluído de perfuração rotativa","km",630,4.91,6.16,3880.8,1.1783100375516188E-3]
[" 3 ",null,null,null,"PERFURAÇÃO E COMPLETAÇÃO DE POÇO TUBULAR",{"$nulls":4},{"$f":"SUM(J16:J26)","v":1638962.46},0.4976308796609703]
[" 3.1 "," COMPOSIÇÃO - 009 ","Serviço","Próprio","Limpeza manual , remoção de cerca, capina e instalação dos equipamentos (área do poço, painéis solares, bebedouro e reservatório)","m²",1470,1.46,{"$f":"ROUND(H16+H16*$H$2,2)","v":1.83},{"$f":"ROUND(G16*I16,2)","v":2690.1},{"$f":"J16/$J$102","v":8.1678309421191763E-4}]
[" 3.2 "," COMPOSIÇÃO - 012 ","Serviço","Próprio","Perfuração rotativa com circulação direta Ø 9.1/2\"","m",3150,255.29000000000002,320.31,1008976.5,0.30635104555857068]
[" 3.3 "," COTAÇÃO-007 ","Material","Próprio","Fornecimento tubo de revestimento geomecânico classe standart Ø 4\" com junta roscável.","m",2814,82.5,{"$f":"ROUND(H18+H18*$I$2,2)","v":95.11},{"$f":"ROUND(G18*I18,2)","v":267639.53999999998},8.1262202748839926E-2]
[" 3.4 "," COTAÇÃO-005 ","Material","Próprio","Fornecimento tubo filtro geomecânico classe standart Ø 4\" com junta roscável.","m",336,86.02,{"$f":"ROUND(H19+H19*$I$2,2)","v":99.16},{"$f":"ROUND(G19*I19,2)","v":33317.760000000002},{"$f":"J19/$J$102","v":1.0116123231482125E-2}]
[" 3.5 "," A.09.000.020926 ","Material","CPOS/CDHU","Fornecimento de centralizador de coluna para poço profundo, diâmetro de 4´","un",210,298.01,343.55,72145.5,2.1905217175371139E-2]
[" 3.6 "," 00009875 ","Material","SINAPI","Fornecimento de tubo pvc, soldavel, de 50 mm, agua fria (nbr-5648) - tubo de recarga prè filtro","m",147,17.36,20.010000000000002,2941.47,8.9310544891696561E-4]
[" 3.7 "," I5785 ","Material","SEINFRA","Fornecimento de cap pvc femea standard dn 100","un",21,78.87,90.92,1909.32,5.7971833665688955E-4]
[" 3.8 "," 5073 ","Material","ORSE","Fornecimento de pré-filtro comum","m³",114.45,1619.38,1866.82,213657.55,6.4871891301712753E-2]
[" 3.9 "," 00043366 ","Material","SINAPI","Fornecimento de bentonita, argila constituida por  montmorilonita","kg",9450,1.54,1.78,16821,5.1072853900370491E-3]
[" 3.10 "," COMPOSIÇÃO - 011 ","Serviço","Próprio","Serviço de lançamento cimentação anelar poço tubular, incluso material.","m³",3.948,768.2700000000001,{"$f":"ROUND(H25+H25*$H$2,2)","v":963.95},{"$f":"ROUND(G25*I25,2)","v":3805.67},{"$f":"J25/$J$102","v":1.1554986499198799E-3}]
[" 3.11 "," COMPOSIÇÃO - 014 ","Serviço","Próprio","Serviço de instalação de laje sanitária com dimensões (1,5x1,5x0,3) , incluso material.","un",21,571.49,717.05,15058.05,4.5720087252510188E-3]
[" 4 ",null,null,null,"PÓS PERFURAÇÃO",{"$nulls":4},{"$f":"SUM(J28:J31)","v":218102.22},6.6221406678594996E-2]
[" 4.1 "," 6305 ","Serviço","ORSE","Serviço de desenvolvimento com compressor 250psi / 750cfm","h",84,411.16,{"$f":"ROUND(H28+H28*$H$2,2)","v":515.88},{"$f":"ROUND(G28*I28,2)","v":43333.919999999998},{"$f":"J28/$J$102","v":1.3157285328401063E-2}]
[" 4.2 "," 6312 ","Serviço","ORSE","Serviço de análise físico-química da Água incluso coleta, transporte e analise","un",21,565.21,709.17,14892.57,4.5217647691043377E-3]
[" 4.3 "," COMPOSIÇÃO - 015 ","Serviço","Próprio","Inspeção ótica em poço tubular câmera com rotação de 360º, visada lateral, com fonte própria de luz, entregue vídeo em cores e marcação de profundidades.","m",945,38.049999999999997,47.74,45114.3,1.3697854186537571E-2]
[" 4.4 "," 6314 ","Serviço","ORSE","Ensaio de Bombeamento com bomba submersível","h",147,622.21,780.69,114761.43,3.4844502394552015E-2]
[" 5 ",null,null,null,"RESERVAÇÃO",{"$nulls":4},{"$f":"SUM(J33:J37)","v":136886.10999999999},4.1562120545865548E-2]
[" 5.1 "," COMPOSIÇÃO - 016 ","Serviço","Próprio","Execução e instalação de base de sustentação em concreto armado para reservatório de diâmetro 2,06m e altura 1,10m, conforme projeto, incluindo fixação de grampos da tampa.","un",21,2358.1600000000003,{"$f":"ROUND(H33+H33*$H$2,2)","v":2958.78},{"$f":"ROUND(G33*I33,2)","v":62134.38},{"$f":"J33/$J$102","v":1.8865585351228242E-2}]
[" 5.2 "," 00037105 ","Material","SINAPI","Fornecimento de caixa d'agua / reservatorio em poliester reforcado com fibra de vidro, 5000 litros, com tampa","un",21,2986.9,{"$f":"ROUND(H34+H34*$I$2,2)","v":3443.3},{"$f":"ROUND(G34*I34,2)","v":72309.3},2.1954951040592474E-2]
[" 5.3 "," 13960 ","Material","ORSE","Fornecimento de cabo de aço 1/8\" sem revestimento  ( rolo c/ 100 mt) rolo","rolo",1.68,260.95999999999998,300.83,505.39,1.5344931711972084E-4]
[" 5.4 "," 094248 ","Material","SBC","Fornecimento de esticador olhal com gancho de 1/4\" 6,35 mm vonder","un",84,13.05,15.04,1263.3599999999999,3.835883758609599E-4]
[" 5.5 "," 002048 ","Material","SBC","Fornecimento de grampo (clip) para cabo de aco pesado 1/8\"","un",84,6.96,8.02,673.68,2.0454646106415547E-4]
[" 6 ",null,null,null,"BEBEDOURO",{"$nulls":4},{"$f":"SUM(J39)","v":36191.61},1.0988697520653871E-2]
[" 6.1 "," COMPOSIÇÃO - 017 ","Serviço","Próprio","Serviço de execução do bebedouro em concreto armado, incluso materiais.","un",21,1373.5600000000002,{"$f":"ROUND(H39+H39*$H$2,2)","v":1723.41},{"$f":"ROUND(G39*I39,2)","v":36191.61},{"$f":"J39/$J$102","v":1.0988697520653871E-2}]
[" 7 ",null,null,null,"INSTALAÇÕES HIDRÁULICAS",{"$nulls":4},{"$f":"SUM(J41,J57)","v":69503.7},2.1103099195262948E-2]
[" 7.1 ",null,null,null,"INSTALAÇÕES DE CAVALETE",{"$nulls":4},{"$f":"SUM(J42:J56)","v":27468},8.3399866294237967E-3]
[" 7.1.1 "," COMPOSIÇÃO - 018 ","Serviço","Próprio","Montagem e Instalação de Tubulação e Conexões Cavalete","un",21,231.58,{"$f":"ROUND(H42+H42*$H$2,2)","v":290.56},{"$f":"ROUND(G42*I42,2)","v":6101.76},{"$f":"J42/$J$102","v":1.8526502408603809E-3}]
[" 7.1.2 "," 00001796 ","Material","SINAPI","Fornecimento de curva 90 graus de ferro galvanizado, com rosca bsp macho, de 1 1/4\"","un",21,77.17,{"$f":"ROUND(H43+H43*$I$2,2)","v":88.96},{"$f":"ROUND(G43*I43,2)","v":1868.16},5.672211089858875E-4]
[" 7.1.3 "," 00009888 ","Material","SINAPI","Fornecimento de uniao de ferro galvanizado, com rosca bsp, com assento plano, de 1 1/4\"","un",21,62.13,71.62,1504.02,4.5665890091692069E-4]
[" 7.1.4 "," 00004180 ","Material","SINAPI","Fornecimento de niple de ferro galvanizado, com rosca bsp, de 1 1/4\"","un",42,18.989999999999998,21.89,919.38,2.7914725889615732E-4]
[" 7.1.5 "," 00006017 ","Material","SINAPI","Fornecimento de registro gaveta bruto em latao forjado, bitola 1 1/4 \" (ref 1509)","un",21,78.48,90.47,1899.87,5.7684907520181249E-4]
[" 7.1.6 "," 00000789 ","Material","SINAPI","Fornecimento de bucha de reducao de ferro galvanizado, com rosca bsp, de 1 1/4\" x 1\"","un",21,17.760000000000002,20.47,429.87,1.3051951552316905E-4]
[" 7.1.7 "," 12438 ","Material","ORSE","Fornecimento de hidrômetro multijato d= 3/4\", vazão = 5,0m3/h ","un",21,297.27999999999997,342.7,7196.7,2.185102001455302E-3]
[" 7.1.8 "," 00009861 ","Material","SINAPI","Fornecimento de tubo pvc, roscavel, 1 1/4\", agua fria predial","m",31.5,27.67,31.9,1004.85,3.0509813472318705E-4]
[" 7.1.9 "," 002116 ","Material","SBC","Fornecimento de te de reducao ferro galvanizado 1.1/4\" x 1/2\"","un",21,17.239999999999998,19.87,417.27,1.2669383358306638E-4]
[" 7.1.10 "," 00011831 ","Material","SINAPI","Fornecimento de torneira plastica para tanque 1/2 \" ou 3/4 \" com bico para mangueira","un",21,18.420000000000002,21.23,445.83,1.3536537931396574E-4]
[" 7.1.11 "," 1158 ","Material","ORSE","Fornecimento de joelho 45° ferro galvanizado d=1 1/ 4\" ","un",42,32.700000000000003,37.700000000000003,1583.4,4.8076069713956748E-4]
[" 7.1.12 "," 00004205 ","Material","SINAPI"," Fornecimento de niple de reducao de ferro galvanizado, com rosca bsp, de 1 1/2\" x 1 1/4\"","un",21,33.32,38.409999999999997,806.61,2.4490740553223853E-4]
[" 7.1.13 "," 00003939 ","Material","SINAPI","Fornecimento de luva de ferro galvanizado, com rosca bsp, de 1 1/2\"","un",21,25.6,29.51,619.71,1.8815979008738245E-4]
[" 7.1.14 "," 9569 ","Material","ORSE","Fornecimento de adaptador pvc bsxrm d= 35mm x 1 1/2\", linha irriga-lf, tigre ou similar ","un",21,3.04,3.5,73.5,2.2316477983932177E-5]
[" 7.1.15 "," 5128 ","Material","ORSE","Fornecimento de tampa de poço galvanizada em 6\" ","un",21,107.28,123.67,2597.0700000000002,7.8853680922082636E-4]
[" 7.2 ",null,null,null,"INSTALAÇÕES DE ADUTORA, RESERVATÓRIO E BEBEDOURO",{"$nulls":4},{"$f":"SUM(J58:J69)","v":42035.7},1.2763112565839152E-2]
[" 7.2.1 "," COMPOSIÇÃO - 020 ","Serviço","Próprio","Montagem e instalação da rede adutora poço-reservatório-bebedouro","un",21,877.93,{"$f":"ROUND(H58+H58*$H$2,2)","v":1101.54},{"$f":"ROUND(G58*I58,2)","v":23132.34},{"$f":"J58/$J$102","v":7.0235694738344711E-3}]
[" 7.2.2 "," 9501 ","Material","ORSE","Fornecimento de tubo PVC p/irrigação LF PN 60 JE Ø 35mm, linha Irriga-LF, Tigre ou similar ","m",840,13.06,{"$f":"ROUND(H59+H59*$I$2,2)","v":15.06},{"$f":"ROUND(G59*I59,2)","v":12650.4},3.8409846678630691E-3]
[" 7.2.3 "," 9516 ","Material","ORSE","Fornecimento de curva 90º pvc PTA/BSA soldavel d= 35mm, linha Irriga-LF, Tigre ou similar ","un",84,10.76,12.4,1041.5999999999999,3.1625637371515306E-4]
[" 7.2.4 "," 00000098 ","Material","SINAPI","Fornecimento de adaptador pvc soldavel, com flange e anel de vedacao, 40 mm x 1 1/4\", para caixa d'água","un",42,31.2,35.97,1510.74,4.5869926461830879E-4]
[" 7.2.5 "," 8013 ","Material","ORSE","Fornecimento de registro esfera VS soldável para irrigação Ø 35mm ","pç",21,37.26,42.95,901.95,2.7385506554568199E-4]
[" 7.2.6 "," 00000096 ","Material","SINAPI","Fornecimento de adaptador pvc soldavel, com flange e anel de vedacao, 25 mm x 3/4\", para caixa d'água","un",63,13.85,15.97,1006.11,3.0548070291719728E-4]
[" 7.2.7 "," 14071 ","Material","ORSE","Fornecimento de tubo PVC para irrigação LF PN 60 Ø 25mm, linha Irriga-LF, Tigre ou similar","m",42,4.01,4.62,194.04,5.8915501877580945E-5]
[" 7.2.8 "," 14082 ","Material","ORSE","Fornecimento de registro esfera LF 25mm ","pç",42,11.06,12.75,535.5,1.6259148245436299E-4]
[" 7.2.9 "," 00003529 ","Material","SINAPI","Fornecimento de joelho pvc, soldavel, 90 graus, 25 mm, para agua fria","un",42,0.82,0.95,39.9,1.2114659476991751E-5]
[" 7.2.10 "," 00003535 ","Material","SINAPI","Fornecimento de joelho pvc, soldavel, 90 graus, 40 mm,  para agua fria","un",21,6.64,7.65,160.65,4.8777444736308901E-5]
[" 7.2.11 "," 00000109 ","Material","SINAPI","Fornecimento de adaptador pvc soldavel curto com bolsa e rosca, 40 mm x 1 1/4\", para agua fria","un",21,4.17,4.8099999999999996,101.01,3.0669216886489651E-5]
[" 7.2.12 "," 00011830 ","Material","SINAPI","Fornecimento de torneira de boia convencional para caixa d'agua, agua fria, 3/4\", com haste e torneira metalicos e balao plastico","un",21,31.45,36.26,761.46,2.3119871191353735E-4]
[" 8 ",null,null,null,"FORNECIMENTO E INSTALAÇÃO DE SISTEMA FOTOVOLTAÍCO",{"$nulls":4},{"$f":"SUM(J71,J77,J88,J90)","v":774322.39},0.2351040621619149]
[" 8.1 ",null,null,null,"INSTALAÇÕES HIDRÁULICAS",{"$nulls":4},{"$f":"SUM(J72:J76)","v":93900.07},{"$f":"J71/$J$102","v":2.8510460474077421E-2}]
[" 8.1.1 "," COMPOSIÇÃO - 019 ","Serviço","Próprio","Montagem e instalação hidráulica do kit de bombeamento","un",21,120.81,{"$f":"ROUND(H72+H72*$H$2,2)","v":151.58000000000001},{"$f":"ROUND(G72*I72,2)","v":3183.18},9.6649478080126829E-4]
[" 8.1.2 "," 00038200 ","Material","SINAPI","Fornecimento de corda de poliamida 12 mm tipo bombeiro, para trabalho em altura","100m",19.53,971.03,{"$f":"ROUND(H73+H73*$I$2,2)","v":1119.4000000000001},{"$f":"ROUND(G73*I73,2)","v":21861.88},6.6378253565628183E-3]
[" 8.1.3 "," 00009861 ","Material","SINAPI","Fornecimento de  tubo pvc, roscavel, 1 1/4\", agua fria predial","m",1890,27.67,31.9,60291,1.830588808339122E-2]
[" 8.1.4 "," 00004180 ","Material","SINAPI","Fornecimento de  niple de ferro galvanizado, com rosca bsp, de 1 1/4\"","un",21,18.989999999999998,21.89,459.69,1.3957362944807866E-4]
[" 8.1.5 "," 00003911 ","Material","SINAPI","Fornecimento de  luva de ferro galvanizado, com rosca bsp, de 1 1/4\"","un",336,20.92,24.12,8104.32,2.4606786238740301E-3]
[" 8.2 ",null,null,null,"INSTALAÇÕES ELÉTRICAS",{"$nulls":4},{"$f":"SUM(J78:J87)","v":82052.31},2.4913177818309904E-2]
[" 8.2.1 "," COMPOSIÇÃO - 021 ","Serviço","Próprio","Montagem e instalação elétrica do kit de bombeamento e sistema fotovoltaico inclusive sistema de aterramento.","un",21,517.94000000000005,{"$f":"ROUND(H78+H78*$H$2,2)","v":649.86},{"$f":"ROUND(G78*I78,2)","v":13647.06},4.1435961093251898E-3]
[" 8.2.2 "," 00002674 ","Material","SINAPI","Fornecimento de  eletroduto de pvc rigido roscavel de 3/4 \", sem luva","m",315,4.88,{"$f":"ROUND(H79+H79*$I$2,2)","v":5.63},{"$f":"ROUND(G79*I79,2)","v":1773.45},5.3846473306944922E-4]
[" 8.2.3 "," 00034622 ","Material","SINAPI","Fornecimento de  cabo flexivel pvc 750 v, 3 condutores de 6,0 mm2","m",2205,21,24.21,53383.05,1.620845795972994E-2]
[" 8.2.4 "," 00012034 ","Material","SINAPI","Fornecimento de  curva 180 graus, de pvc rigido roscavel, de 3/4\", para eletroduto","un",21,2.29,2.64,55.44,1.6833000536451698E-5]
[" 8.2.5 "," 00039272 ","Material","SINAPI","Fornecimento de  curva 90 graus, curta, de pvc rigido roscavel, de 3/4\", para eletroduto","un",42,1.25,1.44,60.48,1.8363273312492762E-5]
[" 8.2.6 "," 00003379 ","Material","SINAPI","Fornecimento de haste de aterramento em aco com 3,00 m de comprimento e dn = 5/8\", revestida com baixa camada de cobre, sem conector","un",13.860000000000001,71.44,82.36,1141.51,3.4659160249576079E-4]
[" 8.2.7 "," 00001891 ","Material","SINAPI","Fornecimento de  luva em pvc rigido roscavel, de 3/4\", para eletroduto","un",189,0.57999999999999996,0.67,126.63,3.8448103498031721E-5]
[" 8.2.8 "," 00000425 ","Material","SINAPI","Fornecimento de grampo metalico tipo olhal para haste de aterramento de 5/8'', condutor de *10* a 50 mm2","un",42,6.78,7.82,328.44,9.9722775905342639E-5]
[" 8.2.9 "," 00034643 ","Material","SINAPI","Fornecimento de  caixa de inspecao para aterramento e para raios, em polipropileno,  diametro = 300 mm x altura = 400 mm","un",42,37.92,43.71,1835.82,5.574018586729574E-4]
[" 8.2.10 "," 00000867 ","Material","SINAPI","Fornecimento de cabo de cobre nu 50 mm2 meio-duro","m",157.5,53.43,61.59,9700.43,2.9452984017642883E-3]
[" 8.3 ",{"$nulls":8},{"$f":"SUM(J89)","v":67457.88},2.0481935970921617E-2]
[" 8.3.1 "," COMPOSIÇÃO - 022 ","Serviço","Próprio","Serviço de fixação de estruturas para os módulos fotovoltaicos e suportes de concreto, incluso materiais.","m²",252,213.35,{"$f":"ROUND(H89+H89*$H$2,2)","v":267.69},{"$f":"ROUND(G89*I89,2)","v":67457.88},2.0481935970921617E-2]
[" 8.4 ",null,null,null,"FORNECIMENTO DE KIT DE BOMBEAMENTO FOTOVOLTAICO",{"$nulls":4},{"$f":"SUM(J91)","v":530912.13},0.16119848789860594]
[" 8.4.1 "," COTAÇÃO-001 ","Material","Próprio","Fornecimento de kit de bombeamento fotovoltaico, incluindo uma bomba CC de 2200W com imã permanente sem escovas, controladora de carga externa, disjuntor CC, caixa de proteção metálica, módulos compatíveis com a geração de 3300Wp (potência mínima de 550 W por módulo) e componentes elétricos necessários como cabos, conectores MC4 e presilhas de fixação.","un",21,21930.54,{"$f":"ROUND(H91+H91*$I$2,2)","v":25281.53},{"$f":"ROUND(G91*I91,2)","v":530912.13},0.16119848789860594]
[" 9 ",null,null,null,"URBANIZAÇÃO",{"$nulls":4},{"$f":"SUM(J93,J95)","v":81154.399999999994},2.4640549399989459E-2]
[" 9.1 ",null,null,null,"CERCA",{"$nulls":4},{"$f":"SUM(J94)","v":54084.24},1.6421357159696653E-2]
[" 9.1.1 "," COMPOSIÇÃO - 023 ","Serviço","Próprio","Cerca com mourões de concreto de 15x15cm, espaçados de 3m e cravados a 0,5m, escoras de 10x10cm nos cantos, e 9 fios de arame de aço ovalado 15x17.","m",588,73.31,{"$f":"ROUND(H94+H94*$H$2,2)","v":91.98},{"$f":"ROUND(G94*I94,2)","v":54084.24},1.6421357159696653E-2]
[" 9.2 ",null,null,null,"PORTÃO",{"$nulls":4},{"$f":"SUM(J96)","v":27070.16},8.2191922402928084E-3]
[" 9.2.1 "," COMPOSIÇÃO - 024 ","Serviço","Próprio","Serviço de instalação de portão de ferro com suporte e batedor conforme projeto, incluso material","m²",31.5,684.92000000000007,{"$f":"ROUND(H96+H96*$H$2,2)","v":859.37},{"$f":"ROUND(G96*I96,2)","v":27070.16},8.2191922402928084E-3]
[" 10 ",null,null,null,"OUTROS SERVIÇOS",{"$nulls":4},{"$f":"SUM(J98:J101)","v":69363.960000000006},2.1060670560793908E-2]
[" 10.1 "," COMPOSIÇÃO - 025 ","Serviço","Próprio","Serviço de lançamento de concreto para acabamento do tamponamento, incluso material.","m³",0.60816000000000003,683.42000000000007,{"$f":"ROUND(H98+H98*$H$2,2)","v":857.49},{"$f":"ROUND(G98*I98,2)","v":521.49},1.5833768848762979E-4]
[" 10.2 "," COMPOSIÇÃO - 026 ","Serviço","Próprio","Serviço de execução do tamponamento, incluso pedra britada desinfectada.","m³",0.60816000000000003,152.03,190.75,116.01,3.5223600148516622E-5]
[" 10.3 "," COTAÇÃO-006 ","Material","Próprio","Fornecimento tubo revestimento geomecânico classe reforçado Ø 4 1/2\" com junta roscável.","m",540.00030000000004,92.4,{"$f":"ROUND(H100+H100*$I$2,2)","v":106.52},57520.83,1.7464793691326606E-2]
[" 10.4 "," COTAÇÃO-004 ","Material","Próprio","Fornecimento tubo filtro geomecânico classe reforçado diâmetro Ø 4 1/2\" com junta roscável.","m",120.0003,81,93.38,11205.63,3.4023155808311548E-3]
[{"$nulls":8},"Total",{"$f":"SUM(J97,J92,J70,J40,J38,J32,J27,J15,J11,J6)","v":3293530.4599999995}]

{"sheet":"Orç. PB - Tot. Rev - Analítico","index":13,"n_rows":236,"n_cols":10,"rows_kept":236,"cut":false,"hidden":false,"merged":[[0,2,0,3],[0,4,0,5],[1,2,1,5],[1,6,1,9],[0,6,0,9],[9,4,9,5],[10,4,10,5],[11,4,11,5],[12,4,12,5],[8,4,8,5],[2,0,2,9],[3,5,3,6],[4,4,4,5],[5,4,5,5],[6,4,6,5],[7,4,7,5],[22,4,22,5],[23,4,23,5],[24,4,24,5],[32,4,32,5],[35,4,35,5],[15,4,15,5],[16,4,16,5],[17,4,17,5],[18,4,18,5],[19,4,19,5],[41,4,41,5],[42,4,42,5],[43,4,43,5],[44,4,44,5],[36,4,36,5],[37,4,37,5],[38,4,38,5],[28,5,28,6],[29,4,29,5],[30,4,30,5],[31,4,31,5],[61,4,61,5],[64,4,64,5],[65,4,65,5],[54,4,54,5],[55,4,55,5],[56,4,56,5],[57,4,57,5],[60,4,60,5],[47,5,47,6],[48,4,48,5],[49,4,49,5],[50,4,50,5],[53,4,53,5],[79,4,79,5],[80,4,80,5],[83,5,83,6],[75,4,75,5],[76,4,76,5],[77,4,77,5],[78,4,78,5],[68,4,68,5],[69,4,69,5],[70,4,70,5],[71,4,71,5],[72,4,72,5],[93,5,93,6],[94,4,94,5],[95,4,95,5],[96,4,96,5],[97,4,97,5],[98,4,98,5],[91,4,91,5],[85,4,85,5],[86,4,86,5],[87,4,87,5],[88,4,88,5],[89,4,89,5],[90,4,90,5],[105,4,105,5],[106,4,106,5],[107,4,107,5],[108,4,108,5],[109,4,109,5],[110,4,110,5],[99,4,99,5],[100,4,100,5],[101,4,101,5],[102,4,102,5],[103,4,103,5],[104,4,104,5],[117,4,117,5],[118,4,118,5],[119,4,119,5],[120,4,120,5],[121,4,121,5],[122,4,122,5],[116,5,116,6],[123,4,123,5],[111,4,111,5],[112,4,112,5],[113,4,113,5],[114,4,114,5],[129,4,129,5],[130,4,130,5],[131,4,131,5],[132,4,132,5],[133,4,133,5],[134,4,134,5],[124,4,124,5],[125,4,125,5],[126,4,126,5],[127,4,127,5],[128,4,128,5],[141,4,141,5],[142,4,142,5],[143,4,143,5],[144,4,144,5],[145,4,145,5],[146,4,146,5],[135,4,135,5],[136,4,136,5],[137,4,137,5],[139,5,139,6],[140,5,140,6],[163,4,163,5],[164,4,164,5],[165,4,165,5],[160,5,160,6],[161,5,161,6],[162,4,162,5],[157,4,157,5],[149,5,149,6],[150,4,150,5],[151,4,151,5],[152,4,152,5],[153,4,153,5],[154,4,154,5],[155,4,155,5],[156,4,156,5],[179,5,179,6],[180,4,180,5],[181,4,181,5],[171,4,171,5],[172,4,172,5],[173,4,173,5],[174,4,174,5],[175,4,175,5],[168,5,168,6],[169,4,169,5],[170,4,170,5],[196,4,196,5],[182,4,182,5],[183,4,183,5],[189,4,189,5],[190,4,190,5],[193,5,193,6],[194,5,194,6],[195,4,195,5],[184,4,184,5],[185,4,185,5],[188,5,188,6],[202,4,202,5],[203,4,203,5],[206,5,206,6],[207,4,207,5],[208,4,208,5],[197,4,197,5],[198,4,198,5],[199,4,199,5],[200,4,200,5],[201,4,201,5],[216,5,216,6],[217,4,217,5],[218,4,218,5],[219,4,219,5],[220,4,220,5],[209,4,209,5],[210,4,210,5],[211,4,211,5],[212,4,212,5],[213,4,213,5],[230,4,230,5],[231,4,231,5],[234,4,234,5],[235,4,235,5],[223,4,223,5],[224,4,224,5],[225,4,225,5],[226,4,226,5],[227,4,227,5]]}
[{"$nulls":6},"Encargos Sociais"]
[null,null,"OBRA:PERFURAÇÃO E INSTALAÇÃO DE POÇO TUBULAR TOTALMENTE REVESTIDO NO ESTADO DA PARAIBA",null,null,null,"Não Desonerado: embutido nos preços unitário dos insumos de mão de obra, de acordo com as bases."]
["Planilha Orçamentária Analítica"]
[" 1 ",null,null,"SERVIÇOS PRELIMINARES"]
[" 1.1 ","Código","Banco","Descrição","Tipo",null,"Und","Quant.","Valor Unit","Total"]
["Composição"," COMPOSIÇÃO - 002 ","Próprio","Administração Local da Obra - Poço Totalmente Revestido","SERP - SERVIÇOS PRELIMINARES",null,"un",1,{"$f":"J6","v":152006.01999999999},{"$f":"SUM(J7:J13)","v":152006.01999999999}]
["Composição Auxiliar"," 92138 ","SINAPI","CAMINHONETE COM MOTOR A DIESEL, POTÊNCIA 180 CV, CABINE DUPLA, 4X4 - CHP DIURNO. AF_11/2015","CHOR - CUSTOS HORÁRIOS DE MÁQUINAS E EQUIPAMENTOS",null,"CHP",180,87.64,{"$f":"ROUND(H7*I7,2)","v":15775.2}]
["Composição Auxiliar"," 92139 ","SINAPI","CAMINHONETE COM MOTOR A DIESEL, POTÊNCIA 180 CV, CABINE DUPLA, 4X4 - CHI DIURNO. AF_11/2015","CHOR - CUSTOS HORÁRIOS DE MÁQUINAS E EQUIPAMENTOS",null,"CHI",220,39.61,{"$f":"ROUND(H8*I8,2)","v":8714.2000000000007}]
["Composição Auxiliar"," 93572 ","SINAPI","ENCARREGADO GERAL DE OBRAS COM ENCARGOS COMPLEMENTARES","SEDI - SERVIÇOS DIVERSOS",null,"MES",4,3982.23,15928.92]
["Composição Auxiliar"," 93565 ","SINAPI","ENGENHEIRO CIVIL DE OBRA JUNIOR COM ENCARGOS COMPLEMENTARES","SEDI - SERVIÇOS DIVERSOS",null,"MES",5,20582.98,102914.9]
["Insumo"," 00014250 ","SINAPI","ENERGIA ELETRICA COMERCIAL, BAIXA TENSAO, RELATIVA AO CONSUMO DE ATE 100 KWH, INCLUINDO ICMS, PIS/PASEP E COFINS","Material",null,"KWH",1600,0.73,{"$f":"ROUND(H11*I11,2)","v":1168}]
["Insumo"," 00044480 ","SINAPI","TARIFA \"A\" ENTRE  0 E 20M3 FORNECIMENTO  D'AGUA","Taxas",null,"m³",80,13.81,{"$f":"ROUND(H12*I12,2)","v":1104.8}]
["Insumo"," 4298 ","ORSE","Aluguel de container - Escritório com banheiro - 6,20 x 2,40m, equipado com Ar condicionado mês","Serviços",null,"mês",4,1600,6400]
[]
[]
[" 1.2 ","Código","Banco","Descrição","Tipo",null,"Und","Quant.","Valor Unit","Total"]
["Composição"," COMPOSIÇÃO - 003 ","Próprio","Serviço de locação Geológica de campo com relatório hidro geológico e perfil construtivo e geológico esperado. Relatório de Viabilidade de implantação das estruturas e vistorias preliminares","SERT - SERVIÇOS TÉCNICOS",null,"un",1,{"$f":"J17","v":496.4},{"$f":"SUM(J18:J20)","v":496.4}]
["Composição Auxiliar"," 30.01.45 ","EMBASA","GEOLOGO SENIOR",3001,null,"hora",5,79.73,{"$f":"ROUND(H18*I18,2)","v":398.65}]
["Insumo"," 5896 ","ORSE","Veículo tipo sedan ou pick-up capacidade 0,6 ton h","Equipamento",null,"h",5,8.33,{"$f":"ROUND(H19*I19,2)","v":41.65}]
["Insumo"," 00004222 ","SINAPI","GASOLINA COMUM","Material",null,"L",10,5.61,{"$f":"ROUND(H20*I20,2)","v":56.1}]
[]
[]
[" 1.3 ","Código","Banco","Descrição","Tipo",null,"Und","Quant.","Valor Unit","Total"]
["Composição"," COMPOSIÇÃO - 028 ","Próprio","Procedimentos para emissão de Outorga de uso insignificante e Dispensa de Licenciamento Ambiental (incluso taxas) - Paraíba","SERT - SERVIÇOS TÉCNICOS",null,"un",1,{"$f":"J24","v":382.5},{"$f":"SUM(J25)","v":382.5}]
["Insumo"," COTAÇÃO-008","Próprio","Procedimentos para Emissão de Outorga de uso insignificante e Dispensa de Licenciamento Ambiental - Paraíba","Serviços",null,"un",1,{"$f":"312.5+70","v":382.5},{"$f":"ROUND(H25*I25,2)","v":382.5}]
[]
[]
[]
[" 2 ",null,null,"MOBILIZAÇÂO E DESMOBILIZAÇÂO EQUIPES PERFURAÇÂO E INSTALAÇÃO"]
[" 2.1 ","Código","Banco","Descrição","Tipo",null,"Und","Quant.","Valor Unit","Total"]
["Composição"," COMPOSIÇÃO - 006 ","Próprio","Transporte de Comboio Perfuração","TRAN - TRANSPORTES, CARGAS E DESCARGAS",null,"km",1,{"$f":"J31","v":4.34},{"$f":"SUM(J32:J33)","v":4.34}]
["Composição Auxiliar"," 5824 ","SINAPI","CAMINHÃO TOCO, PBT 16.000 KG, CARGA ÚTIL MÁX. 10.685 KG, DIST. ENTRE EIXOS 4,8 M, POTÊNCIA 189 CV, INCLUSIVE CARROCERIA FIXA ABERTA DE MADEIRA P/ TRANSPORTE GERAL DE CARGA SECA, DIMEN. APROX. 2,5 X 7,00 X 0,50 M - CHP DIURNO. AF_06/2014","CHOR - CUSTOS HORÁRIOS DE MÁQUINAS E EQUIPAMENTOS",null,"CHP",1.6660000000000001E-2,202.29,{"$f":"ROUND(H32*I32,2)","v":3.37}]
["Composição Auxiliar"," 5826 ","SINAPI","CAMINHÃO TOCO, PBT 16.000 KG, CARGA ÚTIL MÁX. 10.685 KG, DIST. ENTRE EIXOS 4,8 M, POTÊNCIA 189 CV, INCLUSIVE CARROCERIA FIXA ABERTA DE MADEIRA P/ TRANSPORTE GERAL DE CARGA SECA, DIMEN. APROX. 2,5 X 7,00 X 0,50 M - CHI DIURNO. AF_06/2014","CHOR - CUSTOS HORÁRIOS DE MÁQUINAS E EQUIPAMENTOS",null,"CHI",1.6660000000000001E-2,58.26,0.97]
[]
[]
[" 2.2 ","Código","Banco","Descrição","Tipo",null,"Und","Quant.","Valor Unit","Total"]
["Composição"," COMPOSIÇÃO - 007 ","Próprio","Transporte de Comboio Instalação","TRAN - TRANSPORTES, CARGAS E DESCARGAS",null,"km",1,{"$f":"J37","v":5.4399999999999995},{"$f":"SUM(J38:J39)","v":5.4399999999999995}]
["Composição Auxiliar"," 5928 ","SINAPI","GUINDAUTO HIDRÁULICO, CAPACIDADE MÁXIMA DE CARGA 6200 KG, MOMENTO MÁXIMO DE CARGA 11,7 TM, ALCANCE MÁXIMO HORIZONTAL 9,70 M, INCLUSIVE CAMINHÃO TOCO PBT 16.000 KG, POTÊNCIA DE 189 CV - CHP DIURNO. AF_06/2014","CHOR - CUSTOS HORÁRIOS DE MÁQUINAS E EQUIPAMENTOS",null,"CHP",1.6660000000000001E-2,257.72000000000003,{"$f":"ROUND(H38*I38,2)","v":4.29}]
["Composição Auxiliar"," 5930 ","SINAPI","GUINDAUTO HIDRÁULICO, CAPACIDADE MÁXIMA DE CARGA 6200 KG, MOMENTO MÁXIMO DE CARGA 11,7 TM, ALCANCE MÁXIMO HORIZONTAL 9,70 M, INCLUSIVE CAMINHÃO TOCO PBT 16.000 KG, POTÊNCIA DE 189 CV - CHI DIURNO. AF_06/2014","CHOR - CUSTOS HORÁRIOS DE MÁQUINAS E EQUIPAMENTOS",null,"CHI",1.6660000000000001E-2,69.099999999999994,1.1499999999999999]
[]
[]
[" 2.3 ","Código","Banco","Descrição","Tipo",null,"Und","Quant.","Valor Unit","Total"]
["Composição"," COMPOSIÇÃO - 008 ","Próprio","Transporte de água em caminhão pipa para preparo do fluído de perfuração rotativa","TRAN - TRANSPORTES, CARGAS E DESCARGAS",null,"km",1,{"$f":"J43","v":4.91},{"$f":"SUM(J44:J45)","v":4.91}]
["Composição Auxiliar"," 6259 ","SINAPI","CAMINHÃO PIPA 6.000 L, PESO BRUTO TOTAL 13.000 KG, DISTÂNCIA ENTRE EIXOS 4,80 M, POTÊNCIA 189 CV INCLUSIVE TANQUE DE AÇO PARA TRANSPORTE DE ÁGUA, CAPACIDADE 6 M3 - CHP DIURNO. AF_06/2014","CHOR - CUSTOS HORÁRIOS DE MÁQUINAS E EQUIPAMENTOS",null,"CHP",1.6660000000000001E-2,237.04,{"$f":"ROUND(H44*I44,2)","v":3.95}]
["Composição Auxiliar"," 6260 ","SINAPI","CAMINHÃO PIPA 6.000 L, PESO BRUTO TOTAL 13.000 KG, DISTÂNCIA ENTRE EIXOS 4,80 M, POTÊNCIA 189 CV INCLUSIVE TANQUE DE AÇO PARA TRANSPORTE DE ÁGUA, CAPACIDADE 6 M3 - CHI DIURNO. AF_06/2014","CHOR - CUSTOS HORÁRIOS DE MÁQUINAS E EQUIPAMENTOS",null,"CHI",1.6660000000000001E-2,57.5,0.96]
[]
[]
[" 3 ",null,null,"PERFURAÇÃO E COMPLETAÇÃO DE POÇO TUBULAR"]
[" 3.1 ","Código","Banco","Descrição","Tipo",null,"Und","Quant.","Valor Unit","Total"]
["Composição"," COMPOSIÇÃO - 009 ","Próprio","Limpeza manual , remoção de cerca, capina e instalação dos equipamentos (área do poço, painéis solares, bebedouro e reservatório)","SEDI - SERVIÇOS DIVERSOS",null,"m²",1,{"$f":"J50","v":1.46},{"$f":"SUM(J51)","v":1.46}]
["Composição Auxiliar"," 88316 ","SINAPI","SERVENTE COM ENCARGOS COMPLEMENTARES","SEDI - SERVIÇOS DIVERSOS",null,"H",0.08,18.260000000000002,{"$f":"ROUND(H51*I51,2)","v":1.46}]
[]
[]
[" 3.2 ","Código","Banco","Descrição","Tipo",null,"Und","Quant.","Valor Unit","Total"]
["Composição"," COMPOSIÇÃO - 012 ","Próprio","Perfuração rotativa com circulação direta Ø 9.1/2\"","SERT - SERVIÇOS TÉCNICOS",null,"m",1,{"$f":"J55","v":255.29000000000002},{"$f":"SUM(J56:J58)","v":255.29000000000002}]
["Composição Auxiliar"," 88263 ","SINAPI","CAVOUQUEIRO OU OPERADOR PERFURATRIZ/ROMPEDOR COM ENCARGOS COMPLEMENTARES","SEDI - SERVIÇOS DIVERSOS",null,"H",0.8,16.23,{"$f":"ROUND(H56*I56,2)","v":12.98}]
["Composição Auxiliar"," 88316 ","SINAPI","SERVENTE COM ENCARGOS COMPLEMENTARES","SEDI - SERVIÇOS DIVERSOS",null,"H",2.4,18.260000000000002,43.82]
["Insumo"," 5071 ","ORSE","Perfuração rocha sedimentar sedimento / camadas inconsolidadas dn 8.1/2 a 9.1/2\" - até 150m m","Serviços",null,"m",1,198.49,{"$f":"ROUND(H58*I58,2)","v":198.49}]
[]
[]
[null,"Código","Banco","Descrição","Tipo",null,"Und","Quant.","Valor Unit","Total"]
["Insumo"," COTAÇÃO-007 ","Próprio","Fornecimento tubo de revestimento geomecânico classe standart Ø 4\" com junta roscável.","Material",null,"m",1,82.5,{"$f":"ROUND(H62*I62,2)","v":82.5}]
[]
[]
[null,"Código","Banco","Descrição","Tipo",null,"Und","Quant.","Valor Unit","Total"]
["Insumo"," COTAÇÃO-005 ","Próprio","Fornecimento tubo filtro geomecânico classe standart Ø 4\" com junta roscável.","Material",null,"m",1,86.02,{"$f":"ROUND(H66*I66,2)","v":86.02}]
[]
[]
[" 3.10 ","Código","Banco","Descrição","Tipo",null,"Und","Quant.","Valor Unit","Total"]
["Composição"," COMPOSIÇÃO - 011 ","Próprio","Serviço de lançamento cimentação anelar poço tubular, incluso material.","SEDI - SERVIÇOS DIVERSOS",null,"m³",1,{"$f":"J70","v":768.2700000000001},{"$f":"SUM(J71:J73)","v":768.2700000000001}]
["Composição Auxiliar"," 1903 ","ORSE","Argamassa cimento e areia traço t-1 (1:3) - 1 saco cimento 50kg / 3 padiolas areia dim. 0.35 x 0.45 x 0.23 m - Confecção mecânica e transporte","Argamassas",null,"m³",1,511.3,{"$f":"ROUND(H71*I71,2)","v":511.3}]
["Composição Auxiliar"," 88316 ","SINAPI","SERVENTE COM ENCARGOS COMPLEMENTARES","SEDI - SERVIÇOS DIVERSOS",null,"H",7.4,18.260000000000002,135.12]
["Insumo"," 00000124 ","SINAPI","ADITIVO ACELERADOR DE PEGA E ENDURECIMENTO PARA ARGAMASSAS E CONCRETOS, LIQUIDO E ISENTO DE CLORETOS","Material",null,"L",5,24.37,{"$f":"ROUND(H73*I73,2)","v":121.85}]
[]
[]
[" 3.11 ","Código","Banco","Descrição","Tipo",null,"Und","Quant.","Valor Unit","Total"]
["Composição"," COMPOSIÇÃO - 014 ","Próprio","Serviço de instalação de laje sanitária com dimensões (1,5x1,5x0,3) , incluso material.","SEDI - SERVIÇOS DIVERSOS",null,"un",1,{"$f":"J77","v":571.49},{"$f":"SUM(J78:J81)","v":571.49}]
["Composição Auxiliar"," 92522 ","SINAPI","MONTAGEM E DESMONTAGEM DE FÔRMA DE LAJE MACIÇA, PÉ-DIREITO SIMPLES, EM CHAPA DE MADEIRA COMPENSADA RESINADA, 8 UTILIZAÇÕES. AF_09/2020","FUES - FUNDAÇÕES E ESTRUTURAS",null,"m²",1.8,39.1,{"$f":"ROUND(H78*I78,2)","v":70.38}]
["Composição Auxiliar"," 93358 ","SINAPI","ESCAVAÇÃO MANUAL DE VALA COM PROFUNDIDADE MENOR OU IGUAL A 1,30 M. AF_02/2021","MOVT - MOVIMENTO DE TERRA",null,"m³",0.22500000000000001,72.239999999999995,16.25]
["Composição Auxiliar"," 94975 ","SINAPI","CONCRETO FCK = 15MPA, TRAÇO 1:3,4:3,5 (EM MASSA SECA DE CIMENTO/ AREIA MÉDIA/ BRITA 1) - PREPARO MANUAL. AF_05/2021","FUES - FUNDAÇÕES E ESTRUTURAS",null,"m³",0.67500000000000004,467.93,315.85000000000002]
["Composição Auxiliar"," 103670 ","SINAPI","LANÇAMENTO COM USO DE BALDES, ADENSAMENTO E ACABAMENTO DE CONCRETO EM ESTRUTURAS. AF_02/2022","FUES - FUNDAÇÕES E ESTRUTURAS",null,"m³",0.67500000000000004,250.38,169.01]
[]
[]
[" 4 ",null,null,"PÓS PERFURAÇÃO"]
[]
[" 4.3 ","Código","Banco","Descrição","Tipo",null,"Und","Quant.","Valor Unit","Total"]
["Composição"," COMPOSIÇÃO - 015 ","Próprio","Inspeção ótica em poço tubular câmera com rotação de 360º, visada lateral, com fonte própria de luz, entregue vídeo em cores e marcação de profundidades.","SEES - SERVIÇOS ESPECIAIS",null,"m",1,{"$f":"J87","v":38.049999999999997},{"$f":"SUM(J88:J92)","v":38.049999999999997}]
["Insumo"," H020050004 ","EMBASA","APARELHO DE PERFILAGEM OPTICA","Material",null,"M",1,4.4000000000000004,{"$f":"ROUND(H88*I88,2)","v":4.4000000000000004}]
["Insumo"," B590000022 ","EMBASA","TECNICO MEDIO","Mão de Obra",null,"H",8.3500000000000005E-2,48.54,4.05]
["Insumo"," B590000028 ","EMBASA","AUXILIAR TECNICO","Mão de Obra",null,"H",8.3500000000000005E-2,22.47,1.88]
["Insumo"," F020000340 ","EMBASA","DIÁRIA PARA PROFISSIONAL (INTERIOR)","Material",null,"DIA",2.1000000000000001E-2,227,4.7699999999999996]
["Insumo"," F030000250 ","EMBASA","LOCAÇÃO DE VEÍCULO PICK UP TIPO SAVEIRO OU SIMILAR","Material",null,"DIA",0.25,91.8,22.95]
[]
[" 5 ",null,null,"RESERVAÇÃO"]
[" 5.1 ","Código","Banco","Descrição","Tipo",null,"Und","Quant.","Valor Unit","Total"]
["Composição"," COMPOSIÇÃO - 016 ","Próprio","Execução e instalação de base de sustentação em concreto armado para reservatório de diâmetro 2,06m e altura 1,10m, conforme projeto, incluindo fixação de grampos da tampa.","SEDI - SERVIÇOS DIVERSOS",null,"un",1,{"$f":"J96","v":2358.1600000000003},{"$f":"SUM(J97:J115)","v":2358.1600000000003}]
["Composição Auxiliar"," 5928 ","SINAPI","GUINDAUTO HIDRÁULICO, CAPACIDADE MÁXIMA DE CARGA 6200 KG, MOMENTO MÁXIMO DE CARGA 11,7 TM, ALCANCE MÁXIMO HORIZONTAL 9,70 M, INCLUSIVE CAMINHÃO TOCO PBT 16.000 KG, POTÊNCIA DE 189 CV - CHP DIURNO. AF_06/2014","CHOR - CUSTOS HORÁRIOS DE MÁQUINAS E EQUIPAMENTOS",null,"CHP",2.5,257.72000000000003,{"$f":"ROUND(H97*I97,2)","v":644.29999999999995}]
["Composição Auxiliar"," 88310 ","SINAPI","PINTOR COM ENCARGOS COMPLEMENTARES","SEDI - SERVIÇOS DIVERSOS",null,"H",0.3,24.23,7.27]
["Composição Auxiliar"," 100301 ","SINAPI","AJUDANTE DE PINTOR COM ENCARGOS COMPLEMENTARES","SEDI - SERVIÇOS DIVERSOS",null,"H",0.1,19.45,1.95]
["Composição Auxiliar"," 88309 ","SINAPI","PEDREIRO COM ENCARGOS COMPLEMENTARES","SEDI - SERVIÇOS DIVERSOS",null,"H",5.55,23.31,129.37]
["Composição Auxiliar"," 88316 ","SINAPI","SERVENTE COM ENCARGOS COMPLEMENTARES","SEDI - SERVIÇOS DIVERSOS",null,"H",10,18.260000000000002,182.6]
["Composição Auxiliar"," 88245 ","SINAPI","ARMADOR COM ENCARGOS COMPLEMENTARES","SEDI - SERVIÇOS DIVERSOS",null,"H",3,23.12,69.36]
["Composição Auxiliar"," 88262 ","SINAPI","CARPINTEIRO DE FORMAS COM ENCARGOS COMPLEMENTARES","SEDI - SERVIÇOS DIVERSOS",null,"H",2,22.94,45.88]
["Composição Auxiliar"," 87445 ","SINAPI","BETONEIRA CAPACIDADE NOMINAL 400 L, CAPACIDADE DE MISTURA 310 L, MOTOR A DIESEL POTÊNCIA 5,0 HP, SEM CARREGADOR - CHP DIURNO. AF_05/2023","CHOR - CUSTOS HORÁRIOS DE MÁQUINAS E EQUIPAMENTOS",null,"CHP",2.8548,4.87,13.9]
["Composição Auxiliar"," 88377 ","SINAPI","OPERADOR DE BETONEIRA ESTACIONÁRIA/MISTURADOR COM ENCARGOS COMPLEMENTARES","SEDI - SERVIÇOS DIVERSOS",null,"H",2.8548,17.59,50.22]
["Insumo"," 00007155 ","SINAPI","TELA DE ACO SOLDADA NERVURADA, CA-60, Q-138, (2,20 KG/M2), DIAMETRO DO FIO = 4,2 MM, LARGURA = 2,45 M, ESPACAMENTO DA MALHA = 10  X 10 CM","Material",null,"m²",6,16.59,99.54]
["Insumo"," 00000370 ","SINAPI","AREIA MEDIA - POSTO JAZIDA/FORNECEDOR (RETIRADO NA JAZIDA, SEM TRANSPORTE)","Material",null,"m³",1.36,115,156.4]
["Insumo"," 00001379 ","SINAPI","CIMENTO PORTLAND COMPOSTO CP II-32","Material",null,"KG",565.75,0.7,396.03]
["Insumo"," 00004718 ","SINAPI","PEDRA BRITADA N. 2 (19 A 38 MM) POSTO PEDREIRA/FORNECEDOR, SEM FRETE","Material",null,"m³",0.33,112.5,37.130000000000003]
["Insumo"," 00004721 ","SINAPI","PEDRA BRITADA N. 1 (9,5 a 19 MM) POSTO PEDREIRA/FORNECEDOR, SEM FRETE","Material",null,"m³",0.98,111.91,109.67]
["Insumo"," 00003767 ","SINAPI","LIXA EM FOLHA PARA PAREDE OU MADEIRA, NUMERO 120, COR VERMELHA","Material",null,"UN",0.12,1.01,0.12]
["Insumo"," 00007356 ","SINAPI","TINTA LATEX ACRILICA PREMIUM, COR BRANCO FOSCO","Material",null,"L",0.18,18.760000000000002,3.38]
["Insumo"," 00000032 ","SINAPI","ACO CA-50, 6,3 MM, VERGALHAO","Material",null,"KG",9.3000000000000007,8.99,83.61]
["Insumo"," 00043059 ","SINAPI","ACO CA-60, 4,2 MM, OU 5,0 MM, OU 6,0 MM, OU 7,0 MM, VERGALHAO","Material",null,"KG",3.04,8.06,24.5]
["Insumo"," 00043681 ","SINAPI","CHAPA/PAINEL DE MADEIRA COMPENSADA RESINADA (MADEIRITE RESINADO ROSA) PARA FORMA DE CONCRETO, DE 2200 x 1100 MM, E = 8 A 12 MM","Material",null,"m²",17.46,17.350000000000001,302.93]
[]
[" 6 ",null,null,"BEBEDOURO"]
[" 6.1 ","Código","Banco","Descrição","Tipo",null,"Und","Quant.","Valor Unit","Total"]
["Composição"," COMPOSIÇÃO - 017 ","Próprio","Serviço de execução do bebedouro em concreto armado, incluso materiais.","SEDI - SERVIÇOS DIVERSOS",null,"un",1,{"$f":"J119","v":1373.5600000000002},{"$f":"SUM(J120:J138)","v":1373.5600000000002}]
["Composição Auxiliar"," 5928 ","SINAPI","GUINDAUTO HIDRÁULICO, CAPACIDADE MÁXIMA DE CARGA 6200 KG, MOMENTO MÁXIMO DE CARGA 11,7 TM, ALCANCE MÁXIMO HORIZONTAL 9,70 M, INCLUSIVE CAMINHÃO TOCO PBT 16.000 KG, POTÊNCIA DE 189 CV - CHP DIURNO. AF_06/2014","CHOR - CUSTOS HORÁRIOS DE MÁQUINAS E EQUIPAMENTOS",null,"CHP",2,257.72000000000003,{"$f":"ROUND(H120*I120,2)","v":515.44000000000005}]
["Composição Auxiliar"," 87445 ","SINAPI","BETONEIRA CAPACIDADE NOMINAL 400 L, CAPACIDADE DE MISTURA 310 L, MOTOR A DIESEL POTÊNCIA 5,0 HP, SEM CARREGADOR - CHP DIURNO. AF_05/2023","CHOR - CUSTOS HORÁRIOS DE MÁQUINAS E EQUIPAMENTOS",null,"CHP",0.5,4.87,2.44]
["Composição Auxiliar"," 88377 ","SINAPI","OPERADOR DE BETONEIRA ESTACIONÁRIA/MISTURADOR COM ENCARGOS COMPLEMENTARES","SEDI - SERVIÇOS DIVERSOS",null,"H",0.5,17.59,8.8000000000000007]
["Composição Auxiliar"," 88310 ","SINAPI","PINTOR COM ENCARGOS COMPLEMENTARES","SEDI - SERVIÇOS DIVERSOS",null,"H",0.3,24.23,7.27]
["Composição Auxiliar"," 100301 ","SINAPI","AJUDANTE DE PINTOR COM ENCARGOS COMPLEMENTARES","SEDI - SERVIÇOS DIVERSOS",null,"H",0.1,19.45,1.95]
["Composição Auxiliar"," 88245 ","SINAPI","ARMADOR COM ENCARGOS COMPLEMENTARES","SEDI - SERVIÇOS DIVERSOS",null,"H",3,23.12,69.36]
["Composição Auxiliar"," 88262 ","SINAPI","CARPINTEIRO DE FORMAS COM ENCARGOS COMPLEMENTARES","SEDI - SERVIÇOS DIVERSOS",null,"H",2,22.94,45.88]
["Composição Auxiliar"," 88316 ","SINAPI","SERVENTE COM ENCARGOS COMPLEMENTARES","SEDI - SERVIÇOS DIVERSOS",null,"H",5,18.260000000000002,91.3]
["Composição Auxiliar"," 88309 ","SINAPI","PEDREIRO COM ENCARGOS COMPLEMENTARES","SEDI - SERVIÇOS DIVERSOS",null,"H",4,23.31,93.24]
["Insumo"," 00043055 ","SINAPI","ACO CA-50, 12,5 MM OU 16,0 MM, VERGALHAO","Material",null,"KG",12,7.38,88.56]
["Insumo"," 00043059 ","SINAPI","ACO CA-60, 4,2 MM, OU 5,0 MM, OU 6,0 MM, OU 7,0 MM, VERGALHAO","Material",null,"KG",13,8.06,104.78]
["Insumo"," 00000032 ","SINAPI","ACO CA-50, 6,3 MM, VERGALHAO","Material",null,"KG",6,8.99,53.94]
["Insumo"," 00000370 ","SINAPI","AREIA MEDIA - POSTO JAZIDA/FORNECEDOR (RETIRADO NA JAZIDA, SEM TRANSPORTE)","Material",null,"m³",0.32,115,36.799999999999997]
["Insumo"," 00001379 ","SINAPI","CIMENTO PORTLAND COMPOSTO CP II-32","Material",null,"KG",127,0.7,88.9]
["Insumo"," 00004718 ","SINAPI","PEDRA BRITADA N. 2 (19 A 38 MM) POSTO PEDREIRA/FORNECEDOR, SEM FRETE","Material",null,"m³",0.08,112.5,9]
["Insumo"," 00004721 ","SINAPI","PEDRA BRITADA N. 1 (9,5 a 19 MM) POSTO PEDREIRA/FORNECEDOR, SEM FRETE","Material",null,"m³",0.23,111.91,25.74]
["Insumo"," 00003767 ","SINAPI","LIXA EM FOLHA PARA PAREDE OU MADEIRA, NUMERO 120, COR VERMELHA","Material",null,"UN",0.12,1.01,0.12]
["Insumo"," 00007356 ","SINAPI","TINTA LATEX ACRILICA PREMIUM, COR BRANCO FOSCO","Material",null,"L",0.18,18.760000000000002,3.38]
["Insumo"," 00043681 ","SINAPI","CHAPA/PAINEL DE MADEIRA COMPENSADA RESINADA (MADEIRITE RESINADO ROSA) PARA FORMA DE CONCRETO, DE 2200 x 1100 MM, E = 8 A 12 MM","Material",null,"m²",7.3,17.350000000000001,126.66]
[]
[" 7 ",null,null,"INSTALAÇÕES HIDRÁULICAS"]
[" 7.1 ",null,null,"INSTALAÇÕES DE CAVALETE"]
[" 7.1.1 ","Código","Banco","Descrição","Tipo",null,"Und","Quant.","Valor Unit","Total"]
["Composição"," COMPOSIÇÃO - 018 ","Próprio","Montagem e Instalação de Tubulação e Conexões Cavalete","INHI - INSTALAÇÕES HIDROS SANITÁRIAS",null,"un",1,{"$f":"J143","v":231.58},{"$f":"SUM(J144:J147)","v":231.58}]
["Composição Auxiliar"," 88248 ","SINAPI","AUXILIAR DE ENCANADOR OU BOMBEIRO HIDRÁULICO COM ENCARGOS COMPLEMENTARES","SEDI - SERVIÇOS DIVERSOS",null,"H",3,17.7,{"$f":"ROUND(H144*I144,2)","v":53.1}]
["Composição Auxiliar"," 88267 ","SINAPI","ENCANADOR OU BOMBEIRO HIDRÁULICO COM ENCARGOS COMPLEMENTARES","SEDI - SERVIÇOS DIVERSOS",null,"H",3,22.57,67.709999999999994]
["Insumo"," 00000122 ","SINAPI","ADESIVO PLASTICO PARA PVC, FRASCO COM *850* GR","Material",null,"UN",1,51.93,51.93]
["Insumo"," 00020083 ","SINAPI","SOLUCAO PREPARADORA / LIMPADORA PARA PVC, FRASCO COM 1000 CM3","Material",null,"UN",1,58.84,58.84]
[]
[]
[" 7.2 ",null,null,"INSTALAÇÕES DE ADUTORA, RESERVATÓRIO E BEBEDOURO"]
[" 7.2.1 ","Código","Banco","Descrição","Tipo",null,"Und","Quant.","Valor Unit","Total"]
["Composição"," COMPOSIÇÃO - 020 ","Próprio","Montagem e instalação da rede adutora poço-reservatório-bebedouro","SEDI - SERVIÇOS DIVERSOS",null,"un",1,{"$f":"J152","v":877.93},{"$f":"SUM(J153:J158)","v":877.93}]
["Composição Auxiliar"," 88316 ","SINAPI","SERVENTE COM ENCARGOS COMPLEMENTARES","SEDI - SERVIÇOS DIVERSOS",null,"H",6,18.260000000000002,{"$f":"ROUND(H153*I153,2)","v":109.56}]
["Composição Auxiliar"," 96995 ","SINAPI","REATERRO MANUAL APILOADO COM SOQUETE. AF_10/2017","MOVT - MOVIMENTO DE TERRA",null,"m³",4.5,43.8,197.1]
["Composição Auxiliar"," 93358 ","SINAPI","ESCAVAÇÃO MANUAL DE VALA COM PROFUNDIDADE MENOR OU IGUAL A 1,30 M. AF_02/2021","MOVT - MOVIMENTO DE TERRA",null,"m³",4.5,72.239999999999995,325.08]
["Composição Auxiliar"," 88267 ","SINAPI","ENCANADOR OU BOMBEIRO HIDRÁULICO COM ENCARGOS COMPLEMENTARES","SEDI - SERVIÇOS DIVERSOS",null,"H",6,22.57,135.41999999999999]
["Insumo"," 00000122 ","SINAPI","ADESIVO PLASTICO PARA PVC, FRASCO COM *850* GR","Material",null,"UN",1,51.93,51.93]
["Insumo"," 00020083 ","SINAPI","SOLUCAO PREPARADORA / LIMPADORA PARA PVC, FRASCO COM 1000 CM3","Material",null,"UN",1,58.84,58.84]
[]
[]
[" 8 ",null,null,"FORNECIMENTO E INSTALAÇÃO DE SISTEMA FOTOVOLTAÍCO"]
[" 8.1 ",null,null,"INSTALAÇÕES HIDRÁULICAS"]
[" 8.1.1 ","Código","Banco","Descrição","Tipo",null,"Und","Quant.","Valor Unit","Total"]
["Composição"," COMPOSIÇÃO - 019 ","Próprio","Montagem e instalação hidráulica do kit de bombeamento","INHI - INSTALAÇÕES HIDROS SANITÁRIAS",null,"un",1,{"$f":"J164","v":120.81},{"$f":"SUM(J165:J166)","v":120.81}]
["Composição Auxiliar"," 88267 ","SINAPI","ENCANADOR OU BOMBEIRO HIDRÁULICO COM ENCARGOS COMPLEMENTARES","SEDI - SERVIÇOS DIVERSOS",null,"H",3,22.57,{"$f":"ROUND(H165*I165,2)","v":67.709999999999994}]
["Composição Auxiliar"," 88248 ","SINAPI","AUXILIAR DE ENCANADOR OU BOMBEIRO HIDRÁULICO COM ENCARGOS COMPLEMENTARES","SEDI - SERVIÇOS DIVERSOS",null,"H",3,17.7,53.1]
[]
[]
[" 8.2 ",null,null,"INSTALAÇÕES ELÉTRICAS"]
[" 8.2.1 ","Código","Banco","Descrição","Tipo",null,"Und","Quant.","Valor Unit","Total"]
["Composição"," COMPOSIÇÃO - 021 ","Próprio","Montagem e instalação elétrica do kit de bombeamento e sistema fotovoltaico inclusive sistema de aterramento.","INEL - INSTALAÇÃO ELÉTRICA/ELETRIFICAÇÃO E ILUMINAÇÃO EXTERNA",null,"un",1,{"$f":"J171","v":517.94000000000005},{"$f":"SUM(J172:J176)","v":517.94000000000005}]
["Composição Auxiliar"," 88264 ","SINAPI","ELETRICISTA COM ENCARGOS COMPLEMENTARES","SEDI - SERVIÇOS DIVERSOS",null,"H",8,23.62,{"$f":"ROUND(H172*I172,2)","v":188.96}]
["Composição Auxiliar"," 88247 ","SINAPI","AUXILIAR DE ELETRICISTA COM ENCARGOS COMPLEMENTARES","SEDI - SERVIÇOS DIVERSOS",null,"H",8,18.649999999999999,149.19999999999999]
["Composição Auxiliar"," 91677 ","SINAPI","ENGENHEIRO ELETRICISTA COM ENCARGOS COMPLEMENTARES","SEDI - SERVIÇOS DIVERSOS",null,"H",1,169.56,169.56]
["Insumo"," 00020111 ","SINAPI","FITA ISOLANTE ADESIVA ANTICHAMA, USO ATE 750 V, EM ROLO DE 19 MM X 20 M","Material",null,"UN",1,9,9]
["Insumo"," 00000404 ","SINAPI","FITA ISOLANTE DE BORRACHA AUTOFUSAO, USO ATE 69 KV (ALTA TENSAO)","Material",null,"M",1,1.22,1.22]
[]
[]
[]
[" 8.3 ",null,null,"ESTRUTURA DE FIXAÇÃO PARA MÓDULOS FOTOVOLTÁICOS"]
[" 8.3.1 ","Código","Banco","Descrição","Tipo",null,"Und","Quant.","Valor Unit","Total"]
["Composição"," COMPOSIÇÃO - 022 ","Próprio","Serviço de fixação de estruturas para os módulos fotovoltaicos e suportes de concreto, incluso materiais.","SEDI - SERVIÇOS DIVERSOS",null,"m²",1,{"$f":"J182","v":213.35},{"$f":"SUM(J183:J186)","v":213.35}]
["Composição Auxiliar"," 94975 ","SINAPI","CONCRETO FCK = 15MPA, TRAÇO 1:3,4:3,5 (EM MASSA SECA DE CIMENTO/ AREIA MÉDIA/ BRITA 1) - PREPARO MANUAL. AF_05/2021","FUES - FUNDAÇÕES E ESTRUTURAS",null,"m³",9.4500000000000001E-2,467.93,{"$f":"ROUND(H183*I183,2)","v":44.22}]
["Composição Auxiliar"," 93358 ","SINAPI","ESCAVAÇÃO MANUAL DE VALA COM PROFUNDIDADE MENOR OU IGUAL A 1,30 M. AF_02/2021","MOVT - MOVIMENTO DE TERRA",null,"m³",6.25E-2,72.239999999999995,4.5199999999999996]
["Composição Auxiliar"," 96534 ","SINAPI","FABRICAÇÃO, MONTAGEM E DESMONTAGEM DE FÔRMA PARA BLOCO DE COROAMENTO, EM MADEIRA SERRADA, E=25 MM, 4 UTILIZAÇÕES. AF_06/2017","FUES - FUNDAÇÕES E ESTRUTURAS",null,"m²",3.2000000000000001E-2,81.64,2.61]
["Insumo"," COTAÇÃO-003 ","Próprio","Fornecimento suporte fabricado em material metálico resistente a corrosão e ataque químico do solo fabricado em alumínio ou aço galvanizado ou aço zincado ou similares, a ser fixado nos blocos de concreto","Material",null,"m²",1,162,{"$f":"ROUND(H186*I186,2)","v":162}]
[]
[]
[" 8.4 ",null,null,"FORNECIMENTO DE KIT DE BOMBEAMENTO FOTOVOLTAICO"]
[null,"Código","Banco","Descrição","Tipo",null,"Und","Quant.","Valor Unit","Total"]
["Insumo"," COTAÇÃO-001 ","Próprio","Fornecimento de kit de bombeamento fotovoltaico, incluindo uma bomba CC de 2200W com imã permanente sem escovas, controladora de carga externa, disjuntor CC, caixa de proteção metálica, módulos compatíveis com a geração de 3300Wp (potência mínima de 550 W por módulo) e componentes elétricos necessários como cabos, conectores MC4 e presilhas de fixação.","Equipamento para Aquisição Permanente",null,"un",1,21930.54,{"$f":"ROUND(H191*I191,2)","v":21930.54}]
[]
[]
[" 9 ",null,null,"URBANIZAÇÃO"]
[" 9.1 ",null,null,"CERCA"]
[" 9.1.1 ","Código","Banco","Descrição","Tipo",null,"Und","Quant.","Valor Unit","Total"]
["Composição"," COMPOSIÇÃO - 023 ","Próprio","Cerca com mourões de concreto de 15x15cm, espaçados de 3m e cravados a 0,5m, escoras de 10x10cm nos cantos, e 9 fios de arame de aço ovalado 15x17.","SEDI - SERVIÇOS DIVERSOS",null,"m",1,{"$f":"J197","v":73.31},{"$f":"SUM(J198:J204)","v":73.31}]
["Composição Auxiliar"," 88309 ","SINAPI","PEDREIRO COM ENCARGOS COMPLEMENTARES","SEDI - SERVIÇOS DIVERSOS",null,"H",0.33500000000000002,23.31,{"$f":"ROUND(H198*I198,2)","v":7.81}]
["Composição Auxiliar"," 88316 ","SINAPI","SERVENTE COM ENCARGOS COMPLEMENTARES","SEDI - SERVIÇOS DIVERSOS",null,"H",0.67100000000000004,18.260000000000002,12.25]
["Composição Auxiliar"," 94975 ","SINAPI","CONCRETO FCK = 15MPA, TRAÇO 1:3,4:3,5 (EM MASSA SECA DE CIMENTO/ AREIA MÉDIA/ BRITA 1) - PREPARO MANUAL. AF_05/2021","FUES - FUNDAÇÕES E ESTRUTURAS",null,"m³",2.8799999999999999E-2,467.93,13.48]
["Insumo"," 00043130 ","SINAPI","ARAME GALVANIZADO 12 BWG, D = 2,76 MM (0,048 KG/M) OU 14 BWG, D = 2,11 MM (0,026 KG/M)","Material",null,"KG",9.8000000000000004E-2,29.1,2.85]
["Insumo"," 00000346 ","SINAPI","ARAME DE ACO OVALADO 15 X 17 ( 45,7 KG, 700 KGF), ROLO 1000 M","Material",null,"KG",0.40500000000000003,34.47,13.96]
["Insumo"," 00004111 ","SINAPI","ESCORA PRE-MOLDADA EM CONCRETO, *10 X 10* CM, H = 2,30M","Material",null,"UN",0.16,46.4,7.42]
["Insumo"," I1533 ","SEINFRA","MOURÃO CONCRETO BASE 15X15CM H=2.3 C/ 12 FUROS","Material",null,"UN",0.42,37.01,15.54]
[]
[]
[" 9.2 ",null,null,"PORTÃO"]
[" 9.2.1 ","Código","Banco","Descrição","Tipo",null,"Und","Quant.","Valor Unit","Total"]
["Composição"," COMPOSIÇÃO - 024 ","Próprio","Serviço de instalação de portão de ferro com suporte e batedor conforme projeto, incluso material","SEDI - SERVIÇOS DIVERSOS",null,"m²",1,{"$f":"J209","v":684.92000000000007},{"$f":"SUM(J210:J214)","v":684.92000000000007}]
["Composição Auxiliar"," 88309 ","SINAPI","PEDREIRO COM ENCARGOS COMPLEMENTARES","SEDI - SERVIÇOS DIVERSOS",null,"H",1.5,23.31,{"$f":"ROUND(H210*I210,2)","v":34.97}]
["Composição Auxiliar"," 88316 ","SINAPI","SERVENTE COM ENCARGOS COMPLEMENTARES","SEDI - SERVIÇOS DIVERSOS",null,"H",1.5,18.260000000000002,27.39]
["Insumo"," 00000367 ","SINAPI","AREIA GROSSA - POSTO JAZIDA/FORNECEDOR (RETIRADO NA JAZIDA, SEM TRANSPORTE)","Material",null,"m³",6.0999999999999999E-2,116.5,7.11]
["Insumo"," 00001379 ","SINAPI","CIMENTO PORTLAND COMPOSTO CP II-32","Material",null,"KG",4.83,0.7,3.38]
["Insumo"," 00004948 ","SINAPI","PORTAO DE ABRIR / GIRO, EM GRADIL DE METALON REDONDO DE 3/4\"  VERTICAL, COM REQUADRO, ACABAMENTO NATURAL - COMPLETO","Material",null,"m²",1,612.07000000000005,612.07000000000005]
[]
[]
[" 10 ",null,null,"OUTROS SERVIÇOS"]
[" 10.1 ","Código","Banco","Descrição","Tipo",null,"Und","Quant.","Valor Unit","Total"]
["Composição"," COMPOSIÇÃO - 025 ","Próprio","Serviço de lançamento de concreto para acabamento do tamponamento, incluso material.","SEDI - SERVIÇOS DIVERSOS",null,"m³",1,{"$f":"J219","v":683.42000000000007},{"$f":"SUM(J220:J221)","v":683.42000000000007}]
["Composição Auxiliar"," 103670 ","SINAPI","LANÇAMENTO COM USO DE BALDES, ADENSAMENTO E ACABAMENTO DE CONCRETO EM ESTRUTURAS. AF_02/2022","FUES - FUNDAÇÕES E ESTRUTURAS",null,"m³",1,250.38,{"$f":"ROUND(H220*I220,2)","v":250.38}]
["Composição Auxiliar"," 94974 ","SINAPI","CONCRETO MAGRO PARA LASTRO, TRAÇO 1:4,5:4,5 (EM MASSA SECA DE CIMENTO/ AREIA MÉDIA/ BRITA 1) - PREPARO MANUAL. AF_05/2021","FUES - FUNDAÇÕES E ESTRUTURAS",null,"m³",1,433.04,433.04]
[]
[]
[" 10.2 ","Código","Banco","Descrição","Tipo",null,"Und","Quant.","Valor Unit","Total"]
["Composição"," COMPOSIÇÃO - 026 ","Próprio","Serviço de execução do tamponamento, incluso pedra britada desinfectada.","SEDI - SERVIÇOS DIVERSOS",null,"m³",1,{"$f":"J225","v":152.03},{"$f":"SUM(J226:J228)","v":152.03}]
["Composição Auxiliar"," 88316 ","SINAPI","SERVENTE COM ENCARGOS COMPLEMENTARES","SEDI - SERVIÇOS DIVERSOS",null,"H",0.1,18.260000000000002,{"$f":"ROUND(H226*I226,2)","v":1.83}]
["Insumo"," 00004720 ","SINAPI","PEDRA BRITADA N. 0, OU PEDRISCO (4,8 A 9,5 MM) POSTO PEDREIRA/FORNECEDOR, SEM FRETE","Material",null,"m³",1,129.19999999999999,{"$f":"ROUND(H227*I227,2)","v":129.19999999999999}]
["Insumo"," D240000003 ","EMBASA","HIPOCLORITO DE SÓDIO","Material",null,"L",5,4.2,21]
[]
[]
[null,"Código","Banco","Descrição","Tipo",null,"Und","Quant.","Valor Unit","Total"]
["Insumo"," COTAÇÃO-006 ","Próprio","Fornecimento tubo revestimento geomecânico classe reforçado Ø 4 1/2\" com junta roscável.","Material",null,"m",1,92.4,{"$f":"ROUND(H232*I232,2)","v":92.4}]
[]
[]
[null,"Código","Banco","Descrição","Tipo",null,"Und","Quant.","Valor Unit","Total"]
["Insumo"," COTAÇÃO-004 ","Próprio","Fornecimento tubo filtro geomecânico classe reforçado diâmetro Ø 4 1/2\" com junta roscável.","Material",null,"m",1,81,{"$f":"ROUND(H236*I236,2)","v":81}]

{"sheet":"Crono. PB - Tot.Rev","index":14,"n_rows":24,"n_cols":15,"rows_kept":24,"cut":false,"hidden":false,"merged":[[0,2,4,6],[23,0,23,1],[20,2,23,2],[7,0,8,14],[5,0,6,0],[5,1,6,14],[20,0,20,1],[21,0,21,1],[22,0,22,1]]}
[null,null,"MINISTÉRIO DO DESENVOLVIMENTO REGIONAL - MDR\nCOMPANHIA DE DESENVOLVIMENTO DOS VALES DO SÃO FRANCISCO E DO PARNAÍBA\nÁREA DE REVITALIZAÇÃO E SUSTENTABILIDADE SOCIOAMBIENTAL"]
[]
[]
[]
[]
["OBJETO:","PERFURAÇÃO E INSTALAÇÃO DE POÇO TUBULAR TOTALMENTE REVESTIDO NO ESTADO DA PARAIBA"]
[]
["CRONOGRAMA FÍSICO-FINANCEIRO"]
[]
["ITEM","ESPECIFICAÇÃO DOS SERVIÇOS","VALOR TOTAL (R$)","Mês 01","Mês 02","Mês 03","Mês 04","Mês 05","Mês 06","Mês 07","Mês 08","Mês 09","Mês 10","Mês 11","Mês 12"]
["1","SERVIÇOS PRELIMINARES",{"$f":"'Orç. PB - Tot. Rev - Sintético'!J6","v":220483.21000000002},{"$f":"$C$11/12","v":18373.600833333334},{"$f":"$C$11/12","v":18373.600833333334},18373.600833333334,18373.600833333334,18373.600833333334,18373.600833333334,18373.600833333334,18373.600833333334,18373.600833333334,18373.600833333334,18373.600833333334,18373.600833333334]
["2","MOBILIZAÇÂO E DESMOBILIZAÇÂO EQUIPES PERFURAÇÂO E INSTALAÇÃO",{"$f":"'Orç. PB - Tot. Rev - Sintético'!J11","v":48560.4},{"$f":"$C$12/12","v":4046.7000000000003},{"$f":"$C$12/12","v":4046.7000000000003},4046.7000000000003,4046.7000000000003,4046.7000000000003,4046.7000000000003,4046.7000000000003,4046.7000000000003,4046.7000000000003,4046.7000000000003,4046.7000000000003,4046.7000000000003]
["3","PERFURAÇÃO E COMPLETAÇÃO DE POÇO TUBULAR",{"$f":"'Orç. PB - Tot. Rev - Sintético'!J15","v":1638962.46},{"$f":"$C$13/12","v":136580.20499999999},{"$f":"$C$13/12","v":136580.20499999999},136580.20499999999,136580.20499999999,136580.20499999999,136580.20499999999,136580.20499999999,136580.20499999999,136580.20499999999,136580.20499999999,136580.20499999999,136580.20499999999]
["4","PÓS PERFURAÇÃO",{"$f":"'Orç. PB - Tot. Rev - Sintético'!J27","v":218102.22},{"$f":"$C$14/12","v":18175.185000000001},{"$f":"$C$14/12","v":18175.185000000001},18175.185000000001,18175.185000000001,18175.185000000001,18175.185000000001,18175.185000000001,18175.185000000001,18175.185000000001,18175.185000000001,18175.185000000001,18175.185000000001]
["5","RESERVAÇÃO",{"$f":"'Orç. PB - Tot. Rev - Sintético'!J32","v":136886.10999999999},{"$f":"$C$15/12","v":11407.175833333333},{"$f":"$C$15/12","v":11407.175833333333},11407.175833333333,11407.175833333333,11407.175833333333,11407.175833333333,11407.175833333333,11407.175833333333,11407.175833333333,11407.175833333333,11407.175833333333,11407.175833333333]
["6","BEBEDOURO",{"$f":"'Orç. PB - Tot. Rev - Sintético'!J38","v":36191.61},{"$f":"$C$16/12","v":3015.9675000000002},{"$f":"$C$16/12","v":3015.9675000000002},3015.9675000000002,3015.9675000000002,3015.9675000000002,3015.9675000000002,3015.9675000000002,3015.9675000000002,3015.9675000000002,3015.9675000000002,3015.9675000000002,3015.9675000000002]
["7","INSTALAÇÕES HIDRÁULICAS",{"$f":"'Orç. PB - Tot. Rev - Sintético'!J40","v":69503.7},{"$f":"$C$17/12","v":5791.9749999999995},{"$f":"$C$17/12","v":5791.9749999999995},5791.9749999999995,5791.9749999999995,5791.9749999999995,5791.9749999999995,5791.9749999999995,5791.9749999999995,5791.9749999999995,5791.9749999999995,5791.9749999999995,5791.9749999999995]
["8",{"$f":"'Orç. PB - Tot. Rev - Sintético'!E70","v":"FORNECIMENTO E INSTALAÇÃO DE SISTEMA FOTOVOLTAÍCO"},{"$f":"'Orç. PB - Tot. Rev - Sintético'!J70","v":774322.39},{"$f":"$C$18/12","v":64526.865833333337},{"$f":"$C$18/12","v":64526.865833333337},64526.865833333337,64526.865833333337,64526.865833333337,64526.865833333337,64526.865833333337,64526.865833333337,64526.865833333337,64526.865833333337,64526.865833333337,64526.865833333337]
["9","URBANIZAÇÃO",{"$f":"'Orç. PB - Tot. Rev - Sintético'!J92","v":81154.399999999994},{"$f":"$C$19/12","v":6762.8666666666659},{"$f":"$C$19/12","v":6762.8666666666659},6762.8666666666659,6762.8666666666659,6762.8666666666659,6762.8666666666659,6762.8666666666659,6762.8666666666659,6762.8666666666659,6762.8666666666659,6762.8666666666659,6762.8666666666659]
["10","OUTROS SERVIÇOS",{"$f":"'Orç. PB - Tot. Rev - Sintético'!J97","v":69363.960000000006},{"$f":"$C$20/12","v":5780.3300000000008},{"$f":"$C$20/12","v":5780.3300000000008},5780.3300000000008,5780.3300000000008,5780.3300000000008,5780.3300000000008,5780.3300000000008,5780.3300000000008,5780.3300000000008,5780.3300000000008,5780.3300000000008,5780.3300000000008]
["TOTAL",null,{"$f":"SUM(C11:C20)","v":3293530.46},{"$f":"SUM(D11:D20)","v":274460.8716666667},{"$f":"SUM(E11:E20)","v":274460.8716666667},274460.8716666667,274460.8716666667,274460.8716666667,274460.8716666667,274460.8716666667,274460.8716666667,274460.8716666667,274460.8716666667,274460.8716666667,274460.8716666667]
["PERCENTUAL",null,null,{"$f":"D21/$C$21","v":8.3333333333333343E-2},8.3333333333333343E-2,8.3333333333333343E-2,8.3333333333333343E-2,8.3333333333333343E-2,8.3333333333333343E-2,8.3333333333333343E-2,8.3333333333333343E-2,8.3333333333333343E-2,8.3333333333333343E-2,8.3333333333333343E-2,8.3333333333333343E-2]
["CUSTO ACUMULADO",null,null,{"$f":"D21","v":274460.8716666667},{"$f":"E21+D23","v":548921.7433333334},{"$f":"F21+E23","v":823382.61500000011},1097843.4866666668,1372304.3583333334,1646765.23,1921226.1016666666,2195686.9733333332,2470147.8449999997,2744608.7166666663,3019069.5883333329,3293530.4599999995]
["PERCENTUAL ACUMULADO",null,null,{"$f":"D22","v":8.3333333333333343E-2},{"$f":"E22+D24","v":0.16666666666666669},{"$f":"F22+E24","v":0.25},0.33333333333333337,0.41666666666666674,0.50000000000000011,0.58333333333333348,0.66666666666666685,0.75000000000000022,0.83333333333333359,0.91666666666666696,1.0000000000000002]

{"sheet":"Planilha resumo - CE","index":15,"n_rows":11,"n_cols":7,"rows_kept":11,"cut":false,"hidden":false,"merged":[[1,1,1,6],[6,1,6,6],[10,1,10,2],[2,1,2,6],[3,1,5,6]]}
[]
[null,"OBJETO: EXECUÇÃO DE SERVIÇOS DE PERFURAÇÃO E INSTALAÇÃO DE POÇOS TUBULARES EM MUNICÍPIOS LOCALIZADOS NOS ESTADOS DO RIO GRANDE DO NORTE, PARAÍBA E CEARÁ, NA ÁREA DE ATUAÇÃO DA CODEVASF  "]
[]
[null,"PLANILHA ORÇAMENTÁRIA ESTIMATIVA GERAL     \nDATABASE DO ORÇAMENTO: SETEMBRO/2023 - NÃO DESONERADO.     \nPLANILHA RESUMIDA DO GRUPO 03 - CE  \n"]
[]
[]
[]
[null,"ITEM","DISCRIMINAÇÃO","UND","QUANT","UNITÁRIO","TOTAL"]
[null,5,"Perfuração e instalação de poço tubular parcialmente revestido, instalado com sistema fotovoltaico, bomba submersa, reservatório e bebedouro para animais.","un",157,{"$f":"'Orç. CE - Parc. Rev - Sintético'!I3","v":106962.92},{"$f":"ROUND(E9*F9,2)","v":16793178.440000001}]
[null,6,"Perfuração e instalação de poços poço tubular totalmente revestido, instalado com sistema fotovoltaico, bomba submersa, reservatório e bebedouro para animais.","un",23,{"$f":"'Orç. CE - Tot. Rev - Sintético'!I3","v":159245.38},{"$f":"ROUND(E10*F10,2)","v":3662643.74}]
[null,"TOTAL GERAL ESTIMADO - GRUPO 03",null,"un",{"$f":"SUM(E9:E10)","v":180},null,{"$f":"SUM(G9:G10)","v":20455822.18}]

{"sheet":"Orç. CE - Parc. Rev - Sintético","index":16,"n_rows":98,"n_cols":11,"rows_kept":98,"cut":false,"hidden":false,"merged":[[0,5,0,6],[0,9,0,10],[1,9,1,10],[3,0,3,10],[1,0,1,6]]}
[{"$nulls":7},"B.D.I. SERVIÇO","B.D.I. MATERIAL","Encargos Sociais"]
["OBRA: PERFURAÇÃO E INSTALAÇÃO DE POÇO TUBULAR PARCIALMENTE REVESTIDO NO ESTADO DO CEARÁ",{"$nulls":6},"25,47%",0.15279999999999999,"Não Desonerado: embutido nos preços unitário dos insumos de mão de obra, de acordo com as bases."]
[{"$nulls":7},"VALOR UNITÁRIO POR POÇO",{"$f":"ROUND(J98/K3,2)","v":106962.92},"QUANTIDADE DE POÇOS",157]
["Orçamento Sintético"]
["Item","Código","Serviço/Material","Banco","Descrição","Und","Quant.","Valor Unit","Valor Unit com BDI","Total","Peso (%)"]
[" 1 ",null,null,null,"SERVIÇOS PRELIMINARES",{"$nulls":4},{"$f":"SUM(J7:J10)","v":468279.12999999995},{"$f":"J6/$J$98","v":2.7885081288667374E-2}]
[" 1.1 "," COMPOSIÇÃO - 001 ","Serviço","Próprio","Administração Local da Obra - Poço Parcialmente Revestido","un",1,120781.87,{"$f":"ROUND(H7+H7*$H$2,2)","v":151545.01},{"$f":"ROUND(G7*I7,2)","v":151545.01},{"$f":"J7/$J$98","v":9.024200849484602E-3}]
[" 1.2 "," COMPOSIÇÃO - 003 ","Serviço","Próprio","Serviço de locação Geológica de campo com relatório hidro geológico e perfil construtivo e geológico esperado. Relatório de Viabilidade de implantação das estruturas e vistorias preliminares","un",157,501.69999999999993,{"$f":"ROUND(H8+H8*$H$2,2)","v":629.48},{"$f":"ROUND(G8*I8,2)","v":98828.36},{"$f":"J8/$J$98","v":5.8850302643760431E-3}]
[" 1.3 "," COMPOSIÇÃO - 004 ","Serviço","Próprio","Procedimentos para emissão de Outorga de uso insignificante e Dispensa de Licenciamento Ambiental (incluso taxas) - Ceará","un",157,856.8,1075.03,168779.71,1.0050492605185514E-2]
[" 1.5 ",51,"Serviço","ORSE","Placa de obra em chapa aço galvanizado, instalada ","m²",113.03999999999999,346.37000000000006,434.59,49126.05,2.9253575696212173E-3]
[" 2 ",null,null,null,"MOBILIZAÇÂO E DESMOBILIZAÇÂO EQUIPES DE PERFURAÇÂO E INSTALAÇÃO",{"$nulls":4},{"$f":"SUM(J12:J13)","v":369264},2.1988929246064139E-2]
[" 2.1 "," COMPOSIÇÃO - 006 ","Serviço","Próprio","Transporte de Comboio Perfuração","km",37680,4.8100000000000005,{"$f":"ROUND(H12+H12*$H$2,2)","v":6.04},{"$f":"ROUND(G12*I12,2)","v":227587.20000000001},{"$f":"J12/$J$98","v":1.3552360474104836E-2}]
[" 2.2 "," COMPOSIÇÃO - 007 ","Serviço","Próprio","Transporte de Comboio Instalação","km",18840,5.99,7.52,141676.79999999999,8.4365687719593005E-3]
[" 3 ",null,null,null,"PERFURAÇÃO E COMPLETAÇÃO DE POÇO TUBULAR",{"$nulls":4},{"$f":"SUM(J15:J20)","v":5841494.29},0.34784924778504717]
[" 3.1 "," COMPOSIÇÃO - 009 ","Serviço","Próprio","Limpeza manual , remoção de cerca, capina e instalação dos equipamentos (área do poço, painéis solares, bebedouro e reservatório)","m²",10990,1.64,{"$f":"ROUND(H15+H15*$H$2,2)","v":2.06},{"$f":"ROUND(G15*I15,2)","v":22639.4},{"$f":"J15/$J$98","v":1.3481307811575038E-3}]
[" 3.2 "," COMPOSIÇÃO - 013 ","Serviço","Próprio","Perfuração em material inconsolidado Ø 8 1/2\"","m",7850,214.98000000000002,269.74,2117459,0.1260904288867632]
[" 3.3 "," COMPOSIÇÃO - 010 ","Serviço","Próprio","Perfuração roto pneumática utilizando martelo de fundo (DTH) em rocha Ø 6 1/8\" em rocha","m",10990,172.74,216.74,2381972.6,0.14184168228547445]
[" 3.4 ",9854,"Material","Sinapi","Tubo pvc de revestimento geomecanico nervurado standard, dn=154mm, comprimento=2m","m",7850,115.12,{"$f":"ROUND(H18+H18*$I$2,2)","v":132.71},{"$f":"ROUND(G18*I18,2)","v":1041773.5},6.2035518712694977E-2]
[" 3.5 "," COMPOSIÇÃO - 011 ","Serviço","Próprio","Serviço de lançamento cimentação anelar poço tubular, incluso material.","m³",144.44,830.08,{"$f":"ROUND(H19+H19*$H$2,2)","v":1041.5},{"$f":"ROUND(G19*I19,2)","v":150434.26},{"$f":"J19/$J$98","v":8.9580579187898534E-3}]
[" 3.6 "," COMPOSIÇÃO - 014 ","Serviço","Próprio","Serviço de instalação de laje sanitária com dimensões (1,5x1,5x0,3) , incluso material.","un",157,645.79999999999995,810.29,127215.53,7.5754292001672238E-3]
[" 4 ",null,null,null,"PÓS PERFURAÇÃO",{"$nulls":4},{"$f":"SUM(J22:J25)","v":1563117.12},9.3080483759563751E-2]
[" 4.1 "," 6305 ","Serviço","ORSE","Serviço de desenvolvimento com compressor 250psi / 750cfm","h",628,411.16,{"$f":"ROUND(H22+H22*$H$2,2)","v":515.88},{"$f":"ROUND(G22*I22,2)","v":323972.64},{"$f":"J22/$J$98","v":1.9291919760985661E-2}]
[" 4.2 "," 6312 ","Serviço","ORSE","Serviço de análise físico-química da Água incluso coleta, transporte e analise","un",157,565.21,709.17,111339.69,6.6300548271391599E-3]
[" 4.3 "," COMPOSIÇÃO - 015 ","Serviço","Próprio","Inspeção ótica em poço tubular câmera com rotação de 360º, visada lateral, com fonte própria de luz, entregue vídeo em cores e marcação de profundidades.","m",5652,38.049999999999997,47.74,269826.48,1.6067624727659723E-2]
[" 4.4 "," 6314 ","Serviço","ORSE","Ensaio de Bombeamento com bomba submersível","h",1099,622.21,780.69,857978.31,5.1090884443779204E-2]
[" 5 ",null,null,null,"RESERVAÇÃO",{"$nulls":4},{"$f":"SUM(J27:J31)","v":1126543.7000000002},6.7083413795819002E-2]
[" 5.1 "," COMPOSIÇÃO - 016 ","Serviço","Próprio","Execução e instalação de base de sustentação em concreto armado para reservatório de diâmetro 2,06m e altura 1,10m, conforme projeto, incluindo fixação de grampos da tampa.","un",157,2888.1300000000006,{"$f":"ROUND(H27+H27*$H$2,2)","v":3623.74},{"$f":"ROUND(G27*I27,2)","v":568927.18000000005},{"$f":"J27/$J$98","v":3.3878470436280811E-2}]
[" 5.2 "," 00037105 ","Material","SINAPI","Fornecimento de caixa d'agua / reservatorio em poliester reforcado com fibra de vidro, 5000 litros, com tampa","un",157,2980.05,{"$f":"ROUND(H28+H28*$I$2,2)","v":3435.4},{"$f":"ROUND(G28*I28,2)","v":539357.80000000005},{"$f":"J28/$J$98","v":3.2117673270377865E-2}]
[" 5.3 "," 13960 ","Material","ORSE","Fornecimento de cabo de aço 1/8\" sem revestimento  ( rolo c/ 100 mt) rolo","rolo",12.56,260.86,300.72000000000003,3777.04,2.2491514287760001E-4]
[" 5.4 "," 094248 ","Material","SBC","Fornecimento de esticador olhal com gancho de 1/4\" 6,35 mm vonder","un",628,13.05,15.04,9445.1200000000008,5.6243791813062019E-4]
[" 5.5 "," 002048 ","Material","SBC","Fornecimento de grampo (clip) para cabo de aco pesado 1/8\"","un",628,6.96,8.02,5036.5600000000004,2.9991702815209933E-4]
[" 6 ",null,null,null,"BEBEDOURO",{"$nulls":4},{"$f":"SUM(J33)","v":320469.96999999997},1.9083342800322523E-2]
[" 6.1 "," COMPOSIÇÃO - 017 ","Serviço","Próprio","Serviço de execução do bebedouro em concreto armado, incluso materiais.","un",157,1626.8500000000001,{"$f":"ROUND(H33+H33*$H$2,2)","v":2041.21},{"$f":"ROUND(G33*I33,2)","v":320469.96999999997},{"$f":"J33/$J$98","v":1.9083342800322523E-2}]
[" 7 ",null,null,null,"INSTALAÇÕES HIDRÁULICAS",{"$nulls":4},{"$f":"SUM(J35,J51)","v":544668.33000000007},3.2433904661548149E-2]
[" 7.1 ",null,null,null,"INSTALAÇÕES DE CAVALETE",{"$nulls":4},{"$f":"SUM(J36:J50)","v":210104.46999999997},1.251129903026508E-2]
[" 7.1.1 "," COMPOSIÇÃO - 018 ","Serviço","Próprio","Montagem e Instalação de Tubulação e Conexões Cavalete","un",157,258.37,{"$f":"ROUND(H36+H36*$H$2,2)","v":324.18},{"$f":"ROUND(G36*I36,2)","v":50896.26},{"$f":"J36/$J$98","v":3.030770018277667E-3}]
[" 7.1.2 "," 00001796 ","Material","SINAPI","Fornecimento de curva 90 graus de ferro galvanizado, com rosca bsp macho, de 1 1/4\"","un",157,77.17,{"$f":"ROUND(H37+H37*$I$2,2)","v":88.96},{"$f":"ROUND(G37*I37,2)","v":13966.72},{"$f":"J37/$J$98","v":8.3169011298038498E-4}]
[" 7.1.3 "," 00009888 ","Material","SINAPI","Fornecimento de uniao de ferro galvanizado, com rosca bsp, com assento plano, de 1 1/4\"","un",157,62.13,71.62,11244.34,6.6957785399792238E-4]
[" 7.1.4 "," 00004180 ","Material","SINAPI","Fornecimento de niple de ferro galvanizado, com rosca bsp, de 1 1/4\"","un",314,18.989999999999998,21.89,6873.46,4.0930073230981628E-4]
[" 7.1.5 "," 00006017 ","Material","SINAPI","Fornecimento de registro gaveta bruto em latao forjado, bitola 1 1/4 \" (ref 1509)","un",157,74.069999999999993,85.39,13406.23,7.9831405966046629E-4]
[" 7.1.6 "," 00000789 ","Material","SINAPI","Fornecimento de bucha de reducao de ferro galvanizado, com rosca bsp, de 1 1/4\" x 1\"","un",157,17.760000000000002,20.47,3213.79,1.9137473710328779E-4]
[" 7.1.7 "," 12438 ","Material","ORSE","Fornecimento de hidrômetro multijato d= 3/4\", vazão = 5,0m3/h ","un",157,297.76,343.26,53891.82,3.2091495973656358E-3]
[" 7.1.8 "," 00009861 ","Material","SINAPI","Fornecimento de tubo pvc, roscavel, 1 1/4\", agua fria predial","m",235.5,26.9,31.01,7302.86,4.3487063952595418E-4]
[" 7.1.9 "," 002116 ","Material","SBC","Fornecimento de te de reducao ferro galvanizado 1.1/4\" x 1/2\"","un",157,17.239999999999998,19.87,3119.59,1.8576531637725104E-4]
[" 7.1.10 "," 00011831 ","Material","SINAPI","Fornecimento de torneira plastica para tanque 1/2 \" ou 3/4 \" com bico para mangueira","un",157,20.57,23.71,3722.47,2.2166560902388635E-4]
[" 7.1.11 "," 1158 ","Material","ORSE","Fornecimento de joelho 45° ferro galvanizado d=1 1/ 4\" ","un",314,32.700000000000003,37.700000000000003,11837.8,7.0491720457195399E-4]
[" 7.1.12 "," 00004205 ","Material","SINAPI","Fornecimento de niple de reducao de ferro galvanizado, com rosca bsp, de 1 1/2\" x 1 1/4\"","un",157,33.32,38.409999999999997,6030.37,3.5909641681178723E-4]
[" 7.1.13 "," 00003939 ","Material","SINAPI","Fornecimento de luva de ferro galvanizado, com rosca bsp, de 1 1/2\"","un",157,25.6,29.51,4633.07,2.7589000937557512E-4]
[" 7.1.14 "," 9569 ","Material","ORSE","Fornecimento de adaptador pvc bsxrm d= 35mm x 1 1/2\", linha irriga-lf, tigre ou similar ","un",157,3.04,3.5,549.5,3.272162090188116E-5]
[" 7.1.15 "," 5128 ","Material","ORSE","Fornecimento de tampa de poço galvanizada em 6\" ","un",157,107.28,123.67,19416.189999999999,1.1561951019816122E-3]
[" 7.2 ",null,null,null,"INSTALAÇÕES DE ADUTORA, RESERVATÓRIO E BEBEDOURO",{"$nulls":4},{"$f":"SUM(J52:J63)","v":334563.86000000004},{"$f":"J51/$J$98","v":1.9922605631283063E-2}]
[" 7.2.1 "," COMPOSIÇÃO - 020 ","Serviço","Próprio","Montagem e instalação da rede adutora poço-reservatório-bebedouro","un",157,981.88,{"$f":"ROUND(H52+H52*$H$2,2)","v":1231.96},{"$f":"ROUND(G52*I52,2)","v":193417.72},{"$f":"J52/$J$98","v":1.1517636596080431E-2}]
[" 7.2.2 "," 9501 ","Material","ORSE","Fornecimento de tubo PVC p/irrigação LF PN 60 JE Ø 35mm, linha Irriga-LF, Tigre ou similar m","m",6280,13.06,{"$f":"ROUND(H53+H53*$I$2,2)","v":15.06},{"$f":"ROUND(G53*I53,2)","v":94576.8},{"$f":"J53/$J$98","v":5.6318584089409167E-3}]
[" 7.2.3 "," 9516 ","Material","ORSE","Fornecimento de curva 90º pvc PTA/BSA soldavel d= 35mm, linha Irriga-LF, Tigre ou similar un","un",628,10.76,12.4,7787.2,4.6371211335237297E-4]
[" 7.2.4 "," 00000098 ","Material","SINAPI","Fornecimento de adaptador pvc soldavel, com flange e anel de vedacao, 40 mm x 1 1/4\", para caixa d'água","un",314,30.33,34.96,10977.44,6.5368449527415163E-4]
[" 7.2.5 "," 8013 ","Material","ORSE","Fornecimento de registro esfera VS soldável para irrigação Ø 35mm ","pç",157,37.26,42.95,6743.15,4.0154103363879877E-4]
[" 7.2.6 "," 00000096 ","Material","SINAPI","Fornecimento de adaptador pvc soldavel, com flange e anel de vedacao, 25 mm x 3/4\", para caixa d'água","un",471,13.47,15.53,7314.63,4.3557151937675519E-4]
[" 7.2.7 "," 14071 ","Material","ORSE","Fornecimento de tubo PVC para irrigação LF PN 60 Ø 25mm, linha Irriga-LF, Tigre ou similar ","m",314,4.01,4.62,1450.68,8.6385079180966261E-5]
[" 7.2.8 "," 14082 ","Material","ORSE","Fornecimento de registro esfera LF 25mm ","pç",314,11.64,13.42,4213.88,2.5092808714471151E-4]
[" 7.2.9 "," 00003529 ","Material","SINAPI","Fornecimento de joelho pvc, soldavel, 90 graus, 25 mm, cor marrom, para agua fria predial","un",314,0.79,0.91,285.74,1.7015242868978203E-5]
[" 7.2.10 "," 00003535 ","Material","SINAPI","Fornecimento de joelho pvc, soldavel, 90 graus, 40 mm, cor marrom, para agua fria predial","un",157,6.45,7.44,1168.08,6.9556817002855935E-5]
[" 7.2.11 "," 00000109 ","Material","SINAPI","Fornecimento de adaptador pvc soldavel curto com bolsa e rosca, 40 mm x 1 1/4\", para agua fria","un",157,4.05,4.67,733.19,4.365999131765286E-5]
[" 7.2.12 "," 00011830 ","Material","SINAPI","Fornecimento de torneira de boia convencional para caixa d'agua, agua fria, 3/4\", com haste e torneira metalicos e balao plastico","un",157,32.57,37.549999999999997,5895.35,3.5105624710446789E-4]
[" 8 ",null,null,null,"FORNECIMENTO E INSTALAÇÃO DE SISTEMA FOTOVOLTAÍCO",{"$nulls":4},{"$f":"SUM(J65,J71,J82,J84)","v":5227203.37},0.31126945778011944]
[" 8.1 ",null,null,null,"INSTALAÇÕES HIDRÁULICAS",{"$nulls":4},{"$f":"SUM(J66:J70)","v":447235.41},2.6631970045345565E-2]
[" 8.1.1 "," COMPOSIÇÃO - 019 ","Serviço","Próprio","Montagem e instalação hidráulica do kit de bombeamento","un",157,143.49,{"$f":"ROUND(H66+H66*$H$2,2)","v":180.04},{"$f":"ROUND(G66*I66,2)","v":28266.28},{"$f":"J66/$J$98","v":1.6832001791927667E-3}]
[" 8.1.2 "," 00038200 ","Material","SINAPI","Fornecimento de corda de poliamida 12 mm tipo bombeiro, para trabalho em altura","100M",98.91,717.07,{"$f":"ROUND(H67+H67*$I$2,2)","v":826.64},{"$f":"ROUND(G67*I67,2)","v":81762.960000000006},{"$f":"J67/$J$98","v":4.8688199835044098E-3}]
[" 8.1.3 "," 00009861 ","Material","SINAPI","Fornecimento de  tubo pvc, roscavel, 1 1/4\", agua fria predial","m",9420,26.9,31.01,292114.2,1.7394813671440024E-2]
[" 8.1.4 "," 00004180 ","Material","SINAPI","Fornecimento de  niple de ferro galvanizado, com rosca bsp, de 1 1/4\"","un",157,18.989999999999998,21.89,3436.73,2.0465036615490814E-4]
[" 8.1.5 "," 00003911 ","Material","SINAPI","Fornecimento de  luva de ferro galvanizado, com rosca bsp, de 1 1/4\"","un",1727,20.92,24.12,41655.24,2.4804858450534597E-3]
[" 8.2 ",null,null,null,"INSTALAÇÕES ELÉTRICAS",{"$nulls":4},{"$f":"SUM(J72:J81)","v":465330.06999999995},{"$f":"J71/$J$98","v":2.7709470691147989E-2}]
[" 8.2.1 "," COMPOSIÇÃO - 021 ","Serviço","Próprio","Montagem e instalação elétrica do kit de bombeamento e sistema fotovoltaico inclusive sistema de aterramento.","un",157,525.08000000000004,{"$f":"ROUND(H72+H72*$H$2,2)","v":658.82},{"$f":"ROUND(G72*I72,2)","v":103434.74},6.1593309378792415E-3]
[" 8.2.2 "," 00002674 ","Material","SINAPI","Fornecimento de  eletroduto de pvc rigido roscavel de 3/4 \", sem luva","m",2355,4.57,{"$f":"ROUND(H73+H73*$I$2,2)","v":5.27},{"$f":"ROUND(G73*I73,2)","v":12410.85},7.3904118065534449E-4]
[" 8.2.3 "," 00034622 ","Material","SINAPI","Fornecimento de  cabo flexivel pvc 750 v, 3 condutores de 6,0 mm2","m",11775,19.55,22.54,265408.5,1.5804542895608599E-2]
[" 8.2.4 "," 00012034 ","Material","SINAPI","Fornecimento de  curva 180 graus, de pvc rigido roscavel, de 3/4\", para eletroduto","un",157,4.6900000000000004,5.41,849.37,5.0578276879764873E-5]
[" 8.2.5 "," 00039272 ","Material","SINAPI","Fornecimento de  curva 90 graus, curta, de pvc rigido roscavel, de 3/4\", para eletroduto","un",314,2.56,2.95,926.3,5.5159303806028232E-5]
[" 8.2.6 "," 00003379 ","Material","SINAPI","Fornecimento de haste de aterramento em aco com 3,00 m de comprimento e dn = 5/8\", revestida com baixa camada de cobre, sem conector","un",105.19000000000001,89.12,102.74,10807.22,6.4354823629340864E-4]
[" 8.2.7 "," 00001891 ","Material","SINAPI","Fornecimento de  luva em pvc rigido roscavel, de 3/4\", para eletroduto","un",1413,1.18,1.36,1921.68,1.1443218281115011E-4]
[" 8.2.8 "," 00000425 ","Material","SINAPI","Fornecimento de grampo metalico tipo olhal para haste de aterramento de 5/8'', condutor de *10* a 50 mm2","un",314,8.4499999999999993,9.74,3058.36,1.8211919290532714E-4]
[" 8.2.9 "," 00034643 ","Material","SINAPI","Fornecimento de  caixa de inspecao para aterramento e para raios, em polipropileno,  diametro = 300 mm x altura = 400 mm","un",314,46.96,54.14,16999.96,1.012313460358769E-3]
[" 8.2.10 "," 00000867 ","Material","SINAPI","Fornecimento de cabo de cobre nu 50 mm2 meio-duro","m",863.5,49.74,57.34,49513.09,2.9484050239503598E-3]
[" 8.3 ",null,null,null,"ESTRUTURA DE FIXAÇÃO PARA MÓDULOS FOTOVOLTAICOS",{"$nulls":4},{"$f":"SUM(J83)","v":345437.68},2.0570119763758572E-2]
[" 8.3.1 "," COMPOSIÇÃO - 022 ","Serviço","Próprio","Serviço de fixação de estruturas para os módulos fotovoltaicos e suportes de concreto, incluso materiais.","m²",1256,219.2,{"$f":"ROUND(H83+H83*$H$2,2)","v":275.02999999999997},{"$f":"ROUND(G83*I83,2)","v":345437.68},2.0570119763758572E-2]
[" 8.4 ",null,null,null,"FORNECIMENTO DE KIT DE BOMBEAMENTO FOTOVOLTAICO",{"$nulls":4},{"$f":"SUM(J85)","v":3969200.21},0.23635789727986728]
[" 8.4.1 "," COTAÇÃO-002 ","Material","Próprio","Fornecimento de kit de bombeamento fotovoltaico, incluindo uma bomba CC de 1500W com imã permanente e sem escovas, controladora de carga, disjuntor CC adequado, caixa de proteção metálica, módulos compatíveis com a geração de 2200Wp (potência mínima de 550 W por módulo) e componentes elétricos necessários como cabos, conectores MC4 e presilhas de fixação.","un",157,21930.54,{"$f":"ROUND(H85+H85*$I$2,2)","v":25281.53},{"$f":"ROUND(G85*I85,2)","v":3969200.21},0.23635789727986728]
[" 9 ",null,null,null,"URBANIZAÇÃO",{"$nulls":4},{"$f":"SUM(J87,J89)","v":590048.39},3.5136196053403686E-2]
[" 9.1 ",null,null,null,"CERCA",{"$nulls":4},{"$f":"SUM(J88)","v":384386.24},2.2889428253283908E-2]
[" 9.1.1 "," COMPOSIÇÃO - 023 ","Serviço","Próprio","Cerca com mourões de concreto de 15x15cm, espaçados de 3m e cravados a 0,5m, escoras de 10x10cm nos cantos, e 9 fios de arame de aço ovalado 15x17.","m",4396,69.69,{"$f":"ROUND(H88+H88*$H$2,2)","v":87.44},{"$f":"ROUND(G88*I88,2)","v":384386.24},2.2889428253283908E-2]
[" 9.2 ",null,null,null,"PORTÃO",{"$nulls":4},{"$f":"SUM(J90)","v":205662.15},1.2246767800119776E-2]
[" 9.2.1 "," COMPOSIÇÃO - 024 ","Serviço","Próprio","Serviço de instalação de portão de ferro com suporte e batedor conforme projeto, incluso material","m²",235.5,696.0200000000001,{"$f":"ROUND(H90+H90*$H$2,2)","v":873.3},{"$f":"ROUND(G90*I90,2)","v":205662.15},1.2246767800119776E-2]
[" 10 ",null,null,null,"OUTROS SERVIÇOS",{"$nulls":4},{"$f":"SUM(J92:J97)","v":742089.56999999983},4.4189942829444939E-2]
[" 10.1 "," COMPOSIÇÃO - 025 ","Serviço","Próprio","Serviço de lançamento de concreto para acabamento do tamponamento, incluso material.","m³",5.1399256599999994,767.81,{"$f":"ROUND(H92+H92*$H$2,2)","v":963.37},{"$f":"ROUND(G92*I92,2)","v":4951.6499999999996},2.9486080825987226E-4]
[" 10.2 "," COMPOSIÇÃO - 026 ","Serviço","Próprio","Serviço de execução do tamponamento, incluso pedra britada desinfectada.","m³",5.1399256599999994,144.57,181.39,932.33,5.5518378190083457E-5]
[" 10.5 "," M3929 ","Material","SICRO3","Fornecimento de Tubo em aço-carbono - E = 3,00 mm e D = 150 mm (6”)","m",2355,152.0367,{"$f":"ROUND(H94+H94*$I$2,2)","v":175.27},{"$f":"ROUND(G94*I94,2)","v":412760.85},2.4579079266311615E-2]
[" 10.6 "," COTAÇÃO-007 ","Material","Próprio","Fornecimento tubo de revestimento geomecânico classe standart Ø 4\" com junta roscável.","m",2355,82.5,95.11,223984.05,1.3337800131333928E-2]
[" 10.7 "," COTAÇÃO-005 ","Material","Próprio","Fornecimento tubo filtro geomecânico classe standart Ø 4\" com junta roscável.","m",471,86.02,99.16,46704.36,2.7811507959690303E-3]
[" 10.8 "," 5073 ","Material","ORSE","Fornecimento de Pré-filtro comum ","m³",28.259999999999998,1619.38,1866.82,52756.33,3.1415334493804185E-3]
[{"$nulls":8},"Total",{"$f":"SUM(J91,J86,J64,J34,J32,J26,J21,J14,J11,J6)","v":16793177.869999997}]

{"sheet":"Orç. CE - Parc. Rev - Analítico","index":17,"n_rows":239,"n_cols":10,"rows_kept":239,"cut":false,"hidden":false,"merged":[[1,2,1,7],[139,5,139,6],[0,2,0,3],[0,4,0,5],[0,6,0,7],[0,8,0,9],[1,8,1,9],[8,4,8,5],[9,4,9,5],[10,4,10,5],[11,4,11,5],[12,4,12,5],[2,0,2,9],[3,5,3,6],[4,4,4,5],[5,4,5,5],[6,4,6,5],[7,4,7,5],[22,4,22,5],[23,4,23,5],[24,4,24,5],[30,4,30,5],[38,4,38,5],[41,5,41,6],[15,4,15,5],[16,4,16,5],[17,4,17,5],[18,4,18,5],[19,4,19,5],[28,5,28,6],[29,4,29,5],[42,4,42,5],[43,4,43,5],[44,4,44,5],[31,4,31,5],[32,4,32,5],[35,4,35,5],[36,4,36,5],[37,4,37,5],[54,4,54,5],[62,4,62,5],[63,4,63,5],[55,4,55,5],[56,4,56,5],[57,4,57,5],[58,4,58,5],[47,4,47,5],[48,4,48,5],[49,4,49,5],[50,4,50,5],[51,4,51,5],[71,4,71,5],[72,4,72,5],[73,4,73,5],[74,4,74,5],[77,5,77,6],[64,4,64,5],[65,4,65,5],[66,4,66,5],[69,4,69,5],[70,4,70,5],[90,5,90,6],[91,4,91,5],[92,4,92,5],[93,4,93,5],[84,4,84,5],[85,4,85,5],[86,4,86,5],[80,4,80,5],[81,4,81,5],[82,4,82,5],[83,4,83,5],[100,4,100,5],[101,4,101,5],[102,4,102,5],[103,4,103,5],[104,4,104,5],[105,4,105,5],[94,4,94,5],[95,4,95,5],[96,4,96,5],[97,4,97,5],[98,4,98,5],[99,4,99,5],[115,5,115,6],[116,4,116,5],[117,4,117,5],[118,4,118,5],[119,4,119,5],[120,4,120,5],[106,4,106,5],[107,4,107,5],[108,4,108,5],[109,4,109,5],[110,4,110,5],[111,4,111,5],[126,4,126,5],[127,4,127,5],[128,4,128,5],[129,4,129,5],[130,4,130,5],[131,4,131,5],[121,4,121,5],[122,4,122,5],[123,4,123,5],[124,4,124,5],[125,4,125,5],[145,4,145,5],[146,4,146,5],[140,5,140,6],[141,4,141,5],[142,4,142,5],[143,4,143,5],[144,4,144,5],[132,4,132,5],[133,4,133,5],[134,4,134,5],[135,4,135,5],[136,4,136,5],[162,5,162,6],[163,5,163,6],[157,4,157,5],[158,4,158,5],[150,5,150,6],[151,4,151,5],[152,4,152,5],[153,4,153,5],[154,4,154,5],[155,4,155,5],[156,4,156,5],[178,4,178,5],[172,4,172,5],[173,4,173,5],[174,4,174,5],[175,4,175,5],[176,4,176,5],[177,4,177,5],[171,5,171,6],[164,4,164,5],[165,4,165,5],[166,4,166,5],[167,4,167,5],[185,4,185,5],[186,4,186,5],[187,4,187,5],[188,4,188,5],[182,5,182,6],[183,4,183,5],[184,4,184,5],[216,4,216,5],[219,5,219,6],[209,5,209,6],[197,5,197,6],[198,4,198,5],[199,4,199,5],[200,4,200,5],[201,4,201,5],[202,4,202,5],[191,5,191,6],[192,4,192,5],[193,4,193,5],[196,5,196,6],[203,4,203,5],[204,4,204,5],[205,4,205,5],[206,4,206,5],[220,4,220,5],[221,4,221,5],[222,4,222,5],[210,4,210,5],[211,4,211,5],[212,4,212,5],[213,4,213,5],[214,4,214,5],[215,4,215,5],[234,4,234,5],[237,4,237,5],[238,4,238,5],[230,4,230,5],[233,4,233,5],[223,4,223,5],[226,4,226,5],[227,4,227,5],[228,4,228,5],[229,4,229,5]]}
[{"$nulls":8},"Encargos Sociais"]
[0,null,"OBRA:PERFURAÇÃO E INSTALAÇÃO DE POÇO TUBULAR PARCIALMENTE REVESTIDO NO ESTADO DO CEARÁ",{"$nulls":5},"Não Desonerado: embutido nos preços unitário dos insumos de mão de obra, de acordo com as bases."]
["Planilha Orçamentária Analítica"]
[" 1 ",null,null,"SERVIÇOS PRELIMINARES"]
[" 1.1 ","Código","Banco","Descrição","Tipo",null,"Und","Quant.","Valor Unit","Total"]
["Composição"," COMPOSIÇÃO - 001 ","Próprio","Administração Local da Obra - Poço Parcialmente Revestido","SERP - SERVIÇOS PRELIMINARES",null,"un",1,{"$f":"J6","v":120781.87},{"$f":"SUM(J7:J13)","v":120781.87}]
["Composição Auxiliar"," 92138 ","SINAPI","CAMINHONETE COM MOTOR A DIESEL, POTÊNCIA 180 CV, CABINE DUPLA, 4X4 - CHP DIURNO. AF_11/2015","CHOR - CUSTOS HORÁRIOS DE MÁQUINAS E EQUIPAMENTOS",null,"CHP",135,96.58,{"$f":"ROUND(H7*I7,2)","v":13038.3}]
["Composição Auxiliar"," 92139 ","SINAPI","CAMINHONETE COM MOTOR A DIESEL, POTÊNCIA 180 CV, CABINE DUPLA, 4X4 - CHI DIURNO. AF_11/2015","CHOR - CUSTOS HORÁRIOS DE MÁQUINAS E EQUIPAMENTOS",null,"CHI",165,45.84,{"$f":"ROUND(H8*I8,2)","v":7563.6}]
["Composição Auxiliar"," 93572 ","SINAPI","ENCARREGADO GERAL DE OBRAS COM ENCARGOS COMPLEMENTARES","SEDI - SERVIÇOS DIVERSOS",null,"MES",3,4552.47,13657.41]
["Composição Auxiliar"," 93565 ","SINAPI","ENGENHEIRO CIVIL DE OBRA JUNIOR COM ENCARGOS COMPLEMENTARES","SEDI - SERVIÇOS DIVERSOS",null,"MES",4,19809.54,79238.16]
["Insumo"," 00014250 ","SINAPI","ENERGIA ELETRICA COMERCIAL, BAIXA TENSAO, RELATIVA AO CONSUMO DE ATE 100 KWH, INCLUINDO ICMS, PIS/PASEP E COFINS","Material",null,"KWH",1400,0.98,{"$f":"ROUND(H11*I11,2)","v":1372}]
["Insumo"," 00044480 ","SINAPI","TARIFA \"A\" ENTRE  0 E 20M3 FORNECIMENTO  D'AGUA","Taxas",null,"m³",60,18.54,{"$f":"ROUND(H12*I12,2)","v":1112.4000000000001}]
["Insumo"," 4298 ","ORSE","Aluguel de container - Escritório com banheiro - 6,20 x 2,40m, equipado com Ar condicionado mês","Serviços",null,"mês",3,1600,4800]
[]
[]
[" 1.2 ","Código","Banco","Descrição","Tipo",null,"Und","Quant.","Valor Unit","Total"]
["Composição"," COMPOSIÇÃO - 003 ","Próprio","Serviço de locação Geológica de campo com relatório hidro geológico e perfil construtivo e geológico esperado. Relatório de Viabilidade de implantação das estruturas e vistorias preliminares","SERT - SERVIÇOS TÉCNICOS",null,"un",1,{"$f":"J17","v":501.69999999999993},{"$f":"SUM(J18:J20)","v":501.69999999999993}]
["Composição Auxiliar"," 30.01.45 ","EMBASA","GEOLOGO SENIOR",3001,null,"hora",5,79.73,{"$f":"ROUND(H18*I18,2)","v":398.65}]
["Insumo"," 5896 ","ORSE","Veículo tipo sedan ou pick-up capacidade 0,6 ton h","Equipamento",null,"h",5,8.33,{"$f":"ROUND(H19*I19,2)","v":41.65}]
["Insumo"," 00004222 ","SINAPI","GASOLINA COMUM","Material",null,"L",10,6.14,{"$f":"ROUND(H20*I20,2)","v":61.4}]
[]
[]
[" 1.3 ","Código","Banco","Descrição","Tipo",null,"Und","Quant.","Valor Unit","Total"]
["Composição"," COMPOSIÇÃO - 004 ","Próprio","Procedimentos para emissão de Outorga de uso insignificante e Dispensa de Licenciamento Ambiental (incluso taxas) - Ceará","SERT - SERVIÇOS TÉCNICOS",null,"un",1,{"$f":"J24","v":856.8},{"$f":"SUM(J25)","v":856.8}]
["Insumo","COTAÇÃO-009","Próprio","Procedimentos para Emissão de Outorga de uso insignificante e Dispensa de Licenciamento Ambiental - Ceará","Serviços",null,"unn",1,856.8,{"$f":"ROUND(H25*I25,2)","v":856.8}]
[]
[]
[]
[" 2 ",null,null,"MOBILIZAÇÂO E DESMOBILIZAÇÂO EQUIPES DE PERFURAÇÂO E INSTALAÇÃO"]
[" 2.1 ","Código","Banco","Descrição","Tipo",null,"Und","Quant.","Valor Unit","Total"]
["Composição"," COMPOSIÇÃO - 006 ","Próprio","Transporte de Comboio Perfuração","TRAN - TRANSPORTES, CARGAS E DESCARGAS",null,"km",1,{"$f":"J31","v":4.8100000000000005},{"$f":"SUM(J32:J33)","v":4.8100000000000005}]
["Composição Auxiliar"," 5824 ","SINAPI","CAMINHÃO TOCO, PBT 16.000 KG, CARGA ÚTIL MÁX. 10.685 KG, DIST. ENTRE EIXOS 4,8 M, POTÊNCIA 189 CV, INCLUSIVE CARROCERIA FIXA ABERTA DE MADEIRA P/ TRANSPORTE GERAL DE CARGA SECA, DIMEN. APROX. 2,5 X 7,00 X 0,50 M - CHP DIURNO. AF_06/2014","CHOR - CUSTOS HORÁRIOS DE MÁQUINAS E EQUIPAMENTOS",null,"CHP",1.6660000000000001E-2,220.76,{"$f":"ROUND(H32*I32,2)","v":3.68}]
["Composição Auxiliar"," 5826 ","SINAPI","CAMINHÃO TOCO, PBT 16.000 KG, CARGA ÚTIL MÁX. 10.685 KG, DIST. ENTRE EIXOS 4,8 M, POTÊNCIA 189 CV, INCLUSIVE CARROCERIA FIXA ABERTA DE MADEIRA P/ TRANSPORTE GERAL DE CARGA SECA, DIMEN. APROX. 2,5 X 7,00 X 0,50 M - CHI DIURNO. AF_06/2014","CHOR - CUSTOS HORÁRIOS DE MÁQUINAS E EQUIPAMENTOS",null,"CHI",1.6660000000000001E-2,67.77,1.1299999999999999]
[]
[]
[" 2.2 ","Código","Banco","Descrição","Tipo",null,"Und","Quant.","Valor Unit","Total"]
["Composição"," COMPOSIÇÃO - 007 ","Próprio","Transporte de Comboio Instalação","TRAN - TRANSPORTES, CARGAS E DESCARGAS",null,"km",1,{"$f":"J37","v":5.99},{"$f":"SUM(J38:J39)","v":5.99}]
["Composição Auxiliar"," 5928 ","SINAPI","GUINDAUTO HIDRÁULICO, CAPACIDADE MÁXIMA DE CARGA 6200 KG, MOMENTO MÁXIMO DE CARGA 11,7 TM, ALCANCE MÁXIMO HORIZONTAL 9,70 M, INCLUSIVE CAMINHÃO TOCO PBT 16.000 KG, POTÊNCIA DE 189 CV - CHP DIURNO. AF_06/2014","CHOR - CUSTOS HORÁRIOS DE MÁQUINAS E EQUIPAMENTOS",null,"CHP",1.6660000000000001E-2,280.27,{"$f":"ROUND(H38*I38,2)","v":4.67}]
["Composição Auxiliar"," 5930 ","SINAPI","GUINDAUTO HIDRÁULICO, CAPACIDADE MÁXIMA DE CARGA 6200 KG, MOMENTO MÁXIMO DE CARGA 11,7 TM, ALCANCE MÁXIMO HORIZONTAL 9,70 M, INCLUSIVE CAMINHÃO TOCO PBT 16.000 KG, POTÊNCIA DE 189 CV - CHI DIURNO. AF_06/2014","CHOR - CUSTOS HORÁRIOS DE MÁQUINAS E EQUIPAMENTOS",null,"CHI",1.6660000000000001E-2,79.489999999999995,1.32]
[]
[]
[" 3 ",null,null,"PERFURAÇÃO E COMPLETAÇÃO DE POÇO TUBULAR"]
[" 3.1 ","Código","Banco","Descrição","Tipo",null,"Und","Quant.","Valor Unit","Total"]
["Composição"," COMPOSIÇÃO - 009 ","Próprio","Limpeza manual , remoção de cerca, capina e instalação dos equipamentos (área do poço, painéis solares, bebedouro e reservatório)","SEDI - SERVIÇOS DIVERSOS",null,"m²",1,{"$f":"J44","v":1.64},{"$f":"SUM(J45)","v":1.64}]
["Composição Auxiliar"," 88316 ","SINAPI","SERVENTE COM ENCARGOS COMPLEMENTARES","SEDI - SERVIÇOS DIVERSOS",null,"H",0.08,20.47,{"$f":"ROUND(H45*I45,2)","v":1.64}]
[]
[]
[" 3.2 ","Código","Banco","Descrição","Tipo",null,"Und","Quant.","Valor Unit","Total"]
["Composição"," COMPOSIÇÃO - 013 ","Próprio","Perfuração em material inconsolidado Ø 8 1/2\"","SERT - SERVIÇOS TÉCNICOS",null,"m",1,{"$f":"J49","v":214.98000000000002},{"$f":"SUM(J50:J52)","v":214.98000000000002}]
["Composição Auxiliar"," 88263 ","SINAPI","CAVOUQUEIRO OU OPERADOR PERFURATRIZ/ROMPEDOR COM ENCARGOS COMPLEMENTARES","SEDI - SERVIÇOS DIVERSOS",null,"H",0.2,19.66,{"$f":"ROUND(H50*I50,2)","v":3.93}]
["Composição Auxiliar"," 88316 ","SINAPI","SERVENTE COM ENCARGOS COMPLEMENTARES","SEDI - SERVIÇOS DIVERSOS",null,"H",0.6,20.47,12.28]
["Insumo"," 5071 ","ORSE","Perfuração rocha sedimentar sedimento / camadas inconsolidadas dn 8.1/2 a 9.1/2\" - até 150m m","Serviços",null,"m",1,198.77,{"$f":"ROUND(H52*I52,2)","v":198.77}]
[]
[]
[" 3.3 ","Código","Banco","Descrição","Tipo",null,"Und","Quant.","Valor Unit","Total"]
["Composição"," COMPOSIÇÃO - 010 ","Próprio","Perfuração roto pneumática utilizando martelo de fundo (DTH) em rocha Ø 6 1/8\" em rocha","SERT - SERVIÇOS TÉCNICOS",null,"m",1,{"$f":"J56","v":172.74},{"$f":"SUM(J57:J59)","v":172.74}]
["Composição Auxiliar"," 88263 ","SINAPI","CAVOUQUEIRO OU OPERADOR PERFURATRIZ/ROMPEDOR COM ENCARGOS COMPLEMENTARES","SEDI - SERVIÇOS DIVERSOS",null,"H",0.2,19.66,{"$f":"ROUND(H57*I57,2)","v":3.93}]
["Composição Auxiliar"," 88316 ","SINAPI","SERVENTE COM ENCARGOS COMPLEMENTARES","SEDI - SERVIÇOS DIVERSOS",null,"H",0.6,20.47,12.28]
["Insumo"," 5051 ","ORSE","Perfuraçao em rocha metassedimentar - metassedimento alterado / compacto dn 6\"  (poço 120m) m","Serviços",null,"m",1,156.53,{"$f":"ROUND(H59*I59,2)","v":156.53}]
[]
[]
[]
[" 3.5 ","Código","Banco","Descrição","Tipo",null,"Und","Quant.","Valor Unit","Total"]
["Composição"," COMPOSIÇÃO - 011 ","Próprio","Serviço de lançamento cimentação anelar poço tubular, incluso material.","SEDI - SERVIÇOS DIVERSOS",null,"m³",1,{"$f":"J64","v":830.08},{"$f":"SUM(J65:J67)","v":830.08}]
["Composição Auxiliar"," 1903 ","ORSE","Argamassa cimento e areia traço t-1 (1:3) - 1 saco cimento 50kg / 3 padiolas areia dim. 0.35 x 0.45 x 0.23 m - Confecção mecânica e transporte","Argamassas",null,"m³",1,571.20000000000005,{"$f":"ROUND(H65*I65,2)","v":571.20000000000005}]
["Composição Auxiliar"," 88316 ","SINAPI","SERVENTE COM ENCARGOS COMPLEMENTARES","SEDI - SERVIÇOS DIVERSOS",null,"H",7.4,20.47,151.47999999999999]
["Insumo"," 00000124 ","SINAPI","ADITIVO ACELERADOR DE PEGA E ENDURECIMENTO PARA ARGAMASSAS E CONCRETOS, LIQUIDO E ISENTO DE CLORETOS","Material",null,"L",5,21.48,{"$f":"ROUND(H67*I67,2)","v":107.4}]
[]
[]
[" 3.6 ","Código","Banco","Descrição","Tipo",null,"Und","Quant.","Valor Unit","Total"]
["Composição"," COMPOSIÇÃO - 014 ","Próprio","Serviço de instalação de laje sanitária com dimensões (1,5x1,5x0,3) , incluso material.","SEDI - SERVIÇOS DIVERSOS",null,"un",1,{"$f":"J71","v":645.79999999999995},{"$f":"SUM(J72:J75)","v":645.79999999999995}]
["Composição Auxiliar"," 92522 ","SINAPI","MONTAGEM E DESMONTAGEM DE FÔRMA DE LAJE MACIÇA, PÉ-DIREITO SIMPLES, EM CHAPA DE MADEIRA COMPENSADA RESINADA, 8 UTILIZAÇÕES. AF_09/2020","FUES - FUNDAÇÕES E ESTRUTURAS",null,"m²",1.8,46.25,{"$f":"ROUND(H72*I72,2)","v":83.25}]
["Composição Auxiliar"," 93358 ","SINAPI","ESCAVAÇÃO MANUAL DE VALA COM PROFUNDIDADE MENOR OU IGUAL A 1,30 M. AF_02/2021","MOVT - MOVIMENTO DE TERRA",null,"m³",0.22500000000000001,80.98,18.22]
["Composição Auxiliar"," 94975 ","SINAPI","CONCRETO FCK = 15MPA, TRAÇO 1:3,4:3,5 (EM MASSA SECA DE CIMENTO/ AREIA MÉDIA/ BRITA 1) - PREPARO MANUAL. AF_05/2021","FUES - FUNDAÇÕES E ESTRUTURAS",null,"m³",0.67500000000000004,520.41999999999996,351.28]
["Composição Auxiliar"," 103670 ","SINAPI","LANÇAMENTO COM USO DE BALDES, ADENSAMENTO E ACABAMENTO DE CONCRETO EM ESTRUTURAS. AF_02/2022","FUES - FUNDAÇÕES E ESTRUTURAS",null,"m³",0.67500000000000004,286,193.05]
[]
[]
[" 4 ",null,null,"PÓS PERFURAÇÃO"]
[]
[]
[" 4.3 ","Código","Banco","Descrição","Tipo",null,"Und","Quant.","Valor Unit","Total"]
["Composição"," COMPOSIÇÃO - 015 ","Próprio","Inspeção ótica em poço tubular câmera com rotação de 360º, visada lateral, com fonte própria de luz, entregue vídeo em cores e marcação de profundidades.","SEES - SERVIÇOS ESPECIAIS",null,"m",1,{"$f":"J82","v":38.049999999999997},{"$f":"SUM(J83:J87)","v":38.049999999999997}]
["Insumo"," H020050004 ","EMBASA","APARELHO DE PERFILAGEM OPTICA","Material",null,"M",1,4.4000000000000004,{"$f":"ROUND(H83*I83,2)","v":4.4000000000000004}]
["Insumo"," B590000022 ","EMBASA","TECNICO MEDIO","Mão de Obra",null,"H",8.3500000000000005E-2,48.54,4.05]
["Insumo"," B590000028 ","EMBASA","AUXILIAR TECNICO","Mão de Obra",null,"H",8.3500000000000005E-2,22.47,1.88]
["Insumo"," F020000340 ","EMBASA","DIÁRIA PARA PROFISSIONAL (INTERIOR)","Material",null,"DIA",2.1000000000000001E-2,227,4.7699999999999996]
["Insumo"," F030000250 ","EMBASA","LOCAÇÃO DE VEÍCULO PICK UP TIPO SAVEIRO OU SIMILAR","Material",null,"DIA",0.25,91.8,22.95]
[]
[]
[]
[" 5 ",null,null,"RESERVAÇÃO"]
[" 5.1 ","Código","Banco","Descrição","Tipo",null,"Und","Quant.","Valor Unit","Total"]
["Composição"," COMPOSIÇÃO - 016 ","Próprio","Execução e instalação de base de sustentação em concreto armado para reservatório de diâmetro 2,06m e altura 1,10m, conforme projeto, incluindo fixação de grampos da tampa.","SEDI - SERVIÇOS DIVERSOS",null,"un",1,{"$f":"J93","v":2888.1300000000006},{"$f":"SUM(J94:J112)","v":2888.1300000000006}]
["Composição Auxiliar"," 5928 ","SINAPI","GUINDAUTO HIDRÁULICO, CAPACIDADE MÁXIMA DE CARGA 6200 KG, MOMENTO MÁXIMO DE CARGA 11,7 TM, ALCANCE MÁXIMO HORIZONTAL 9,70 M, INCLUSIVE CAMINHÃO TOCO PBT 16.000 KG, POTÊNCIA DE 189 CV - CHP DIURNO. AF_06/2014","CHOR - CUSTOS HORÁRIOS DE MÁQUINAS E EQUIPAMENTOS",null,"CHP",2.5,280.27,{"$f":"ROUND(H94*I94,2)","v":700.68}]
["Composição Auxiliar"," 88310 ","SINAPI","PINTOR COM ENCARGOS COMPLEMENTARES","SEDI - SERVIÇOS DIVERSOS",null,"H",0.3,28.43,8.5299999999999994]
["Composição Auxiliar"," 100301 ","SINAPI","AJUDANTE DE PINTOR COM ENCARGOS COMPLEMENTARES","SEDI - SERVIÇOS DIVERSOS",null,"H",0.1,23.34,2.33]
["Composição Auxiliar"," 88309 ","SINAPI","PEDREIRO COM ENCARGOS COMPLEMENTARES","SEDI - SERVIÇOS DIVERSOS",null,"H",5.55,27.21,151.02000000000001]
["Composição Auxiliar"," 88316 ","SINAPI","SERVENTE COM ENCARGOS COMPLEMENTARES","SEDI - SERVIÇOS DIVERSOS",null,"H",10,20.47,204.7]
["Composição Auxiliar"," 88245 ","SINAPI","ARMADOR COM ENCARGOS COMPLEMENTARES","SEDI - SERVIÇOS DIVERSOS",null,"H",3,27.08,81.239999999999995]
["Composição Auxiliar"," 88262 ","SINAPI","CARPINTEIRO DE FORMAS COM ENCARGOS COMPLEMENTARES","SEDI - SERVIÇOS DIVERSOS",null,"H",2,26.84,53.68]
["Composição Auxiliar"," 87445 ","SINAPI","BETONEIRA CAPACIDADE NOMINAL 400 L, CAPACIDADE DE MISTURA 310 L, MOTOR A DIESEL POTÊNCIA 5,0 HP, SEM CARREGADOR - CHP DIURNO. AF_05/2023","CHOR - CUSTOS HORÁRIOS DE MÁQUINAS E EQUIPAMENTOS",null,"CHP",2.8548,5.17,14.76]
["Composição Auxiliar"," 88377 ","SINAPI","OPERADOR DE BETONEIRA ESTACIONÁRIA/MISTURADOR COM ENCARGOS COMPLEMENTARES","SEDI - SERVIÇOS DIVERSOS",null,"H",2.8548,20.85,59.52]
["Insumo"," 00007155 ","SINAPI","TELA DE ACO SOLDADA NERVURADA, CA-60, Q-138, (2,20 KG/M2), DIAMETRO DO FIO = 4,2 MM, LARGURA = 2,45 M, ESPACAMENTO DA MALHA = 10  X 10 CM","Material",null,"m²",6,16.64,99.84]
["Insumo"," 00000370 ","SINAPI","AREIA MEDIA - POSTO JAZIDA/FORNECEDOR (RETIRADO NA JAZIDA, SEM TRANSPORTE)","Material",null,"m³",1.36,140,190.4]
["Insumo"," 00001379 ","SINAPI","CIMENTO PORTLAND COMPOSTO CP II-32","Material",null,"KG",565.75,0.78,441.29]
["Insumo"," 00004718 ","SINAPI","PEDRA BRITADA N. 2 (19 A 38 MM) POSTO PEDREIRA/FORNECEDOR, SEM FRETE","Material",null,"m³",0.33,105.81,34.92]
["Insumo"," 00004721 ","SINAPI","PEDRA BRITADA N. 1 (9,5 a 19 MM) POSTO PEDREIRA/FORNECEDOR, SEM FRETE","Material",null,"m³",0.98,105.25,103.15]
["Insumo"," 00003767 ","SINAPI","LIXA EM FOLHA PARA PAREDE OU MADEIRA, NUMERO 120, COR VERMELHA","Material",null,"UN",0.12,0.71,0.09]
["Insumo"," 00007356 ","SINAPI","TINTA LATEX ACRILICA PREMIUM, COR BRANCO FOSCO","Material",null,"L",0.18,18.22,3.28]
["Insumo"," 00000032 ","SINAPI","ACO CA-50, 6,3 MM, VERGALHAO","Material",null,"KG",9.3000000000000007,9.23,85.84]
["Insumo"," 00043059 ","SINAPI","ACO CA-60, 4,2 MM, OU 5,0 MM, OU 6,0 MM, OU 7,0 MM, VERGALHAO","Material",null,"KG",3.04,8.2799999999999994,25.17]
["Insumo"," 00043681 ","SINAPI","CHAPA/PAINEL DE MADEIRA COMPENSADA RESINADA (MADEIRITE RESINADO ROSA) PARA FORMA DE CONCRETO, DE 2200 x 1100 MM, E = 8 A 12 MM","Material",null,"m²",17.46,35.950000000000003,627.69000000000005]
[]
[]
[]
[" 6 ",null,null,"BEBEDOURO"]
[" 6.1 ","Código","Banco","Descrição","Tipo",null,"Und","Quant.","Valor Unit","Total"]
["Composição"," COMPOSIÇÃO - 017 ","Próprio","Serviço de execução do bebedouro em concreto armado, incluso materiais.","SEDI - SERVIÇOS DIVERSOS",null,"un",1,{"$f":"J118","v":1626.8500000000001},{"$f":"SUM(J119:J137)","v":1626.8500000000001}]
["Composição Auxiliar"," 5928 ","SINAPI","GUINDAUTO HIDRÁULICO, CAPACIDADE MÁXIMA DE CARGA 6200 KG, MOMENTO MÁXIMO DE CARGA 11,7 TM, ALCANCE MÁXIMO HORIZONTAL 9,70 M, INCLUSIVE CAMINHÃO TOCO PBT 16.000 KG, POTÊNCIA DE 189 CV - CHP DIURNO. AF_06/2014","CHOR - CUSTOS HORÁRIOS DE MÁQUINAS E EQUIPAMENTOS",null,"CHP",2,280.27,{"$f":"ROUND(H119*I119,2)","v":560.54}]
["Composição Auxiliar"," 87445 ","SINAPI","BETONEIRA CAPACIDADE NOMINAL 400 L, CAPACIDADE DE MISTURA 310 L, MOTOR A DIESEL POTÊNCIA 5,0 HP, SEM CARREGADOR - CHP DIURNO. AF_05/2023","CHOR - CUSTOS HORÁRIOS DE MÁQUINAS E EQUIPAMENTOS",null,"CHP",0.5,5.17,2.59]
["Composição Auxiliar"," 88377 ","SINAPI","OPERADOR DE BETONEIRA ESTACIONÁRIA/MISTURADOR COM ENCARGOS COMPLEMENTARES","SEDI - SERVIÇOS DIVERSOS",null,"H",0.5,20.85,10.43]
["Composição Auxiliar"," 88310 ","SINAPI","PINTOR COM ENCARGOS COMPLEMENTARES","SEDI - SERVIÇOS DIVERSOS",null,"H",0.3,28.43,8.5299999999999994]
["Composição Auxiliar"," 100301 ","SINAPI","AJUDANTE DE PINTOR COM ENCARGOS COMPLEMENTARES","SEDI - SERVIÇOS DIVERSOS",null,"H",0.1,23.34,2.33]
["Composição Auxiliar"," 88245 ","SINAPI","ARMADOR COM ENCARGOS COMPLEMENTARES","SEDI - SERVIÇOS DIVERSOS",null,"H",3,27.08,81.239999999999995]
["Composição Auxiliar"," 88262 ","SINAPI","CARPINTEIRO DE FORMAS COM ENCARGOS COMPLEMENTARES","SEDI - SERVIÇOS DIVERSOS",null,"H",2,26.84,53.68]
["Composição Auxiliar"," 88316 ","SINAPI","SERVENTE COM ENCARGOS COMPLEMENTARES","SEDI - SERVIÇOS DIVERSOS",null,"H",5,20.47,102.35]
["Composição Auxiliar"," 88309 ","SINAPI","PEDREIRO COM ENCARGOS COMPLEMENTARES","SEDI - SERVIÇOS DIVERSOS",null,"H",4,27.21,108.84]
["Insumo"," 00043055 ","SINAPI","ACO CA-50, 12,5 MM OU 16,0 MM, VERGALHAO","Material",null,"KG",12,7.58,90.96]
["Insumo"," 00043059 ","SINAPI","ACO CA-60, 4,2 MM, OU 5,0 MM, OU 6,0 MM, OU 7,0 MM, VERGALHAO","Material",null,"KG",13,8.2799999999999994,107.64]
["Insumo"," 00000032 ","SINAPI","ACO CA-50, 6,3 MM, VERGALHAO","Material",null,"KG",6,9.23,55.38]
["Insumo"," 00000370 ","SINAPI","AREIA MEDIA - POSTO JAZIDA/FORNECEDOR (RETIRADO NA JAZIDA, SEM TRANSPORTE)","Material",null,"m³",0.32,140,44.8]
["Insumo"," 00001379 ","SINAPI","CIMENTO PORTLAND COMPOSTO CP II-32","Material",null,"KG",127,0.78,99.06]
["Insumo"," 00004718 ","SINAPI","PEDRA BRITADA N. 2 (19 A 38 MM) POSTO PEDREIRA/FORNECEDOR, SEM FRETE","Material",null,"m³",0.08,105.81,8.4600000000000009]
["Insumo"," 00004721 ","SINAPI","PEDRA BRITADA N. 1 (9,5 a 19 MM) POSTO PEDREIRA/FORNECEDOR, SEM FRETE","Material",null,"m³",0.23,105.25,24.21]
["Insumo"," 00003767 ","SINAPI","LIXA EM FOLHA PARA PAREDE OU MADEIRA, NUMERO 120, COR VERMELHA","Material",null,"UN",0.12,0.71,0.09]
["Insumo"," 00007356 ","SINAPI","TINTA LATEX ACRILICA PREMIUM, COR BRANCO FOSCO","Material",null,"L",0.18,18.22,3.28]
["Insumo"," 00043681 ","SINAPI","CHAPA/PAINEL DE MADEIRA COMPENSADA RESINADA (MADEIRITE RESINADO ROSA) PARA FORMA DE CONCRETO, DE 2200 x 1100 MM, E = 8 A 12 MM","Material",null,"m²",7.3,35.950000000000003,262.44]
[]
[]
[" 7 ",null,null,"INSTALAÇÕES HIDRÁULICAS"]
[" 7.1 ",null,null,"INSTALAÇÕES DE CAVALETE"]
[" 7.1.1 ","Código","Banco","Descrição","Tipo",null,"Und","Quant.","Valor Unit","Total"]
["Composição"," COMPOSIÇÃO - 018 ","Próprio","Montagem e Instalação de Tubulação e Conexões Cavalete","INHI - INSTALAÇÕES HIDROS SANITÁRIAS",null,"un",1,{"$f":"J143","v":258.37},{"$f":"SUM(J144:J147)","v":258.37}]
["Composição Auxiliar"," 88248 ","SINAPI","AUXILIAR DE ENCANADOR OU BOMBEIRO HIDRÁULICO COM ENCARGOS COMPLEMENTARES","SEDI - SERVIÇOS DIVERSOS",null,"H",3,21.36,{"$f":"ROUND(H144*I144,2)","v":64.08}]
["Composição Auxiliar"," 88267 ","SINAPI","ENCANADOR OU BOMBEIRO HIDRÁULICO COM ENCARGOS COMPLEMENTARES","SEDI - SERVIÇOS DIVERSOS",null,"H",3,26.47,79.41]
["Insumo"," 00000122 ","SINAPI","ADESIVO PLASTICO PARA PVC, FRASCO COM *850* GR","Material",null,"UN",1,53.86,53.86]
["Insumo"," 00020083 ","SINAPI","SOLUCAO PREPARADORA / LIMPADORA PARA PVC, FRASCO COM 1000 CM3","Material",null,"UN",1,61.02,61.02]
[]
[]
[]
[" 7.2 ",null,null,"INSTALAÇÕES DE ADUTORA, RESERVATÓRIO E BEBEDOURO"]
[" 7.2.1 ","Código","Banco","Descrição","Tipo",null,"Und","Quant.","Valor Unit","Total"]
["Composição"," COMPOSIÇÃO - 020 ","Próprio","Montagem e instalação da rede adutora poço-reservatório-bebedouro","SEDI - SERVIÇOS DIVERSOS",null,"un",1,{"$f":"J153","v":981.88},{"$f":"SUM(J154:J159)","v":981.88}]
["Composição Auxiliar"," 88316 ","SINAPI","SERVENTE COM ENCARGOS COMPLEMENTARES","SEDI - SERVIÇOS DIVERSOS",null,"H",6,20.47,{"$f":"ROUND(H154*I154,2)","v":122.82}]
["Composição Auxiliar"," 96995 ","SINAPI","REATERRO MANUAL APILOADO COM SOQUETE. AF_10/2017","MOVT - MOVIMENTO DE TERRA",null,"m³",4.5,49.1,220.95]
["Composição Auxiliar"," 93358 ","SINAPI","ESCAVAÇÃO MANUAL DE VALA COM PROFUNDIDADE MENOR OU IGUAL A 1,30 M. AF_02/2021","MOVT - MOVIMENTO DE TERRA",null,"m³",4.5,80.98,364.41]
["Composição Auxiliar"," 88267 ","SINAPI","ENCANADOR OU BOMBEIRO HIDRÁULICO COM ENCARGOS COMPLEMENTARES","SEDI - SERVIÇOS DIVERSOS",null,"H",6,26.47,158.82]
["Insumo"," 00000122 ","SINAPI","ADESIVO PLASTICO PARA PVC, FRASCO COM *850* GR","Material",null,"UN",1,53.86,53.86]
["Insumo"," 00020083 ","SINAPI","SOLUCAO PREPARADORA / LIMPADORA PARA PVC, FRASCO COM 1000 CM3","Material",null,"UN",1,61.02,61.02]
[]
[]
[]
[" 8 ",null,null,"FORNECIMENTO E INSTALAÇÃO DE SISTEMA FOTOVOLTAÍCO"]
[" 8.1 ",null,null,"INSTALAÇÕES HIDRÁULICAS"]
[" 8.1.1 ","Código","Banco","Descrição","Tipo",null,"Und","Quant.","Valor Unit","Total"]
["Composição"," COMPOSIÇÃO - 019 ","Próprio","Montagem e instalação hidráulica do kit de bombeamento","INHI - INSTALAÇÕES HIDROS SANITÁRIAS",null,"un",1,{"$f":"J166","v":143.49},{"$f":"SUM(J167:J168)","v":143.49}]
["Composição Auxiliar"," 88267 ","SINAPI","ENCANADOR OU BOMBEIRO HIDRÁULICO COM ENCARGOS COMPLEMENTARES","SEDI - SERVIÇOS DIVERSOS",null,"H",3,26.47,{"$f":"ROUND(H167*I167,2)","v":79.41}]
["Composição Auxiliar"," 88248 ","SINAPI","AUXILIAR DE ENCANADOR OU BOMBEIRO HIDRÁULICO COM ENCARGOS COMPLEMENTARES","SEDI - SERVIÇOS DIVERSOS",null,"H",3,21.36,64.08]
[]
[]
[]
[" 8.2 ",null,null,"INSTALAÇÕES ELÉTRICAS"]
[" 8.2.1 ","Código","Banco","Descrição","Tipo",null,"Und","Quant.","Valor Unit","Total"]
["Composição"," COMPOSIÇÃO - 021 ","Próprio","Montagem e instalação elétrica do kit de bombeamento e sistema fotovoltaico inclusive sistema de aterramento.","INEL - INSTALAÇÃO ELÉTRICA/ELETRIFICAÇÃO E ILUMINAÇÃO EXTERNA",null,"un",1,{"$f":"J174","v":525.08000000000004},{"$f":"SUM(J175:J179)","v":525.08000000000004}]
["Composição Auxiliar"," 88264 ","SINAPI","ELETRICISTA COM ENCARGOS COMPLEMENTARES","SEDI - SERVIÇOS DIVERSOS",null,"H",8,27.53,{"$f":"ROUND(H175*I175,2)","v":220.24}]
["Composição Auxiliar"," 88247 ","SINAPI","AUXILIAR DE ELETRICISTA COM ENCARGOS COMPLEMENTARES","SEDI - SERVIÇOS DIVERSOS",null,"H",8,22.32,178.56]
["Composição Auxiliar"," 91677 ","SINAPI","ENGENHEIRO ELETRICISTA COM ENCARGOS COMPLEMENTARES","SEDI - SERVIÇOS DIVERSOS",null,"H",1,115.05,115.05]
["Insumo"," 00020111 ","SINAPI","FITA ISOLANTE ADESIVA ANTICHAMA, USO ATE 750 V, EM ROLO DE 19 MM X 20 M","Material",null,"UN",1,9.89,9.89]
["Insumo"," 00000404 ","SINAPI","FITA ISOLANTE DE BORRACHA AUTOFUSAO, USO ATE 69 KV (ALTA TENSAO)","Material",null,"M",1,1.34,1.34]
[]
[]
[]
[" 8.3 ",null,null,"ESTRUTURA DE FIXAÇÃO PARA MÓDULOS FOTOVOLTAICOS"]
[" 8.3.1 ","Código","Banco","Descrição","Tipo",null,"Und","Quant.","Valor Unit","Total"]
["Composição"," COMPOSIÇÃO - 022 ","Próprio","Serviço de fixação de estruturas para os módulos fotovoltaicos e suportes de concreto, incluso materiais.","SEDI - SERVIÇOS DIVERSOS",null,"m²",1,{"$f":"J185","v":219.2},{"$f":"SUM(J186:J189)","v":219.2}]
["Composição Auxiliar"," 94975 ","SINAPI","CONCRETO FCK = 15MPA, TRAÇO 1:3,4:3,5 (EM MASSA SECA DE CIMENTO/ AREIA MÉDIA/ BRITA 1) - PREPARO MANUAL. AF_05/2021","FUES - FUNDAÇÕES E ESTRUTURAS",null,"m³",9.4500000000000001E-2,520.41999999999996,{"$f":"ROUND(H186*I186,2)","v":49.18}]
["Composição Auxiliar"," 93358 ","SINAPI","ESCAVAÇÃO MANUAL DE VALA COM PROFUNDIDADE MENOR OU IGUAL A 1,30 M. AF_02/2021","MOVT - MOVIMENTO DE TERRA",null,"m³",6.25E-2,80.98,5.0599999999999996]
["Composição Auxiliar"," 96534 ","SINAPI","FABRICAÇÃO, MONTAGEM E DESMONTAGEM DE FÔRMA PARA BLOCO DE COROAMENTO, EM MADEIRA SERRADA, E=25 MM, 4 UTILIZAÇÕES. AF_06/2017","FUES - FUNDAÇÕES E ESTRUTURAS",null,"m²",3.2000000000000001E-2,92.64,2.96]
["Insumo"," COTAÇÃO-003 ","Próprio","Fornecimento suporte fabricado em material metálico resistente a corrosão e ataque químico do solo fabricado em alumínio ou aço galvanizado ou aço zincado ou similares, a ser fixado nos blocos de concreto","Material",null,"m²",1,162,{"$f":"ROUND(H189*I189,2)","v":162}]
[]
[]
[" 8.4 ",null,null,"FORNECIMENTO DE KIT DE BOMBEAMENTO FOTOVOLTAICO"]
[null,"Código","Banco","Descrição","Tipo",null,"Und","Quant.","Valor Unit","Total"]
["Insumo"," COTAÇÃO-002 ","Próprio","Fornecimento de kit de bombeamento fotovoltaico, incluindo uma bomba CC de 1500W com imã permanente e sem escovas, controladora de carga, disjuntor CC adequado, caixa de proteção metálica, módulos compatíveis com a geração de 2200Wp (potência mínima de 550 W por módulo) e componentes elétricos necessários como cabos, conectores MC4 e presilhas de fixação.","Equipamento para Aquisição Permanente",null,"un",1,21930.54,{"$f":"ROUND(H194*I194,2)","v":21930.54}]
[]
[]
[" 9 ",null,null,"URBANIZAÇÃO"]
[" 9.1 ",null,null,"CERCA"]
[" 9.1.1 ","Código","Banco","Descrição","Tipo",null,"Und","Quant.","Valor Unit","Total"]
["Composição"," COMPOSIÇÃO - 023 ","Próprio","Cerca com mourões de concreto de 15x15cm, espaçados de 3m e cravados a 0,5m, escoras de 10x10cm nos cantos, e 9 fios de arame de aço ovalado 15x17.","SEDI - SERVIÇOS DIVERSOS",null,"m",1,{"$f":"J200","v":69.69},{"$f":"SUM(J201:J207)","v":69.69}]
["Composição Auxiliar"," 88309 ","SINAPI","PEDREIRO COM ENCARGOS COMPLEMENTARES","SEDI - SERVIÇOS DIVERSOS",null,"H",0.33500000000000002,27.21,{"$f":"ROUND(H201*I201,2)","v":9.1199999999999992}]
["Composição Auxiliar"," 88316 ","SINAPI","SERVENTE COM ENCARGOS COMPLEMENTARES","SEDI - SERVIÇOS DIVERSOS",null,"H",0.67100000000000004,20.47,13.74]
["Composição Auxiliar"," 94975 ","SINAPI","CONCRETO FCK = 15MPA, TRAÇO 1:3,4:3,5 (EM MASSA SECA DE CIMENTO/ AREIA MÉDIA/ BRITA 1) - PREPARO MANUAL. AF_05/2021","FUES - FUNDAÇÕES E ESTRUTURAS",null,"m³",2.8799999999999999E-2,520.41999999999996,14.99]
["Insumo"," 00043130 ","SINAPI","ARAME GALVANIZADO 12 BWG, D = 2,76 MM (0,048 KG/M) OU 14 BWG, D = 2,11 MM (0,026 KG/M)","Material",null,"KG",9.8000000000000004E-2,16.53,1.62]
["Insumo"," 00000346 ","SINAPI","ARAME DE ACO OVALADO 15 X 17 ( 45,7 KG, 700 KGF), ROLO 1000 M","Material",null,"KG",0.40500000000000003,19.579999999999998,7.93]
["Insumo"," 00004111 ","SINAPI","ESCORA PRE-MOLDADA EM CONCRETO, *10 X 10* CM, H = 2,30M","Material",null,"UN",0.16,42.18,6.75]
["Insumo"," I1533 ","SEINFRA","MOURÃO CONCRETO BASE 15X15CM H=2.3 C/ 12 FUROS","Material",null,"UN",0.42,37.01,15.54]
[]
[]
[" 9.2 ",null,null,"PORTÃO"]
[" 9.2.1 ","Código","Banco","Descrição","Tipo",null,"Und","Quant.","Valor Unit","Total"]
["Composição"," COMPOSIÇÃO - 024 ","Próprio","Serviço de instalação de portão de ferro com suporte e batedor conforme projeto, incluso material","SEDI - SERVIÇOS DIVERSOS",null,"m²",1,{"$f":"J212","v":696.0200000000001},{"$f":"SUM(J213:J217)","v":696.0200000000001}]
["Composição Auxiliar"," 88309 ","SINAPI","PEDREIRO COM ENCARGOS COMPLEMENTARES","SEDI - SERVIÇOS DIVERSOS",null,"H",1.5,27.21,{"$f":"ROUND(H213*I213,2)","v":40.82}]
["Composição Auxiliar"," 88316 ","SINAPI","SERVENTE COM ENCARGOS COMPLEMENTARES","SEDI - SERVIÇOS DIVERSOS",null,"H",1.5,20.47,30.71]
["Insumo"," 00000367 ","SINAPI","AREIA GROSSA - POSTO JAZIDA/FORNECEDOR (RETIRADO NA JAZIDA, SEM TRANSPORTE)","Material",null,"m³",6.0999999999999999E-2,141.83000000000001,8.65]
["Insumo"," 00001379 ","SINAPI","CIMENTO PORTLAND COMPOSTO CP II-32","Material",null,"KG",4.83,0.78,3.77]
["Insumo"," 00004948 ","SINAPI","PORTAO DE ABRIR / GIRO, EM GRADIL DE METALON REDONDO DE 3/4\"  VERTICAL, COM REQUADRO, ACABAMENTO NATURAL - COMPLETO","Material",null,"m²",1,612.07000000000005,612.07000000000005]
[]
[]
[" 10 ",null,null,"OUTROS SERVIÇOS"]
[" 10.1 ","Código","Banco","Descrição","Tipo",null,"Und","Quant.","Valor Unit","Total"]
["Composição"," COMPOSIÇÃO - 025 ","Próprio","Serviço de lançamento de concreto para acabamento do tamponamento, incluso material.","SEDI - SERVIÇOS DIVERSOS",null,"m³",1,{"$f":"J222","v":767.81},{"$f":"SUM(J223:J224)","v":767.81}]
["Composição Auxiliar"," 103670 ","SINAPI","LANÇAMENTO COM USO DE BALDES, ADENSAMENTO E ACABAMENTO DE CONCRETO EM ESTRUTURAS. AF_02/2022","FUES - FUNDAÇÕES E ESTRUTURAS",null,"m³",1,286,{"$f":"ROUND(H223*I223,2)","v":286}]
["Composição Auxiliar"," 94974 ","SINAPI","CONCRETO MAGRO PARA LASTRO, TRAÇO 1:4,5:4,5 (EM MASSA SECA DE CIMENTO/ AREIA MÉDIA/ BRITA 1) - PREPARO MANUAL. AF_05/2021","FUES - FUNDAÇÕES E ESTRUTURAS",null,"m³",1,481.81,481.81]
[]
[]
[" 10.2 ","Código","Banco","Descrição","Tipo",null,"Und","Quant.","Valor Unit","Total"]
["Composição"," COMPOSIÇÃO - 026 ","Próprio","Serviço de execução do tamponamento, incluso pedra britada desinfectada.","SEDI - SERVIÇOS DIVERSOS",null,"m³",1,{"$f":"J228","v":144.57},{"$f":"SUM(J229:J231)","v":144.57}]
["Composição Auxiliar"," 88316 ","SINAPI","SERVENTE COM ENCARGOS COMPLEMENTARES","SEDI - SERVIÇOS DIVERSOS",null,"H",0.1,20.47,{"$f":"ROUND(H229*I229,2)","v":2.0499999999999998}]
["Insumo"," 00004720 ","SINAPI","PEDRA BRITADA N. 0, OU PEDRISCO (4,8 A 9,5 MM) POSTO PEDREIRA/FORNECEDOR, SEM FRETE","Material",null,"m³",1,121.52,{"$f":"ROUND(H230*I230,2)","v":121.52}]
["Insumo"," D240000003 ","EMBASA","HIPOCLORITO DE SÓDIO","Material",null,"L",5,4.2,21]
[]
[]
[null,"Código","Banco","Descrição","Tipo",null,"Und","Quant.","Valor Unit","Total"]
["Insumo"," COTAÇÃO-007 ","Próprio","Fornecimento tubo de revestimento geomecânico classe standart Ø 4\" com junta roscável.","Material",null,"m",1,82.5,{"$f":"ROUND(H235*I235,2)","v":82.5}]
[]
[]
[null,"Código","Banco","Descrição","Tipo",null,"Und","Quant.","Valor Unit","Total"]
["Insumo"," COTAÇÃO-005 ","Próprio","Fornecimento tubo filtro geomecânico classe standart Ø 4\" com junta roscável.","Material",null,"m",1,86.02,{"$f":"ROUND(H239*I239,2)","v":86.02}]

{"sheet":"Crono. CE - Parc. Rev.","index":18,"n_rows":24,"n_cols":15,"rows_kept":24,"cut":false,"hidden":false,"merged":[[7,0,8,14],[5,0,6,0],[5,1,6,14],[0,2,4,6],[20,0,20,1],[20,2,23,2],[21,0,21,1],[22,0,22,1],[23,0,23,1]]}
[null,null,"MINISTÉRIO DO DESENVOLVIMENTO REGIONAL - MDR\nCOMPANHIA DE DESENVOLVIMENTO DOS VALES DO SÃO FRANCISCO E DO PARNAÍBA\nÁREA DE REVITALIZAÇÃO E SUSTENTABILIDADE SOCIOAMBIENTAL"]
[]
[]
[]
[]
["OBJETO:"," PERFURAÇÃO E INSTALAÇÃO DE POÇO TUBULAR PARCIALMENTE REVESTIDO NO ESTADO DO CEARÁ"]
[]
["CRONOGRAMA FÍSICO-FINANCEIRO"]
[]
["ITEM","ESPECIFICAÇÃO DOS SERVIÇOS","VALOR TOTAL (R$)","Mês 01","Mês 02","Mês 03","Mês 04","Mês 05","Mês 06","Mês 07","Mês 08","Mês 09","Mês 10","Mês 11","Mês 12"]
["1","SERVIÇOS PRELIMINARES",{"$f":"'Orç. CE - Parc. Rev - Sintético'!J6","v":468279.12999999995},{"$f":"$C$11/12","v":39023.260833333326},{"$f":"$C$11/12","v":39023.260833333326},39023.260833333326,39023.260833333326,39023.260833333326,39023.260833333326,39023.260833333326,39023.260833333326,39023.260833333326,39023.260833333326,39023.260833333326,39023.260833333326]
["2","MOBILIZAÇÂO E DESMOBILIZAÇÂO EQUIPES PERFURAÇÂO E INSTALAÇÃO",{"$f":"'Orç. CE - Parc. Rev - Sintético'!J11","v":369264},{"$f":"$C$12/12","v":30772},{"$f":"$C$12/12","v":30772},30772,30772,30772,30772,30772,30772,30772,30772,30772,30772]
["3","PERFURAÇÃO E COMPLETAÇÃO DE POÇO TUBULAR",{"$f":"'Orç. CE - Parc. Rev - Sintético'!J14","v":5841494.29},{"$f":"$C$13/12","v":486791.19083333336},{"$f":"$C$13/12","v":486791.19083333336},486791.19083333336,486791.19083333336,486791.19083333336,486791.19083333336,486791.19083333336,486791.19083333336,486791.19083333336,486791.19083333336,486791.19083333336,486791.19083333336]
["4","PÓS PERFURAÇÃO",{"$f":"'Orç. CE - Parc. Rev - Sintético'!J21","v":1563117.12},{"$f":"$C$14/12","v":130259.76000000001},{"$f":"$C$14/12","v":130259.76000000001},130259.76000000001,130259.76000000001,130259.76000000001,130259.76000000001,130259.76000000001,130259.76000000001,130259.76000000001,130259.76000000001,130259.76000000001,130259.76000000001]
["5","RESERVAÇÃO",{"$f":"'Orç. CE - Parc. Rev - Sintético'!J26","v":1126543.7000000002},{"$f":"$C$15/12","v":93878.641666666677},{"$f":"$C$15/12","v":93878.641666666677},93878.641666666677,93878.641666666677,93878.641666666677,93878.641666666677,93878.641666666677,93878.641666666677,93878.641666666677,93878.641666666677,93878.641666666677,93878.641666666677]
["6","BEBEDOURO",{"$f":"'Orç. CE - Parc. Rev - Sintético'!J32","v":320469.96999999997},{"$f":"$C$16/12","v":26705.83083333333},{"$f":"$C$16/12","v":26705.83083333333},26705.83083333333,26705.83083333333,26705.83083333333,26705.83083333333,26705.83083333333,26705.83083333333,26705.83083333333,26705.83083333333,26705.83083333333,26705.83083333333]
["7","INSTALAÇÕES HIDRÁULICAS",{"$f":"'Orç. CE - Parc. Rev - Sintético'!J34","v":544668.33000000007},{"$f":"$C$17/12","v":45389.027500000004},{"$f":"$C$17/12","v":45389.027500000004},45389.027500000004,45389.027500000004,45389.027500000004,45389.027500000004,45389.027500000004,45389.027500000004,45389.027500000004,45389.027500000004,45389.027500000004,45389.027500000004]
["8",{"$f":"'Orç. CE - Parc. Rev - Sintético'!E64","v":"FORNECIMENTO E INSTALAÇÃO DE SISTEMA FOTOVOLTAÍCO"},{"$f":"'Orç. CE - Parc. Rev - Sintético'!J64","v":5227203.37},{"$f":"$C$18/12","v":435600.28083333332},{"$f":"$C$18/12","v":435600.28083333332},435600.28083333332,435600.28083333332,435600.28083333332,435600.28083333332,435600.28083333332,435600.28083333332,435600.28083333332,435600.28083333332,435600.28083333332,435600.28083333332]
["9","URBANIZAÇÃO",{"$f":"'Orç. CE - Parc. Rev - Sintético'!J86","v":590048.39},{"$f":"$C$19/12","v":49170.699166666665},{"$f":"$C$19/12","v":49170.699166666665},49170.699166666665,49170.699166666665,49170.699166666665,49170.699166666665,49170.699166666665,49170.699166666665,49170.699166666665,49170.699166666665,49170.699166666665,49170.699166666665]
["10","OUTROS SERVIÇOS",{"$f":"'Orç. CE - Parc. Rev - Sintético'!J91","v":742089.56999999983},{"$f":"$C$20/12","v":61840.797499999986},{"$f":"$C$20/12","v":61840.797499999986},61840.797499999986,61840.797499999986,61840.797499999986,61840.797499999986,61840.797499999986,61840.797499999986,61840.797499999986,61840.797499999986,61840.797499999986,61840.797499999986]
["TOTAL",null,{"$f":"SUM(C11:C20)","v":16793177.870000001},{"$f":"SUM(D11:D20)","v":1399431.4891666668},{"$f":"SUM(E11:E20)","v":1399431.4891666668},{"$f":"SUM(F11:F20)","v":1399431.4891666668},1399431.4891666668,1399431.4891666668,1399431.4891666668,1399431.4891666668,1399431.4891666668,1399431.4891666668,1399431.4891666668,1399431.4891666668,1399431.4891666668]
["PERCENTUAL",null,null,{"$f":"D21/C21","v":8.3333333333333329E-2},{"$f":"E21/C21","v":8.3333333333333329E-2},{"$f":"F21/C21","v":8.3333333333333329E-2},{"$f":"G21/C21","v":8.3333333333333329E-2},{"$f":"H21/C21","v":8.3333333333333329E-2},{"$f":"I21/C21","v":8.3333333333333329E-2},{"$f":"J21/C21","v":8.3333333333333329E-2},{"$f":"K21/C21","v":8.3333333333333329E-2},{"$f":"L21/C21","v":8.3333333333333329E-2},{"$f":"M21/C21","v":8.3333333333333329E-2},{"$f":"N21/C21","v":8.3333333333333329E-2},{"$f":"O21/C21","v":8.3333333333333329E-2}]
["CUSTO ACUMULADO",null,null,{"$f":"D21","v":1399431.4891666668},{"$f":"E21+D23","v":2798862.9783333335},{"$f":"F21+E23","v":4198294.4675000003},5597725.956666667,6997157.4458333338,8396588.9350000005,9796020.4241666682,11195451.913333334,12594883.4025,13994314.891666666,15393746.380833331,16793177.869999997]
["PERCENTUAL ACUMULADO",null,null,{"$f":"D22","v":8.3333333333333329E-2},{"$f":"E22+D24","v":0.16666666666666666},0.25,0.33333333333333331,0.41666666666666663,0.49999999999999994,0.58333333333333326,0.66666666666666663,0.75,0.83333333333333337,0.91666666666666674,1]

{"sheet":"Orç. CE - Tot. Rev - Sintético","index":19,"n_rows":102,"n_cols":11,"rows_kept":102,"cut":false,"hidden":false,"merged":[[0,5,0,6],[0,9,0,10],[1,5,1,6],[1,9,1,10],[3,0,3,10],[1,2,1,4]]}
[{"$nulls":7},"B.D.I. SERVIÇO","B.D.I. MATERIAL","Encargos Sociais"]
[null,null,"OBRA:PERFURAÇÃO E INSTALAÇÃO DE POÇO TUBULAR TOTALMENTE REVESTIDO NO ESTADO DO CEARÁ",{"$nulls":4},"25,47%",0.15279999999999999,"Não Desonerado: embutido nos preços unitário dos insumos de mão de obra, de acordo com as bases."]
[{"$nulls":7},"VALOR UNITÁRIO POR POÇO",{"$f":"ROUND(J102/K3,2)","v":159245.38},"QUANTIDADE DE POÇOS",23]
["Orçamento Sintético"]
["Item","Código","Serviço/Material","Banco","Descrição","Und","Quant.","Valor Unit","Valor Unit com BDI","Total","Peso (%)"]
[" 1 ",null,null,null,"SERVIÇOS PRELIMINARES",{"$nulls":4},{"$f":"SUM(J7:J10)","v":239847.65},{"$f":"J6/$J$102","v":6.5484841135959315E-2}]
[" 1.1 "," COMPOSIÇÃO - 002 ","Serviço","Próprio","Administração Local da Obra - Poço Totalmente Revestido","un",1,154177.98000000001,{"$f":"ROUND(H7+H7*$H$2,2)","v":193447.11},{"$f":"ROUND(G7*I7,2)","v":193447.11},{"$f":"J7/$J$102","v":5.2816249258895998E-2}]
[" 1.2 "," COMPOSIÇÃO - 003 ","Serviço","Próprio","Serviço de locação Geológica de campo com relatório hidro geológico e perfil construtivo e geológico esperado. Relatório de Viabilidade de implantação das estruturas e vistorias preliminares","un",23,501.69999999999993,{"$f":"ROUND(H8+H8*$H$2,2)","v":629.48},{"$f":"ROUND(G8*I8,2)","v":14478.04},{"$f":"J8/$J$102","v":3.9528932193417972E-3}]
[" 1.3 "," COMPOSIÇÃO - 004 ","Serviço","Próprio","Procedimentos para emissão de Outorga de uso insignificante e Dispensa de Licenciamento Ambiental (incluso taxas) - Ceará","un",23,856.8,1075.03,24725.69,6.7507765101178932E-3]
[" 1.4 ",51,"Serviço","ORSE","Placa de obra em chapa aço galvanizado, instalada ","m²",16.559999999999999,346.37000000000006,434.59,7196.81,1.9649221476036286E-3]
[" 2 ",null,null,null,"MOBILIZAÇÂO E DESMOBILIZAÇÂO EQUIPES PERFURAÇÂO E INSTALAÇÃO",{"$nulls":4},{"$f":"SUM(J12:J14)","v":58794.9},1.6052584572350884E-2]
[" 2.1 "," COMPOSIÇÃO - 006 ","Serviço","Próprio","Transporte de Comboio Perfuração","km",5520,4.8100000000000005,{"$f":"ROUND(H12+H12*$H$2,2)","v":6.04},{"$f":"ROUND(G12*I12,2)","v":33340.800000000003},{"$f":"J12/$J$102","v":9.102932596361869E-3}]
[" 2.2 "," COMPOSIÇÃO - 007 ","Serviço","Próprio","Transporte de Comboio Instalação","km",2760,5.99,7.52,20755.2,5.6667262520398382E-3]
[" 2.3 "," COMPOSIÇÃO - 008 ","Serviço","Próprio","Transporte de água em caminhão pipa para preparo do fluído de perfuração rotativa","km",690,5.43,6.81,4698.8999999999996,1.2829257239491787E-3]
[" 3 ",null,null,null,"PERFURAÇÃO E COMPLETAÇÃO DE POÇO TUBULAR",{"$nulls":4},{"$f":"SUM(J16:J26)","v":1838419.48},0.50193782423573019]
[" 3.1 "," COMPOSIÇÃO - 009 ","Serviço","Próprio","Limpeza manual , remoção de cerca, capina e instalação dos equipamentos (área do poço, painéis solares, bebedouro e reservatório)","m²",1610,1.64,{"$f":"ROUND(H16+H16*$H$2,2)","v":2.06},{"$f":"ROUND(G16*I16,2)","v":3316.6},{"$f":"J16/$J$102","v":9.0552075082462843E-4}]
[" 3.2 "," COMPOSIÇÃO - 012 ","Serviço","Próprio","Perfuração rotativa com circulação direta Ø 9.1/2\"","m",3450,263.35000000000002,330.43,1139983.5,0.31124606972432245]
[" 3.3 "," COTAÇÃO-007 ","Material","Próprio","Fornecimento tubo de revestimento geomecânico classe standart Ø 4\" com junta roscável.","m",3082,82.5,{"$f":"ROUND(H18+H18*$I$2,2)","v":95.11},{"$f":"ROUND(G18*I18,2)","v":293129.02},8.0032084146079582E-2]
[" 3.4 "," COTAÇÃO-005 ","Material","Próprio","Fornecimento tubo filtro geomecânico classe standart Ø 4\" com junta roscável.","m",368,86.02,{"$f":"ROUND(H19+H19*$I$2,2)","v":99.16},{"$f":"ROUND(G19*I19,2)","v":36490.879999999997},{"$f":"J19/$J$102","v":9.9629889211395439E-3}]
[" 3.5 "," A.09.000.020926 ","Material","CPOS/CDHU","Fornecimento de centralizador de coluna para poço profundo, diâmetro de 4´","un",230,298.01,343.55,79016.5,2.1573623713301047E-2]
[" 3.6 "," 00009875 ","Material","SINAPI","Fornecimento de tubo pvc, soldavel, de 50 mm, agua fria (nbr-5648) - tubo de recarga prè filtro","m",161,16.87,19.45,3131.45,8.5496983512325345E-4]
[" 3.7 "," I5785 ","Material","SEINFRA","Fornecimento de cap pvc femea standard dn 100","un",23,78.87,90.92,2091.16,5.709427646669571E-4]
[" 3.8 "," 5073 ","Material","ORSE","Fornecimento de pré-filtro comum ","m³",125.35000000000001,1619.38,1866.82,234005.89,6.3889883980638426E-2]
[" 3.9 "," 00043366 ","Material","SINAPI","Fornecimento de bentonita, argila constituida por  montmorilonita","kg",10350,2.02,2.33,24115.5,6.5841782748933628E-3]
[" 3.10 "," COMPOSIÇÃO - 011 ","Serviço","Próprio","Serviço de lançamento cimentação anelar poço tubular, incluso material.","m³",4.3239999999999998,830.04,{"$f":"ROUND(H25+H25*$H$2,2)","v":1041.45},4503.2299999999996,1.2295025661026326E-3]
[" 3.11 "," COMPOSIÇÃO - 014 ","Serviço","Próprio","Serviço de instalação de laje sanitária com dimensões (1,5x1,5x0,3) , incluso material.","un",23,645.77,810.25,18635.75,5.0880595586383854E-3]
[" 4 ",null,null,null,"PÓS PERFURAÇÃO",{"$nulls":4},{"$f":"SUM(J28:J31)","v":238873.86},6.5218970349025254E-2]
[" 4.1 "," 6305 ","Serviço","ORSE","Serviço de desenvolvimento com compressor 250psi / 750cfm","h",92,411.16,{"$f":"ROUND(H28+H28*$H$2,2)","v":515.88},{"$f":"ROUND(G28*I28,2)","v":47460.959999999999},{"$f":"J28/$J$102","v":1.2958114977403864E-2}]
[" 4.2 "," 6312 ","Serviço","ORSE","Serviço de análise físico-química da Água incluso coleta, transporte e analise","un",23,565.21,709.17,16310.91,4.4533158867011216E-3]
[" 4.3 "," COMPOSIÇÃO - 015 ","Serviço","Próprio","Inspeção ótica em poço tubular câmera com rotação de 360º, visada lateral, com fonte própria de luz, entregue vídeo em cores e marcação de profundidades.","m",1035,38.049999999999997,47.74,49410.9,1.3490500894566916E-2]
[" 4.4 "," 6314 ","Serviço","ORSE","Ensaio de Bombeamento com bomba submersível","h",161,622.21,780.69,125691.09,3.4317038590353358E-2]
[" 5 ",null,null,null,"RESERVAÇÃO",{"$nulls":4},{"$f":"SUM(J33:J37)","v":165035.72999999998},4.5059180529002783E-2]
[" 5.1 "," COMPOSIÇÃO - 016 ","Serviço","Próprio","Execução e instalação de base de sustentação em concreto armado para reservatório de diâmetro 2,06m e altura 1,10m, conforme projeto, incluindo fixação de grampos da tampa.","un",23,2888.1500000000005,{"$f":"ROUND(H33+H33*$H$2,2)","v":3623.76},{"$f":"ROUND(G33*I33,2)","v":83346.48},{"$f":"J33/$J$102","v":2.2755824382858912E-2}]
[" 5.2 "," 00037105 ","Material","SINAPI","Fornecimento de caixa d'agua / reservatorio em poliester reforcado com fibra de vidro, 5000 litros, com tampa","un",23,2980.05,{"$f":"ROUND(H34+H34*$I$2,2)","v":3435.4},{"$f":"ROUND(G34*I34,2)","v":79014.2},{"$f":"J34/$J$102","v":2.1572995751615313E-2}]
[" 5.3 "," 13960 ","Material","ORSE","Fornecimento de cabo de aço 1/8\" sem revestimento  ( rolo c/ 100 mt) rolo","rolo",1.84,260.95999999999998,300.83,553.53,1.5112853560994891E-4]
[" 5.4 "," 094248 ","Material","SBC","Fornecimento de esticador olhal com gancho de 1/4\" 6,35 mm vonder","un",92,13.05,15.04,1383.68,3.7778175013598923E-4]
[" 5.5 "," 002048 ","Material","SBC","Fornecimento de grampo (clip) para cabo de aco pesado 1/8\"","un",92,6.96,8.02,737.84,2.0145010878262193E-4]
[" 6 ",null,null,null,"BEBEDOURO",{"$nulls":4},{"$f":"SUM(J39)","v":46948.29},1.2818142317654343E-2]
[" 6.1 "," COMPOSIÇÃO - 017 ","Serviço","Próprio","Serviço de execução do bebedouro em concreto armado, incluso materiais.","un",23,1626.8700000000001,{"$f":"ROUND(H39+H39*$H$2,2)","v":2041.23},{"$f":"ROUND(G39*I39,2)","v":46948.29},{"$f":"J39/$J$102","v":1.2818142317654343E-2}]
[" 7 ",null,null,null,"INSTALAÇÕES HIDRÁULICAS",{"$nulls":4},{"$f":"SUM(J41,J57)","v":79748.48000000001},2.1773473884919157E-2]
[" 7.1 ",null,null,null,"INSTALAÇÕES DE CAVALETE",{"$nulls":4},{"$f":"SUM(J42:J56)","v":30766.760000000002},8.400150640909711E-3]
[" 7.1.1 "," COMPOSIÇÃO - 018 ","Serviço","Próprio","Montagem e Instalação de Tubulação e Conexões Cavalete","un",23,258.37,{"$f":"ROUND(H42+H42*$H$2,2)","v":324.18},{"$f":"ROUND(G42*I42,2)","v":7456.14},{"$f":"J42/$J$102","v":2.0357261928039393E-3}]
[" 7.1.2 "," 00001796 ","Material","SINAPI","Fornecimento de curva 90 graus de ferro galvanizado, com rosca bsp macho, de 1 1/4\"","un",23,77.17,{"$f":"ROUND(H43+H43*$I$2,2)","v":88.96},{"$f":"ROUND(G43*I43,2)","v":2046.08},{"$f":"J43/$J$102","v":5.5863471562662232E-4}]
[" 7.1.3 "," 00009888 ","Material","SINAPI","Fornecimento de uniao de ferro galvanizado, com rosca bsp, com assento plano, de 1 1/4\"","un",23,62.13,71.62,1647.26,4.4974615932080362E-4]
[" 7.1.4 "," 00004180 ","Material","SINAPI","Fornecimento de niple de ferro galvanizado, com rosca bsp, de 1 1/4\"","un",46,18.989999999999998,21.89,1006.94,2.7492162601319161E-4]
[" 7.1.5 "," 00006017 ","Material","SINAPI","Fornecimento de registro gaveta bruto em latao forjado, bitola 1 1/4 \" (ref 1509)","un",23,74.069999999999993,85.39,1963.97,5.3621648344601266E-4]
[" 7.1.6 "," 00000789 ","Material","SINAPI","Fornecimento de bucha de reducao de ferro galvanizado, com rosca bsp, de 1 1/4\" x 1\"","un",23,17.760000000000002,20.47,470.81,1.2854375706921041E-4]
[" 7.1.7 "," 12438 ","Material","ORSE","Fornecimento de hidrômetro multijato d= 3/4\", vazão = 5,0m3/h ","un",23,297.27999999999997,342.7,7882.1,2.1520246970013882E-3]
[" 7.1.8 "," 00009861 ","Material","SINAPI","Fornecimento de tubo pvc, roscavel, 1 1/4\", agua fria predial","m",34.5,26.9,31.01,1069.8499999999999,2.9209774325204385E-4]
[" 7.1.9 "," 002116 ","Material","SBC","Fornecimento de te de reducao ferro galvanizado 1.1/4\" x 1/2\"","un",23,17.239999999999998,19.87,457.01,1.2477598695482224E-4]
[" 7.1.10 "," 00011831 ","Material","SINAPI","Fornecimento de torneira plastica para tanque 1/2 \" ou 3/4 \" com bico para mangueira","un",23,20.57,23.71,545.33000000000004,1.4888971568690666E-4]
[" 7.1.11 "," 1158 ","Material","ORSE","Fornecimento de joelho 45° ferro galvanizado d=1 1/ 4\" ","un",46,32.700000000000003,37.700000000000003,1734.2,4.7348311104144928E-4]
[" 7.1.12 "," 00004205 ","Material","SINAPI","Fornecimento de niple de reducao de ferro galvanizado, com rosca bsp, de 1 1/2\" x 1 1/4\"","un",23,33.32,38.409999999999997,883.43,2.4120008348941729E-4]
[" 7.1.13 "," 00003939 ","Material","SINAPI","Fornecimento de luva de ferro galvanizado, com rosca bsp, de 1 1/2\"","un",23,25.6,29.51,678.73,1.8531149345932583E-4]
[" 7.1.14 "," 9569 ","Material","ORSE","Fornecimento de adaptador pvc bsxrm d= 35mm x 1 1/2\", linha irriga-lf, tigre ou similar ","un",23,3.04,3.5,80.5,2.1978659000597776E-5]
[" 7.1.15 "," 5128 ","Material","ORSE","Fornecimento de tampa de poço galvanizada em 6\" ","un",23,107.28,123.67,2844.41,7.7660021674397911E-4]
[" 7.2 ",null,null,null,"INSTALAÇÕES DE ADUTORA, RESERVATÓRIO E BEBEDOURO",{"$nulls":4},{"$f":"SUM(J58:J69)","v":48981.720000000008},1.3373323244009446E-2]
[" 7.2.1 "," COMPOSIÇÃO - 020 ","Serviço","Próprio","Montagem e instalação da rede adutora poço-reservatório-bebedouro","un",23,981.88,{"$f":"ROUND(H58+H58*$H$2,2)","v":1231.96},{"$f":"ROUND(G58*I58,2)","v":28335.08},{"$f":"J58/$J$102","v":7.7362367835361254E-3}]
[" 7.2.2 "," 9501 ","Material","ORSE","Fornecimento de tubo PVC p/irrigação LF PN 60 JE Ø 35mm, linha Irriga-LF, Tigre ou similar","m",920,13.06,{"$f":"ROUND(H59+H59*$I$2,2)","v":15.06},{"$f":"ROUND(G59*I59,2)","v":13855.2},{"$f":"J59/$J$102","v":3.7828411948457432E-3}]
[" 7.2.3 "," 9516 ","Material","ORSE","Fornecimento de curva 90º pvc PTA/BSA soldavel d= 35mm, linha Irriga-LF, Tigre ou similar ","un",92,10.76,12.4,1140.8,3.1146899612275705E-4]
[" 7.2.4 "," 00000098 ","Material","SINAPI","Fornecimento de adaptador pvc soldavel, com flange e anel de vedacao, 40 mm x 1 1/4\", para caixa d'água","un",46,30.33,34.96,1608.16,4.3907081066337048E-4]
[" 7.2.5 "," 8013 ","Material","ORSE","Fornecimento de registro esfera VS soldável para irrigação Ø 35mm ","pç",23,37.26,42.95,987.85,2.6970954402162129E-4]
[" 7.2.6 "," 00000096 ","Material","SINAPI","Fornecimento de adaptador pvc soldavel, com flange e anel de vedacao, 25 mm x 3/4\", para caixa d'água","un",69,13.47,15.53,1071.57,2.9256734938224295E-4]
[" 7.2.7 "," 14071 ","Material","ORSE","Fornecimento de tubo PVC para irrigação LF PN 60 Ø 25mm, linha Irriga-LF, Tigre ou similar","m",46,4.01,4.62,212.52,5.802365976157813E-5]
[" 7.2.8 "," 14082 ","Material","ORSE","Fornecimento de registro esfera LF 25mm ","pç",46,11.06,12.75,586.5,1.6013022986149808E-4]
[" 7.2.9 "," 00003529 ","Material","SINAPI","Fornecimento de joelho pvc, soldavel, 90 graus, 25 mm, para agua fria","un",46,0.79,0.91,41.86,1.1428902680310845E-5]
[" 7.2.10 "," 00003535 ","Material","SINAPI","Fornecimento de joelho pvc, soldavel, 90 graus, 40 mm,  para agua fria","un",23,6.45,7.44,171.12,4.6720349418413562E-5]
[" 7.2.11 "," 00000109 ","Material","SINAPI","Fornecimento de adaptador pvc soldavel curto com bolsa e rosca, 40 mm x 1 1/4\", para agua fria","un",23,4.05,4.67,107.41,2.9325810723654749E-5]
[" 7.2.12 "," 00011830 ","Material","SINAPI","Fornecimento de torneira de boia convencional para caixa d'agua, agua fria, 3/4\", com haste e torneira metalicos e balao plastico","un",23,32.57,37.549999999999997,863.65,2.3579961299212757E-4]
[" 8 ",null,null,null,"FORNECIMENTO E INSTALAÇÃO DE SISTEMA FOTOVOLTAÍCO",{"$nulls":4},{"$f":"SUM(J71,J77,J88,J90)","v":839112.52999999991},0.22910022559004808]
[" 8.1 ",null,null,null,"INSTALAÇÕES HIDRÁULICAS",{"$nulls":4},{"$f":"SUM(J72:J76)","v":95393.08},{"$f":"J71/$J$102","v":2.6044869271263899E-2}]
[" 8.1.1 "," COMPOSIÇÃO - 019 ","Serviço","Próprio","Montagem e instalação hidráulica do kit de bombeamento","un",23,143.49,{"$f":"ROUND(H72+H72*$H$2,2)","v":180.04},{"$f":"ROUND(G72*I72,2)","v":4140.92},1.1305822189907496E-3]
[" 8.1.2 "," 00038200 ","Material","SINAPI","Fornecimento de corda de poliamida 12 mm tipo bombeiro, para trabalho em altura","100m",21.39,717.07,{"$f":"ROUND(H73+H73*$I$2,2)","v":826.64},{"$f":"ROUND(G73*I73,2)","v":17681.830000000002},4.8276138146154017E-3]
[" 8.1.3 "," 00009861 ","Material","SINAPI","Fornecimento de  tubo pvc, roscavel, 1 1/4\", agua fria predial","m",2070,26.9,31.01,64190.7,1.7525782687076667E-2]
[" 8.1.4 "," 00004180 ","Material","SINAPI","Fornecimento de  niple de ferro galvanizado, com rosca bsp, de 1 1/4\"","un",23,18.989999999999998,21.89,503.47,1.374608130065958E-4]
[" 8.1.5 "," 00003911 ","Material","SINAPI","Fornecimento de  luva de ferro galvanizado, com rosca bsp, de 1 1/4\"","un",368,20.92,24.12,8876.16,2.4234297375744841E-3]
[" 8.2 ",null,null,null,"INSTALAÇÕES ELÉTRICAS",{"$nulls":4},{"$f":"SUM(J78:J87)","v":86335.979999999981},2.3572038060899744E-2]
[" 8.2.1 "," COMPOSIÇÃO - 021 ","Serviço","Próprio","Montagem e instalação elétrica do kit de bombeamento e sistema fotovoltaico inclusive sistema de aterramento.","un",23,525.08000000000004,{"$f":"ROUND(H78+H78*$H$2,2)","v":658.82},{"$f":"ROUND(G78*I78,2)","v":15152.86},4.137137177935379E-3]
[" 8.2.2 "," 00002674 ","Material","SINAPI","Fornecimento de  eletroduto de pvc rigido roscavel de 3/4 \", sem luva","m",345,4.57,{"$f":"ROUND(H79+H79*$I$2,2)","v":5.27},{"$f":"ROUND(G79*I79,2)","v":1818.15},4.9640371257064406E-4]
[" 8.2.3 "," 00034622 ","Material","SINAPI","Fornecimento de  cabo flexivel pvc 750 v, 3 condutores de 6,0 mm2","m",2415,19.55,22.54,54434.1,1.4861969216204217E-2]
[" 8.2.4 "," 00012034 ","Material","SINAPI","Fornecimento de  curva 180 graus, de pvc rigido roscavel, de 3/4\", para eletroduto","un",23,4.6900000000000004,5.41,124.43,3.3972727198066852E-5]
[" 8.2.5 "," 00039272 ","Material","SINAPI","Fornecimento de  curva 90 graus, curta, de pvc rigido roscavel, de 3/4\", para eletroduto","un",46,2.56,2.95,135.69999999999999,3.7049739458150531E-5]
[" 8.2.6 "," 00003379 ","Material","SINAPI","Fornecimento de haste de aterramento em aco com 3,00 m de comprimento e dn = 5/8\", revestida com baixa camada de cobre, sem conector","un",15.180000000000001,89.12,102.74,1559.59,4.258098980216433E-4]
[" 8.2.7 "," 00001891 ","Material","SINAPI","Fornecimento de  luva em pvc rigido roscavel, de 3/4\", para eletroduto","un",207,1.18,1.36,281.52,7.6862510333519079E-5]
[" 8.2.8 "," 00000425 ","Material","SINAPI","Fornecimento de grampo metalico tipo olhal para haste de aterramento de 5/8'', condutor de *10* a 50 mm2","un",46,8.4499999999999993,9.74,448.04,1.2232693638046993E-4]
[" 8.2.9 "," 00034643 ","Material","SINAPI","Fornecimento de  caixa de inspecao para aterramento e para raios, em polipropileno,  diametro = 300 mm x altura = 400 mm","un",46,46.96,54.14,2490.44,6.7995691330992205E-4]
[" 8.2.10 "," 00000867 ","Material","SINAPI","Fornecimento de cabo de cobre nu 50 mm2 meio-duro","m",172.5,49.74,57.34,9891.15,2.7005492294877352E-3]
[" 8.3 ",null,null,null,"ESTRUTURA DE FIXAÇÃO PARA MÓDULOS FOTOVOLTÁICOS",{"$nulls":4},{"$f":"SUM(J89)","v":75908.28},2.0724996291203678E-2]
[" 8.3.1 "," COMPOSIÇÃO - 022 ","Serviço","Próprio","Serviço de fixação de estruturas para os módulos fotovoltaicos e suportes de concreto, incluso materiais.","m²",276,219.2,{"$f":"ROUND(H89+H89*$H$2,2)","v":275.02999999999997},{"$f":"ROUND(G89*I89,2)","v":75908.28},2.0724996291203678E-2]
[" 8.4 ",null,null,null,"FORNECIMENTO DE KIT DE BOMBEAMENTO FOTOVOLTAICO",{"$nulls":4},{"$f":"SUM(J91)","v":581475.18999999994},0.15875832196668077]
[" 8.4.1 "," COTAÇÃO-001 ","Material","Próprio","Fornecimento de kit de bombeamento fotovoltaico, incluindo uma bomba CC de 2200W com imã permanente sem escovas, controladora de carga externa, disjuntor CC, caixa de proteção metálica, módulos compatíveis com a geração de 3300Wp (potência mínima de 550 W por módulo) e componentes elétricos necessários como cabos, conectores MC4 e presilhas de fixação.","un",23,21930.54,{"$f":"ROUND(H91+H91*$I$2,2)","v":25281.53},{"$f":"ROUND(G91*I91,2)","v":581475.18999999994},0.15875832196668077]
[" 9 ",null,null,null,"URBANIZAÇÃO",{"$nulls":4},{"$f":"SUM(J93,J95)","v":86440.209999999992},2.3600495646336171E-2]
[" 9.1 ",null,null,null,"CERCA",{"$nulls":4},{"$f":"SUM(J94)","v":56311.360000000001},1.5374511544098158E-2]
[" 9.1.1 "," COMPOSIÇÃO - 023 ","Serviço","Próprio","Cerca com mourões de concreto de 15x15cm, espaçados de 3m e cravados a 0,5m, escoras de 10x10cm nos cantos, e 9 fios de arame de aço ovalado 15x17.","m",644,69.69,{"$f":"ROUND(H94+H94*$H$2,2)","v":87.44},{"$f":"ROUND(G94*I94,2)","v":56311.360000000001},1.5374511544098158E-2]
[" 9.2 ",null,null,null,"PORTÃO",{"$nulls":4},{"$f":"SUM(J96)","v":30128.85},8.2259841022380153E-3]
[" 9.2.1 "," COMPOSIÇÃO - 024 ","Serviço","Próprio","Serviço de instalação de portão de ferro com suporte e batedor conforme projeto, incluso material","m²",34.5,696.0200000000001,{"$f":"ROUND(H96+H96*$H$2,2)","v":873.3},{"$f":"ROUND(G96*I96,2)","v":30128.85},8.2259841022380153E-3]
[" 10 ",null,null,null,"OUTROS SERVIÇOS",{"$nulls":4},{"$f":"SUM(J98:J101)","v":69422.710000000006},1.8954261738973781E-2]
[" 10.1 "," COMPOSIÇÃO - 025 ","Serviço","Próprio","Serviço de lançamento de concreto para acabamento do tamponamento, incluso material.","m³",0.60825799999999997,767.81999999999994,{"$f":"ROUND(H98+H98*$H$2,2)","v":963.38},{"$f":"ROUND(G98*I98,2)","v":585.98},1.5998825591515882E-4]
[" 10.2 "," COMPOSIÇÃO - 026 ","Serviço","Próprio","Serviço de execução do tamponamento, incluso pedra britada desinfectada.","m³",0.60825799999999997,144.57,181.39,110.33,3.0123049037713698E-5]
[" 10.3 "," COTAÇÃO-006 ","Material","Próprio","Fornecimento tubo revestimento geomecânico classe reforçado Ø 4 1/2\" com junta roscável.","m",539.99997999999994,92.4,{"$f":"ROUND(H100+H100*$I$2,2)","v":106.52},{"$f":"ROUND(G100*I100,2)","v":57520.800000000003},1.5704721101137697E-2]
[" 10.4 "," COTAÇÃO-004 ","Material","Próprio","Fornecimento tubo filtro geomecânico classe reforçado diâmetro Ø 4 1/2\" com junta roscável.","m",119.99997,81,93.38,11205.6,3.0594293328832108E-3]
[{"$nulls":8},"Total",{"$f":"SUM(J97,J92,J70,J40,J38,J32,J27,J15,J11,J6)","v":3662643.84}]

{"sheet":"Orç. CE - Tot. Rev - Analítico","index":20,"n_rows":227,"n_cols":10,"rows_kept":227,"cut":false,"hidden":false,"merged":[[0,8,0,9],[1,8,1,9],[8,4,8,5],[9,4,9,5],[10,4,10,5],[0,2,1,6],[11,4,11,5],[12,4,12,5],[21,4,21,5],[22,4,22,5],[23,4,23,5],[2,0,2,9],[3,5,3,6],[4,4,4,5],[5,4,5,5],[6,4,6,5],[7,4,7,5],[14,4,14,5],[15,4,15,5],[16,4,16,5],[17,4,17,5],[18,4,18,5],[25,5,25,6],[26,4,26,5],[27,4,27,5],[28,4,28,5],[44,5,44,6],[50,4,50,5],[51,4,51,5],[45,4,45,5],[46,4,46,5],[47,4,47,5],[49,4,49,5],[63,4,63,5],[64,4,64,5],[65,4,65,5],[66,4,66,5],[29,4,29,5],[32,4,32,5],[33,4,33,5],[60,4,60,5],[61,4,61,5],[38,4,38,5],[39,4,39,5],[40,4,40,5],[41,4,41,5],[57,4,57,5],[34,4,34,5],[35,4,35,5],[52,4,52,5],[53,4,53,5],[56,4,56,5],[67,4,67,5],[70,4,70,5],[85,4,85,5],[71,4,71,5],[72,4,72,5],[73,4,73,5],[79,4,79,5],[80,4,80,5],[81,4,81,5],[82,4,82,5],[83,4,83,5],[84,4,84,5],[87,5,87,6],[88,4,88,5],[89,4,89,5],[90,4,90,5],[91,4,91,5],[92,4,92,5],[74,4,74,5],[75,4,75,5],[78,5,78,6],[99,4,99,5],[100,4,100,5],[101,4,101,5],[102,4,102,5],[103,4,103,5],[104,4,104,5],[93,4,93,5],[94,4,94,5],[95,4,95,5],[96,4,96,5],[97,4,97,5],[98,4,98,5],[117,4,117,5],[105,4,105,5],[106,4,106,5],[107,4,107,5],[108,4,108,5],[111,4,111,5],[112,4,112,5],[113,4,113,5],[114,4,114,5],[115,4,115,5],[116,4,116,5],[110,5,110,6],[123,4,123,5],[124,4,124,5],[125,4,125,5],[126,4,126,5],[127,4,127,5],[128,4,128,5],[135,4,135,5],[118,4,118,5],[119,4,119,5],[120,4,120,5],[121,4,121,5],[122,4,122,5],[136,4,136,5],[137,4,137,5],[138,4,138,5],[139,4,139,5],[140,4,140,5],[129,4,129,5],[130,4,130,5],[131,4,131,5],[133,5,133,6],[134,5,134,6],[146,4,146,5],[147,4,147,5],[148,4,148,5],[149,4,149,5],[150,4,150,5],[142,5,142,6],[143,4,143,5],[144,4,144,5],[145,4,145,5],[161,5,161,6],[162,4,162,5],[163,4,163,5],[153,5,153,6],[154,5,154,6],[155,4,155,5],[156,4,156,5],[157,4,157,5],[158,4,158,5],[171,4,171,5],[172,4,172,5],[180,4,180,5],[181,4,181,5],[184,5,184,6],[170,5,170,6],[164,4,164,5],[165,4,165,5],[166,4,166,5],[167,4,167,5],[168,4,168,5],[185,5,185,6],[186,4,186,5],[173,4,173,5],[174,4,174,5],[175,4,175,5],[176,4,176,5],[179,5,179,6],[193,4,193,5],[194,4,194,5],[197,5,197,6],[198,4,198,5],[199,4,199,5],[187,4,187,5],[188,4,188,5],[189,4,189,5],[190,4,190,5],[191,4,191,5],[192,4,192,5],[207,5,207,6],[208,4,208,5],[209,4,209,5],[210,4,210,5],[211,4,211,5],[200,4,200,5],[201,4,201,5],[202,4,202,5],[203,4,203,5],[204,4,204,5],[221,4,221,5],[222,4,222,5],[225,4,225,5],[226,4,226,5],[214,4,214,5],[215,4,215,5],[216,4,216,5],[217,4,217,5],[218,4,218,5]]}
[null,null,"OBRA:PERFURAÇÃO E INSTALAÇÃO DE POÇO TUBULAR TOTALMENTE REVESTIDO NO ESTADO DO CEARÁ",{"$nulls":5},"Encargos Sociais"]
[{"$nulls":8},"Não Desonerado: embutido nos preços unitário dos insumos de mão de obra, de acordo com as bases."]
["Planilha Orçamentária Analítica"]
[" 1 ",null,null,"SERVIÇOS PRELIMINARES"]
[" 1.1 ","Código","Banco","Descrição","Tipo",null,"Und","Quant.","Valor Unit","Total"]
["Composição"," COMPOSIÇÃO - 002 ","Próprio","Administração Local da Obra - Poço Totalmente Revestido","SERP - SERVIÇOS PRELIMINARES",null,"un",1,{"$f":"J6","v":154177.98000000001},{"$f":"SUM(J7:J13)","v":154177.98000000001}]
["Composição Auxiliar"," 92138 ","SINAPI","CAMINHONETE COM MOTOR A DIESEL, POTÊNCIA 180 CV, CABINE DUPLA, 4X4 - CHP DIURNO. AF_11/2015","CHOR - CUSTOS HORÁRIOS DE MÁQUINAS E EQUIPAMENTOS",null,"CHP",180,96.58,{"$f":"ROUND(H7*I7,2)","v":17384.400000000001}]
["Composição Auxiliar"," 92139 ","SINAPI","CAMINHONETE COM MOTOR A DIESEL, POTÊNCIA 180 CV, CABINE DUPLA, 4X4 - CHI DIURNO. AF_11/2015","CHOR - CUSTOS HORÁRIOS DE MÁQUINAS E EQUIPAMENTOS",null,"CHI",220,45.84,{"$f":"ROUND(H8*I8,2)","v":10084.799999999999}]
["Composição Auxiliar"," 93572 ","SINAPI","ENCARREGADO GERAL DE OBRAS COM ENCARGOS COMPLEMENTARES","SEDI - SERVIÇOS DIVERSOS",null,"MES",4,4552.47,18209.88]
["Composição Auxiliar"," 93565 ","SINAPI","ENGENHEIRO CIVIL DE OBRA JUNIOR COM ENCARGOS COMPLEMENTARES","SEDI - SERVIÇOS DIVERSOS",null,"MES",5,19809.54,99047.7]
["Insumo"," 00014250 ","SINAPI","ENERGIA ELETRICA COMERCIAL, BAIXA TENSAO, RELATIVA AO CONSUMO DE ATE 100 KWH, INCLUINDO ICMS, PIS/PASEP E COFINS","Material",null,"KWH",1600,0.98,{"$f":"ROUND(H11*I11,2)","v":1568}]
["Insumo"," 00044480 ","SINAPI","TARIFA \"A\" ENTRE  0 E 20M3 FORNECIMENTO  D'AGUA","Taxas",null,"m³",80,18.54,{"$f":"ROUND(H12*I12,2)","v":1483.2}]
["Insumo"," 4298 ","ORSE","Aluguel de container - Escritório com banheiro - 6,20 x 2,40m, equipado com Ar condicionado mês","Serviços",null,"mês",4,1600,6400]
[]
[" 1.2 ","Código","Banco","Descrição","Tipo",null,"Und","Quant.","Valor Unit","Total"]
["Composição"," COMPOSIÇÃO - 003 ","Próprio","Serviço de locação Geológica de campo com relatório hidro geológico e perfil construtivo e geológico esperado. Relatório de Viabilidade de implantação das estruturas e vistorias preliminares","SERT - SERVIÇOS TÉCNICOS",null,"un",1,{"$f":"J16","v":501.69999999999993},{"$f":"SUM(J17:J19)","v":501.69999999999993}]
["Composição Auxiliar"," 30.01.45 ","EMBASA","GEOLOGO SENIOR",3001,null,"hora",5,79.73,{"$f":"ROUND(H17*I17,2)","v":398.65}]
["Insumo"," 5896 ","ORSE","Veículo tipo sedan ou pick-up capacidade 0,6 ton h","Equipamento",null,"h",5,8.33,{"$f":"ROUND(H18*I18,2)","v":41.65}]
["Insumo"," 00004222 ","SINAPI","GASOLINA COMUM","Material",null,"L",10,6.14,{"$f":"ROUND(H19*I19,2)","v":61.4}]
[]
[]
[" 1.3 ","Código","Banco","Descrição","Tipo",null,"Und","Quant.","Valor Unit","Total"]
["Composição"," COMPOSIÇÃO - 004 ","Próprio","Procedimentos para emissão de Outorga de uso insignificante e Dispensa de Licenciamento Ambiental (incluso taxas) - Ceará","SERT - SERVIÇOS TÉCNICOS",null,"un",1,{"$f":"J23","v":856.8},{"$f":"SUM(J24)","v":856.8}]
["Insumo","COTAÇÃO-009","Próprio","Procedimentos para Emissão de Outorga de uso insignificante e Dispensa de Licenciamento Ambiental - Ceará","Serviços",null,"unn",1,856.8,{"$f":"ROUND(H24*I24,2)","v":856.8}]
[]
[" 2 ",null,null,"MOBILIZAÇÂO E DESMOBILIZAÇÂO EQUIPES PERFURAÇÂO E INSTALAÇÃO"]
[" 2.1 ","Código","Banco","Descrição","Tipo",null,"Und","Quant.","Valor Unit","Total"]
["Composição"," COMPOSIÇÃO - 006 ","Próprio","Transporte de Comboio Perfuração","TRAN - TRANSPORTES, CARGAS E DESCARGAS",null,"km",1,{"$f":"J28","v":4.8100000000000005},{"$f":"SUM(J29:J30)","v":4.8100000000000005}]
["Composição Auxiliar"," 5824 ","SINAPI","CAMINHÃO TOCO, PBT 16.000 KG, CARGA ÚTIL MÁX. 10.685 KG, DIST. ENTRE EIXOS 4,8 M, POTÊNCIA 189 CV, INCLUSIVE CARROCERIA FIXA ABERTA DE MADEIRA P/ TRANSPORTE GERAL DE CARGA SECA, DIMEN. APROX. 2,5 X 7,00 X 0,50 M - CHP DIURNO. AF_06/2014","CHOR - CUSTOS HORÁRIOS DE MÁQUINAS E EQUIPAMENTOS",null,"CHP",1.6660000000000001E-2,220.76,{"$f":"ROUND(H29*I29,2)","v":3.68}]
["Composição Auxiliar"," 5826 ","SINAPI","CAMINHÃO TOCO, PBT 16.000 KG, CARGA ÚTIL MÁX. 10.685 KG, DIST. ENTRE EIXOS 4,8 M, POTÊNCIA 189 CV, INCLUSIVE CARROCERIA FIXA ABERTA DE MADEIRA P/ TRANSPORTE GERAL DE CARGA SECA, DIMEN. APROX. 2,5 X 7,00 X 0,50 M - CHI DIURNO. AF_06/2014","CHOR - CUSTOS HORÁRIOS DE MÁQUINAS E EQUIPAMENTOS",null,"CHI",1.6660000000000001E-2,67.77,1.1299999999999999]
[]
[]
[" 2.2 ","Código","Banco","Descrição","Tipo",null,"Und","Quant.","Valor Unit","Total"]
["Composição"," COMPOSIÇÃO - 007 ","Próprio","Transporte de Comboio Instalação","TRAN - TRANSPORTES, CARGAS E DESCARGAS",null,"km",1,{"$f":"J34","v":5.99},{"$f":"SUM(J35:J36)","v":5.99}]
["Composição Auxiliar"," 5928 ","SINAPI","GUINDAUTO HIDRÁULICO, CAPACIDADE MÁXIMA DE CARGA 6200 KG, MOMENTO MÁXIMO DE CARGA 11,7 TM, ALCANCE MÁXIMO HORIZONTAL 9,70 M, INCLUSIVE CAMINHÃO TOCO PBT 16.000 KG, POTÊNCIA DE 189 CV - CHP DIURNO. AF_06/2014","CHOR - CUSTOS HORÁRIOS DE MÁQUINAS E EQUIPAMENTOS",null,"CHP",1.6660000000000001E-2,280.27999999999997,{"$f":"ROUND(H35*I35,2)","v":4.67}]
["Composição Auxiliar"," 5930 ","SINAPI","GUINDAUTO HIDRÁULICO, CAPACIDADE MÁXIMA DE CARGA 6200 KG, MOMENTO MÁXIMO DE CARGA 11,7 TM, ALCANCE MÁXIMO HORIZONTAL 9,70 M, INCLUSIVE CAMINHÃO TOCO PBT 16.000 KG, POTÊNCIA DE 189 CV - CHI DIURNO. AF_06/2014","CHOR - CUSTOS HORÁRIOS DE MÁQUINAS E EQUIPAMENTOS",null,"CHI",1.6660000000000001E-2,79.5,1.32]
[]
[]
[" 2.3 ","Código","Banco","Descrição","Tipo",null,"Und","Quant.","Valor Unit","Total"]
["Composição"," COMPOSIÇÃO - 008 ","Próprio","Transporte de água em caminhão pipa para preparo do fluído de perfuração rotativa","TRAN - TRANSPORTES, CARGAS E DESCARGAS",null,"km",1,{"$f":"J40","v":5.43},{"$f":"SUM(J41:J42)","v":5.43}]
["Composição Auxiliar"," 6259 ","SINAPI","CAMINHÃO PIPA 6.000 L, PESO BRUTO TOTAL 13.000 KG, DISTÂNCIA ENTRE EIXOS 4,80 M, POTÊNCIA 189 CV INCLUSIVE TANQUE DE AÇO PARA TRANSPORTE DE ÁGUA, CAPACIDADE 6 M3 - CHP DIURNO. AF_06/2014","CHOR - CUSTOS HORÁRIOS DE MÁQUINAS E EQUIPAMENTOS",null,"CHP",1.6660000000000001E-2,258.70999999999998,{"$f":"ROUND(H41*I41,2)","v":4.3099999999999996}]
["Composição Auxiliar"," 6260 ","SINAPI","CAMINHÃO PIPA 6.000 L, PESO BRUTO TOTAL 13.000 KG, DISTÂNCIA ENTRE EIXOS 4,80 M, POTÊNCIA 189 CV INCLUSIVE TANQUE DE AÇO PARA TRANSPORTE DE ÁGUA, CAPACIDADE 6 M3 - CHI DIURNO. AF_06/2014","CHOR - CUSTOS HORÁRIOS DE MÁQUINAS E EQUIPAMENTOS",null,"CHI",1.6660000000000001E-2,67.010000000000005,1.1200000000000001]
[]
[]
[" 3 ",null,null,"PERFURAÇÃO E COMPLETAÇÃO DE POÇO TUBULAR"]
[" 3.1 ","Código","Banco","Descrição","Tipo",null,"Und","Quant.","Valor Unit","Total"]
["Composição"," COMPOSIÇÃO - 009 ","Próprio","Limpeza manual , remoção de cerca, capina e instalação dos equipamentos (área do poço, painéis solares, bebedouro e reservatório)","SEDI - SERVIÇOS DIVERSOS",null,"m²",1,{"$f":"J47","v":1.64},{"$f":"SUM(J48)","v":1.64}]
["Composição Auxiliar"," 88316 ","SINAPI","SERVENTE COM ENCARGOS COMPLEMENTARES","SEDI - SERVIÇOS DIVERSOS",null,"H",0.08,20.47,{"$f":"ROUND(H48*I48,2)","v":1.64}]
[]
[" 3.2 ","Código","Banco","Descrição","Tipo",null,"Und","Quant.","Valor Unit","Total"]
["Composição"," COMPOSIÇÃO - 012 ","Próprio","Perfuração rotativa com circulação direta Ø 9.1/2\"","SERT - SERVIÇOS TÉCNICOS",null,"m",1,{"$f":"J51","v":263.35000000000002},{"$f":"SUM(J52:J54)","v":263.35000000000002}]
["Composição Auxiliar"," 88263 ","SINAPI","CAVOUQUEIRO OU OPERADOR PERFURATRIZ/ROMPEDOR COM ENCARGOS COMPLEMENTARES","SEDI - SERVIÇOS DIVERSOS",null,"H",0.8,19.66,{"$f":"ROUND(H52*I52,2)","v":15.73}]
["Composição Auxiliar"," 88316 ","SINAPI","SERVENTE COM ENCARGOS COMPLEMENTARES","SEDI - SERVIÇOS DIVERSOS",null,"H",2.4,20.47,49.13]
["Insumo"," 5071 ","ORSE","Perfuração rocha sedimentar sedimento / camadas inconsolidadas dn 8.1/2 a 9.1/2\" - até 150m m","Serviços",null,"m",1,198.49,{"$f":"ROUND(H54*I54,2)","v":198.49}]
[]
[]
[null,"Código","Banco","Descrição","Tipo",null,"Und","Quant.","Valor Unit","Total"]
["Insumo"," COTAÇÃO-007 ","Próprio","Fornecimento tubo de revestimento geomecânico classe standart Ø 4\" com junta roscável.","Material",null,"m",1,82.5,{"$f":"ROUND(H58*I58,2)","v":82.5}]
[]
[]
[null,"Código","Banco","Descrição","Tipo",null,"Und","Quant.","Valor Unit","Total"]
["Insumo"," COTAÇÃO-005 ","Próprio","Fornecimento tubo filtro geomecânico classe standart Ø 4\" com junta roscável.","Material",null,"m",1,86.02,{"$f":"ROUND(H62*I62,2)","v":86.02}]
[]
[" 3.10 ","Código","Banco","Descrição","Tipo",null,"Und","Quant.","Valor Unit","Total"]
["Composição"," COMPOSIÇÃO - 011 ","Próprio","Serviço de lançamento cimentação anelar poço tubular, incluso material.","SEDI - SERVIÇOS DIVERSOS",null,"m³",1,{"$f":"J65","v":830.04},{"$f":"SUM(J66:J68)","v":830.04}]
["Composição Auxiliar"," 1903 ","ORSE","Argamassa cimento e areia traço t-1 (1:3) - 1 saco cimento 50kg / 3 padiolas areia dim. 0.35 x 0.45 x 0.23 m - Confecção mecânica e transporte","Argamassas",null,"m³",1,571.16,{"$f":"ROUND(H66*I66,2)","v":571.16}]
["Composição Auxiliar"," 88316 ","SINAPI","SERVENTE COM ENCARGOS COMPLEMENTARES","SEDI - SERVIÇOS DIVERSOS",null,"H",7.4,20.47,151.47999999999999]
["Insumo"," 00000124 ","SINAPI","ADITIVO ACELERADOR DE PEGA E ENDURECIMENTO PARA ARGAMASSAS E CONCRETOS, LIQUIDO E ISENTO DE CLORETOS","Material",null,"L",5,21.48,{"$f":"ROUND(H68*I68,2)","v":107.4}]
[]
[]
[" 3.11 ","Código","Banco","Descrição","Tipo",null,"Und","Quant.","Valor Unit","Total"]
["Composição"," COMPOSIÇÃO - 014 ","Próprio","Serviço de instalação de laje sanitária com dimensões (1,5x1,5x0,3) , incluso material.","SEDI - SERVIÇOS DIVERSOS",null,"un",1,{"$f":"J72","v":645.77},{"$f":"SUM(J73:J76)","v":645.77}]
["Composição Auxiliar"," 92522 ","SINAPI","MONTAGEM E DESMONTAGEM DE FÔRMA DE LAJE MACIÇA, PÉ-DIREITO SIMPLES, EM CHAPA DE MADEIRA COMPENSADA RESINADA, 8 UTILIZAÇÕES. AF_09/2020","FUES - FUNDAÇÕES E ESTRUTURAS",null,"m²",1.8,46.23,{"$f":"ROUND(H73*I73,2)","v":83.21}]
["Composição Auxiliar"," 93358 ","SINAPI","ESCAVAÇÃO MANUAL DE VALA COM PROFUNDIDADE MENOR OU IGUAL A 1,30 M. AF_02/2021","MOVT - MOVIMENTO DE TERRA",null,"m³",0.22500000000000001,80.98,18.22]
["Composição Auxiliar"," 94975 ","SINAPI","CONCRETO FCK = 15MPA, TRAÇO 1:3,4:3,5 (EM MASSA SECA DE CIMENTO/ AREIA MÉDIA/ BRITA 1) - PREPARO MANUAL. AF_05/2021","FUES - FUNDAÇÕES E ESTRUTURAS",null,"m³",0.67500000000000004,520.41999999999996,351.28]
["Composição Auxiliar"," 103670 ","SINAPI","LANÇAMENTO COM USO DE BALDES, ADENSAMENTO E ACABAMENTO DE CONCRETO EM ESTRUTURAS. AF_02/2022","FUES - FUNDAÇÕES E ESTRUTURAS",null,"m³",0.67500000000000004,286.01,193.06]
[]
[]
[" 4 ",null,null,"PÓS PERFURAÇÃO"]
[" 4.3 ","Código","Banco","Descrição","Tipo",null,"Und","Quant.","Valor Unit","Total"]
["Composição"," COMPOSIÇÃO - 015 ","Próprio","Inspeção ótica em poço tubular câmera com rotação de 360º, visada lateral, com fonte própria de luz, entregue vídeo em cores e marcação de profundidades.","SEES - SERVIÇOS ESPECIAIS",null,"m",1,{"$f":"J81","v":38.049999999999997},{"$f":"SUM(J82:J86)","v":38.049999999999997}]
["Insumo"," H020050004 ","EMBASA","APARELHO DE PERFILAGEM OPTICA","Material",null,"M",1,4.4000000000000004,{"$f":"ROUND(H82*I82,2)","v":4.4000000000000004}]
["Insumo"," B590000022 ","EMBASA","TECNICO MEDIO","Mão de Obra",null,"H",8.3500000000000005E-2,48.54,4.05]
["Insumo"," B590000028 ","EMBASA","AUXILIAR TECNICO","Mão de Obra",null,"H",8.3500000000000005E-2,22.47,1.88]
["Insumo"," F020000340 ","EMBASA","DIÁRIA PARA PROFISSIONAL (INTERIOR)","Material",null,"DIA",2.1000000000000001E-2,227,4.7699999999999996]
["Insumo"," F030000250 ","EMBASA","LOCAÇÃO DE VEÍCULO PICK UP TIPO SAVEIRO OU SIMILAR","Material",null,"DIA",0.25,91.8,22.95]
[]
[" 5 ",null,null,"RESERVAÇÃO"]
[" 5.1 ","Código","Banco","Descrição","Tipo",null,"Und","Quant.","Valor Unit","Total"]
["Composição"," COMPOSIÇÃO - 016 ","Próprio","Execução e instalação de base de sustentação em concreto armado para reservatório de diâmetro 2,06m e altura 1,10m, conforme projeto, incluindo fixação de grampos da tampa.","SEDI - SERVIÇOS DIVERSOS",null,"un",1,{"$f":"J90","v":2888.1500000000005},{"$f":"SUM(J91:J109)","v":2888.1500000000005}]
["Composição Auxiliar"," 5928 ","SINAPI","GUINDAUTO HIDRÁULICO, CAPACIDADE MÁXIMA DE CARGA 6200 KG, MOMENTO MÁXIMO DE CARGA 11,7 TM, ALCANCE MÁXIMO HORIZONTAL 9,70 M, INCLUSIVE CAMINHÃO TOCO PBT 16.000 KG, POTÊNCIA DE 189 CV - CHP DIURNO. AF_06/2014","CHOR - CUSTOS HORÁRIOS DE MÁQUINAS E EQUIPAMENTOS",null,"CHP",2.5,280.27999999999997,{"$f":"ROUND(H91*I91,2)","v":700.7}]
["Composição Auxiliar"," 88310 ","SINAPI","PINTOR COM ENCARGOS COMPLEMENTARES","SEDI - SERVIÇOS DIVERSOS",null,"H",0.3,28.43,8.5299999999999994]
["Composição Auxiliar"," 100301 ","SINAPI","AJUDANTE DE PINTOR COM ENCARGOS COMPLEMENTARES","SEDI - SERVIÇOS DIVERSOS",null,"H",0.1,23.34,2.33]
["Composição Auxiliar"," 88309 ","SINAPI","PEDREIRO COM ENCARGOS COMPLEMENTARES","SEDI - SERVIÇOS DIVERSOS",null,"H",5.55,27.21,151.02000000000001]
["Composição Auxiliar"," 88316 ","SINAPI","SERVENTE COM ENCARGOS COMPLEMENTARES","SEDI - SERVIÇOS DIVERSOS",null,"H",10,20.47,204.7]
["Composição Auxiliar"," 88245 ","SINAPI","ARMADOR COM ENCARGOS COMPLEMENTARES","SEDI - SERVIÇOS DIVERSOS",null,"H",3,27.08,81.239999999999995]
["Composição Auxiliar"," 88262 ","SINAPI","CARPINTEIRO DE FORMAS COM ENCARGOS COMPLEMENTARES","SEDI - SERVIÇOS DIVERSOS",null,"H",2,26.84,53.68]
["Composição Auxiliar"," 87445 ","SINAPI","BETONEIRA CAPACIDADE NOMINAL 400 L, CAPACIDADE DE MISTURA 310 L, MOTOR A DIESEL POTÊNCIA 5,0 HP, SEM CARREGADOR - CHP DIURNO. AF_05/2023","CHOR - CUSTOS HORÁRIOS DE MÁQUINAS E EQUIPAMENTOS",null,"CHP",2.8548,5.17,14.76]
["Composição Auxiliar"," 88377 ","SINAPI","OPERADOR DE BETONEIRA ESTACIONÁRIA/MISTURADOR COM ENCARGOS COMPLEMENTARES","SEDI - SERVIÇOS DIVERSOS",null,"H",2.8548,20.85,59.52]
["Insumo"," 00007155 ","SINAPI","TELA DE ACO SOLDADA NERVURADA, CA-60, Q-138, (2,20 KG/M2), DIAMETRO DO FIO = 4,2 MM, LARGURA = 2,45 M, ESPACAMENTO DA MALHA = 10  X 10 CM","Material",null,"m²",6,16.64,99.84]
["Insumo"," 00000370 ","SINAPI","AREIA MEDIA - POSTO JAZIDA/FORNECEDOR (RETIRADO NA JAZIDA, SEM TRANSPORTE)","Material",null,"m³",1.36,140,190.4]
["Insumo"," 00001379 ","SINAPI","CIMENTO PORTLAND COMPOSTO CP II-32","Material",null,"KG",565.75,0.78,441.29]
["Insumo"," 00004718 ","SINAPI","PEDRA BRITADA N. 2 (19 A 38 MM) POSTO PEDREIRA/FORNECEDOR, SEM FRETE","Material",null,"m³",0.33,105.81,34.92]
["Insumo"," 00004721 ","SINAPI","PEDRA BRITADA N. 1 (9,5 a 19 MM) POSTO PEDREIRA/FORNECEDOR, SEM FRETE","Material",null,"m³",0.98,105.25,103.15]
["Insumo"," 00003767 ","SINAPI","LIXA EM FOLHA PARA PAREDE OU MADEIRA, NUMERO 120, COR VERMELHA","Material",null,"UN",0.12,0.71,0.09]
["Insumo"," 00007356 ","SINAPI","TINTA LATEX ACRILICA PREMIUM, COR BRANCO FOSCO","Material",null,"L",0.18,18.22,3.28]
["Insumo"," 00000032 ","SINAPI","ACO CA-50, 6,3 MM, VERGALHAO","Material",null,"KG",9.3000000000000007,9.23,85.84]
["Insumo"," 00043059 ","SINAPI","ACO CA-60, 4,2 MM, OU 5,0 MM, OU 6,0 MM, OU 7,0 MM, VERGALHAO","Material",null,"KG",3.04,8.2799999999999994,25.17]
["Insumo"," 00043681 ","SINAPI","CHAPA/PAINEL DE MADEIRA COMPENSADA RESINADA (MADEIRITE RESINADO ROSA) PARA FORMA DE CONCRETO, DE 2200 x 1100 MM, E = 8 A 12 MM","Material",null,"m²",17.46,35.950000000000003,627.69000000000005]
[]
[" 6 ",null,null,"BEBEDOURO"]
[" 6.1 ","Código","Banco","Descrição","Tipo",null,"Und","Quant.","Valor Unit","Total"]
["Composição"," COMPOSIÇÃO - 017 ","Próprio","Serviço de execução do bebedouro em concreto armado, incluso materiais.","SEDI - SERVIÇOS DIVERSOS",null,"un",1,{"$f":"J113","v":1626.8700000000001},{"$f":"SUM(J114:J132)","v":1626.8700000000001}]
["Composição Auxiliar"," 5928 ","SINAPI","GUINDAUTO HIDRÁULICO, CAPACIDADE MÁXIMA DE CARGA 6200 KG, MOMENTO MÁXIMO DE CARGA 11,7 TM, ALCANCE MÁXIMO HORIZONTAL 9,70 M, INCLUSIVE CAMINHÃO TOCO PBT 16.000 KG, POTÊNCIA DE 189 CV - CHP DIURNO. AF_06/2014","CHOR - CUSTOS HORÁRIOS DE MÁQUINAS E EQUIPAMENTOS",null,"CHP",2,280.27999999999997,{"$f":"ROUND(H114*I114,2)","v":560.55999999999995}]
["Composição Auxiliar"," 87445 ","SINAPI","BETONEIRA CAPACIDADE NOMINAL 400 L, CAPACIDADE DE MISTURA 310 L, MOTOR A DIESEL POTÊNCIA 5,0 HP, SEM CARREGADOR - CHP DIURNO. AF_05/2023","CHOR - CUSTOS HORÁRIOS DE MÁQUINAS E EQUIPAMENTOS",null,"CHP",0.5,5.17,2.59]
["Composição Auxiliar"," 88377 ","SINAPI","OPERADOR DE BETONEIRA ESTACIONÁRIA/MISTURADOR COM ENCARGOS COMPLEMENTARES","SEDI - SERVIÇOS DIVERSOS",null,"H",0.5,20.85,10.43]
["Composição Auxiliar"," 88310 ","SINAPI","PINTOR COM ENCARGOS COMPLEMENTARES","SEDI - SERVIÇOS DIVERSOS",null,"H",0.3,28.43,8.5299999999999994]
["Composição Auxiliar"," 100301 ","SINAPI","AJUDANTE DE PINTOR COM ENCARGOS COMPLEMENTARES","SEDI - SERVIÇOS DIVERSOS",null,"H",0.1,23.34,2.33]
["Composição Auxiliar"," 88245 ","SINAPI","ARMADOR COM ENCARGOS COMPLEMENTARES","SEDI - SERVIÇOS DIVERSOS",null,"H",3,27.08,81.239999999999995]
["Composição Auxiliar"," 88262 ","SINAPI","CARPINTEIRO DE FORMAS COM ENCARGOS COMPLEMENTARES","SEDI - SERVIÇOS DIVERSOS",null,"H",2,26.84,53.68]
["Composição Auxiliar"," 88316 ","SINAPI","SERVENTE COM ENCARGOS COMPLEMENTARES","SEDI - SERVIÇOS DIVERSOS",null,"H",5,20.47,102.35]
["Composição Auxiliar"," 88309 ","SINAPI","PEDREIRO COM ENCARGOS COMPLEMENTARES","SEDI - SERVIÇOS DIVERSOS",null,"H",4,27.21,108.84]
["Insumo"," 00043055 ","SINAPI","ACO CA-50, 12,5 MM OU 16,0 MM, VERGALHAO","Material",null,"KG",12,7.58,90.96]
["Insumo"," 00043059 ","SINAPI","ACO CA-60, 4,2 MM, OU 5,0 MM, OU 6,0 MM, OU 7,0 MM, VERGALHAO","Material",null,"KG",13,8.2799999999999994,107.64]
["Insumo"," 00000032 ","SINAPI","ACO CA-50, 6,3 MM, VERGALHAO","Material",null,"KG",6,9.23,55.38]
["Insumo"," 00000370 ","SINAPI","AREIA MEDIA - POSTO JAZIDA/FORNECEDOR (RETIRADO NA JAZIDA, SEM TRANSPORTE)","Material",null,"m³",0.32,140,44.8]
["Insumo"," 00001379 ","SINAPI","CIMENTO PORTLAND COMPOSTO CP II-32","Material",null,"KG",127,0.78,99.06]
["Insumo"," 00004718 ","SINAPI","PEDRA BRITADA N. 2 (19 A 38 MM) POSTO PEDREIRA/FORNECEDOR, SEM FRETE","Material",null,"m³",0.08,105.81,8.4600000000000009]
["Insumo"," 00004721 ","SINAPI","PEDRA BRITADA N. 1 (9,5 a 19 MM) POSTO PEDREIRA/FORNECEDOR, SEM FRETE","Material",null,"m³",0.23,105.25,24.21]
["Insumo"," 00003767 ","SINAPI","LIXA EM FOLHA PARA PAREDE OU MADEIRA, NUMERO 120, COR VERMELHA","Material",null,"UN",0.12,0.71,0.09]
["Insumo"," 00007356 ","SINAPI","TINTA LATEX ACRILICA PREMIUM, COR BRANCO FOSCO","Material",null,"L",0.18,18.22,3.28]
["Insumo"," 00043681 ","SINAPI","CHAPA/PAINEL DE MADEIRA COMPENSADA RESINADA (MADEIRITE RESINADO ROSA) PARA FORMA DE CONCRETO, DE 2200 x 1100 MM, E = 8 A 12 MM","Material",null,"m²",7.3,35.950000000000003,262.44]
[]
[" 7 ",null,null,"INSTALAÇÕES HIDRÁULICAS"]
[" 7.1 ",null,null,"INSTALAÇÕES DE CAVALETE"]
[" 7.1.1 ","Código","Banco","Descrição","Tipo",null,"Und","Quant.","Valor Unit","Total"]
["Composição"," COMPOSIÇÃO - 018 ","Próprio","Montagem e Instalação de Tubulação e Conexões Cavalete","INHI - INSTALAÇÕES HIDROS SANITÁRIAS",null,"un",1,{"$f":"J137","v":258.37},{"$f":"SUM(J138:J141)","v":258.37}]
["Composição Auxiliar"," 88248 ","SINAPI","AUXILIAR DE ENCANADOR OU BOMBEIRO HIDRÁULICO COM ENCARGOS COMPLEMENTARES","SEDI - SERVIÇOS DIVERSOS",null,"H",3,21.36,{"$f":"ROUND(H138*I138,2)","v":64.08}]
["Composição Auxiliar"," 88267 ","SINAPI","ENCANADOR OU BOMBEIRO HIDRÁULICO COM ENCARGOS COMPLEMENTARES","SEDI - SERVIÇOS DIVERSOS",null,"H",3,26.47,79.41]
["Insumo"," 00000122 ","SINAPI","ADESIVO PLASTICO PARA PVC, FRASCO COM *850* GR","Material",null,"UN",1,53.86,53.86]
["Insumo"," 00020083 ","SINAPI","SOLUCAO PREPARADORA / LIMPADORA PARA PVC, FRASCO COM 1000 CM3","Material",null,"UN",1,61.02,61.02]
[]
[" 7.2 ",null,null,"INSTALAÇÕES DE ADUTORA, RESERVATÓRIO E BEBEDOURO"]
[" 7.2.1 ","Código","Banco","Descrição","Tipo",null,"Und","Quant.","Valor Unit","Total"]
["Composição"," COMPOSIÇÃO - 020 ","Próprio","Montagem e instalação da rede adutora poço-reservatório-bebedouro","SEDI - SERVIÇOS DIVERSOS",null,"un",1,{"$f":"J145","v":981.88},{"$f":"SUM(J146:J151)","v":981.88}]
["Composição Auxiliar"," 88316 ","SINAPI","SERVENTE COM ENCARGOS COMPLEMENTARES","SEDI - SERVIÇOS DIVERSOS",null,"H",6,20.47,{"$f":"ROUND(H146*I146,2)","v":122.82}]
["Composição Auxiliar"," 96995 ","SINAPI","REATERRO MANUAL APILOADO COM SOQUETE. AF_10/2017","MOVT - MOVIMENTO DE TERRA",null,"m³",4.5,49.1,220.95]
["Composição Auxiliar"," 93358 ","SINAPI","ESCAVAÇÃO MANUAL DE VALA COM PROFUNDIDADE MENOR OU IGUAL A 1,30 M. AF_02/2021","MOVT - MOVIMENTO DE TERRA",null,"m³",4.5,80.98,364.41]
["Composição Auxiliar"," 88267 ","SINAPI","ENCANADOR OU BOMBEIRO HIDRÁULICO COM ENCARGOS COMPLEMENTARES","SEDI - SERVIÇOS DIVERSOS",null,"H",6,26.47,158.82]
["Insumo"," 00000122 ","SINAPI","ADESIVO PLASTICO PARA PVC, FRASCO COM *850* GR","Material",null,"UN",1,53.86,53.86]
["Insumo"," 00020083 ","SINAPI","SOLUCAO PREPARADORA / LIMPADORA PARA PVC, FRASCO COM 1000 CM3","Material",null,"UN",1,61.02,61.02]
[]
[]
[" 8 ",null,null,"FORNECIMENTO E INSTALAÇÃO DE SISTEMA FOTOVOLTAÍCO"]
[" 8.1 ",null,null,"INSTALAÇÕES HIDRÁULICAS"]
[" 8.1.1 ","Código","Banco","Descrição","Tipo",null,"Und","Quant.","Valor Unit","Total"]
["Composição"," COMPOSIÇÃO - 019 ","Próprio","Montagem e instalação hidráulica do kit de bombeamento","INHI - INSTALAÇÕES HIDROS SANITÁRIAS",null,"un",1,{"$f":"J157","v":143.49},{"$f":"SUM(J158:J159)","v":143.49}]
["Composição Auxiliar"," 88267 ","SINAPI","ENCANADOR OU BOMBEIRO HIDRÁULICO COM ENCARGOS COMPLEMENTARES","SEDI - SERVIÇOS DIVERSOS",null,"H",3,26.47,{"$f":"ROUND(H158*I158,2)","v":79.41}]
["Composição Auxiliar"," 88248 ","SINAPI","AUXILIAR DE ENCANADOR OU BOMBEIRO HIDRÁULICO COM ENCARGOS COMPLEMENTARES","SEDI - SERVIÇOS DIVERSOS",null,"H",3,21.36,64.08]
[]
[]
[" 8.2 ",null,null,"INSTALAÇÕES ELÉTRICAS"]
[" 8.2.1 ","Código","Banco","Descrição","Tipo",null,"Und","Quant.","Valor Unit","Total"]
["Composição"," COMPOSIÇÃO - 021 ","Próprio","Montagem e instalação elétrica do kit de bombeamento e sistema fotovoltaico inclusive sistema de aterramento.","INEL - INSTALAÇÃO ELÉTRICA/ELETRIFICAÇÃO E ILUMINAÇÃO EXTERNA",null,"un",1,{"$f":"J164","v":525.08000000000004},{"$f":"SUM(J165:J169)","v":525.08000000000004}]
["Composição Auxiliar"," 88264 ","SINAPI","ELETRICISTA COM ENCARGOS COMPLEMENTARES","SEDI - SERVIÇOS DIVERSOS",null,"H",8,27.53,{"$f":"ROUND(H165*I165,2)","v":220.24}]
["Composição Auxiliar"," 88247 ","SINAPI","AUXILIAR DE ELETRICISTA COM ENCARGOS COMPLEMENTARES","SEDI - SERVIÇOS DIVERSOS",null,"H",8,22.32,178.56]
["Composição Auxiliar"," 91677 ","SINAPI","ENGENHEIRO ELETRICISTA COM ENCARGOS COMPLEMENTARES","SEDI - SERVIÇOS DIVERSOS",null,"H",1,115.05,115.05]
["Insumo"," 00020111 ","SINAPI","FITA ISOLANTE ADESIVA ANTICHAMA, USO ATE 750 V, EM ROLO DE 19 MM X 20 M","Material",null,"UN",1,9.89,9.89]
["Insumo"," 00000404 ","SINAPI","FITA ISOLANTE DE BORRACHA AUTOFUSAO, USO ATE 69 KV (ALTA TENSAO)","Material",null,"M",1,1.34,1.34]
[]
[" 8.3 ",null,null,"ESTRUTURA DE FIXAÇÃO PARA MÓDULOS FOTOVOLTÁICOS"]
[" 8.3.1 ","Código","Banco","Descrição","Tipo",null,"Und","Quant.","Valor Unit","Total"]
["Composição"," COMPOSIÇÃO - 022 ","Próprio","Serviço de fixação de estruturas para os módulos fotovoltaicos e suportes de concreto, incluso materiais.","SEDI - SERVIÇOS DIVERSOS",null,"m²",1,{"$f":"J173","v":219.2},{"$f":"SUM(J174:J177)","v":219.2}]
["Composição Auxiliar"," 94975 ","SINAPI","CONCRETO FCK = 15MPA, TRAÇO 1:3,4:3,5 (EM MASSA SECA DE CIMENTO/ AREIA MÉDIA/ BRITA 1) - PREPARO MANUAL. AF_05/2021","FUES - FUNDAÇÕES E ESTRUTURAS",null,"m³",9.4500000000000001E-2,520.41999999999996,{"$f":"ROUND(H174*I174,2)","v":49.18}]
["Composição Auxiliar"," 93358 ","SINAPI","ESCAVAÇÃO MANUAL DE VALA COM PROFUNDIDADE MENOR OU IGUAL A 1,30 M. AF_02/2021","MOVT - MOVIMENTO DE TERRA",null,"m³",6.25E-2,80.98,5.0599999999999996]
["Composição Auxiliar"," 96534 ","SINAPI","FABRICAÇÃO, MONTAGEM E DESMONTAGEM DE FÔRMA PARA BLOCO DE COROAMENTO, EM MADEIRA SERRADA, E=25 MM, 4 UTILIZAÇÕES. AF_06/2017","FUES - FUNDAÇÕES E ESTRUTURAS",null,"m²",3.2000000000000001E-2,92.64,2.96]
["Insumo"," COTAÇÃO-003 ","Próprio","Fornecimento suporte fabricado em material metálico resistente a corrosão e ataque químico do solo fabricado em alumínio ou aço galvanizado ou aço zincado ou similares, a ser fixado nos blocos de concreto","Material",null,"m²",1,162,{"$f":"ROUND(H177*I177,2)","v":162}]
[]
[]
[" 8.4 ",null,null,"FORNECIMENTO DE KIT DE BOMBEAMENTO FOTOVOLTAICO"]
[null,"Código","Banco","Descrição","Tipo",null,"Und","Quant.","Valor Unit","Total"]
["Insumo"," COTAÇÃO-001 ","Próprio","Fornecimento de kit de bombeamento fotovoltaico, incluindo uma bomba CC de 2200W com imã permanente sem escovas, controladora de carga externa, disjuntor CC, caixa de proteção metálica, módulos compatíveis com a geração de 3300Wp (potência mínima de 550 W por módulo) e componentes elétricos necessários como cabos, conectores MC4 e presilhas de fixação.",null,null,"un",1,21930.54,{"$f":"ROUND(H182*I182,2)","v":21930.54}]
[]
[]
[" 9 ",null,null,"URBANIZAÇÃO"]
[" 9.1 ",null,null,"CERCA"]
[" 9.1.1 ","Código","Banco","Descrição","Tipo",null,"Und","Quant.","Valor Unit","Total"]
["Composição"," COMPOSIÇÃO - 023 ","Próprio","Cerca com mourões de concreto de 15x15cm, espaçados de 3m e cravados a 0,5m, escoras de 10x10cm nos cantos, e 9 fios de arame de aço ovalado 15x17.","SEDI - SERVIÇOS DIVERSOS",null,"m",1,{"$f":"J188","v":69.69},{"$f":"SUM(J189:J195)","v":69.69}]
["Composição Auxiliar"," 88309 ","SINAPI","PEDREIRO COM ENCARGOS COMPLEMENTARES","SEDI - SERVIÇOS DIVERSOS",null,"H",0.33500000000000002,27.21,{"$f":"ROUND(H189*I189,2)","v":9.1199999999999992}]
["Composição Auxiliar"," 88316 ","SINAPI","SERVENTE COM ENCARGOS COMPLEMENTARES","SEDI - SERVIÇOS DIVERSOS",null,"H",0.67100000000000004,20.47,13.74]
["Composição Auxiliar"," 94975 ","SINAPI","CONCRETO FCK = 15MPA, TRAÇO 1:3,4:3,5 (EM MASSA SECA DE CIMENTO/ AREIA MÉDIA/ BRITA 1) - PREPARO MANUAL. AF_05/2021","FUES - FUNDAÇÕES E ESTRUTURAS",null,"m³",2.8799999999999999E-2,520.41999999999996,14.99]
["Insumo"," 00043130 ","SINAPI","ARAME GALVANIZADO 12 BWG, D = 2,76 MM (0,048 KG/M) OU 14 BWG, D = 2,11 MM (0,026 KG/M)","Material",null,"KG",9.8000000000000004E-2,16.53,1.62]
["Insumo"," 00000346 ","SINAPI","ARAME DE ACO OVALADO 15 X 17 ( 45,7 KG, 700 KGF), ROLO 1000 M","Material",null,"KG",0.40500000000000003,19.579999999999998,7.93]
["Insumo"," 00004111 ","SINAPI","ESCORA PRE-MOLDADA EM CONCRETO, *10 X 10* CM, H = 2,30M","Material",null,"UN",0.16,42.18,6.75]
["Insumo"," I1533 ","SEINFRA","MOURÃO CONCRETO BASE 15X15CM H=2.3 C/ 12 FUROS","Material",null,"UN",0.42,37.01,15.54]
[]
[]
[" 9.2 ",null,null,"PORTÃO"]
[" 9.2.1 ","Código","Banco","Descrição","Tipo",null,"Und","Quant.","Valor Unit","Total"]
["Composição"," COMPOSIÇÃO - 024 ","Próprio","Serviço de instalação de portão de ferro com suporte e batedor conforme projeto, incluso material","SEDI - SERVIÇOS DIVERSOS",null,"m²",1,{"$f":"J200","v":696.0200000000001},{"$f":"SUM(J201:J205)","v":696.0200000000001}]
["Composição Auxiliar"," 88309 ","SINAPI","PEDREIRO COM ENCARGOS COMPLEMENTARES","SEDI - SERVIÇOS DIVERSOS",null,"H",1.5,27.21,{"$f":"ROUND(H201*I201,2)","v":40.82}]
["Composição Auxiliar"," 88316 ","SINAPI","SERVENTE COM ENCARGOS COMPLEMENTARES","SEDI - SERVIÇOS DIVERSOS",null,"H",1.5,20.47,30.71]
["Insumo"," 00000367 ","SINAPI","AREIA GROSSA - POSTO JAZIDA/FORNECEDOR (RETIRADO NA JAZIDA, SEM TRANSPORTE)","Material",null,"m³",6.0999999999999999E-2,141.83000000000001,8.65]
["Insumo"," 00001379 ","SINAPI","CIMENTO PORTLAND COMPOSTO CP II-32","Material",null,"KG",4.83,0.78,3.77]
["Insumo"," 00004948 ","SINAPI","PORTAO DE ABRIR / GIRO, EM GRADIL DE METALON REDONDO DE 3/4\"  VERTICAL, COM REQUADRO, ACABAMENTO NATURAL - COMPLETO","Material",null,"m²",1,612.07000000000005,612.07000000000005]
[]
[]
[" 10 ",null,null,"OUTROS SERVIÇOS"]
[" 10.1 ","Código","Banco","Descrição","Tipo",null,"Und","Quant.","Valor Unit","Total"]
["Composição"," COMPOSIÇÃO - 025 ","Próprio","Serviço de lançamento de concreto para acabamento do tamponamento, incluso material.","SEDI - SERVIÇOS DIVERSOS",null,"m³",1,{"$f":"J210","v":767.81999999999994},{"$f":"SUM(J211:J212)","v":767.81999999999994}]
["Composição Auxiliar"," 103670 ","SINAPI","LANÇAMENTO COM USO DE BALDES, ADENSAMENTO E ACABAMENTO DE CONCRETO EM ESTRUTURAS. AF_02/2022","FUES - FUNDAÇÕES E ESTRUTURAS",null,"m³",1,286.01,{"$f":"ROUND(H211*I211,2)","v":286.01}]
["Composição Auxiliar"," 94974 ","SINAPI","CONCRETO MAGRO PARA LASTRO, TRAÇO 1:4,5:4,5 (EM MASSA SECA DE CIMENTO/ AREIA MÉDIA/ BRITA 1) - PREPARO MANUAL. AF_05/2021","FUES - FUNDAÇÕES E ESTRUTURAS",null,"m³",1,481.81,481.81]
[]
[]
[" 10.2 ","Código","Banco","Descrição","Tipo",null,"Und","Quant.","Valor Unit","Total"]
["Composição"," COMPOSIÇÃO - 026 ","Próprio","Serviço de execução do tamponamento, incluso pedra britada desinfectada.","SEDI - SERVIÇOS DIVERSOS",null,"m³",1,{"$f":"J216","v":144.57},{"$f":"SUM(J217:J219)","v":144.57}]
["Composição Auxiliar"," 88316 ","SINAPI","SERVENTE COM ENCARGOS COMPLEMENTARES","SEDI - SERVIÇOS DIVERSOS",null,"H",0.1,20.47,{"$f":"ROUND(H217*I217,2)","v":2.0499999999999998}]
["Insumo"," 00004720 ","SINAPI","PEDRA BRITADA N. 0, OU PEDRISCO (4,8 A 9,5 MM) POSTO PEDREIRA/FORNECEDOR, SEM FRETE","Material",null,"m³",1,121.52,{"$f":"ROUND(H218*I218,2)","v":121.52}]
["Insumo"," D240000003 ","EMBASA","HIPOCLORITO DE SÓDIO","Material",null,"L",5,4.2,21]
[]
[]
[null,"Código","Banco","Descrição","Tipo",null,"Und","Quant.","Valor Unit","Total"]
["Insumo"," COTAÇÃO-006 ","Próprio","Fornecimento tubo revestimento geomecânico classe reforçado Ø 4 1/2\" com junta roscável.","Material",null,"m",1,92.4,{"$f":"ROUND(H223*I223,2)","v":92.4}]
[]
[]
[null,"Código","Banco","Descrição","Tipo",null,"Und","Quant.","Valor Unit","Total"]
["Insumo"," COTAÇÃO-004 ","Próprio","Fornecimento tubo filtro geomecânico classe reforçado diâmetro Ø 4 1/2\" com junta roscável.","Material",null,"m",1,81,{"$f":"ROUND(H227*I227,2)","v":81}]

{"sheet":"Crono. CE - Tot. Rev","index":21,"n_rows":24,"n_cols":15,"rows_kept":24,"cut":false,"hidden":false,"merged":[[5,0,6,0],[5,1,6,14],[7,0,8,14],[0,2,4,14],[20,0,20,1],[20,2,23,2],[21,0,21,1],[22,0,22,1],[23,0,23,1]]}
[null,null,"MINISTÉRIO DO DESENVOLVIMENTO REGIONAL - MDR\nCOMPANHIA DE DESENVOLVIMENTO DOS VALES DO SÃO FRANCISCO E DO PARNAÍBA\nÁREA DE REVITALIZAÇÃO E SUSTENTABILIDADE SOCIOAMBIENTAL"]
[]
[]
[]
[]
["OBJETO:"," PERFURAÇÃO E INSTALAÇÃO DE POÇO TUBULAR TOTALMENTE REVESTIDO NO ESTADO DO CEARÁ"]
[]
["CRONOGRAMA FÍSICO-FINANCEIRO"]
[]
["ITEM","ESPECIFICAÇÃO DOS SERVIÇOS","VALOR TOTAL (R$)","Mês 01","Mês 02","Mês 03","Mês 04","Mês 05","Mês 06","Mês 07","Mês 08","Mês 09","Mês 10","Mês 11","Mês 12"]
["1","SERVIÇOS PRELIMINARES",{"$f":"'Orç. CE - Tot. Rev - Sintético'!J6","v":239847.65},{"$f":"$C$11/12","v":19987.304166666665},{"$f":"$C$11/12","v":19987.304166666665},19987.304166666665,19987.304166666665,19987.304166666665,19987.304166666665,19987.304166666665,19987.304166666665,19987.304166666665,19987.304166666665,19987.304166666665,19987.304166666665]
["2","MOBILIZAÇÂO E DESMOBILIZAÇÂO EQUIPES PERFURAÇÂO E INSTALAÇÃO",{"$f":"'Orç. CE - Tot. Rev - Sintético'!J11","v":58794.9},{"$f":"$C$12/12","v":4899.5749999999998},{"$f":"$C$12/12","v":4899.5749999999998},4899.5749999999998,4899.5749999999998,4899.5749999999998,4899.5749999999998,4899.5749999999998,4899.5749999999998,4899.5749999999998,4899.5749999999998,4899.5749999999998,4899.5749999999998]
["3","PERFURAÇÃO E COMPLETAÇÃO DE POÇO TUBULAR",{"$f":"'Orç. CE - Tot. Rev - Sintético'!J15","v":1838419.48},{"$f":"$C$13/12","v":153201.62333333332},{"$f":"$C$13/12","v":153201.62333333332},153201.62333333332,153201.62333333332,153201.62333333332,153201.62333333332,153201.62333333332,153201.62333333332,153201.62333333332,153201.62333333332,153201.62333333332,153201.62333333332]
["4","PÓS PERFURAÇÃO",{"$f":"'Orç. CE - Tot. Rev - Sintético'!J27","v":238873.86},{"$f":"$C$14/12","v":19906.154999999999},{"$f":"$C$14/12","v":19906.154999999999},19906.154999999999,19906.154999999999,19906.154999999999,19906.154999999999,19906.154999999999,19906.154999999999,19906.154999999999,19906.154999999999,19906.154999999999,19906.154999999999]
["5","RESERVAÇÃO",{"$f":"'Orç. CE - Tot. Rev - Sintético'!J32","v":165035.72999999998},{"$f":"$C$15/12","v":13752.977499999999},{"$f":"$C$15/12","v":13752.977499999999},13752.977499999999,13752.977499999999,13752.977499999999,13752.977499999999,13752.977499999999,13752.977499999999,13752.977499999999,13752.977499999999,13752.977499999999,13752.977499999999]
["6","BEBEDOURO",{"$f":"'Orç. CE - Tot. Rev - Sintético'!J38","v":46948.29},{"$f":"$C$16/12","v":3912.3575000000001},{"$f":"$C$16/12","v":3912.3575000000001},3912.3575000000001,3912.3575000000001,3912.3575000000001,3912.3575000000001,3912.3575000000001,3912.3575000000001,3912.3575000000001,3912.3575000000001,3912.3575000000001,3912.3575000000001]
["7","INSTALAÇÕES HIDRÁULICAS",{"$f":"'Orç. CE - Tot. Rev - Sintético'!J40","v":79748.48000000001},{"$f":"$C$17/12","v":6645.7066666666678},{"$f":"$C$17/12","v":6645.7066666666678},6645.7066666666678,6645.7066666666678,6645.7066666666678,6645.7066666666678,6645.7066666666678,6645.7066666666678,6645.7066666666678,6645.7066666666678,6645.7066666666678,6645.7066666666678]
["8",{"$f":"'Orç. CE - Tot. Rev - Sintético'!E70","v":"FORNECIMENTO E INSTALAÇÃO DE SISTEMA FOTOVOLTAÍCO"},{"$f":"'Orç. CE - Tot. Rev - Sintético'!J70","v":839112.52999999991},{"$f":"$C$18/12","v":69926.044166666659},{"$f":"$C$18/12","v":69926.044166666659},69926.044166666659,69926.044166666659,69926.044166666659,69926.044166666659,69926.044166666659,69926.044166666659,69926.044166666659,69926.044166666659,69926.044166666659,69926.044166666659]
["9","URBANIZAÇÃO",{"$f":"'Orç. CE - Tot. Rev - Sintético'!J92","v":86440.209999999992},{"$f":"$C$19/12","v":7203.350833333333},{"$f":"$C$19/12","v":7203.350833333333},7203.350833333333,7203.350833333333,7203.350833333333,7203.350833333333,7203.350833333333,7203.350833333333,7203.350833333333,7203.350833333333,7203.350833333333,7203.350833333333]
["10","OUTROS SERVIÇOS",{"$f":"'Orç. CE - Tot. Rev - Sintético'!J97","v":69422.710000000006},{"$f":"$C$20/12","v":5785.2258333333339},{"$f":"$C$20/12","v":5785.2258333333339},5785.2258333333339,5785.2258333333339,5785.2258333333339,5785.2258333333339,5785.2258333333339,5785.2258333333339,5785.2258333333339,5785.2258333333339,5785.2258333333339,5785.2258333333339]
["TOTAL",null,{"$f":"SUM(C11:C20)","v":3662643.8399999994},{"$f":"SUM(D11:D20)","v":305220.32},{"$f":"SUM(E11:E20)","v":305220.32},305220.32,305220.32,305220.32,305220.32,305220.32,305220.32,305220.32,305220.32,305220.32,305220.32]
["PERCENTUAL",null,null,{"$f":"D21/C21","v":8.3333333333333343E-2},{"$f":"E21/C21","v":8.3333333333333343E-2},{"$f":"F21/C21","v":8.3333333333333343E-2},{"$f":"G21/C21","v":8.3333333333333343E-2},{"$f":"H21/C21","v":8.3333333333333343E-2},{"$f":"I21/C21","v":8.3333333333333343E-2},{"$f":"J21/C21","v":8.3333333333333343E-2},{"$f":"K21/C21","v":8.3333333333333343E-2},{"$f":"L21/C21","v":8.3333333333333343E-2},{"$f":"M21/C21","v":8.3333333333333343E-2},{"$f":"N21/C21","v":8.3333333333333343E-2},{"$f":"O21/C21","v":8.3333333333333343E-2}]
["CUSTO ACUMULADO",null,null,{"$f":"D21","v":305220.32},{"$f":"E21+D23","v":610440.64},{"$f":"F21+E23","v":915660.96},1220881.28,1526101.6,1831321.9200000002,2136542.2400000002,2441762.56,2746982.88,3052203.1999999997,3357423.5199999996,3662643.8399999994]
["PERCENTUAL ACUMULADO",null,null,{"$f":"D22","v":8.3333333333333343E-2},{"$f":"E22+D24","v":0.16666666666666669},0.25,0.33333333333333337,0.41666666666666674,0.50000000000000011,0.58333333333333348,0.66666666666666685,0.75000000000000022,0.83333333333333359,0.91666666666666696,1.0000000000000002]